{"text_format":"3","workbook":"xls","n_sheets":14,"sheets":["Rekapitulace","SO 000.01","SO 000.02","SO 101_SO 101.01","SO 101_SO 101.02","SO 101_SO 101.03","SO 101_SO 101.04","SO 101_SO 101.05","SO 101_SO 101.06","SO 101_SO 101.07","SO 101_SO 101.08","SO 101_SO 101.09","SO 102_SO 102.01","SO 102_SO 102.02"],"not_rendered":{"images":14,"external_links":1},"read":"whole","date_system":"1900","formulas":"cached_only"}

{"sheet":"Rekapitulace","index":0,"n_rows":22,"n_cols":5,"rows_kept":22,"merged":[[0,0,2,0],[1,1,2,1],[3,1,3,3],[4,1,4,3]],"flags":["formulas_cached_only"]}
[null,"Firma: -"]
[null,"Soupis objektů s DPH"]
[]
[null,"Stavba: 2018648 - III/3272 HLÍZOV"]
[null,"Varianta: ZŘ - Základní řešení"]
[null,"Odbytová cena:",{"v":17558125.520000003,"d":"17,558,125.52"}]
[null,"OC+DPH:",{"v":21245331.8792,"d":"21,245,331.88"}]
[]
["Objekt","Popis","OC","DPH","OC+DPH"]
["SO 000.01","VED. A OST. NÁKLADY - VŠE. KCE A PRÁCE (KSÚS SK)",{"v":607933.34,"d":"607,933.34"},{"v":127666.00140000002,"d":"127,666.00"},{"v":735599.3414,"d":"735,599.34"}]
["SO 000.02","VED. A OST. NÁKLADY - DIO (KSÚS SK)",{"v":322211.02,"d":"322,211.02"},{"v":67664.3142,"d":"67,664.31"},{"v":389875.33420000004,"d":"389,875.33"}]
["SO 101.01","SILNICE III/3273 A III/3272 (KSÚS SK)",{"v":12015865.270000001,"d":"12,015,865.27"},{"v":2523331.7066999995,"d":"2,523,331.71"},{"v":14539196.9767,"d":"14,539,196.98"}]
["SO 101.02","SILNICE III/3272 (KSÚS SK)",{"v":328509.01,"d":"328,509.01"},{"v":68986.8921,"d":"68,986.89"},{"v":397495.9021,"d":"397,495.90"}]
["SO 101.03","MÍSTNÍ KOMUNIKACE 01 (KSÚS SK)",{"v":208964.97999999998,"d":"208,964.98"},{"v":43882.6458,"d":"43,882.65"},{"v":252847.62579999998,"d":"252,847.63"}]
["SO 101.04","MÍSTNÍ KOMUNIKACE 02 (KSÚS SK)",{"v":1121675.51,"d":"1,121,675.51"},{"v":235551.85710000002,"d":"235,551.86"},{"v":1357227.3671,"d":"1,357,227.37"}]
["SO 101.05","MÍSTNÍ KOMUNIKACE 03 (KSÚS SK)",{"v":509867.91000000003,"d":"509,867.91"},{"v":107072.2611,"d":"107,072.26"},{"v":616940.1711,"d":"616,940.17"}]
["SO 101.06","MÍSTNÍ KOMUNIKACE 04 (KSÚS SK)",{"v":161348.31999999998,"d":"161,348.32"},{"v":33883.1472,"d":"33,883.15"},{"v":195231.46719999998,"d":"195,231.47"}]
["SO 101.07","MÍSTNÍ KOMUNIKACE 05 (KSÚS SK)",{"v":130283.19999999998,"d":"130,283.20"},{"v":27359.472,"d":"27,359.47"},{"v":157642.672,"d":"157,642.67"}]
["SO 101.08","MÍSTNÍ KOMUNIKACE 06 (KSÚS SK)",{"v":191084.38999999998,"d":"191,084.39"},{"v":40127.7219,"d":"40,127.72"},{"v":231212.1119,"d":"231,212.11"}]
["SO 101.09","MÍSTNÍ KOMUNIKACE 07 (KSÚS SK)",{"v":107284.73999999999,"d":"107,284.74"},{"v":22529.7954,"d":"22,529.80"},{"v":129814.5354,"d":"129,814.54"}]
["SO 102.01","CHODNÍKY A SJEZDY (OBEC HLÍZOV)",{"v":648806.39,"d":"648,806.39"},{"v":136249.3419,"d":"136,249.34"},{"v":785055.7319,"d":"785,055.73"}]
["SO 102.02","PARKOVACÍ ZÁLIVY (OBEC HLÍZOV)",{"v":1204291.44,"d":"1,204,291.44"},{"v":252901.2024,"d":"252,901.20"},{"v":1457192.6424,"d":"1,457,192.64"}]

{"sheet":"SO 000.01","index":1,"n_rows":69,"n_cols":18,"rows_kept":69,"merged":[[2,2,2,3],[3,2,3,3],[4,0,5,0],[4,1,5,1],[4,2,5,2],[4,3,5,3],[4,4,5,4],[4,5,5,5],[4,6,5,6],[4,7,4,8]],"flags":["formulas_cached_only"]}
["ASPE10",{"$nulls":3},"Firma: -",{"$nulls":10},"3"]
[{"$nulls":4},"Příloha k formuláři pro ocenění nabídky",{"$nulls":9},127666.00140000002,"3"]
["S","Stavba: ","2018648",null,"III/3272 HLÍZOV",null,null,"SO 000.01",{"v":607933.34,"d":"607,933.34"},{"$nulls":5},"0,00","2"]
["O","Rozpočet:","SO 000.01",null,"VED. A OST. NÁKLADY - VŠE. KCE A PRÁCE (KSÚS SK)",{"$nulls":9},"15,00","2"]
["Typ","Poř. číslo","Kód položky","Varianta","Název položky","MJ","Množství","Cena",{"$nulls":6},"21,00","2"]
[{"$nulls":7},"Jednotková","Celkem"]
["0","1","2","3","4","5","6","9","10"]
["SD",null,"0",null,"Všeobecné konstrukce a práce",{"$nulls":3},{"v":588424.48,"d":"588,424.48"},{"$nulls":5},123569.14080000002,null,588424.48,123569.14080000002]
["P","1","02911","01","OSTATNÍ POŽADAVKY - GEODETICKÉ ZAMĚŘENÍ","KUS",{"v":1,"d":"1.000"},{"v":46561.78,"d":"46,561.78"},{"v":46561.78,"d":"46,561.78"},{"$nulls":5},9777.9738,"2"]
["PP",{"$nulls":3},"Vytyčení hranic pozemků a obvodu stavby"]
["VV",{"$nulls":3},"Celkem: 1=1,000 [A]"]
["TS",{"$nulls":3},"zahrnuje veškeré náklady spojené s objednatelem požadovanými pracemi"]
["P","2","02911","02","OSTATNÍ POŽADAVKY - GEODETICKÉ ZAMĚŘENÍ","KUS",{"v":8,"d":"8.000"},{"v":5820.22,"d":"5,820.22"},{"v":46561.76,"d":"46,561.76"},{"$nulls":5},9777.9696,"2"]
["PP",{"$nulls":3},"Vytyčení průběhu inženýrských sítí (dešťová kanalizace, splašková kanalizace, vodovod, STL plynovod, silové vedení NN a VN, silové vedení veřejného osvětlení, metalické sdělovací vedení)"]
["VV",{"$nulls":3},"Celkem: 8=8,000 [A]"]
["TS",{"$nulls":3},"zahrnuje veškeré náklady spojené s objednatelem požadovanými pracemi"]
["P","3","02911","03","OSTATNÍ POŽADAVKY - GEODETICKÉ ZAMĚŘENÍ","SOUBOR",{"v":1,"d":"1.000"},{"v":151325.79,"d":"151,325.79"},{"v":151325.79,"d":"151,325.79"},{"$nulls":5},31778.415900000004,"2"]
["PP",{"$nulls":3},"Geodetické zaměření během stavby"]
["VV",{"$nulls":3},"Celkem: 1=1,000 [A]"]
["TS",{"$nulls":3},"zahrnuje veškeré náklady spojené s objednatelem požadovanými pracemi"]
["P","4","02911","04","OSTATNÍ POŽADAVKY - GEODETICKÉ ZAMĚŘENÍ","KUS",{"v":1,"d":"1.000"},{"v":23280.89,"d":"23,280.89"},{"v":23280.89,"d":"23,280.89"},{"$nulls":5},4888.9869,"2"]
["PP",{"$nulls":3},"Geometrický plán potvrzený katastrálním úřadem po dokončení stavby (viz SoD)"]
["VV",{"$nulls":3},"Celkem: 1=1,000 [A]"]
["TS",{"$nulls":3},"zahrnuje veškeré náklady spojené s objednatelem požadovanými pracemi"]
["P","5","02911","05","OSTATNÍ POŽADAVKY - GEODETICKÉ ZAMĚŘENÍ","KUS",{"v":1,"d":"1.000"},{"v":20952.8,"d":"20,952.80"},{"v":20952.8,"d":"20,952.80"},{"$nulls":5},4400.088,"2"]
["PP",{"$nulls":3},"Oddělovací geometrický plán (viz SoD)"]
["VV",{"$nulls":3},"Celkem: 1=1,000 [A]"]
["TS",{"$nulls":3},"zahrnuje veškeré náklady spojené s objednatelem požadovanými pracemi"]
["P","6","02940","01","OSTATNÍ POŽADAVKY - VYPRACOVÁNÍ DOKUMENTACE","KUS",{"v":1,"d":"1.000"},{"v":23280.89,"d":"23,280.89"},{"v":23280.89,"d":"23,280.89"},{"$nulls":5},4888.9869,"2"]
["PP",{"$nulls":3},"Pasportizace okolních objektů včetně záznamu"]
["VV",{"$nulls":3},"Celkem: 1=1,000 [A]"]
["TS",{"$nulls":3},"zahrnuje veškeré náklady spojené s objednatelem požadovanými pracemi"]
["P","7","02940","02","OSTATNÍ POŽADAVKY - VYPRACOVÁNÍ DOKUMENTACE","KUS",{"v":1,"d":"1.000"},{"v":116404.45,"d":"116,404.45"},{"v":116404.45,"d":"116,404.45"},{"$nulls":5},24444.934499999996,"2"]
["PP",{"$nulls":3},"Realizační dokumentace stavby (dle potřeby a uvážení zhotovitele)"]
["VV",{"$nulls":3},"Celkem: 1=1,000 [A]"]
["TS",{"$nulls":3},"zahrnuje veškeré náklady spojené s objednatelem požadovanými pracemi"]
["P","8","02940","03","OSTATNÍ POŽADAVKY - VYPRACOVÁNÍ DOKUMENTACE","KUS",{"v":1,"d":"1.000"},{"v":58202.23,"d":"58,202.23"},{"v":58202.23,"d":"58,202.23"},{"$nulls":5},12222.4683,"2"]
["PP",{"$nulls":3},"Dokumentace skutečného provedení stavby na podkladu KN včetně závěrečné zprávy (viz SoD)"]
["VV",{"$nulls":3},"Celkem: 1=1,000 [A]"]
["TS",{"$nulls":3},"zahrnuje veškeré náklady spojené s objednatelem požadovanými pracemi"]
["P","9","02950","","OSTATNÍ POŽADAVKY - POSUDKY, KONTROLY, REVIZNÍ ZPRÁVY","KUS",{"v":1,"d":"1.000"},{"v":13968.53,"d":"13,968.53"},{"v":13968.53,"d":"13,968.53"},{"$nulls":5},2933.3913000000002,"2"]
["PP",{"$nulls":3},"Doklady nutné ke zprovoznění stavby (uvedení stavby do provozu)"]
["VV",{"$nulls":3},"Celkem: 1=1,000 [A]"]
["TS",{"$nulls":3},"zahrnuje veškeré náklady spojené s objednatelem požadovanými pracemi"]
["P","10","02960","","OSTATNÍ POŽADAVKY - ODBORNÝ DOZOR","KUS",{"v":1,"d":"1.000"},{"v":4656.18,"d":"4,656.18"},{"v":4656.18,"d":"4,656.18"},{"$nulls":5},977.7977999999999,"2"]
["PP",{"$nulls":3},"Dodržení podmínek pro provádění stavby z hlediska bezpečnosti a ochrany zdraví při práci, plán BOZP na staveništi (viz organizace výstavby)"]
["VV",{"$nulls":3},"Celkem: 1=1,000 [A]"]
["TS",{"$nulls":3},"zahrnuje veškeré náklady spojené s objednatelem požadovaným dozorem"]
["P","11","02971","","OSTAT POŽADAVKY - GEOTECHNICKÝ MONITORING NA POVRCHU","KUS",{"v":1,"d":"1.000"},{"v":7566.29,"d":"7,566.29"},{"v":7566.29,"d":"7,566.29"},{"$nulls":5},1588.9209,"2"]
["PP",{"$nulls":3},"Geotechnický monitoring na povrchu (čerpáno se souhlasem investora)"]
["VV",{"$nulls":3},"Celkem: 1=1,000 [A]"]
["TS",{"$nulls":3},"zahrnuje veškeré náklady spojené s objednatelem požadovanými pracemi"]
["P","12","03100","","ZAŘÍZENÍ STAVENIŠTĚ - ZŘÍZENÍ, PROVOZ, DEMONTÁŽ","SOUBOR",{"v":1,"d":"1.000"},{"v":75662.89,"d":"75,662.89"},{"v":75662.89,"d":"75,662.89"},{"$nulls":5},15889.2069,"2"]
["PP",{"$nulls":3},"Kompletní zařízení staveniště pro celou stavbu včetně zajištění potřebných povolení a rozhodnutí. Položka zahrnuje náklady spojené se staveništními komunikacemi, oplocením staveniště, vstupem a vjezdem na staveniště, staveništní přípojky vody, kanalizace, elektrické energie, zajištění dodávky elektrické energie, rozvody médií po stavbě včetně vyvolaných přeložek sítí a s tím spojených nákladů s odstávkou a zabezpečení stávajících IS proti poškození, kancelářské plochy pro potřeby zhotovitele a zástupce investora, sociální zařízení, zajištění skladovacích ploch a prostor pro potřeby stavby. Komplexní ostrahu a zabezpečení staveniště. Monitoring vlivu stavby na okolní prostředí (hluk, prašnost, doprava).Poplatky a náklady spojené se záborem veřejného prostranství a s tím související dopravní značení a zabezpečení pracoviště. Poplatky a náklady za spotřebované energie, plyn a vodu atd. v době výstavby až do předání díla. Zajištění údržby veřejných komunikací a komunikací pro pěší v průběhu celé stavby, včetně případné zimní údržby. Úhrnná částka musí obsahovat též náklady na dočasné úpravy a regulaci dopravy (i pěší) na staveništi a nezbytné značení a opatření vyplývající z požadavků BOZP na staveništi. Trasy pro pěší v souladu s vyhl. č. 398/2009 Sb., o obecných technických požadavcích zabezpečujících bezbariérové užívání staveb. Po dobu realizace stavby zajištěn přístup k objektům pro požární techniku, policie, záchranné služby."]
["VV",{"$nulls":3},"Celkem: 1=1,000 [A]"]
["TS",{"$nulls":3},"zahrnuje objednatelem povolené náklady na pořízení (event. pronájem), provozování, udržování a likvidaci zhotovitelova zařízení"]
["SD",null,"9",null,"Ostatní konstrukce a práce",{"$nulls":3},{"v":19508.86,"d":"19,508.86"},{"$nulls":5},4096.8606,null,19508.86,4096.8606]
["P","13","914612","","DOPRAV ZNAČKY 250X175CM OCEL NEREFLEX - MONTÁŽ S PŘESUNEM","KUS",{"v":2,"d":"2.000"},{"v":2328.09,"d":"2,328.09"},{"v":4656.18,"d":"4,656.18"},{"$nulls":5},977.7977999999999,"2"]
["PP",{"$nulls":3},"Přechodné dopravní značení - Svislá dopravní značka ocelová normální velikosti včetně základové konstrukce (stojan k dopravním silničním značkám jednoduchý - červenobílé pruhování + základová deska) - pronajaté značení - montáž s přemístěním \n2xinformační tabule stavby rozměrů 2,50x1,75m s obsahem dle požadavku investora"]
["VV",{"$nulls":3},"Celkem: 2=2,000 [A]"]
["TS",{"$nulls":3},"položka zahrnuje: \n- demontáž stávající dopravní značky s příslušenstvím, její přemístění z původního místa a její osazení a montáž na místě určeném projektem  \n- u dočasných (provizorních) značek a zařízení údržbu po celou dobu trvání funkce, náhradu zničených nebo ztracených kusů, nutnou opravu poškozených částí"]
["P","14","914613","","DOPRAV ZNAČKY 250X175CM OCEL NEREFLEX - DEMONTÁŽ","KUS",{"v":2,"d":"2.000"},582.02,{"v":1164.04,"d":"1,164.04"},{"$nulls":5},244.4484,"2"]
["PP",{"$nulls":3},"Přechodné dopravní značení - Svislá dopravní značka ocelová normální velikosti včetně základové konstrukce (stojan k dopravním silničním značkám jednoduchý - červenobílé pruhování + základová deska) - pronajaté značení - demontáž \n2xinformační tabule stavby rozměrů 2,50x1,75m s obsahem dle požadavku investora"]
["VV",{"$nulls":3},"Celkem: 2=2,000 [A]"]
["TS",{"$nulls":3},"Položka zahrnuje odstranění, demontáž a odklizení materiálu s odvozem na předepsané místo"]
["P","15","914619","","DOPRAV ZNAČKY 250X175CM OCEL NEREFLEX - NÁJEMNÉ","KSDEN",{"v":336,"d":"336.000"},40.74,{"v":13688.64,"d":"13,688.64"},{"$nulls":5},2874.6144,"2"]
["PP",{"$nulls":3},"Přechodné dopravní značení - Svislá dopravní značka ocelová normální velikosti včetně základové konstrukce (stojan k dopravním silničním značkám jednoduchý - červenobílé pruhování + základová deska) - pronajaté značení - nájem \n2xinformační tabule stavby rozměrů 2,50x1,75m s obsahem dle požadavku investora"]
["VV",{"$nulls":3},"Celkem: 2*168=336,000 [A]"]
["TS",{"$nulls":3},"položka zahrnuje sazbu za pronájem dopravních značek a zařízení, počet jednotek je určen jako součin počtu značek a počtu dní použití"]

{"sheet":"SO 000.02","index":2,"n_rows":12,"n_cols":18,"rows_kept":12,"merged":[[2,2,2,3],[3,2,3,3],[4,0,5,0],[4,1,5,1],[4,2,5,2],[4,3,5,3],[4,4,5,4],[4,5,5,5],[4,6,5,6],[4,7,4,8]],"flags":["formulas_cached_only"]}
["ASPE10",{"$nulls":3},"Firma: -",{"$nulls":10},"3"]
[{"$nulls":4},"Příloha k formuláři pro ocenění nabídky",{"$nulls":9},67664.3142,"3"]
["S","Stavba: ","2018648",null,"III/3272 HLÍZOV",null,null,"SO 000.02",{"v":322211.02,"d":"322,211.02"},{"$nulls":5},"0,00","2"]
["O","Rozpočet:","SO 000.02",null,"VED. A OST. NÁKLADY - DIO (KSÚS SK)",{"$nulls":9},"15,00","2"]
["Typ","Poř. číslo","Kód položky","Varianta","Název položky","MJ","Množství","Cena",{"$nulls":6},"21,00","2"]
[{"$nulls":7},"Jednotková","Celkem"]
["0","1","2","3","4","5","6","9","10"]
["SD",null,"0",null,"Všeobecné konstrukce a práce",{"$nulls":3},{"v":322211.02,"d":"322,211.02"},{"$nulls":5},67664.3142,null,322211.02,67664.3142]
["P","1","02720","","POMOC PRÁCE ZŘÍZ NEBO ZAJIŠŤ REGULACI A OCHRANU DOPRAVY","KPL",{"v":1,"d":"1.000"},{"v":322211.02,"d":"322,211.02"},{"v":322211.02,"d":"322,211.02"},{"$nulls":5},67664.3142,"2"]
["PP",{"$nulls":3},"Dopravně inženýrské opatření"]
["VV",{"$nulls":3},"Celkem: 1=1,000 [A]"]
["TS",{"$nulls":3},"zahrnuje veškeré náklady spojené s objednatelem požadovanými zařízeními"]

{"sheet":"SO 101_SO 101.01","index":3,"n_rows":251,"n_cols":18,"rows_kept":251,"merged":[[2,2,2,3],[3,2,3,3],[4,2,4,3],[5,0,6,0],[5,1,6,1],[5,2,6,2],[5,3,6,3],[5,4,6,4],[5,5,6,5],[5,6,6,6],[5,7,5,8]],"flags":["formulas_cached_only"]}
["ASPE10",{"$nulls":3},"Firma: -",{"$nulls":10},"3"]
[{"$nulls":4},"Příloha k formuláři pro ocenění nabídky",{"$nulls":9},2523331.7066999995,"3"]
["S","Stavba: ","2018648",null,"III/3272 HLÍZOV",null,null,"SO 101.01",{"v":12015865.270000001,"d":"12,015,865.27"},{"$nulls":5},"0,00","2"]
["O","Objekt:","SO 101",null,"SILNICE III/3272 (KSÚS SK)",{"$nulls":9},"15,00","2"]
["O1","Rozpočet:","SO 101.01",null,"SILNICE III/3273 A III/3272 (KSÚS SK)",{"$nulls":9},"21,00","2"]
["Typ","Poř. číslo","Kód položky","Varianta","Název položky","MJ","Množství","Cena"]
[{"$nulls":7},"Jednotková","Celkem"]
["0","1","2","3","4","5","6","9","10"]
["SD",null,"0",null,"Všeobecné konstrukce a práce",{"$nulls":3},{"v":548518.19,"d":"548,518.19"},{"$nulls":5},115188.8199,null,548518.19,115188.8199]
["P","1","014102","01","POPLATKY ZA SKLÁDKU","T",96.142,110.58,{"v":10631.38,"d":"10,631.38"},{"$nulls":5},2232.5897999999997,"2"]
["PP",{"$nulls":3},"SKLÁDKA - Uložení asfaltové suti na skládku  \nViz položka č. 11"]
["VV",{"$nulls":3},"Celkem: 1,15+1,006+93,986=96,142 [A]"]
["TS",{"$nulls":3},"zahrnuje veškeré poplatky provozovateli skládky související s uložením odpadu na skládce."]
["P","2","014102","02","POPLATKY ZA SKLÁDKU","T",82.631,73.72,{"v":6091.56,"d":"6,091.56"},{"$nulls":5},1279.2276000000002,"2"]
["PP",{"$nulls":3},"SKLÁDKA - Uložení stavební suti na skládku \nViz položky č. 7, 9, 10, 57, 58 a 59"]
["VV",{"$nulls":3},"Celkem: 1,288+0,214+8,141+16,282+1,221+4,885+50,6=82,631 [A]"]
["TS",{"$nulls":3},"zahrnuje veškeré poplatky provozovateli skládky související s uložením odpadu na skládce."]
["P","3","014102","03","POPLATKY ZA SKLÁDKU","T",{"v":9618.29,"d":"9,618.290"},55.29,{"v":531795.25,"d":"531,795.25"},{"$nulls":5},111677.0025,"2"]
["PP",{"$nulls":3},"SKLÁDKA - Uložení zeminy na skládku \nViz položka č. 16"]
["VV",{"$nulls":3},"Celkem: 9618,29=9 618,290 [A]"]
["TS",{"$nulls":3},"zahrnuje veškeré poplatky provozovateli skládky související s uložením odpadu na skládce."]
["SD",null,"1",null,"Zemní práce",{"$nulls":3},{"v":1584121.3199999998,"d":"1,584,121.32"},{"$nulls":5},332665.47719999996,null,1584121.3199999998,332665.47719999996]
["P","4","11120","","ODSTRANĚNÍ KŘOVIN","M2",110.849,64.52,{"v":7151.98,"d":"7,151.98"},{"$nulls":5},1501.9157999999998,"2"]
["PP",{"$nulls":3},"ZELEŇ - Kácení keřů a náletových dřevin včetně kořenů a odvozu a likvidace v režii zhotovitele \nPlocha vypočtena pomocí grafického softwaru AutoCad (z grafického výkresu)"]
["VV",{"$nulls":3},"Celkem: 69,088+2,136+39,625=110,849 [A]"]
["TS",{"$nulls":3},"odstranění křovin a stromů do průměru 100 mm \ndoprava dřevin bez ohledu na vzdálenost \nspálení na hromadách nebo štěpkování"]
["P","5","11201","","KÁCENÍ STROMŮ D KMENE DO 0,5M S ODSTRANĚNÍM PAŘEZŮ","KUS",{"v":2,"d":"2.000"},{"v":7059.12,"d":"7,059.12"},{"v":14118.24,"d":"14,118.24"},{"$nulls":5},2964.8304,"2"]
["PP",{"$nulls":3},"ZELEŇ - Kácení stromů včetně kořenů a odvozu a likvidace v režii zhotovitele \nPočet vypočten pomocí grafického softwaru AutoCad (z grafického výkresu)"]
["VV",{"$nulls":3},"Celkem: 2=2,000 [A]"]
["TS",{"$nulls":3},"Kácení stromů se měří v [ks] poražených stromů (průměr stromů se měří v místě řezu) a zahrnuje zejména: \n- poražení stromu a osekání větví \n- spálení větví na hromadách nebo štěpkování \n- dopravu a uložení kmenů, případné další práce s nimi dle pokynů zadávací dokumentace \nOdstranění pařezů se měří v [ks] vytrhaných nebo vykopaných pařezů a zahrnuje zejména: \n- vytrhání nebo vykopání pařezů \n- veškeré zemní práce spojené s odstraněním pařezů \n- dopravu a uložení pařezů, případně další práce s nimi dle pokynů zadávací dokumentace \n- zásyp jam po pařezech"]
["P","6","113178","","ODSTRAN KRYTU ZPEVNĚNÝCH PLOCH Z DLAŽEB KOSTEK, ODVOZ DO 20KM","M3",278.148,514.48,{"v":143101.58,"d":"143,101.58"},{"$nulls":5},30051.331799999996,"2"]
["PP",{"$nulls":3},"BOURACÍ PRÁCE - Odstranění kamenných kostek tl. 100mm včetně očištění, zvážení, odvozu a uložení na skládku KSÚS SK do 20km \n=278,148m3*2,600t/m3=723,185t \nKubatura vypočtena pomocí grafického softwaru AutoCad (z grafického výkresu)"]
["VV",{"$nulls":3},"Celkem: 2781,481*0,1=278,148 [A]"]
["TS",{"$nulls":3},"Položka zahrnuje veškerou manipulaci s vybouranou sutí a s vybouranými hmotami vč. uložení na skládku. Nezahrnuje poplatek za skládku, který se vykazuje v položce 0141** (s výjimkou malého množství bouraného materiálu, kde je možné poplatek zahrnout do jednotkové ceny bourání – tento fakt musí být uveden v doplňujícím textu k položce)."]
["P","7","113188","","ODSTRANĚNÍ KRYTU ZPEVNĚNÝCH PLOCH Z DLAŽDIC, ODVOZ DO 20KM","M3",0.107,824.34,{"v":88.2,"d":"88.20"},{"$nulls":5},18.522000000000002,"2"]
["PP",{"$nulls":3},"BOURACÍ PRÁCE - Odstranění krytu z betonové dlažby tl. 60mm včetně odvozu a uložení na skládku do 20km \n=0,107m3*2,000t/m3=0,214t \nKubatura vypočtena pomocí grafického softwaru AutoCad (z grafického výkresu)"]
["VV",{"$nulls":3},"Celkem: 1,79*0,06=0,107 [A]"]
["TS",{"$nulls":3},"Položka zahrnuje veškerou manipulaci s vybouranou sutí a s vybouranými hmotami vč. uložení na skládku. Nezahrnuje poplatek za skládku, který se vykazuje v položce 0141** (s výjimkou malého množství bouraného materiálu, kde je možné poplatek zahrnout do jednotkové ceny bourání – tento fakt musí být uveden v doplňujícím textu k položce)."]
["P","8","113298","","ODSTRANĚNÍ ZPEVNĚNÝCH PLOCH, PŘÍKOPŮ A RIGOLŮ Z LOMOVÉHO KAMENE, ODVOZ DO 20KM","M3",54.173,514.48,{"v":27870.93,"d":"27,870.93"},{"$nulls":5},5852.8953,"2"]
["PP",{"$nulls":3},"BOURACÍ PRÁCE - Odstranění příkopového žlabu z kamenné dlažby tl. 150mm včetně odvozu a uložení na skládku obce Hlízov do 20km \n=54,173m3*2,600t/m3=140,850t \nKubatura vypočtena pomocí grafického softwaru AutoCad (z grafického výkresu)"]
["VV",{"$nulls":3},"Celkem: 361,155*0,15=54,173 [A]"]
["TS",{"$nulls":3},"Položka zahrnuje i odstranění podkladu, veškerou manipulaci s vybouraným materiálem, odvoz na předepsanou vzdálenost vč. uložení na skládku. Nezahrnuje poplatek za skládku, který se vykazuje v položce 0141** (s výjimkou malého množství bouraného materiálu, kde je možné poplatek zahrnout do jednotkové ceny bourání – tento fakt musí být uveden v doplňujícím textu k položce)."]
["P","9","113514","","ODSTRANĚNÍ ZÁHONOVÝCH OBRUBNÍKŮ, ODVOZ DO 5KM","M",21.237,77.31,{"v":1641.83,"d":"1,641.83"},{"$nulls":5},344.78430000000003,"2"]
["PP",{"$nulls":3},"BOURACÍ PRÁCE - Odstranění betonových chodníkových obrubníků včetně odvozu a uložení na skládku do 20km \n=21,237*0,025m2*2,300t/m3=1,221t \nDélka vypočtena pomocí grafického softwaru AutoCad (z grafického výkresu)"]
["VV",{"$nulls":3},"Celkem: 21,237=21,237 [A]"]
["TS",{"$nulls":3},"Položka zahrnuje veškerou manipulaci s vybouranou sutí a s vybouranými hmotami vč. uložení na skládku. Nezahrnuje poplatek za skládku, který se vykazuje v položce 0141** (s výjimkou malého množství bouraného materiálu, kde je možné poplatek zahrnout do jednotkové ceny bourání – tento fakt musí být uveden v doplňujícím textu k položce)."]
["P","10","113524","","ODSTRANĚNÍ CHODNÍKOVÝCH OBRUBNÍKŮ BETONOVÝCH, ODVOZ DO 20KM","M",{"v":70.79,"d":"70.790"},77.31,{"v":5472.77,"d":"5,472.77"},{"$nulls":5},1149.2817000000002,"2"]
["PP",{"$nulls":3},"BOURACÍ PRÁCE - Odstranění betonových silničních obrubníků včetně odvozu a uložení na skládku do 20km \n=70,790*0,050m2*2,300t/m3=8,141t \nDélka vypočtena pomocí grafického softwaru AutoCad (z grafického výkresu)"]
["VV",{"$nulls":3},"Celkem: 70,79=70,790 [A]"]
["TS",{"$nulls":3},"Položka zahrnuje veškerou manipulaci s vybouranou sutí a s vybouranými hmotami vč. uložení na skládku. Nezahrnuje poplatek za skládku, který se vykazuje v položce 0141** (s výjimkou malého množství bouraného materiálu, kde je možné poplatek zahrnout do jednotkové ceny bourání – tento fakt musí být uveden v doplňujícím textu k položce)."]
["P","11","113728","","FRÉZOVÁNÍ ZPEVNĚNÝCH PLOCH ASFALTOVÝCH, ODVOZ DO 20KM","M3",40.059,{"v":1417.12,"d":"1,417.12"},{"v":56768.41,"d":"56,768.41"},{"$nulls":5},11921.366100000001,"2"]
["PP",{"$nulls":3},"BOURACÍ PRÁCE - Odfrézování asfaltových vrstev v tl. 40mm (asfalt) (napojení na stávající stav) včetně odvozu a uložení na skládku do 20km \n=11,980m2*0,040=0,479m3 \n=0,479m3*2,400t/m3=1,150t \nBOURACÍ PRÁCE - Odfrézování asfaltových vrstev v tl. 70mm (asfalt) (napojení na stávající stav) včetně odvozu a uložení na skládku do 20km \n=5,990m2*0,070=0,419m3 \n=0,419m3*2,400t/m3=1,006t \nBOURACÍ PRÁCE - Odfrézování asfaltových vrstev v tl. 90mm (asfalt) včetně odvozu a uložení na skládku do 20km \n=435,127m2*0,090=39,161m3 \n=39,161m3*2,400t/m3=93,986t \nKubatura vypočtena pomocí grafického softwaru AutoCad (z grafického výkresu)"]
["VV",{"$nulls":3},"Celkem: 11,98*0,04=0,479 [A] \nCelkem: 5,99*0,07=0,419 [B] \nCelkem: 435,127*0,09=39,161 [C] \nCelkem: A+B+C=40,059 [D]"]
["TS",{"$nulls":3},"Položka zahrnuje veškerou manipulaci s vybouranou sutí a s vybouranými hmotami vč. uložení na skládku. Nezahrnuje poplatek za skládku, který se vykazuje v položce 0141** (s výjimkou malého množství bouraného materiálu, kde je možné poplatek zahrnout do jednotkové ceny bourání – tento fakt musí být uveden v doplňujícím textu k položce)."]
["P","12","113763","","FRÉZOVÁNÍ DRÁŽKY PRŮŘEZU DO 300MM2 V ASFALTOVÉ VOZOVCE","M",713.183,39.58,{"v":28227.78,"d":"28,227.78"},{"$nulls":5},5927.8338,"2"]
["PP",{"$nulls":3},"ÚPRAVA Č. 1 - Prořezání drážky v pracovní spáře \nDélka vypočtena pomocí grafického softwaru AutoCad (z grafického výkresu)"]
["VV",{"$nulls":3},"Celkem: 683,21+6,99+3,5+7+7,5+4,983=713,183 [A]"]
["TS",{"$nulls":3},"Položka zahrnuje veškerou manipulaci s vybouranou sutí a s vybouranými hmotami vč. uložení na skládku."]
["P","13","121104","","SEJMUTÍ ORNICE NEBO LESNÍ PŮDY S ODVOZEM DO 5KM","M3",276.842,154.61,{"v":42802.54,"d":"42,802.54"},{"$nulls":5},8988.5334,"2"]
["PP",{"$nulls":3},"ZEMNÍ PRÁCE - Odhumusování plochy v tl. 150mm, která bude zasažena výkopovými pracemi a úpravou terénu včetně odvozu a uložení zeminy na deponii stavby do 5km (využití na zpětné ohumusování SO 101.01, 101.04, 101.05, 101.06, 101.09) \n=276,842m3*1,900t/m3=526,000t \nKubatura vypočtena pomocí grafického softwaru AutoCad (z grafického výkresu)"]
["VV",{"$nulls":3},"Celkem: 1845,613*0,15=276,842 [A]"]
["TS",{"$nulls":3},"položka zahrnuje sejmutí ornice bez ohledu na tloušťku vrstvy a její vodorovnou dopravu \nnezahrnuje uložení na trvalou skládku"]
["P","14","121108","","SEJMUTÍ ORNICE NEBO LESNÍ PŮDY S ODVOZEM DO 20KM","M3",342.767,{"v":209.9,"d":"209.90"},{"v":71946.79,"d":"71,946.79"},{"$nulls":5},15108.825899999998,"2"]
["PP",{"$nulls":3},"ZEMNÍ PRÁCE - Odhumusování plochy v tl. 150mm, která bude zasažena výkopovými pracemi a úpravou terénu včetně odvozu a uložení zeminy na skládku do 20km (nebude využita na zpětné ohumusování) \n=342,767m3*1,900t/m3=651,257t \nKubatura vypočtena pomocí grafického softwaru AutoCad (z grafického výkresu)"]
["VV",{"$nulls":3},"Celkem: 4130,726*0,15-1845,613*0,15=342,767 [A]"]
["TS",{"$nulls":3},"položka zahrnuje sejmutí ornice bez ohledu na tloušťku vrstvy a její vodorovnou dopravu \nnezahrnuje uložení na trvalou skládku"]
["P","15","125734","","VYKOPÁVKY ZE ZEMNÍKŮ A SKLÁDEK TŘ. I, ODVOZ DO 5KM","M3",257.567,98.94,{"v":25483.68,"d":"25,483.68"},{"$nulls":5},5351.5728,"2"]
["PP",{"$nulls":3},"ZEMNÍ PRÁCE - Vykopávka a doprava zeminy z deponie stavby do 5km na místo zpětného ohumusování \n=257,567m3*1,900t/m3=489,377t \nKubatura vypočtena pomocí grafického softwaru AutoCad (z grafického výkresu)"]
["VV",{"$nulls":3},"Celkem: 1717,113*0,15=257,567 [A]"]
["TS",{"$nulls":3},"položka zahrnuje: \n- vodorovná a svislá doprava, přemístění, přeložení, manipulace s výkopkem \n- kompletní provedení vykopávky nezapažené i zapažené \n- ošetření výkopiště po celou dobu práce v něm vč. klimatických opatření \n- ztížení vykopávek v blízkosti podzemního vedení, konstrukcí a objektů vč. jejich dočasného zajištění \n- ztížení pod vodou, v okolí výbušnin, ve stísněných prostorech a pod. \n- příplatek za lepivost \n- těžení po vrstvách, pásech a po jiných nutných částech (figurách) \n- čerpání vody vč. čerpacích jímek, potrubí a pohotovostní čerpací soupravy (viz ustanovení k pol. 1151,2) \n- potřebné snížení hladiny podzemní vody \n- těžení a rozpojování jednotlivých balvanů \n- vytahování a nošení výkopku \n- ruční vykopávky, odstranění kořenů a napadávek \n- pažení, vzepření a rozepření vč. přepažování (vyjma štětových stěn) \n- úpravu, ochranu a očištění dna, základové spáry, stěn a svahů \n- udržování výkopiště a jeho ochrana proti vodě \n- odvedení nebo obvedení vody v okolí výkopiště a ve výkopišti \n- třídění výkopku \n- veškeré pomocné konstrukce umožňující provedení vykopávky (příjezdy, sjezdy, nájezdy, lešení, podpěr. konstr., přemostění, zpevněné plochy, zakrytí a pod.) \npoložka nezahrnuje: \n- práce spojené s otvírkou zemníku"]
["P","16","131738","","HLOUBENÍ JAM ZAPAŽ I NEPAŽ TŘ. I, ODVOZ DO 20KM","M3",{"v":5062.258,"d":"5,062.258"},154.61,{"v":782675.71,"d":"782,675.71"},{"$nulls":5},164361.8991,"2"]
["PP",{"$nulls":3},"ZEMNÍ PRÁCE - Výkop zeminy pro stavební jámu v zemině tř. 1 včetně pažení a odvozu zeminy na skládku do 20km \n=5062,258m3*1,900t/m3=9618,290t \nKubatura vypočtena pomocí grafického softwaru AutoCad (z grafického výkresu)"]
["VV",{"$nulls":3},"Celkem: 5062,258=5 062,258 [A]"]
["TS",{"$nulls":3},"položka zahrnuje: \n- vodorovná a svislá doprava, přemístění, přeložení, manipulace s výkopkem \n- kompletní provedení vykopávky nezapažené i zapažené \n- ošetření výkopiště po celou dobu práce v něm vč. klimatických opatření \n- ztížení vykopávek v blízkosti podzemního vedení, konstrukcí a objektů vč. jejich dočasného zajištění \n- ztížení pod vodou, v okolí výbušnin, ve stísněných prostorech a pod. \n- příplatek za lepivost \n- těžení po vrstvách, pásech a po jiných nutných částech (figurách) \n- čerpání vody vč. čerpacích jímek, potrubí a pohotovostní čerpací soupravy (viz ustanovení k pol. 1151,2) \n- potřebné snížení hladiny podzemní vody \n- těžení a rozpojování jednotlivých balvanů \n- vytahování a nošení výkopku \n- svahování a přesvah. svahů do konečného tvaru, výměna hornin v podloží a v pláni znehodnocené klimatickými vlivy \n- ruční vykopávky, odstranění kořenů a napadávek \n- pažení, vzepření a rozepření vč. přepažování (vyjma štětových stěn) \n- úpravu, ochranu a očištění dna, základové spáry, stěn a svahů \n- odvedení nebo obvedení vody v okolí výkopiště a ve výkopišti \n- třídění výkopku \n- veškeré pomocné konstrukce umožňující provedení vykopávky (příjezdy, sjezdy, nájezdy, lešení, podpěr. konstr., přemostění, zpevněné plochy, zakrytí a pod.) \n- nezahrnuje uložení zeminy (na skládku, do násypu) ani poplatky za skládku, vykazují se v položce č.0141**"]
["P","17","17481","","ZÁSYP JAM A RÝH Z NAKUPOVANÝCH MATERIÁLŮ","M3",489.839,241.57,{"v":118330.41,"d":"118,330.41"},{"$nulls":5},24849.3861,"2"]
["PP",{"$nulls":3},"ZEMNÍ PRÁCE - Zásyp zeminou vhodnou do náspů, hutněno po vrstvách 300mm na 100% PS \nKubatura vypočtena pomocí grafického softwaru AutoCad (z grafického výkresu)"]
["VV",{"$nulls":3},"Celkem: 489,839=489,839 [A]"]
["TS",{"$nulls":3},"položka zahrnuje: \n- kompletní provedení zemní konstrukce včetně nákupu a dopravy materiálu dle zadávací dokumentace \n- úprava  ukládaného  materiálu  vlhčením,  tříděním,  promícháním  nebo  vysoušením,  příp. jiné úpravy za účelem zlepšení jeho  mech. vlastností \n- hutnění i různé míry hutnění  \n- ošetření úložiště po celou dobu práce v něm vč. klimatických opatření \n- ztížení v okolí vedení, konstrukcí a objektů a jejich dočasné zajištění \n- ztížení provádění vč. hutnění ve ztížených podmínkách a stísněných prostorech \n- ztížené ukládání sypaniny pod vodu \n- ukládání po vrstvách a po jiných nutných částech (figurách) vč. dosypávek \n- spouštění a nošení materiálu \n- výměna částí zemní konstrukce znehodnocené klimatickými vlivy \n- udržování úložiště a jeho ochrana proti vodě \n- odvedení nebo obvedení vody v okolí úložiště a v úložišti \n- veškeré  pomocné konstrukce umožňující provedení  zemní konstrukce  (příjezdy,  sjezdy,  nájezdy, lešení, podpěrné konstrukce, přemostění, zpevněné plochy, zakrytí a pod.)"]
["P","18","18110","","ÚPRAVA PLÁNĚ SE ZHUTNĚNÍM V HORNINĚ TŘ. I","M2",{"v":10904.501,"d":"10,904.501"},16.22,{"v":176871.01,"d":"176,871.01"},{"$nulls":5},37142.9121,"2"]
["PP",{"$nulls":3},"ULIČNÍ VPUSTI - Úprava a zhutnění základové spáry \n=130,310m2+42,000m2=172,310m2 \nPODÉLNÁ DRENÁŽ - Úprava a zhutnění základové spáry \n=18,000m2 \nÚPRAVA Č. 1 - Úprava a zhutnění parapláně \n=5256,728m2 \nÚPRAVA Č. 1 - Úprava a zhutnění zemní pláně \n=5457,463m2 \nPlocha vypočtena pomocí grafického softwaru AutoCad (z grafického výkresu)"]
["VV",{"$nulls":3},"Celkem: 130,31+42=172,310 [A] \nCelkem: 18=18,000 [B] \nCelkem: 5256,728=5 256,728 [C] \nCelkem: 5457,463=5 457,463 [D] \nCelkem: A+B+C+D=10 904,501 [E]"]
["TS",{"$nulls":3},"položka zahrnuje úpravu pláně včetně vyrovnání výškových rozdílů. Míru zhutnění určuje projekt."]
["P","19","18232","","ROZPROSTŘENÍ ORNICE V ROVINĚ V TL DO 0,15M","M2",{"v":1717.113,"d":"1,717.113"},36.24,{"v":62228.18,"d":"62,228.18"},{"$nulls":5},13067.917800000001,"2"]
["PP",{"$nulls":3},"ZEMNÍ PRÁCE - Zpětné ohumusování plochy v tl. 150mm, která byla zasažena výkopovými pracemi a úpravou terénu \nPlocha vypočtena pomocí grafického softwaru AutoCad (z grafického výkresu)"]
["VV",{"$nulls":3},"Celkem: 1717,113=1 717,113 [A]"]
["TS",{"$nulls":3},"položka zahrnuje: \nnutné přemístění ornice z dočasných skládek vzdálených do 50m \nrozprostření ornice v předepsané tloušťce v rovině a ve svahu do 1:5"]
["P","20","18481","","OCHRANA STROMŮ BEDNĚNÍM","M2",{"v":56,"d":"56.000"},345.38,{"v":19341.28,"d":"19,341.28"},{"$nulls":5},4061.6688,"2"]
["PP",{"$nulls":3},"ZELEŇ - Ochrana stromů v blízkosti stavby včetně odvozu a likvidace v režii zhotovitele \nPlocha vypočtena pomocí grafického softwaru AutoCad (z grafického výkresu)"]
["VV",{"$nulls":3},"Celkem: 2*2*14=56,000 [A]"]
["TS",{"$nulls":3},"položka zahrnuje veškerý materiál, výrobky a polotovary, včetně mimostaveništní a vnitrostaveništní dopravy (rovněž přesuny), včetně naložení a složení, případně s uložením"]
["SD",null,"2",null,"Základy",{"$nulls":3},{"v":2249890.29,"d":"2,249,890.29"},{"$nulls":5},472476.9609,null,2249890.29,472476.9609]
["P","21","21361","","DRENÁŽNÍ VRSTVY Z GEOTEXTILIE","M2",{"v":2193.626,"d":"2,193.626"},{"v":37.4,"d":"37.40"},{"v":82041.61,"d":"82,041.61"},{"$nulls":5},17228.738100000002,"2"]
["PP",{"$nulls":3},"PODÉLNÁ DRENÁŽ - Filtrační geotextilie 300g/m2 \nPlocha vypočtena pomocí grafického softwaru AutoCad (z grafického výkresu)"]
["VV",{"$nulls":3},"Celkem: 1,7*1290,368=2 193,626 [A]"]
["TS",{"$nulls":3},"Položka zahrnuje: \n- dodávku předepsané geotextilie (včetně nutných přesahů) pro drenážní vrstvu, včetně mimostaveništní a vnitrostaveništní dopravy \n- provedení drenážní vrstvy předepsaných rozměrů a předepsaného tvaru"]
["P","22","21452","","SANAČNÍ VRSTVY Z KAMENIVA DRCENÉHO","M3",{"v":2678.572,"d":"2,678.572"},809.33,{"v":2167848.68,"d":"2,167,848.68"},{"$nulls":5},455248.2228,"2"]
["PP",{"$nulls":3},""]
["VV",{"$nulls":3},"Celkem: 5357,144*0,5=2 678,572 [A]"]
["TS",{"$nulls":3},"položka zahrnuje dodávku předepsaného kameniva, mimostaveništní a vnitrostaveništní dopravu a jeho uložení \nnení-li v zadávací dokumentaci uvedeno jinak, jedná se o nakupovaný materiál"]
["SD",null,"4",null,"Vodorovné konstrukce",{"$nulls":3},{"v":669861.1000000001,"d":"669,861.10"},{"$nulls":5},140670.831,null,669861.1000000001,140670.831]
["P","23","451312","","PODKLADNÍ A VÝPLŇOVÉ VRSTVY Z PROSTÉHO BETONU C12/15","M3",81.984,{"v":2328.09,"d":"2,328.09"},{"v":190866.13,"d":"190,866.13"},{"$nulls":5},40081.8873,"2"]
["PP",{"$nulls":3},"ULIČNÍ VPUSTI - Betonové lože z betonu C12/15 \n=130,310*0,150=19,547m3 \nPODÉLNÁ DRENÁŽ - Betonové lože z betonu C12/15 \n=0,050m2*1218,565+10,060*0,150=62,437m3 \nKubatura vypočtena pomocí grafického softwaru AutoCad (z grafického výkresu)"]
["VV",{"$nulls":3},"Celkem: 130,31*0,15=19,547 [A] \nCelkem: 0,05*1218,565+10,06*0,15=62,437 [B] \nCelkem: A+B=81,984 [C]"]
["TS",{"$nulls":3},"- dodání  čerstvého  betonu  (betonové  směsi)  požadované  kvality,  jeho  uložení  do požadovaného tvaru při jakékoliv hustotě výztuže, konzistenci čerstvého betonu a způsobu hutnění, ošetření a ochranu betonu,  \n- zhotovení nepropustného, mrazuvzdorného betonu a betonu požadované trvanlivosti a vlastností,  \n- užití potřebných přísad a technologií výroby betonu,  \n- zřízení pracovních a dilatačních spar, včetně potřebných úprav, výplně, vložek, opracování, očištění a ošetření,  \n- bednění  požadovaných  konstr. (i ztracené) s úpravou  dle požadované  kvality povrchu betonu, včetně odbedňovacích a odskružovacích prostředků,  \n- podpěrné  konstr. (skruže) a lešení všech druhů pro bednění, uložení čerstvého betonu, výztuže a doplňkových konstr., vč. požadovaných otvorů, ochranných a bezpečnostních opatření a základů těchto konstrukcí a lešení,  \n- vytvoření kotevních čel, kapes, nálitků, a sedel,  \n- zřízení  všech  požadovaných  otvorů, kapes, výklenků, prostupů, dutin, drážek a pod., vč. ztížení práce a úprav  kolem nich,  \n- úpravy pro osazení výztuže, doplňkových konstrukcí a vybavení,  \n- úpravy povrchu pro položení požadované izolace, povlaků a nátěrů, případně vyspravení,  \n- ztížení práce u kabelových a injektážních trubek a ostatních zařízení osazovaných do betonu,  \n- konstrukce betonových kloubů, upevnění kotevních prvků a doplňkových konstrukcí,  \n- nátěry zabraňující soudržnost betonu a bednění,  \n- výplň, těsnění  a tmelení spar a spojů,  \n- opatření  povrchů  betonu  izolací  proti zemní vlhkosti v částech, kde přijdou do styku se zeminou nebo kamenivem,  \n- případné zřízení spojovací vrstvy u základů,  \n- úpravy pro osazení zařízení ochrany konstrukce proti vlivu bludných proudů"]
["P","24","451314","","PODKLADNÍ A VÝPLŇOVÉ VRSTVY Z PROSTÉHO BETONU C20/25","M3",123.532,{"v":2328.09,"d":"2,328.09"},{"v":287593.61,"d":"287,593.61"},{"$nulls":5},60394.65809999999,"2"]
["PP",{"$nulls":3},"OBRUBNÍKY - Betonové lože C20/25-XF3 pod betonové silniční obrubníky 150x250x1000mm \n=753,547*0,100m2=75,355m3 \nOBRUBNÍKY - Betonové lože C20/25-XF3 pod betonové silniční obrubníky nájezdové 150x150x1000mm \n=453,772*0,100m2=45,377m3 \nOBRUBNÍKY - Betonové lože C20/25-XF3 pod betonové bezbariérové obrubníky přímé HK 400x290x1000mm \n=12,000*0,200m2=2,400m3 \nOBRUBNÍKY - Betonové lože C20/25-XF3 pod betonové bezbariérové obrubníky náběhové levé 400x290-250x1000mm \n=1,000*0,200m2=0,200m3 \nOBRUBNÍKY - Betonové lože C20/25-XF3 pod betonové bezbariérové obrubníky náběhové pravé 400x290-250x1000mm \n=1,000*0,200m2=0,200m3 \nKubatura vypočtena pomocí grafického softwaru AutoCad (z grafického výkresu)"]
["VV",{"$nulls":3},"Celkem: 753,547*0,1=75,355 [A] \nCelkem: 453,772*0,1=45,377 [B] \nCelkem: 12*0,2=2,400 [C] \nCelkem: 1*0,2=0,200 [D] \nCelkem: 1*0,2=0,200 [E] \nCelkem: A+B+C+D+E=123,532 [F]"]
["TS",{"$nulls":3},"- dodání  čerstvého  betonu  (betonové  směsi)  požadované  kvality,  jeho  uložení  do požadovaného tvaru při jakékoliv hustotě výztuže, konzistenci čerstvého betonu a způsobu hutnění, ošetření a ochranu betonu,  \n- zhotovení nepropustného, mrazuvzdorného betonu a betonu požadované trvanlivosti a vlastností,  \n- užití potřebných přísad a technologií výroby betonu,  \n- zřízení pracovních a dilatačních spar, včetně potřebných úprav, výplně, vložek, opracování, očištění a ošetření,  \n- bednění  požadovaných  konstr. (i ztracené) s úpravou  dle požadované  kvality povrchu betonu, včetně odbedňovacích a odskružovacích prostředků,  \n- podpěrné  konstr. (skruže) a lešení všech druhů pro bednění, uložení čerstvého betonu, výztuže a doplňkových konstr., vč. požadovaných otvorů, ochranných a bezpečnostních opatření a základů těchto konstrukcí a lešení,  \n- vytvoření kotevních čel, kapes, nálitků, a sedel,  \n- zřízení  všech  požadovaných  otvorů, kapes, výklenků, prostupů, dutin, drážek a pod., vč. ztížení práce a úprav  kolem nich,  \n- úpravy pro osazení výztuže, doplňkových konstrukcí a vybavení,  \n- úpravy povrchu pro položení požadované izolace, povlaků a nátěrů, případně vyspravení,  \n- ztížení práce u kabelových a injektážních trubek a ostatních zařízení osazovaných do betonu,  \n- konstrukce betonových kloubů, upevnění kotevních prvků a doplňkových konstrukcí,  \n- nátěry zabraňující soudržnost betonu a bednění,  \n- výplň, těsnění  a tmelení spar a spojů,  \n- opatření  povrchů  betonu  izolací  proti zemní vlhkosti v částech, kde přijdou do styku se zeminou nebo kamenivem,  \n- případné zřízení spojovací vrstvy u základů,  \n- úpravy pro osazení zařízení ochrany konstrukce proti vlivu bludných proudů"]
["P","25","45152","","PODKLADNÍ A VÝPLŇOVÉ VRSTVY Z KAMENIVA DRCENÉHO","M3",{"v":3.59,"d":"3.590"},{"v":1069.45,"d":"1,069.45"},{"v":3839.33,"d":"3,839.33"},{"$nulls":5},806.2592999999999,"2"]
["PP",{"$nulls":3},"PODÉLNÁ DRENÁŽ - Podsyp ze štěrkodrti fr. 0/32 \nKubatura vypočtena pomocí grafického softwaru AutoCad (z grafického výkresu)"]
["VV",{"$nulls":3},"Celkem: 0,05*71,803=3,590 [A]"]
["TS",{"$nulls":3},"položka zahrnuje dodávku předepsaného kameniva, mimostaveništní a vnitrostaveništní dopravu a jeho uložení \nnení-li v zadávací dokumentaci uvedeno jinak, jedná se o nakupovaný materiál"]
["P","26","45157","","PODKLADNÍ A VÝPLŇOVÉ VRSTVY Z KAMENIVA TĚŽENÉHO","M3",129.037,{"v":1227.67,"d":"1,227.67"},{"v":158414.85,"d":"158,414.85"},{"$nulls":5},33267.118500000004,"2"]
["PP",{"$nulls":3},"PODÉLNÁ DRENÁŽ - Kamenivo těžené fr.11/22 \nKubatura vypočtena pomocí grafického softwaru AutoCad (z grafického výkresu)"]
["VV",{"$nulls":3},"Celkem: 0,1*1290,368=129,037 [A]"]
["TS",{"$nulls":3},"položka zahrnuje dodávku předepsaného kameniva, mimostaveništní a vnitrostaveništní dopravu a jeho uložení \nnení-li v zadávací dokumentaci uvedeno jinak, jedná se o nakupovaný materiál"]
["P","27","465923","","PŘEDLÁŽDĚNÍ DLAŽBY Z BETON DLAŽDIC","M2",63.307,460.41,{"v":29147.18,"d":"29,147.18"},{"$nulls":5},6120.9078,"2"]
["PP",{"$nulls":3},"BOURACÍ PRÁCE - Předláždění krytu z betonové dlažby tl. 60mm \nPlocha vypočtena pomocí grafického softwaru AutoCad (z grafického výkresu)"]
["VV",{"$nulls":3},"Celkem: 63,307=63,307 [A]"]
["TS",{"$nulls":3},"- pod pojmem *předláždění* se rozumí rozebrání stávající dlažby a pokládka dlažby ze stávajícího dlažebního materiálu (bez dodávky nového) \n- zahrnuje nezbytnou manipulaci s tímto materiálem (nakládání, doprava, složení, očištění) \n- dodání a rozprostření materiálu pro lože a jeho tloušťku předepsanou dokumentací a pro předepsanou výplň spar \n- nutné zemní práce (svahování, úpravu pláně a pod.) \n- nezahrnuje podklad pod dlažbu, vykazuje se samostatně položkami SD 45"]
["SD",null,"5",null,"Komunikace",{"$nulls":3},{"v":5077063.5,"d":"5,077,063.50"},{"$nulls":5},1066183.335,null,5077063.5,1066183.335]
["P","28","56310","","VOZOVKOVÉ VRSTVY Z MECHANICKY ZPEVNĚNÉHO KAMENIVA","M3",663.587,{"v":1377.74,"d":"1,377.74"},{"v":914250.35,"d":"914,250.35"},{"$nulls":5},191992.57349999997,"2"]
["PP",{"$nulls":3},"ÚPRAVA Č. 1 - Druhá podkladní vrstva - Mechanicky zpevněné kamenivo MZK tl. 150mm + hutnění \nKubatura vypočtena pomocí grafického softwaru AutoCad (z grafického výkresu)"]
["VV",{"$nulls":3},"Celkem: 4423,91*0,15=663,587 [A]"]
["TS",{"$nulls":3},"- dodání kameniva předepsané kvality a zrnitosti \n- rozprostření a zhutnění vrstvy v předepsané tloušťce \n- zřízení vrstvy bez rozlišení šířky, pokládání vrstvy po etapách \n- nezahrnuje postřiky, nátěry"]
["P","29","56330","","VOZOVKOVÉ VRSTVY ZE ŠTĚRKODRTI","M3",809.154,891.13,{"v":721061.4,"d":"721,061.40"},{"$nulls":5},151422.894,"2"]
["PP",{"$nulls":3},"ÚPRAVA Č. 1 - První podkladní vrstva - Štěrkodrť ŠDA 0/63 tl. 150mm + hutnění \nKubatura vypočtena pomocí grafického softwaru AutoCad (z grafického výkresu)"]
["VV",{"$nulls":3},"Celkem: 5394,361*0,15=809,154 [A]"]
["TS",{"$nulls":3},"- dodání kameniva předepsané kvality a zrnitosti \n- rozprostření a zhutnění vrstvy v předepsané tloušťce \n- zřízení vrstvy bez rozlišení šířky, pokládání vrstvy po etapách \n- nezahrnuje postřiky, nátěry"]
["P","30","56333","","VOZOVKOVÉ VRSTVY ZE ŠTĚRKODRTI TL. DO 150MM","M2",9.645,151.03,{"v":1456.68,"d":"1,456.68"},{"$nulls":5},305.9028,"2"]
["PP",{"$nulls":3},"ÚPRAVA Č. 3 - Podkladní vrstva - Štěrkodrť ŠDB 0/32 tl. 150mm + hutnění \nPlocha vypočtena pomocí grafického softwaru AutoCad (z grafického výkresu)"]
["VV",{"$nulls":3},"Celkem: 9,645=9,645 [A]"]
["TS",{"$nulls":3},"- dodání kameniva předepsané kvality a zrnitosti \n- rozprostření a zhutnění vrstvy v předepsané tloušťce \n- zřízení vrstvy bez rozlišení šířky, pokládání vrstvy po etapách \n- nezahrnuje postřiky, nátěry"]
["P","31","56335","","VOZOVKOVÉ VRSTVY ZE ŠTĚRKODRTI TL. DO 250MM","M2",0.885,263.36,233.07,{"$nulls":5},48.944700000000005,"2"]
["PP",{"$nulls":3},"ÚPRAVA Č. 4 - Podkladní vrstva - Štěrkodrť ŠDB 0/32 tl. 250mm + hutnění \nPlocha vypočtena pomocí grafického softwaru AutoCad (z grafického výkresu)"]
["VV",{"$nulls":3},"Celkem: 0,885=0,885 [A]"]
["TS",{"$nulls":3},"- dodání kameniva předepsané kvality a zrnitosti \n- rozprostření a zhutnění vrstvy v předepsané tloušťce \n- zřízení vrstvy bez rozlišení šířky, pokládání vrstvy po etapách \n- nezahrnuje postřiky, nátěry"]
["P","32","56340","","VRSTVY ZE ŠTĚRKOPÍSKU","M3",63.167,{"v":1030.55,"d":"1,030.55"},{"v":65096.75,"d":"65,096.75"},{"$nulls":5},13670.3175,"2"]
["PP",{"$nulls":3},"ULIČNÍ VPUSTI - Štěrkopísek fr.0/4 \n=130,310*0,450=58,640m3 \nULIČNÍ VPUSTI - Štěrkopísek fr.0/4 \n=10,060*0,450=4,527m3 \nKubatura vypočtena pomocí grafického softwaru AutoCad (z grafického výkresu)"]
["VV",{"$nulls":3},"Celkem: 130,31*0,45=58,640 [A] \nCelkem: 10,06*0,45=4,527 [B] \nCelkem: A+B=63,167 [C]"]
["TS",{"$nulls":3},"- dodání kameniva předepsané kvality a zrnitosti \n- rozprostření a zhutnění vrstvy v předepsané tloušťce \n- zřízení vrstvy bez rozlišení šířky, pokládání vrstvy po etapách \n- nezahrnuje postřiky, nátěry"]
["P","33","572121","","INFILTRAČNÍ POSTŘIK ASFALTOVÝ DO 1,0KG/M2","M2",{"v":4570.401,"d":"4,570.401"},26.25,{"v":119973.03,"d":"119,973.03"},{"$nulls":5},25194.3363,"2"]
["PP",{"$nulls":3},"ÚPRAVA Č. 1 - Infiltrační postřik z asfaltové emulze, zbytkové množství pojiva 1,00kg/m2 \nPlocha vypočtena pomocí grafického softwaru AutoCad (z grafického výkresu)"]
["VV",{"$nulls":3},"Celkem: 4570,401=4 570,401 [A]"]
["TS",{"$nulls":3},"- dodání všech předepsaných materiálů pro postřiky v předepsaném množství \n- provedení dle předepsaného technologického předpisu \n- zřízení vrstvy bez rozlišení šířky, pokládání vrstvy po etapách \n- úpravu napojení, ukončení"]
["P","34","572213","","SPOJOVACÍ POSTŘIK Z EMULZE DO 0,5KG/M2","M2",{"v":4576.451,"d":"4,576.451"},13.96,{"v":63887.26,"d":"63,887.26"},{"$nulls":5},13416.3246,"2"]
["PP",{"$nulls":3},"ÚPRAVA Č. 1 - Spojovací postřik kationaktivní emulzí C 60 BP3, zbytkové množství pojiva 0,40 kg/m2 \nPlocha vypočtena pomocí grafického softwaru AutoCad (z grafického výkresu)"]
["VV",{"$nulls":3},"Celkem: 4576,451=4 576,451 [A]"]
["TS",{"$nulls":3},"- dodání všech předepsaných materiálů pro postřiky v předepsaném množství \n- provedení dle předepsaného technologického předpisu \n- zřízení vrstvy bez rozlišení šířky, pokládání vrstvy po etapách \n- úpravu napojení, ukončení"]
["P","35","57472","","VOZOVKOVÉ SEPARAČNÍ / VÝZTUŽNÉ VRSTVY Z TEXTILIE","M2",{"v":5256.728,"d":"5,256.728"},71.74,{"v":377117.67,"d":"377,117.67"},{"$nulls":5},79194.7107,"2"]
["PP",{"$nulls":3},"Úprava č. 1 - Tkaná separační / výztužná geotextilie - pevnost v tahu i podélně 80kN/m, odolnost proti protržení CBR - 10kN \nPlocha vypočtena pomocí grafického softwaru AutoCad (z grafického výkresu)"]
["VV",{"$nulls":3},"Celkem: 5256,728=5 256,728 [A]"]
["TS",{"$nulls":3},"- dodání textilie v požadované kvalitě a v množství včetně přesahů (přesahy započteny v jednotkové ceně) \n- očištění podkladu \n- pokládka textilie dle předepsaného technologického předpisu"]
["P","36","57476","","VOZOVKOVÉ STABILIZAČNÍ / SEPARAČNÍ VRSTVY Z GEOMŘÍŽOVINY S TKANINOU","M2",{"v":381.86,"d":"381.860"},133.87,{"v":51119.6,"d":"51,119.60"},{"$nulls":5},10735.115999999998,"2"]
["PP",{"$nulls":3},"ÚPRAVA Č. 1 - Trojosá monolitická stabilizační geomříž z PP šířky 4,00m včetně separační netkané geotextilie v kompozitním provedení (přichycení v každém uzlu) \nPlocha vypočtena pomocí grafického softwaru AutoCad (z grafického výkresu)"]
["VV",{"$nulls":3},"Celkem: (11,927+7+13,038+7+7+7+7+7+7,5+7+7+7)*4=381,860 [A]"]
["TS",{"$nulls":3},"- dodání geomříže v požadované kvalitě a v množství včetně přesahů (přesahy započteny v jednotkové ceně) \n- očištění podkladu \n- pokládka geomříže dle předepsaného technologického předpisu"]
["P","37","574A33","","ASFALTOVÝ BETON PRO OBRUSNÉ VRSTVY ACO 11 TL. 40MM","M2",{"v":4576.451,"d":"4,576.451"},{"v":249.2,"d":"249.20"},{"v":1140451.59,"d":"1,140,451.59"},{"$nulls":5},239494.8339,"2"]
["PP",{"$nulls":3},"ÚPRAVA Č. 1 - Asfaltový beton pro obrusné vrstvy ACO 11, tl. 40mm + hutnění \nPlocha vypočtena pomocí grafického softwaru AutoCad (z grafického výkresu)"]
["VV",{"$nulls":3},"Celkem: 4576,451=4 576,451 [A]"]
["TS",{"$nulls":3},"- dodání směsi v požadované kvalitě \n- očištění podkladu \n- uložení směsi dle předepsaného technologického předpisu, zhutnění vrstvy v předepsané tloušťce \n- zřízení vrstvy bez rozlišení šířky, pokládání vrstvy po etapách, včetně pracovních spar a spojů \n- úpravu napojení, ukončení podél obrubníků, dilatačních zařízení, odvodňovacích proužků, odvodňovačů, vpustí, šachet a pod. \n- nezahrnuje postřiky, nátěry \n- nezahrnuje těsnění podél obrubníků, dilatačních zařízení, odvodňovacích proužků, odvodňovačů, vpustí, šachet a pod."]
["P","38","574C67","","ASFALTOVÝ BETON PRO LOŽNÍ VRSTVY ACL 22 TL. 70MM","M2",{"v":4570.401,"d":"4,570.401"},347.72,{"v":1589219.84,"d":"1,589,219.84"},{"$nulls":5},333736.1664,"2"]
["PP",{"$nulls":3},"ÚPRAVA Č. 1 - Asfaltový beton pro ložné vrstvy ACL 22, tl. 70mm + hutnění \nPlocha vypočtena pomocí grafického softwaru AutoCad (z grafického výkresu)"]
["VV",{"$nulls":3},"Celkem: 4570,401=4 570,401 [A]"]
["TS",{"$nulls":3},"- dodání směsi v požadované kvalitě \n- očištění podkladu \n- uložení směsi dle předepsaného technologického předpisu, zhutnění vrstvy v předepsané tloušťce \n- zřízení vrstvy bez rozlišení šířky, pokládání vrstvy po etapách, včetně pracovních spar a spojů \n- úpravu napojení, ukončení podél obrubníků, dilatačních zařízení, odvodňovacích proužků, odvodňovačů, vpustí, šachet a pod. \n- nezahrnuje postřiky, nátěry \n- nezahrnuje těsnění podél obrubníků, dilatačních zařízení, odvodňovacích proužků, odvodňovačů, vpustí, šachet a pod."]
["P","39","582611","","KRYTY Z BETON DLAŽDIC SE ZÁMKEM ŠEDÝCH TL 60MM DO LOŽE Z KAM","M2",9.645,583.88,{"v":5631.52,"d":"5,631.52"},{"$nulls":5},1182.6192,"2"]
["PP",{"$nulls":3},"ÚPRAVA Č. 3 - Cementobetonová dlažba tl. 60mm, odstín šedá \nÚPRAVA Č. 3 - Lože z hrubého drceného kameniva frakce 6/8 tl. 30mm \n=9,645m2*0,030=0,289m3 \nPlocha vypočtena pomocí grafického softwaru AutoCad (z grafického výkresu)"]
["VV",{"$nulls":3},"Celkem: 9,645=9,645 [A]"]
["TS",{"$nulls":3},"- dodání dlažebního materiálu v požadované kvalitě, dodání materiálu pro předepsané  lože v tloušťce předepsané dokumentací a pro předepsanou výplň spar \n- očištění podkladu \n- uložení dlažby dle předepsaného technologického předpisu včetně předepsané podkladní vrstvy a předepsané výplně spar \n- zřízení vrstvy bez rozlišení šířky, pokládání vrstvy po etapách  \n- úpravu napojení, ukončení podél obrubníků, dilatačních zařízení, odvodňovacích proužků, odvodňovačů, vpustí, šachet a pod., nestanoví-li zadávací dokumentace jinak \n- nezahrnuje postřiky, nátěry \n- nezahrnuje těsnění podél obrubníků, dilatačních zařízení, odvodňovacích proužků, odvodňovačů, vpustí, šachet a pod."]
["P","40","58261B","","KRYTY Z BETON DLAŽDIC SE ZÁMKEM BAREV RELIÉF TL 80MM DO LOŽE Z KAM","M2",0.885,926.98,820.38,{"$nulls":5},172.2798,"2"]
["PP",{"$nulls":3},"ÚPRAVA Č. 4 - Cementobetonová dlažba tl. 80mm, odstín červená, reliéfní \nÚPRAVA Č. 4 - Lože z hrubého drceného kameniva frakce 6/8 tl. 40mm \n=0,885m2*0,040=0,035m3 \nPlocha vypočtena pomocí grafického softwaru AutoCad (z grafického výkresu)"]
["VV",{"$nulls":3},"Celkem: 0,885=0,885 [A]"]
["TS",{"$nulls":3},"- dodání dlažebního materiálu v požadované kvalitě, dodání materiálu pro předepsané  lože v tloušťce předepsané dokumentací a pro předepsanou výplň spar \n- očištění podkladu \n- uložení dlažby dle předepsaného technologického předpisu včetně předepsané podkladní vrstvy a předepsané výplně spar \n- zřízení vrstvy bez rozlišení šířky, pokládání vrstvy po etapách  \n- úpravu napojení, ukončení podél obrubníků, dilatačních zařízení, odvodňovacích proužků, odvodňovačů, vpustí, šachet a pod., nestanoví-li zadávací dokumentace jinak \n- nezahrnuje postřiky, nátěry \n- nezahrnuje těsnění podél obrubníků, dilatačních zařízení, odvodňovacích proužků, odvodňovačů, vpustí, šachet a pod."]
["P","41","58920","","VÝPLŇ SPAR MODIFIKOVANÝM ASFALTEM","M",713.183,{"v":37.5,"d":"37.50"},{"v":26744.36,"d":"26,744.36"},{"$nulls":5},5616.315600000001,"2"]
["PP",{"$nulls":3},"ÚPRAVA Č. 1 - Asfaltová zálivka \nDélka vypočtena pomocí grafického softwaru AutoCad (z grafického výkresu)"]
["VV",{"$nulls":3},"Celkem: 683,21+6,99+3,5+7+7,5+4,983=713,183 [A]"]
["TS",{"$nulls":3},"položka zahrnuje: \n- dodávku předepsaného materiálu \n- vyčištění a výplň spar tímto materiálem"]
["SD",null,"8",null,"Potrubí",{"$nulls":3},{"v":977623.3200000001,"d":"977,623.32"},{"$nulls":5},205300.89720000004,null,977623.3200000001,205300.89720000004]
["P","42","87433","","POTRUBÍ Z TRUB PLASTOVÝCH ODPADNÍCH DN DO 150MM","M",{"v":140.37,"d":"140.370"},428.54,{"v":60154.16,"d":"60,154.16"},{"$nulls":5},12632.3736,"2"]
["PP",{"$nulls":3},"ULIČNÍ VPUSTI - Přípojky do dešťové kanalizace DN=150mm včetně odbočných tvarovek s hrdly a těsnění \nUV-01-L (0,01478) > dl. přípojky 9,670m (DN=150mm) \nUV-02-P (0,02033) > dl. přípojky 1,440m (DN=150mm) \nUV-03-P (0,04547) > dl. přípojky 7,190m (DN=150mm) \nUV-04-L (0,07046) > dl. přípojky 1,530m (DN=150mm) \nUV-05-P (0,07046) > dl. přípojky 7,630m (DN=150mm) \nUV-06-L (0,08941) > dl. přípojky 3,640m (DN=150mm) \nUV-07-P (0,09342) > dl. přípojky 5,480m (DN=150mm) \nUV-08-P (0,13332) > dl. přípojky 1,620m (DN=150mm) \nUV-09-L (0,13599) > dl. přípojky 1,220m (DN=150mm) \nUV-10-L (0,18013) > dl. přípojky 1,000m (DN=150mm) \nUV-11-P (0,18172) > dl. přípojky 1,040m (DN=150mm) \nUV-12-P (0,22053) > dl. přípojky 1,140m (DN=150mm) \nUV-13-L (0,22147) > dl. přípojky 1,310m (DN=150mm) \nUV-14-L (0,26350) > dl. přípojky 2,520m (DN=150mm) \nUV-15-P (0,27799) > dl. přípojky 1,470m (DN=150mm) \nUV-16-L (0,30852) > dl. přípojky 2,080m (DN=150mm) \nUV-17-P (0,32201) > dl. přípojky 1,140m (DN=150mm) \nUV-18-L (0,36396) > dl. přípojky 1,380m (DN=150mm) \nUV-19-P (0,36396) > dl. přípojky 1,120m (DN=150mm) \nUV-20-P (0,38956) > dl. přípojky 1,390m (DN=150mm) \nUV-21-L (0,39273) > dl. přípojky 2,290m (DN=150mm) \nUV-22-L (0,41683) > dl. přípojky 2,470m (DN=150mm) \nUV-23-P (0,41683) > dl. přípojky 0,800m (DN=150mm) \nUV-24-L (0,43385) > dl. přípojky 1,910m (DN=150mm) \nUV-25-P (0,44872) > dl. přípojky 1,280m (DN=150mm) \nUV-26-L (0,46782) > dl. přípojky 8,890m (DN=150mm) \nUV-27-P (0,47133) > dl. přípojky 2,740m (DN=150mm) \nUV-28-L (0,48767) > dl. přípojky 5,330m (DN=150mm) \nUV-29-P (0,49479) > dl. přípojky 5,650m (DN=150mm) \nUV-30-L (0,51235) > dl. přípojky 1,320m (DN=150mm) \nUV-31-P (0,52000) > dl. přípojky 7,330m (DN=150mm) \nUV-32-L (0,53969) > dl. přípojky 1,140m (DN=150mm) \nUV-33-P (0,54554) > dl. přípojky 7,080m (DN=150mm) \nUV-34-P (0,56478) > dl. přípojky 6,940m (DN=150mm) \nUV-35-L (0,57262) > dl. přípojky 0,900m (DN=150mm) \nUV-36-L (0,59509) > dl. přípojky 1,170m (DN=150mm) \nUV-37-P (0,59509) > dl. přípojky 6,850m (DN=150mm) \nUV-38-P (0,61609) > dl. přípojky 1,820m (DN=150mm) \nUV-39-P (0,63881) > dl. přípojky 1,000m (DN=150mm) \nUV-40-L (0,65422) > dl. přípojky 7,150m (DN=150mm) \nUV-41-P (0,66118) > dl. přípojky 1,240m (DN=150mm) \n=9,670+1,440+7,190+1,530+7,630+3,640+5,480+1,620+1,220+1,000+1,040+1,140+1,310+2,520+1,470+2,080+1,140+1,380+1,120+1,390+2,290+2,470+0,800+1,910+1,280+8,890+2,740+5,330+5,650+1,320+7,330+1,140+7,080+6,940+0,900+1,170+6,850+1,820+1,000+7,150+1,240=130,310m \nPODÉLNÁ DRENÁŽ – Přípojky do dešťové kanalizace DN=150mm včetně odbočných tvarovek s hrdly a těsnění \nKŠ-04-P (0,10000) > dl. přípojky 1,350m (DN=150mm) \nKŠ-06-L (0,18013) > dl. přípojky 1,000m (DN=150mm) \nKŠ-10-L (0,30781) > dl. přípojky 1,460m (DN=150mm) \nKŠ-11-P (0,32974) > dl. přípojky 0,500m (DN=150mm) \nKŠ-13-P (0,37688) > dl. přípojky 0,500m (DN=150mm) \nKŠ-16-P (0,42033) > dl. přípojky 0,500m (DN=150mm) \nKŠ-18-L (0,44888) > dl. přípojky 0,500m (DN=150mm) \nKŠ-19-P (0,44962) > dl. přípojky 0,500m (DN=150mm) \nKŠ-22-L (0,50964) > dl. přípojky 0,500m (DN=150mm) \nKŠ-29-L (0,62329) > dl. přípojky 0,500m (DN=150mm) \nKŠ-31-L (0,63350) > dl. přípojky 0,500m (DN=150mm) \nKŠ-32-L (0,63461) > dl. přípojky 0,500m (DN=150mm) \nKŠ-33-P (0,63988) > dl. přípojky 1,250m (DN=150mm) \nKŠ-34-P (0,64069) > dl. přípojky 0,500m (DN=150mm) \n=1,350+1,000+1,460+0,500+0,500+0,500+0,500+0,500+0,500+0,500+0,500+0,500+1,250+0,500=10,060m \nDélka vypočtena pomocí grafického softwaru AutoCad (z grafického výkresu)"]
["VV",{"$nulls":3},"Celkem: 9,67+1,44+7,19+1,53+7,63+3,64+5,48+1,62+1,22+1+1,04+1,14+1,31+2,52+1,47+2,08+1,14+1,38+1,12+1,39+2,29+2,47+0,8+1,91+1,28+8,89+2,74+5,33+5,65+1,32+7,33+1,14+7,08+6,94+0,9+1,17+6,85+1,82+1+7,15+1,24=130,310 [A] \nCelkem: 1,35+1+1,46+0,5+0,5+0,5+0,5+0,5+0,5+0,5+0,5+0,5+1,25+0,5=10,060 [B] \nCelkem: A+B=140,370 [C]"]
["TS",{"$nulls":3},"položky pro zhotovení potrubí platí bez ohledu na sklon \nzahrnuje: \n- výrobní dokumentaci (včetně technologického předpisu)  \n- dodání veškerého trubního a pomocného materiálu  (trouby,  trubky,  tvarovky,  spojovací a těsnící  materiál a pod.), podpěrných, závěsných a upevňovacích prvků, včetně potřebných úprav  \n- úprava a příprava podkladu a podpěr, očištění a ošetření podkladu a podpěr  \n- zřízení plně funkčního potrubí, kompletní soustavy, podle příslušného technologického předpisu  \n- zřízení potrubí i jednotlivých částí po etapách, včetně pracovních spar a spojů, pracovního zaslepení konců a pod.  \n- úprava prostupů, průchodů  šachtami a komorami, okolí podpěr a vyústění, zaústění, napojení, vyvedení a upevnění odpad. výustí  \n- ochrana potrubí nátěrem (vč. úpravy povrchu), případně izolací, nejsou-li tyto práce předmětem jiné položky  \n- úprava, očištění a ošetření prostoru kolem potrubí  \n- položky platí pro práce prováděné v prostoru zapaženém i nezapaženém a i v kolektorech, chráničkách  \n- položky zahrnují i práce spojené s nutnými obtoky, převáděním a čerpáním vody  \nnezahrnuje zkoušky vodotěsnosti a televizní prohlídku"]
["P","43","875332","","POTRUBÍ DREN Z TRUB PLAST DN DO 150MM DĚROVANÝCH","M",{"v":1290.368,"d":"1,290.368"},217.51,{"v":280667.94,"d":"280,667.94"},{"$nulls":5},58940.267400000004,"2"]
["PP",{"$nulls":3},"PODÉLNÁ DRENÁŽ - Drenážní potrubí plastové DN=150mm vhodné do dynamicky zatížených konstrukcí (kruhová tuhost SN12) \nDélka vypočtena pomocí grafického softwaru AutoCad (z grafického výkresu)"]
["VV",{"$nulls":3},"Celkem: 1290,368=1 290,368 [A]"]
["TS",{"$nulls":3},"položky pro zhotovení potrubí platí bez ohledu na sklon \nzahrnuje: \n- výrobní dokumentaci (včetně technologického předpisu)  \n- dodání veškerého trubního a pomocného materiálu  (trouby,  trubky,  tvarovky,  spojovací a těsnící  materiál a pod.), podpěrných, závěsných a upevňovacích prvků, včetně potřebných úprav  \n- úprava a příprava podkladu a podpěr, očištění a ošetření podkladu a podpěr  \n- zřízení plně funkčního potrubí, kompletní soustavy, podle příslušného technologického předpisu  \n- zřízení potrubí i jednotlivých částí po etapách, včetně pracovních spar a spojů, pracovního zaslepení konců a pod.  \n- úprava prostupů, průchodů  šachtami a komorami, okolí podpěr a vyústění, zaústění, napojení, vyvedení a upevnění odpad. výustí  \n- ochrana potrubí nátěrem (vč. úpravy povrchu), případně izolací, nejsou-li tyto práce předmětem jiné položky  \n- úprava, očištění a ošetření prostoru kolem potrubí  \n- položky platí pro práce prováděné v prostoru zapaženém i nezapaženém a i v kolektorech, chráničkách  \n- položky zahrnují i práce spojené s nutnými obtoky, převáděním a čerpáním vody"]
["P","44","87733","","CHRÁNIČKY PŮLENÉ Z TRUB PLAST DN DO 150MM","M",{"v":32.84,"d":"32.840"},{"v":519,"d":"519.00"},{"v":17043.96,"d":"17,043.96"},{"$nulls":5},3579.2315999999996,"2"]
["PP",{"$nulls":3},"CHRÁNIČKA - Dělená plastová chránička se zámky a hrdlem DN=110mm včetně BALL Markerů na koncích pro budoucí možné protažení vedení VO \n=8,340+8,500=16,840m \nCHRÁNIČKA - Dělená plastová chránička se zámky a hrdlem DN=110mm včetně BALL Markerů na koncích pro ochranu stávajícího silového vedení \n=8,510+7,490=16,000m \nDélka vypočtena pomocí grafického softwaru AutoCad (z grafického výkresu)"]
["VV",{"$nulls":3},"Celkem: 8,34+8,5=16,840 [A] \nCelkem: 8,51+7,49=16,000 [B] \nCelkem: A+B=32,840 [C]"]
["TS",{"$nulls":3},"položky pro zhotovení potrubí platí bez ohledu na sklon \nzahrnuje: \n- výrobní dokumentaci (včetně technologického předpisu)  \n- dodání veškerého trubního a pomocného materiálu  (trouby včetně podélného rozpůlení,  trubky,  tvarovky,  spojovací a těsnící  materiál a pod.), podpěrných, závěsných a upevňovacích prvků, včetně potřebných úprav  \n- úprava a příprava podkladu a podpěr, očištění a ošetření podkladu a podpěr  \n- zřízení plně funkčního potrubí, kompletní soustavy, podle příslušného technologického předpisu  \n- zřízení potrubí i jednotlivých částí po etapách, včetně pracovních spar a spojů, pracovního zaslepení konců a pod.  \n- úprava prostupů, průchodů  šachtami a komorami, okolí podpěr a vyústění, zaústění, napojení, vyvedení a upevnění odpad. výustí  \n- ochrana potrubí nátěrem (vč. úpravy povrchu), případně izolací, nejsou-li tyto práce předmětem jiné položky  \n- úprava, očištění a ošetření prostoru kolem potrubí  včetně případně předepsaného utěsnění konců chrániček \n- položky platí pro práce prováděné v prostoru zapaženém i nezapaženém a i v kolektorech, chráničkách"]
["P","45","895823","","DRENÁŽNÍ ŠACHTICE KONTROLNÍ Z PLAST DÍLCŮ ŠK 100","KUS",{"v":36,"d":"36.000"},{"v":6581.18,"d":"6,581.18"},{"v":236922.48,"d":"236,922.48"},{"$nulls":5},49753.7208,"2"]
["PP",{"$nulls":3},"PODÉLNÁ DRENÁŽ - Kontrolní šachta podélné drenáže z PP DN=315mm včetně souvisejícího vybavení (šachtové dno z PP pro drenážní trouby DN=150mm, šachtová korugovaná trouba DN=315mm, teleskopická trouba v horní části a plastový pachotěsný poklop) s/bez napojením do dešťové kanalizace DN=150mm \nKŠ-01-L (0,00050) \nKŠ-02-P (0,00050) \nKŠ-03-L (0,04983) \nKŠ-04-P (0,10000) > dl. přípojky 1,350m (DN=150mm) \nKŠ-05-L (0,15170) \nKŠ-06-L (0,18013) > dl. přípojky 1,000m (DN=150mm) \nKŠ-07-P (0,18013) \nKŠ-08-P (0,18172) \nKŠ-09-L (0,19677) \nKŠ-10-L (0,30781) > dl. přípojky 1,460m (DN=150mm) \nKŠ-11-P (0,32974) > dl. přípojky 0,500m (DN=150mm) \nKŠ-12-P (0,33416) \nKŠ-13-P (0,37688) > dl. přípojky 0,500m (DN=150mm) \nKŠ-14-P (0,38298) \nKŠ-15-L (0,40836) \nKŠ-16-P (0,42033) > dl. přípojky 0,500m (DN=150mm) \nKŠ-17-P (0,42033) \nKŠ-18-L (0,44888) > dl. přípojky 0,500m (DN=150mm) \nKŠ-19-P (0,44962) > dl. přípojky 0,500m (DN=150mm) \nKŠ-20-L (0,45019) \nKŠ-21-P (0,45047) \nKŠ-22-L (0,50964) > dl. přípojky 0,500m (DN=150mm) \nKŠ-23-L (0,52112) \nKŠ-24-P (0,55000) \nKŠ-25-L (0,56500) \nKŠ-26-L (0,56500) \nKŠ-27-L (0,61609) \nKŠ-28-P (0,61819) \nKŠ-29-L (0,62329) > dl. přípojky 0,500m (DN=150mm) \nKŠ-30-L (0,62431) \nKŠ-31-L (0,63350) > dl. přípojky 0,500m (DN=150mm) \nKŠ-32-L (0,63461) > dl. přípojky 0,500m (DN=150mm) \nKŠ-33-P (0,63988) > dl. přípojky 1,250m (DN=150mm) \nKŠ-34-P (0,64069) > dl. přípojky 0,500m (DN=150mm) \nKŠ-35-L (0,68071) \nKŠ-36-P (0,68071) \nPočet vypočten pomocí grafického softwaru AutoCad (z grafického výkresu)"]
["VV",{"$nulls":3},"Celkem: 36=36,000 [A]"]
["TS",{"$nulls":3},"položka zahrnuje: \n- poklopy s rámem z předepsaného materiálu a tvaru \n- předepsané plastové skruže, dno a není-li uvedeno jinak i podkladní vrstvu (z kameniva nebo betonu).  \n- výplň, těsnění a tmelení spár a spojů,  \n- očištění a ošetření úložných ploch,  \n- předepsané podkladní konstrukce"]
["P","46","89712","","VPUSŤ KANALIZAČNÍ ULIČNÍ KOMPLETNÍ Z BETONOVÝCH DÍLCŮ","KUS",{"v":41,"d":"41.000"},{"v":9182.66,"d":"9,182.66"},{"v":376489.06,"d":"376,489.06"},{"$nulls":5},79062.7026,"2"]
["PP",{"$nulls":3},"ULIČNÍ VPUSTI - Uliční vpust se sifonem a kalovým košem s napojením do dešťové kanalizace DN=150mm \nUV-01-L (0,01478) > dl. přípojky 9,670m (DN=150mm) \nUV-02-P (0,02033) > dl. přípojky 1,440m (DN=150mm) \nUV-03-P (0,04547) > dl. přípojky 7,190m (DN=150mm) \nUV-04-L (0,07046) > dl. přípojky 1,530m (DN=150mm) \nUV-05-P (0,07046) > dl. přípojky 7,630m (DN=150mm) \nUV-06-L (0,08941) > dl. přípojky 3,640m (DN=150mm) \nUV-07-P (0,09342) > dl. přípojky 5,480m (DN=150mm) \nUV-08-P (0,13332) > dl. přípojky 1,620m (DN=150mm) \nUV-09-L (0,13599) > dl. přípojky 1,220m (DN=150mm) \nUV-10-L (0,18013) > dl. přípojky 1,000m (DN=150mm) \nUV-11-P (0,18172) > dl. přípojky 1,040m (DN=150mm) \nUV-12-P (0,22053) > dl. přípojky 1,140m (DN=150mm) \nUV-13-L (0,22147) > dl. přípojky 1,310m (DN=150mm) \nUV-14-L (0,26350) > dl. přípojky 2,520m (DN=150mm) \nUV-15-P (0,27799) > dl. přípojky 1,470m (DN=150mm) \nUV-16-L (0,30852) > dl. přípojky 2,080m (DN=150mm) \nUV-17-P (0,32201) > dl. přípojky 1,140m (DN=150mm) \nUV-18-L (0,36396) > dl. přípojky 1,380m (DN=150mm) \nUV-19-P (0,36396) > dl. přípojky 1,120m (DN=150mm) \nUV-20-P (0,38956) > dl. přípojky 1,390m (DN=150mm) \nUV-21-L (0,39273) > dl. přípojky 2,290m (DN=150mm) \nUV-22-L (0,41683) > dl. přípojky 2,470m (DN=150mm) \nUV-23-P (0,41683) > dl. přípojky 0,800m (DN=150mm) \nUV-24-L (0,43385) > dl. přípojky 1,910m (DN=150mm) \nUV-25-P (0,44872) > dl. přípojky 1,280m (DN=150mm) \nUV-26-L (0,46782) > dl. přípojky 8,890m (DN=150mm) \nUV-27-P (0,47133) > dl. přípojky 2,740m (DN=150mm) \nUV-28-L (0,48767) > dl. přípojky 5,330m (DN=150mm) \nUV-29-P (0,49479) > dl. přípojky 5,650m (DN=150mm) \nUV-30-L (0,51235) > dl. přípojky 1,320m (DN=150mm) \nUV-31-P (0,52000) > dl. přípojky 7,330m (DN=150mm) \nUV-32-L (0,53969) > dl. přípojky 1,140m (DN=150mm) \nUV-33-P (0,54554) > dl. přípojky 7,080m (DN=150mm) \nUV-34-P (0,56478) > dl. přípojky 6,940m (DN=150mm) \nUV-35-L (0,57262) > dl. přípojky 0,900m (DN=150mm) \nUV-36-L (0,59509) > dl. přípojky 1,170m (DN=150mm) \nUV-37-P (0,59509) > dl. přípojky 6,850m (DN=150mm) \nUV-38-P (0,61609) > dl. přípojky 1,820m (DN=150mm) \nUV-39-P (0,63881) > dl. přípojky 1,000m (DN=150mm) \nUV-40-L (0,65422) > dl. přípojky 7,150m (DN=150mm) \nUV-41-P (0,66118) > dl. přípojky 1,240m (DN=150mm) \nPočet vypočten pomocí grafického softwaru AutoCad (z grafického výkresu)"]
["VV",{"$nulls":3},"Celkem: 41=41,000 [A]"]
["TS",{"$nulls":3},"položka zahrnuje: \n- dodávku a osazení předepsaných dílů včetně mříže \n- výplň, těsnění  a tmelení spar a spojů, \n- opatření  povrchů  betonu  izolací  proti zemní vlhkosti v částech, kde přijdou do styku se zeminou nebo kamenivem, \n- předepsané podkladní konstrukce"]
["P","47","89923","","VÝŠKOVÁ ÚPRAVA KRYCÍCH HRNCŮ","KUS",{"v":4,"d":"4.000"},{"v":1586.43,"d":"1,586.43"},{"v":6345.72,"d":"6,345.72"},{"$nulls":5},1332.6012,"2"]
["PP",{"$nulls":3},"OSTATNÍ - Výšková rektifikace krycích znaků inženýrských sítí \nPočet vypočten pomocí grafického softwaru AutoCad (z grafického výkresu)"]
["VV",{"$nulls":3},"Celkem: 4=4,000 [A]"]
["TS",{"$nulls":3},"- položka výškové úpravy zahrnuje všechny nutné práce a materiály pro zvýšení nebo snížení zařízení (včetně nutné úpravy stávajícího povrchu vozovky nebo chodníku)."]
["SD",null,"9",null,"Ostatní konstrukce a práce",{"$nulls":3},{"v":908787.55,"d":"908,787.55"},{"$nulls":5},190845.38549999995,null,908787.55,190845.38549999995]
["P","48","91297","","DOPRAVNÍ ZRCADLO","KUS",{"v":2,"d":"2.000"},{"v":9374.05,"d":"9,374.05"},{"v":18748.1,"d":"18,748.10"},{"$nulls":5},3937.1009999999997,"2"]
["PP",{"$nulls":3},"ODRAZOVÁ ZRCADLA - Odrazové zrcadlo kulaté R=0,8m, \nPoloměr křivosti 2,5m \n=1kus \nODRAZOVÁ ZRCADLA - Odrazové zrcadlo 0,8m x 0,6m \nPoloměr křivosti 2,5m \n=1kus \nPočet vypočten pomocí grafického softwaru AutoCad (z grafického výkresu)"]
["VV",{"$nulls":3},"Celkem: 1=1,000 [A] \nCelkem: 1=1,000 [B] \nCelkem: A+B=2,000 [C]"]
["TS",{"$nulls":3},"položka zahrnuje: \n- dodání a osazení zrcadla včetně nutných zemních prací  \n- předepsaná povrchová úprava  \n- vnitrostaveništní a mimostaveništní doprava  \n- odrazky plastové nebo z retroreflexní fólie."]
["P","49","914111","","DOPRAVNÍ ZNAČKY ZÁKLADNÍ VELIKOSTI OCELOVÉ NEREFLEXNÍ - DOD A MONTÁŽ","KUS",{"v":21,"d":"21.000"},{"v":3180.83,"d":"3,180.83"},{"v":66797.43,"d":"66,797.43"},{"$nulls":5},14027.460299999999,"2"]
["PP",{"$nulls":3},"DOPRAVNÍ ZNAČENÍ - Svislé dopravní značení - Dodávka a montáž (veškeré prvky svislého dopravního značení budou opatřeny pozinkováním) \n1xA2a - Dvojitá zatáčka, první vpravo \n1xA22 - Jiné nebezpečí! \n1xA29 - Železniční přejezd se závorami \n1xA31a - Návěstní deska (240m) \n1xA31b - Návěstní deska (160m) \n7xP2 - Hlavní pozemní komunikace \n1xB13 - Zákaz vjezdu vozidel, jejichž okamžitá hmotnost přesahuje vyznačenou mez \n1xB16 - Zákaz vjezdu vozidel, jejichž výška přesahuje vyznačenou mez \n2xIP6 - Přechod pro chodce \n1xIS4a - Směrová tabule s místním cílem (přímo) \n2xE2b - Tvar křižovatky \n1xE4 - Délka úseku \n1xE13 - Text nebo symbol \nPočet vypočten pomocí grafického softwaru AutoCad (z grafického výkresu)"]
["VV",{"$nulls":3},"Celkem: 1+1+1+1+1+7+1+1+2+1+2+1+1=21,000 [A]"]
["TS",{"$nulls":3},"položka zahrnuje: \n- dodávku a montáž značek v požadovaném provedení"]
["P","50","914113","","DOPRAVNÍ ZNAČKY ZÁKLADNÍ VELIKOSTI OCELOVÉ NEREFLEXNÍ - DEMONTÁŽ","KUS",{"v":21,"d":"21.000"},291.01,{"v":6111.21,"d":"6,111.21"},{"$nulls":5},1283.3541,"2"]
["PP",{"$nulls":3},"BOURACÍ PRÁCE - Odstranění stávajícího svislého dopravního značení včetně odvozu a likvidace v režii zhotovitele \n1xA2a - Dvojitá zatáčka, první vpravo \n1xA22 - Jiné nebezpečí! \n1xA29 - Železniční přejezd se závorami \n1xA31a - Návěstní deska (240m) \n1xA31b - Návěstní deska (160m) \n6xP2 - Hlavní pozemní komunikace \n1xB13 - Zákaz vjezdu vozidel, jejichž okamžitá hmotnost přesahuje vyznačenou mez \n1xB16 - Zákaz vjezdu vozidel, jejichž výška přesahuje vyznačenou mez \n2xIP6 - Přechod pro chodce \n1xIS4a - Směrová tabule s místním cílem (přímo) \n1xIJ4b - Označník zastávky \n2xE2b - Tvar křižovatky \n1xE4 - Délka úseku \n1xE13 - Text nebo symbol \nPočet vypočten pomocí grafického softwaru AutoCad (z grafického výkresu)"]
["VV",{"$nulls":3},"Celkem: 1+1+1+1+1+6+1+1+2+1+1+2+1+1=21,000 [A]"]
["TS",{"$nulls":3},"Položka zahrnuje odstranění, demontáž a odklizení materiálu s odvozem na předepsané místo"]
["P","51","915111","","VODOROVNÉ DOPRAVNÍ ZNAČENÍ BARVOU HLADKÉ - DODÁVKA A POKLÁDKA","M2",209.078,98.94,{"v":20686.18,"d":"20,686.18"},{"$nulls":5},4344.0978000000005,"2"]
["PP",{"$nulls":3},"DOPRAVNÍ ZNAČENÍ - Vodorovné dopravní značení - Podélná čára souvislá - V1a - 0,125 - 1. značení barvou \n=(44,275+8,150+28,880)*0,125=10,163m2 \nDOPRAVNÍ ZNAČENÍ - Vodorovné dopravní značení - Podélná čára přerušovaná - V2a - 3,000/6,000 - 0,125 - 1. značení barvou \n=(47,865+350,315)*1/3*0,125=16,591m2 \nDOPRAVNÍ ZNAČENÍ - Vodorovné dopravní značení - Podélná čára přerušovaná - V2b - 3,000/1,500 - 0,125 - 1. značení barvou \n=(21,720+16,855+63,265+50,000+34,020+14,950)*2/3*0,125=16,734m2 \nDOPRAVNÍ ZNAČENÍ - Vodorovné dopravní značení - Podélná čára přerušovaná - V2b - 1,500/1,500 - 0,125 - 1. značení barvou \n=(11,220+8,750+16,090+16,910+7,610+10,125+8,950+7,060)*1/2*0,125=5,420m2 \nDOPRAVNÍ ZNAČENÍ - Vodorovné dopravní značení - Vodící čára - V4 - 0,125 - 1. značení barvou \n=(1,000+22,530+33,890+48,040+87,190+9,640+70,140+24,040+19,580+34,310+83,270+64,030+303,080+26,060+146,700+49,270+29,860)*0,125=131,579m2 \nDOPRAVNÍ ZNAČENÍ - Vodorovné dopravní značení - Vodící čára - V4 - 0,500/0,500 - 0,125 - 1. značení barvou \n=(2*15,500+2*8,750+8,760+42,550+15,510+15,160+2*15,490)*1/2*0,125=10,091m2 \nDOPRAVNÍ ZNAČENÍ - Vodorovné dopravní značení - Přechod pro chodce - V7a - dl. 5,500 m, š. 3,000 m - 1. značení barvou \n=9,000m2 \nDOPRAVNÍ ZNAČENÍ - Vodorovné dopravní značení - Zastávka autobusu nebo trolejbusu - V11a - bílé barvy - 1. značení barvou \n=9,500m2 \nPlocha vypočtena pomocí grafického softwaru AutoCad (z grafického výkresu)"]
["VV",{"$nulls":3},"Celkem: (44,275+8,15+28,88)*0,125=10,163 [A] \nCelkem: (47,865+350,315)*1/3*0,125=16,591 [B] \nCelkem: (21,72+16,855+63,265+50+34,02+14,95)*2/3*0,125=16,734 [C] \nCelkem: (11,22+8,75+16,09+16,91+7,61+10,125+8,95+7,06)*1/2*0,125=5,420 [D] \nCelkem: (1+22,53+33,89+48,04+87,19+9,64+70,14+24,04+19,58+34,31+83,27+64,03+303,08+26,06+146,7+49,27+29,86)*0,125=131,579 [E] \nCelkem: (2*15,5+2*8,75+8,76+42,55+15,51+15,16+2*15,49)*1/2*0,125=10,091 [F] \nCelkem: 9=9,000 [G] \nCelkem: 9,5=9,500 [H] \nCelkem: A+B+C+D+E+F+G+H=209,078 [I]"]
["TS",{"$nulls":3},"položka zahrnuje: \n- dodání a pokládku nátěrového materiálu (měří se pouze natíraná plocha) \n- předznačení a reflexní úpravu"]
["P","52","915221","","VODOR DOPRAV ZNAČ PLASTEM STRUKTURÁLNÍ NEHLUČNÉ - DOD A POKLÁDKA","M2",209.078,331.75,{"v":69361.63,"d":"69,361.63"},{"$nulls":5},14565.9423,"2"]
["PP",{"$nulls":3},"DOPRAVNÍ ZNAČENÍ - Vodorovné dopravní značení - Podélná čára souvislá - V1a - 0,125 - 2. značení strukturovaným plastem \n=(44,275+8,150+28,880)*0,125=10,163m2 \nDOPRAVNÍ ZNAČENÍ - Vodorovné dopravní značení - Podélná čára přerušovaná - V2a - 3,000/6,000 - 0,125 - 2. značení strukturovaným plastem \n=(47,865+350,315)*1/3*0,125=16,591m2 \nDOPRAVNÍ ZNAČENÍ - Vodorovné dopravní značení - Podélná čára přerušovaná - V2b - 3,000/1,500 - 0,125 - 2. značení strukturovaným plastem \n=(21,720+16,855+63,265+50,000+34,020+14,950)*2/3*0,125=16,734m2 \nDOPRAVNÍ ZNAČENÍ - Vodorovné dopravní značení - Podélná čára přerušovaná - V2b - 1,500/1,500 - 0,125 - 2. značení strukturovaným plastem \n=(11,220+8,750+16,090+16,910+7,610+10,125+8,950+7,060)*1/2*0,125=5,420m2 \nDOPRAVNÍ ZNAČENÍ - Vodorovné dopravní značení - Vodící čára - V4 - 0,125 - 2. značení strukturovaným plastem \n=(1,000+22,530+33,890+48,040+87,190+9,640+70,140+24,040+19,580+34,310+83,270+64,030+303,080+26,060+146,700+49,270+29,860)*0,125=131,579m2 \nDOPRAVNÍ ZNAČENÍ - Vodorovné dopravní značení - Vodící čára - V4 - 0,500/0,500 - 0,125 - 2. značení strukturovaným plastem \n=(2*15,500+2*8,750+8,760+42,550+15,510+15,160+2*15,490)*1/2*0,125=10,091m2 \nDOPRAVNÍ ZNAČENÍ - Vodorovné dopravní značení - Přechod pro chodce - V7a - dl. 5,500, š. 3,000m - 2. značení strukturovaným plastem \n=9,000m2 \nDOPRAVNÍ ZNAČENÍ - Vodorovné dopravní značení - Zastávka autobusu nebo trolejbusu - V11a - bílé barvy - 2. značení strukturovaným plastem \n=9,500m2 \nPlocha vypočtena pomocí grafického softwaru AutoCad (z grafického výkresu)"]
["VV",{"$nulls":3},"Celkem: (44,275+8,15+28,88)*0,125=10,163 [A] \nCelkem: (47,865+350,315)*1/3*0,125=16,591 [B] \nCelkem: (21,72+16,855+63,265+50+34,02+14,95)*2/3*0,125=16,734 [C] \nCelkem: (11,22+8,75+16,09+16,91+7,61+10,125+8,95+7,06)*1/2*0,125=5,420 [D] \nCelkem: (1+22,53+33,89+48,04+87,19+9,64+70,14+24,04+19,58+34,31+83,27+64,03+303,08+26,06+146,7+49,27+29,86)*0,125=131,579 [E] \nCelkem: (2*15,5+2*8,75+8,76+42,55+15,51+15,16+2*15,49)*1/2*0,125=10,091 [F] \nCelkem: 9=9,000 [G] \nCelkem: 9,5=9,500 [H] \nCelkem: A+B+C+D+E+F+G+H=209,078 [I]"]
["TS",{"$nulls":3},"položka zahrnuje: \n- dodání a pokládku nátěrového materiálu (měří se pouze natíraná plocha) \n- předznačení a reflexní úpravu"]
["P","53","917224","","SILNIČNÍ A CHODNÍKOVÉ OBRUBY Z BETONOVÝCH OBRUBNÍKŮ ŠÍŘ 150MM","M",{"v":1207.319,"d":"1,207.319"},384.22,{"v":463876.11,"d":"463,876.11"},{"$nulls":5},97413.98310000001,"2"]
["PP",{"$nulls":3},"OBRUBNÍKY - Betonové silniční obrubníky 150x250x1000mm \n=753,547m \nOBRUBNÍKY - Betonové silniční obrubníky nájezdové 150x150x1000mm \n=453,772m \nDélka vypočtena pomocí grafického softwaru AutoCad (z grafického výkresu)"]
["VV",{"$nulls":3},"Celkem: 753,547=753,547 [A] \nCelkem: 453,772=453,772 [B] \nCelkem: A+B=1 207,319 [C]"]
["TS",{"$nulls":3},"Položka zahrnuje: \ndodání a pokládku betonových obrubníků o rozměrech předepsaných zadávací dokumentací \nbetonové lože i boční betonovou opěrku."]
["P","54","91725","","NÁSTUPIŠTNÍ OBRUBNÍKY BETONOVÉ","M",{"v":14,"d":"14.000"},{"v":3328.17,"d":"3,328.17"},{"v":46594.38,"d":"46,594.38"},{"$nulls":5},9784.8198,"2"]
["PP",{"$nulls":3},"OBRUBNÍKY - Betonové bezbariérové obrubníky přímé HK 400x290x1000mm \n=12,000m \nOBRUBNÍKY - Betonové bezbariérové obrubníky náběhové levé 400x290-250x1000mm \n=1,000m \nOBRUBNÍKY - Betonové bezbariérové obrubníky náběhové pravé 400x290-250x1000mm \n=1,000m \nDélka vypočtena pomocí grafického softwaru AutoCad (z grafického výkresu)"]
["VV",{"$nulls":3},"Celkem: 12=12,000 [A] \nCelkem: 1=1,000 [B] \nCelkem: 1=1,000 [C] \nCelkem: A+B+C=14,000 [D]"]
["TS",{"$nulls":3},"Položka zahrnuje: \ndodání a pokládku betonových obrubníků o rozměrech předepsaných zadávací dokumentací \nbetonové lože i boční betonovou opěrku."]
["P","55","919111","","ŘEZÁNÍ ASFALTOVÉHO KRYTU VOZOVEK TL DO 50MM","M",{"v":11.99,"d":"11.990"},53.13,637.03,{"$nulls":5},133.7763,"2"]
["PP",{"$nulls":3},"BOURACÍ PRÁCE - Řezání asfaltového krytu pro odfrézování asfaltových vrstev v prostoru silnice \nDélka vypočtena pomocí grafického softwaru AutoCad (z grafického výkresu)"]
["VV",{"$nulls":3},"Celkem: 7+4,99=11,990 [A]"]
["TS",{"$nulls":3},"položka zahrnuje řezání vozovkové vrstvy v předepsané tloušťce, včetně spotřeby vody"]
["P","56","93318-R","","STATICKÁ ZATĚŽOVACÍ ZKOUŠKA","KUS",{"v":56,"d":"56.000"},{"v":2910.11,"d":"2,910.11"},{"v":162966.16,"d":"162,966.16"},{"$nulls":5},34222.893599999996,"2"]
["PP",{"$nulls":3},"ZKOUŠKA - Statická zatěžovací zkouška na pláni zemního tělesa, horní podkladní vrstvě (podsypu, ochranné vrstvě) a dolní podkladní vrstvě vozovky včetně vyhotovení protokolů a geodetického zaměření míst statických zatěžovacích zkoušek \n=14kus*4kus=56kus \nVzdálenost: 2*155km=310km (1 výjezd) \nPočet zkoušek za jeden pracovní den: 12kus \nPočet výjezdů 56kus/12kus=5 výjezdy \nCena za 1kus: 1kus*1350,00Kč/kus+5*310km*5,50Kč/km/56kus=1502,23Kč/kus \nPočet vypočten pomocí grafického softwaru AutoCad (z grafického výkresu)"]
["VV",{"$nulls":3},"Celkem: 56=56,000 [A]"]
["TS",{"$nulls":3},"- podklady a dokumentaci zkoušky  \n- výrobní dokumentace potřebných zařízení  \n- stavební práce spojené s přípravou a provedením zkoušky (zřízení a odstranění)  \n- veškerá zkušební zařízení vč. opotřebení a nájmu  \n- výpomoce při vlastní zkoušce  \n- dodání zatěžovacích prostředků a hmot, manipulaci s nimi a jejich opotřebení a nájem  \n- přeprava zatěžovacích prostředků a hmot na stavbu a zpět, včetně zajížďky k váze a vážních poplatků  \n- provedení vlastní zkoušky a její vyhodnocení, včetně všech měření a dalších potřebných činností"]
["P","57","966118","","BOURÁNÍ KONSTRUKCÍ Z BETON DÍLCŮ S ODVOZEM DO 20KM","M3",{"v":0.56,"d":"0.560"},699.67,391.82,{"$nulls":5},82.28219999999999,"2"]
["PP",{"$nulls":3},"BOURACÍ PRÁCE - Odstranění stávajících betonových patníků včetně odvozu a likvidace na skládce do 20km \n=0,560m3*2300t/m3=1,288t \nKubatura vypočtena pomocí grafického softwaru AutoCad (z grafického výkresu)"]
["VV",{"$nulls":3},"Celkem: 0,2*0,2*1*14=0,560 [A]"]
["TS",{"$nulls":3},"položka zahrnuje: \n- rozbourání konstrukce bez ohledu na použitou technologii \n- veškeré pomocné konstrukce (lešení a pod.) \n- veškerou manipulaci s vybouranou sutí a hmotami včetně uložení na skládku. Nezahrnuje poplatek za skládku, který se vykazuje v položce 0141** (s výjimkou malého množství bouraného materiálu, kde je možné poplatek zahrnout do jednotkové ceny bourání – tento fakt musí být uveden v doplňujícím textu k položce) \n- veškeré další práce plynoucí z technologického předpisu a z platných předpisů"]
["P","58","966158","","BOURÁNÍ KONSTRUKCÍ Z PROST BETONU S ODVOZEM DO 20KM","M3",9.203,699.67,{"v":6439.06,"d":"6,439.06"},{"$nulls":5},1352.2026,"2"]
["PP",{"$nulls":3},"BOURACÍ PRÁCE - Odstranění betonového lože betonových silničních obrubníků včetně odvozu a uložení na skládku do 20km \n=70,790*0,100m2=7,079m3 \n=7,079m3*2,300t/m3=16,282t \nBOURACÍ PRÁCE - Odstranění betonového lože betonových chodníkových obrubníků včetně odvozu a uložení na skládku do 20km \n=21,237*0,100m2=2,124m3 \n=2,124m3*2,300t/m3=4,885t \nKubatura vypočtena pomocí grafického softwaru AutoCad (z grafického výkresu)"]
["VV",{"$nulls":3},"Celkem: 70,790*0,1=7,079 [A] \nCelkem: 21,237*0,1=2,124 [B] \nCelkem: A+B=9,203 [C]"]
["TS",{"$nulls":3},"položka zahrnuje: \n- rozbourání konstrukce bez ohledu na použitou technologii \n- veškeré pomocné konstrukce (lešení a pod.) \n- veškerou manipulaci s vybouranou sutí a hmotami včetně uložení na skládku. Nezahrnuje poplatek za skládku, který se vykazuje v položce 0141** (s výjimkou malého množství bouraného materiálu, kde je možné poplatek zahrnout do jednotkové ceny bourání – tento fakt musí být uveden v doplňujícím textu k položce) \n- veškeré další práce plynoucí z technologického předpisu a z platných předpisů"]
["P","59","96687","","VYBOURÁNÍ ULIČNÍCH VPUSTÍ KOMPLETNÍCH","KUS",{"v":22,"d":"22.000"},{"v":2099.02,"d":"2,099.02"},{"v":46178.44,"d":"46,178.44"},{"$nulls":5},9697.4724,"2"]
["PP",{"$nulls":3},"BOURACÍ PRÁCE - Odstranění kompletních konstrukcí uličních vpustí včetně odvozu a uložení na skládku do 20km \n=22kus*1,000m3/kus*2,500t/m3=50,600t \nPočet vypočten pomocí grafického softwaru AutoCad (z grafického výkresu)"]
["VV",{"$nulls":3},"Celkem: 22=22,000 [A]"]
["TS",{"$nulls":3},"- položka zahrnuje veškerou manipulaci s vybouranou sutí a hmotami včetně uložení na skládku. Nezahrnuje poplatek za skládku, který se vykazuje v položce 0141** (s výjimkou malého množství bouraného materiálu, kde je možné poplatek zahrnout do jednotkové ceny bourání – tento fakt musí být uveden v doplňujícím textu k položce)  \n- položka zahrnuje veškeré další práce plynoucí z technologického předpisu a z platných předpisů"]

{"sheet":"SO 101_SO 101.02","index":4,"n_rows":131,"n_cols":18,"rows_kept":131,"merged":[[2,2,2,3],[3,2,3,3],[4,2,4,3],[5,0,6,0],[5,1,6,1],[5,2,6,2],[5,3,6,3],[5,4,6,4],[5,5,6,5],[5,6,6,6],[5,7,5,8]],"flags":["formulas_cached_only"]}
["ASPE10",{"$nulls":3},"Firma: -",{"$nulls":10},"3"]
[{"$nulls":4},"Příloha k formuláři pro ocenění nabídky",{"$nulls":9},68986.8921,"3"]
["S","Stavba: ","2018648",null,"III/3272 HLÍZOV",null,null,"SO 101.02",{"v":328509.01,"d":"328,509.01"},{"$nulls":5},"0,00","2"]
["O","Objekt:","SO 101",null,"SILNICE III/3272 (KSÚS SK)",{"$nulls":9},"15,00","2"]
["O1","Rozpočet:","SO 101.02",null,"SILNICE III/3272 (KSÚS SK)",{"$nulls":9},"21,00","2"]
["Typ","Poř. číslo","Kód položky","Varianta","Název položky","MJ","Množství","Cena"]
[{"$nulls":7},"Jednotková","Celkem"]
["0","1","2","3","4","5","6","9","10"]
["SD",null,"0",null,"Všeobecné konstrukce a práce",{"$nulls":3},{"v":8149.1900000000005,"d":"8,149.19"},{"$nulls":5},1711.3299000000002,null,8149.1900000000005,1711.3299000000002]
["P","1","014102","01","POPLATKY ZA SKLÁDKU","T",72.711,110.58,{"v":8040.38,"d":"8,040.38"},{"$nulls":5},1688.4798,"2"]
["PP",{"$nulls":3},"SKLÁDKA - Uložení asfaltové suti na skládku  \nViz položka č. 4"]
["VV",{"$nulls":3},"Celkem: 0,629+0,552+71,53=72,711 [A]"]
["TS",{"$nulls":3},"zahrnuje veškeré poplatky provozovateli skládky související s uložením odpadu na skládce."]
["P","2","014102","02","POPLATKY ZA SKLÁDKU","T",1.968,55.29,108.81,{"$nulls":5},22.8501,"2"]
["PP",{"$nulls":3},"SKLÁDKA - Uložení zeminy na skládku \nViz položka č. 8"]
["VV",{"$nulls":3},"Celkem: 1,968=1,968 [A]"]
["TS",{"$nulls":3},"zahrnuje veškeré poplatky provozovateli skládky související s uložením odpadu na skládce."]
["SD",null,"1",null,"Zemní práce",{"$nulls":3},{"v":46401.79,"d":"46,401.79"},{"$nulls":5},9744.375900000001,null,46401.79,9744.375900000001]
["P","3","11120","","ODSTRANĚNÍ KŘOVIN","M2",6.683,64.52,431.19,{"$nulls":5},90.5499,"2"]
["PP",{"$nulls":3},"ZELEŇ - Kácení keřů a náletových dřevin včetně kořenů a odvozu a likvidace v režii zhotovitele \nPlocha vypočtena pomocí grafického softwaru AutoCad (z grafického výkresu)"]
["VV",{"$nulls":3},"Celkem: 6,683=6,683 [A]"]
["TS",{"$nulls":3},"odstranění křovin a stromů do průměru 100 mm \ndoprava dřevin bez ohledu na vzdálenost \nspálení na hromadách nebo štěpkování"]
["P","4","113728","","FRÉZOVÁNÍ ZPEVNĚNÝCH PLOCH ASFALTOVÝCH, ODVOZ DO 20KM","M3",30.296,{"v":1417.12,"d":"1,417.12"},{"v":42933.07,"d":"42,933.07"},{"$nulls":5},9015.9447,"2"]
["PP",{"$nulls":3},"BOURACÍ PRÁCE - Odfrézování asfaltových vrstev v tl. 40mm (asfalt) (napojení na stávající stav) včetně odvozu a uložení na skládku do 20km \n=6,558m2*0,040=0,262m3 \n=0,262m3*2,400t/m3=0,629t \nBOURACÍ PRÁCE - Odfrézování asfaltových vrstev v tl. 70mm (asfalt) (napojení na stávající stav) včetně odvozu a uložení na skládku do 20km \n=3,279m2*0,070=0,230m3 \n=0,230m3*2,400t/m3=0,552t \nBOURACÍ PRÁCE - Odfrézování asfaltových vrstev v tl. 110mm (asfalt) vozovky včetně odvozu a uložení na skládku do 20km \n=270,941m2*0,110=29,804m3 \n=29,804m3*2,400t/m3=71,530t \nKubatura vypočtena pomocí grafického softwaru AutoCad (z grafického výkresu)"]
["VV",{"$nulls":3},"Celkem: 6,558*0,04=0,262 [A] \nCelkem: 3,279*0,07=0,230 [B] \nCelkem: 270,941*0,11=29,804 [C] \nCelkem: A+B+C=30,296 [D]"]
["TS",{"$nulls":3},"Položka zahrnuje veškerou manipulaci s vybouranou sutí a s vybouranými hmotami vč. uložení na skládku. Nezahrnuje poplatek za skládku, který se vykazuje v položce 0141** (s výjimkou malého množství bouraného materiálu, kde je možné poplatek zahrnout do jednotkové ceny bourání – tento fakt musí být uveden v doplňujícím textu k položce)."]
["P","5","113763","","FRÉZOVÁNÍ DRÁŽKY PRŮŘEZU DO 300MM2 V ASFALTOVÉ VOZOVCE","M",60.861,39.58,{"v":2408.88,"d":"2,408.88"},{"$nulls":5},505.86480000000006,"2"]
["PP",{"$nulls":3},"ÚPRAVA Č. 2 - Prořezání drážky v pracovní spáře \nDélka vypočtena pomocí grafického softwaru AutoCad (z grafického výkresu)"]
["VV",{"$nulls":3},"Celkem: 6,562+20,779+33,52=60,861 [A]"]
["TS",{"$nulls":3},"Položka zahrnuje veškerou manipulaci s vybouranou sutí a s vybouranými hmotami vč. uložení na skládku."]
["P","6","121104","","SEJMUTÍ ORNICE NEBO LESNÍ PŮDY S ODVOZEM DO 5KM","M3",0.514,154.61,79.47,{"$nulls":5},16.688699999999997,"2"]
["PP",{"$nulls":3},"ZEMNÍ PRÁCE - Odhumusování plochy v tl. 150mm, která bude zasažena výkopovými pracemi a úpravou terénu včetně odvozu a uložení zeminy na deponii stavby do 5km (využití na zpětné ohumusování) \n=0,514m3*1,900t/m3=0,977t \nKubatura vypočtena pomocí grafického softwaru AutoCad (z grafického výkresu)"]
["VV",{"$nulls":3},"Celkem: 3,427*0,15=0,514 [A]"]
["TS",{"$nulls":3},"položka zahrnuje sejmutí ornice bez ohledu na tloušťku vrstvy a její vodorovnou dopravu \nnezahrnuje uložení na trvalou skládku"]
["P","7","125734","","VYKOPÁVKY ZE ZEMNÍKŮ A SKLÁDEK TŘ. I, ODVOZ DO 5KM","M3",0.514,98.94,50.86,{"$nulls":5},10.6806,"2"]
["PP",{"$nulls":3},"ZEMNÍ PRÁCE - Vykopávka a doprava zeminy z deponie stavby do 5km na místo zpětného ohumusování \n=0,514m3*1,900t/m3=0,977t \nKubatura vypočtena pomocí grafického softwaru AutoCad (z grafického výkresu)"]
["VV",{"$nulls":3},"Celkem: 3,427*0,15=0,514 [A]"]
["TS",{"$nulls":3},"položka zahrnuje: \n- vodorovná a svislá doprava, přemístění, přeložení, manipulace s výkopkem \n- kompletní provedení vykopávky nezapažené i zapažené \n- ošetření výkopiště po celou dobu práce v něm vč. klimatických opatření \n- ztížení vykopávek v blízkosti podzemního vedení, konstrukcí a objektů vč. jejich dočasného zajištění \n- ztížení pod vodou, v okolí výbušnin, ve stísněných prostorech a pod. \n- příplatek za lepivost \n- těžení po vrstvách, pásech a po jiných nutných částech (figurách) \n- čerpání vody vč. čerpacích jímek, potrubí a pohotovostní čerpací soupravy (viz ustanovení k pol. 1151,2) \n- potřebné snížení hladiny podzemní vody \n- těžení a rozpojování jednotlivých balvanů \n- vytahování a nošení výkopku \n- ruční vykopávky, odstranění kořenů a napadávek \n- pažení, vzepření a rozepření vč. přepažování (vyjma štětových stěn) \n- úpravu, ochranu a očištění dna, základové spáry, stěn a svahů \n- udržování výkopiště a jeho ochrana proti vodě \n- odvedení nebo obvedení vody v okolí výkopiště a ve výkopišti \n- třídění výkopku \n- veškeré pomocné konstrukce umožňující provedení vykopávky (příjezdy, sjezdy, nájezdy, lešení, podpěr. konstr., přemostění, zpevněné plochy, zakrytí a pod.) \npoložka nezahrnuje: \n- práce spojené s otvírkou zemníku"]
["P","8","131738","","HLOUBENÍ JAM ZAPAŽ I NEPAŽ TŘ. I, ODVOZ DO 20KM","M3",1.036,154.61,160.18,{"$nulls":5},33.6378,"2"]
["PP",{"$nulls":3},"ZEMNÍ PRÁCE - Výkop zeminy pro stavební jámu v zemině tř. 1 včetně pažení a odvozu zeminy na skládku do 20km \n=1,036m3*1,900t/m3=1,968t \nKubatura vypočtena pomocí grafického softwaru AutoCad (z grafického výkresu)"]
["VV",{"$nulls":3},"Celkem: 1,036=1,036 [A]"]
["TS",{"$nulls":3},"položka zahrnuje: \n- vodorovná a svislá doprava, přemístění, přeložení, manipulace s výkopkem \n- kompletní provedení vykopávky nezapažené i zapažené \n- ošetření výkopiště po celou dobu práce v něm vč. klimatických opatření \n- ztížení vykopávek v blízkosti podzemního vedení, konstrukcí a objektů vč. jejich dočasného zajištění \n- ztížení pod vodou, v okolí výbušnin, ve stísněných prostorech a pod. \n- příplatek za lepivost \n- těžení po vrstvách, pásech a po jiných nutných částech (figurách) \n- čerpání vody vč. čerpacích jímek, potrubí a pohotovostní čerpací soupravy (viz ustanovení k pol. 1151,2) \n- potřebné snížení hladiny podzemní vody \n- těžení a rozpojování jednotlivých balvanů \n- vytahování a nošení výkopku \n- svahování a přesvah. svahů do konečného tvaru, výměna hornin v podloží a v pláni znehodnocené klimatickými vlivy \n- ruční vykopávky, odstranění kořenů a napadávek \n- pažení, vzepření a rozepření vč. přepažování (vyjma štětových stěn) \n- úpravu, ochranu a očištění dna, základové spáry, stěn a svahů \n- odvedení nebo obvedení vody v okolí výkopiště a ve výkopišti \n- třídění výkopku \n- veškeré pomocné konstrukce umožňující provedení vykopávky (příjezdy, sjezdy, nájezdy, lešení, podpěr. konstr., přemostění, zpevněné plochy, zakrytí a pod.) \n- nezahrnuje uložení zeminy (na skládku, do násypu) ani poplatky za skládku, vykazují se v položce č.0141**"]
["P","9","17481","","ZÁSYP JAM A RÝH Z NAKUPOVANÝCH MATERIÁLŮ","M3",0.416,241.57,100.49,{"$nulls":5},21.102899999999998,"2"]
["PP",{"$nulls":3},"ZEMNÍ PRÁCE - Zásyp zeminou vhodnou do náspů, hutněno po vrstvách 300mm na 100% PS \nKubatura vypočtena pomocí grafického softwaru AutoCad (z grafického výkresu)"]
["VV",{"$nulls":3},"Celkem: 0,416=0,416 [A]"]
["TS",{"$nulls":3},"položka zahrnuje: \n- kompletní provedení zemní konstrukce včetně nákupu a dopravy materiálu dle zadávací dokumentace \n- úprava  ukládaného  materiálu  vlhčením,  tříděním,  promícháním  nebo  vysoušením,  příp. jiné úpravy za účelem zlepšení jeho  mech. vlastností \n- hutnění i různé míry hutnění  \n- ošetření úložiště po celou dobu práce v něm vč. klimatických opatření \n- ztížení v okolí vedení, konstrukcí a objektů a jejich dočasné zajištění \n- ztížení provádění vč. hutnění ve ztížených podmínkách a stísněných prostorech \n- ztížené ukládání sypaniny pod vodu \n- ukládání po vrstvách a po jiných nutných částech (figurách) vč. dosypávek \n- spouštění a nošení materiálu \n- výměna částí zemní konstrukce znehodnocené klimatickými vlivy \n- udržování úložiště a jeho ochrana proti vodě \n- odvedení nebo obvedení vody v okolí úložiště a v úložišti \n- veškeré  pomocné konstrukce umožňující provedení  zemní konstrukce  (příjezdy,  sjezdy,  nájezdy, lešení, podpěrné konstrukce, přemostění, zpevněné plochy, zakrytí a pod.)"]
["P","10","18110","","ÚPRAVA PLÁNĚ SE ZHUTNĚNÍM V HORNINĚ TŘ. I","M2",6.995,16.22,113.46,{"$nulls":5},23.8266,"2"]
["PP",{"$nulls":3},"ÚPRAVA Č. 1 - Úprava a zhutnění parapláně \n=2,592m2 \nÚPRAVA Č. 1 - Úprava a zhutnění zemní pláně \n=4,403m2 \nPlocha vypočtena pomocí grafického softwaru AutoCad (z grafického výkresu)"]
["VV",{"$nulls":3},"Celkem: 2,592=2,592 [A] \nCelkem: 4,403=4,403 [B] \nCelkem: A+B=6,995 [C]"]
["TS",{"$nulls":3},"položka zahrnuje úpravu pláně včetně vyrovnání výškových rozdílů. Míru zhutnění určuje projekt."]
["P","11","18232","","ROZPROSTŘENÍ ORNICE V ROVINĚ V TL DO 0,15M","M2",3.427,36.24,124.19,{"$nulls":5},26.0799,"2"]
["PP",{"$nulls":3},"ZEMNÍ PRÁCE - Zpětné ohumusování plochy v tl. 150mm, která byla zasažena výkopovými pracemi a úpravou terénu \nPlocha vypočtena pomocí grafického softwaru AutoCad (z grafického výkresu)"]
["VV",{"$nulls":3},"Celkem: 3,427=3,427 [A]"]
["TS",{"$nulls":3},"položka zahrnuje: \nnutné přemístění ornice z dočasných skládek vzdálených do 50m \nrozprostření ornice v předepsané tloušťce v rovině a ve svahu do 1:5"]
["SD",null,"2",null,"Základy",{"$nulls":3},{"v":1239.19,"d":"1,239.19"},{"$nulls":5},260.22990000000004,null,1239.19,260.22990000000004]
["P","12","21452","","SANAČNÍ VRSTVY Z KAMENIVA DRCENÉHO","M3",1.513,819.03,{"v":1239.19,"d":"1,239.19"},{"$nulls":5},260.22990000000004,"2"]
["PP",{"$nulls":3},"ÚPRAVA Č. 1 - Sanace podloží - Kamenitá sypanina z drceného kameniva 0/90mm tl. 2*250mm \nKubatura vypočtena pomocí grafického softwaru AutoCad (z grafického výkresu)"]
["VV",{"$nulls":3},"Celkem: 3,026*0,5=1,513 [A]"]
["TS",{"$nulls":3},"položka zahrnuje dodávku předepsaného kameniva, mimostaveništní a vnitrostaveništní dopravu a jeho uložení \nnení-li v zadávací dokumentaci uvedeno jinak, jedná se o nakupovaný materiál"]
["SD",null,"4",null,"Vodorovné konstrukce",{"$nulls":3},{"v":1210.61,"d":"1,210.61"},{"$nulls":5},254.22809999999998,null,1210.61,254.22809999999998]
["P","13","451314","","PODKLADNÍ A VÝPLŇOVÉ VRSTVY Z PROSTÉHO BETONU C20/25","M3",{"v":0.52,"d":"0.520"},{"v":2328.09,"d":"2,328.09"},{"v":1210.61,"d":"1,210.61"},{"$nulls":5},254.22809999999998,"2"]
["PP",{"$nulls":3},"OBRUBNÍKY - Betonové lože C20/25-XF3 pod betonové silniční obrubníky 150x250x1000mm \nKubatura vypočtena pomocí grafického softwaru AutoCad (z grafického výkresu)"]
["VV",{"$nulls":3},"Celkem: 5,204*0,1=0,520 [A]"]
["TS",{"$nulls":3},"- dodání  čerstvého  betonu  (betonové  směsi)  požadované  kvality,  jeho  uložení  do požadovaného tvaru při jakékoliv hustotě výztuže, konzistenci čerstvého betonu a způsobu hutnění, ošetření a ochranu betonu,  \n- zhotovení nepropustného, mrazuvzdorného betonu a betonu požadované trvanlivosti a vlastností,  \n- užití potřebných přísad a technologií výroby betonu,  \n- zřízení pracovních a dilatačních spar, včetně potřebných úprav, výplně, vložek, opracování, očištění a ošetření,  \n- bednění  požadovaných  konstr. (i ztracené) s úpravou  dle požadované  kvality povrchu betonu, včetně odbedňovacích a odskružovacích prostředků,  \n- podpěrné  konstr. (skruže) a lešení všech druhů pro bednění, uložení čerstvého betonu, výztuže a doplňkových konstr., vč. požadovaných otvorů, ochranných a bezpečnostních opatření a základů těchto konstrukcí a lešení,  \n- vytvoření kotevních čel, kapes, nálitků, a sedel,  \n- zřízení  všech  požadovaných  otvorů, kapes, výklenků, prostupů, dutin, drážek a pod., vč. ztížení práce a úprav  kolem nich,  \n- úpravy pro osazení výztuže, doplňkových konstrukcí a vybavení,  \n- úpravy povrchu pro položení požadované izolace, povlaků a nátěrů, případně vyspravení,  \n- ztížení práce u kabelových a injektážních trubek a ostatních zařízení osazovaných do betonu,  \n- konstrukce betonových kloubů, upevnění kotevních prvků a doplňkových konstrukcí,  \n- nátěry zabraňující soudržnost betonu a bednění,  \n- výplň, těsnění  a tmelení spar a spojů,  \n- opatření  povrchů  betonu  izolací  proti zemní vlhkosti v částech, kde přijdou do styku se zeminou nebo kamenivem,  \n- případné zřízení spojovací vrstvy u základů,  \n- úpravy pro osazení zařízení ochrany konstrukce proti vlivu bludných proudů"]
["SD",null,"5",null,"Komunikace",{"$nulls":3},{"v":185176.61000000002,"d":"185,176.61"},{"$nulls":5},38887.08809999999,null,185176.61000000002,38887.08809999999]
["P","14","56310","","VOZOVKOVÉ VRSTVY Z MECHANICKY ZPEVNĚNÉHO KAMENIVA","M3",0.786,{"v":1377.74,"d":"1,377.74"},{"v":1082.9,"d":"1,082.90"},{"$nulls":5},227.40900000000002,"2"]
["PP",{"$nulls":3},"ÚPRAVA Č. 1 - Druhá podkladní vrstva - Mechanicky zpevněné kamenivo MZK tl. 150mm + hutnění \nKubatura vypočtena pomocí grafického softwaru AutoCad (z grafického výkresu)"]
["VV",{"$nulls":3},"Celkem: 5,241*0,15=0,786 [A]"]
["TS",{"$nulls":3},"- dodání kameniva předepsané kvality a zrnitosti \n- rozprostření a zhutnění vrstvy v předepsané tloušťce \n- zřízení vrstvy bez rozlišení šířky, pokládání vrstvy po etapách \n- nezahrnuje postřiky, nátěry"]
["P","15","56330","","VOZOVKOVÉ VRSTVY ZE ŠTĚRKODRTI","M3",0.698,891.13,622.01,{"$nulls":5},130.6221,"2"]
["PP",{"$nulls":3},"ÚPRAVA Č. 1 - První podkladní vrstva - Štěrkodrť ŠDA 0/63 tl. 150mm + hutnění \nKubatura vypočtena pomocí grafického softwaru AutoCad (z grafického výkresu)"]
["VV",{"$nulls":3},"Celkem: 4,655*0,15=0,698 [A]"]
["TS",{"$nulls":3},"- dodání kameniva předepsané kvality a zrnitosti \n- rozprostření a zhutnění vrstvy v předepsané tloušťce \n- zřízení vrstvy bez rozlišení šířky, pokládání vrstvy po etapách \n- nezahrnuje postřiky, nátěry"]
["P","16","572121","","INFILTRAČNÍ POSTŘIK ASFALTOVÝ DO 1,0KG/M2","M2",5.514,26.25,144.74,{"$nulls":5},30.3954,"2"]
["PP",{"$nulls":3},"ÚPRAVA Č. 1 - Infiltrační postřik z asfaltové emulze, zbytkové množství pojiva 1,00kg/m2 \nPlocha vypočtena pomocí grafického softwaru AutoCad (z grafického výkresu)"]
["VV",{"$nulls":3},"Celkem: 5,514=5,514 [A]"]
["TS",{"$nulls":3},"- dodání všech předepsaných materiálů pro postřiky v předepsaném množství \n- provedení dle předepsaného technologického předpisu \n- zřízení vrstvy bez rozlišení šířky, pokládání vrstvy po etapách \n- úpravu napojení, ukončení"]
["P","17","572213","","SPOJOVACÍ POSTŘIK Z EMULZE DO 0,5KG/M2","M2",546.453,16.98,{"v":9278.77,"d":"9,278.77"},{"$nulls":5},1948.5417000000002,"2"]
["PP",{"$nulls":3},"ÚPRAVA Č. 1 - Spojovací postřik kationaktivní emulzí C 60 BP3, zbytkové množství pojiva 0,40 kg/m2 \n=5,514m2 \nÚPRAVA Č. 2 - Spojovací postřik kationaktivní emulzí C 60 BP3, zbytkové množství pojiva 0,40 kg/m2 \n=268,830m2 \nÚPRAVA Č. 2 - Spojovací postřik kationaktivní emulzí C 60 BP3, zbytkové množství pojiva 0,40 kg/m2 \n=272,109m2 \nPlocha vypočtena pomocí grafického softwaru AutoCad (z grafického výkresu)"]
["VV",{"$nulls":3},"Celkem: 5,514=5,514 [A] \nCelkem: 268,83=268,830 [B] \nCelkem: 272,109=272,109 [C] \nCelkem: A+B+C=546,453 [D]"]
["TS",{"$nulls":3},"- dodání všech předepsaných materiálů pro postřiky v předepsaném množství \n- provedení dle předepsaného technologického předpisu \n- zřízení vrstvy bez rozlišení šířky, pokládání vrstvy po etapách \n- úpravu napojení, ukončení"]
["P","18","57472","","VOZOVKOVÉ VÝZTUŽNÉ VRSTVY Z TEXTILIE","M2",2.592,71.74,185.95,{"$nulls":5},39.049499999999995,"2"]
["PP",{"$nulls":3},"Úprava č. 1 - Tkaná separační / výztužná geotextilie - pevnost v tahu i podélně 80kN/m, odolnost proti protržení CBR - 10kN \nPlocha vypočtena pomocí grafického softwaru AutoCad (z grafického výkresu)"]
["VV",{"$nulls":3},"Celkem: 2,592=2,592 [A]"]
["TS",{"$nulls":3},"- dodání textilie v požadované kvalitě a v množství včetně přesahů (přesahy započteny v jednotkové ceně) \n- očištění podkladu \n- pokládka textilie dle předepsaného technologického předpisu"]
["P","19","57475","","VOZOVKOVÉ VÝZTUŽNÉ VRSTVY Z GEOMŘÍŽOVINY","M2",{"v":52.3,"d":"52.300"},133.87,{"v":7001.4,"d":"7,001.40"},{"$nulls":5},1470.2939999999999,"2"]
["PP",{"$nulls":3},"ÚPRAVA Č. 2 - Výztužná geomříž \nPlocha vypočtena pomocí grafického softwaru AutoCad (z grafického výkresu)"]
["VV",{"$nulls":3},"Celkem: 13,9+38,4=52,300 [A]"]
["TS",{"$nulls":3},"- dodání geomříže v požadované kvalitě a v množství včetně přesahů (přesahy započteny v jednotkové ceně) \n- očištění podkladu \n- pokládka geomříže dle předepsaného technologického předpisu"]
["P","20","574A33","","ASFALTOVÝ BETON PRO OBRUSNÉ VRSTVY ACO 11 TL. 40MM","M2",277.623,{"v":249.2,"d":"249.20"},{"v":69183.65,"d":"69,183.65"},{"$nulls":5},14528.566499999999,"2"]
["PP",{"$nulls":3},"ÚPRAVA Č. 1 - Asfaltový beton pro obrusné vrstvy ACO 11, tl. 40mm + hutnění \n=5,514m2 \nÚPRAVA Č. 2 - Asfaltový beton pro obrusné vrstvy ACO 11, tl. 40mm + hutnění \n=272,109m2 \nPlocha vypočtena pomocí grafického softwaru AutoCad (z grafického výkresu)"]
["VV",{"$nulls":3},"Celkem: 5,514=5,514 [A] \nCelkem: 272,109=272,109 [B] \nCelkem: A+B=277,623 [C]"]
["TS",{"$nulls":3},"- dodání směsi v požadované kvalitě \n- očištění podkladu \n- uložení směsi dle předepsaného technologického předpisu, zhutnění vrstvy v předepsané tloušťce \n- zřízení vrstvy bez rozlišení šířky, pokládání vrstvy po etapách, včetně pracovních spar a spojů \n- úpravu napojení, ukončení podél obrubníků, dilatačních zařízení, odvodňovacích proužků, odvodňovačů, vpustí, šachet a pod. \n- nezahrnuje postřiky, nátěry \n- nezahrnuje těsnění podél obrubníků, dilatačních zařízení, odvodňovacích proužků, odvodňovačů, vpustí, šachet a pod."]
["P","21","574C67","","ASFALTOVÝ BETON PRO LOŽNÍ VRSTVY ACL 22 TL. 70MM","M2",274.344,347.72,{"v":95394.9,"d":"95,394.90"},{"$nulls":5},20032.929,"2"]
["PP",{"$nulls":3},"ÚPRAVA Č. 1 - Asfaltový beton pro ložné vrstvy ACL 22, tl. 70mm + hutnění \n=5,514m2 \nÚPRAVA Č. 2 - Asfaltový beton pro ložné vrstvy ACL 22, tl. 70mm + hutnění \n=268,830m2 \nPlocha vypočtena pomocí grafického softwaru AutoCad (z grafického výkresu)"]
["VV",{"$nulls":3},"Celkem: 5,514=5,514 [A] \nCelkem: 268,83=268,830 [B] \nCelkem: A+B=274,344 [C]"]
["TS",{"$nulls":3},"- dodání směsi v požadované kvalitě \n- očištění podkladu \n- uložení směsi dle předepsaného technologického předpisu, zhutnění vrstvy v předepsané tloušťce \n- zřízení vrstvy bez rozlišení šířky, pokládání vrstvy po etapách, včetně pracovních spar a spojů \n- úpravu napojení, ukončení podél obrubníků, dilatačních zařízení, odvodňovacích proužků, odvodňovačů, vpustí, šachet a pod. \n- nezahrnuje postřiky, nátěry \n- nezahrnuje těsnění podél obrubníků, dilatačních zařízení, odvodňovacích proužků, odvodňovačů, vpustí, šachet a pod."]
["P","22","58920","","VÝPLŇ SPAR MODIFIKOVANÝM ASFALTEM","M",60.861,{"v":37.5,"d":"37.50"},{"v":2282.29,"d":"2,282.29"},{"$nulls":5},479.2809,"2"]
["PP",{"$nulls":3},"ÚPRAVA Č. 2 - Asfaltová zálivka \nDélka vypočtena pomocí grafického softwaru AutoCad (z grafického výkresu)"]
["VV",{"$nulls":3},"Celkem: 6,562+20,779+33,52=60,861 [A]"]
["TS",{"$nulls":3},"položka zahrnuje: \n- dodávku předepsaného materiálu \n- vyčištění a výplň spar tímto materiálem"]
["SD",null,"8",null,"Potrubí",{"$nulls":3},{"v":1862.52,"d":"1,862.52"},{"$nulls":5},391.12919999999997,null,1862.52,391.12919999999997]
["P","23","89921","","VÝŠKOVÁ ÚPRAVA POKLOPŮ","KUS",{"v":1,"d":"1.000"},{"v":1862.52,"d":"1,862.52"},{"v":1862.52,"d":"1,862.52"},{"$nulls":5},391.12919999999997,"2"]
["PP",{"$nulls":3},"OSTATNÍ - Výšková rektifikace poklopu uliční vpustě) \nPočet vypočten pomocí grafického softwaru AutoCad (z grafického výkresu)"]
["VV",{"$nulls":3},"Celkem: 1=1,000 [A]"]
["TS",{"$nulls":3},"- položka výškové úpravy zahrnuje všechny nutné práce a materiály pro zvýšení nebo snížení zařízení (včetně nutné úpravy stávajícího povrchu vozovky nebo chodníku)."]
["SD",null,"9",null,"Ostatní konstrukce a práce",{"$nulls":3},{"v":84469.09999999999,"d":"84,469.10"},{"$nulls":5},17738.511000000002,null,84469.09999999999,17738.511000000002]
["P","24","914111","","DOPRAVNÍ ZNAČKY ZÁKLADNÍ VELIKOSTI OCELOVÉ NEREFLEXNÍ - DOD A MONTÁŽ","KUS",{"v":3,"d":"3.000"},{"v":3428.89,"d":"3,428.89"},{"v":10286.67,"d":"10,286.67"},{"$nulls":5},2160.2007,"2"]
["PP",{"$nulls":3},"DOPRAVNÍ ZNAČENÍ - Svislé dopravní značení - Dodávka a montáž (veškeré prvky svislého dopravního značení budou opatřeny pozinkováním) \n1xP6 - Stůj, dej přednost v jízdě! \n2xIP6 - Přechod pro chodce \nPočet vypočten pomocí grafického softwaru AutoCad (z grafického výkresu)"]
["VV",{"$nulls":3},"Celkem: 1+2=3,000 [A]"]
["TS",{"$nulls":3},"položka zahrnuje: \n- dodávku a montáž značek v požadovaném provedení"]
["P","25","914113","","DOPRAVNÍ ZNAČKY ZÁKLADNÍ VELIKOSTI OCELOVÉ NEREFLEXNÍ - DEMONTÁŽ","KUS",{"v":3,"d":"3.000"},407.42,{"v":1222.26,"d":"1,222.26"},{"$nulls":5},256.6746,"2"]
["PP",{"$nulls":3},"BOURACÍ PRÁCE - Odstranění stávajícího svislého dopravního značení včetně odvozu a likvidace v režii zhotovitele \n1xP4 - Dej přednost v jízdě! \n2xIP6 - Přechod pro chodce \nPočet vypočten pomocí grafického softwaru AutoCad (z grafického výkresu)"]
["VV",{"$nulls":3},"Celkem: 1+2=3,000 [A]"]
["TS",{"$nulls":3},"Položka zahrnuje odstranění, demontáž a odklizení materiálu s odvozem na předepsané místo"]
["P","26","915111","","VODOROVNÉ DOPRAVNÍ ZNAČENÍ BARVOU HLADKÉ - DODÁVKA A POKLÁDKA","M2",163.951,98.94,{"v":16221.31,"d":"16,221.31"},{"$nulls":5},3406.4751,"2"]
["PP",{"$nulls":3},"DOPRAVNÍ ZNAČENÍ - Vodorovné dopravní značení - Podélná čára souvislá - V1a - 0,125 - 1. značení barvou \n=6,000*0,125=0,750m2 \nDOPRAVNÍ ZNAČENÍ - Vodorovné dopravní značení - Podélná čára přerušovaná - V2a - 3,000/6,000 - 0,125 - 1. značení barvou \n=446,270*1/3*0,125=18,595m2 \nDOPRAVNÍ ZNAČENÍ - Vodorovné dopravní značení - Podélná čára přerušovaná - V2b - 1,500/1,500 - 0,125 - 1. značení barvou \n=(8,880+19,435)*1/2*0,125=1,770m2 \nDOPRAVNÍ ZNAČENÍ - Vodorovné dopravní značení - Vodící čára - V4 - 0,125 - 1. značení barvou \n=(9,470+9,660+463,160+446,20)*0,125=116,061m2 \nDOPRAVNÍ ZNAČENÍ - Vodorovné dopravní značení - Příčná čára souvislá s nápisem „STOP“ - V6b - 0,500 - 1. značení barvou \n=9,550*0,500+10,000m2=14,775m2 \nDOPRAVNÍ ZNAČENÍ - Vodorovné dopravní značení - Přechod pro chodce - V7a - dl. 7,500, š. 3,000m - 1. značení barvou \n=12,000m2 \nPlocha vypočtena pomocí grafického softwaru AutoCad (z grafického výkresu)"]
["VV",{"$nulls":3},"Celkem: 6*0,125=0,750 [A] \nCelkem: 446,27*1/3*0,125=18,595 [B] \nCelkem: (8,88+19,435)*1/2*0,125=1,770 [C] \nCelkem: (9,47+9,66+463,16+446,2)*0,125=116,061 [D] \nCelkem: 9,55*0,5+10=14,775 [E] \nCelkem: 12=12,000 [F] \nCelkem: A+B+C+D+E+F=163,951 [G]"]
["TS",{"$nulls":3},"položka zahrnuje: \n- dodání a pokládku nátěrového materiálu (měří se pouze natíraná plocha) \n- předznačení a reflexní úpravu"]
["P","27","915221","","VODOR DOPRAV ZNAČ PLASTEM STRUKTURÁLNÍ NEHLUČNÉ - DOD A POKLÁDKA","M2",163.951,331.75,{"v":54390.74,"d":"54,390.74"},{"$nulls":5},11422.055400000001,"2"]
["PP",{"$nulls":3},"DOPRAVNÍ ZNAČENÍ - Vodorovné dopravní značení - Podélná čára souvislá - V1a - 0,125 - 2. značení strukturovaným plastem \n=6,000*0,125=0,750m2 \nDOPRAVNÍ ZNAČENÍ - Vodorovné dopravní značení - Podélná čára přerušovaná - V2a - 3,000/6,000 - 0,125 - 2. značení strukturovaným plastem \n=446,270*1/3*0,125=18,595m2 \nDOPRAVNÍ ZNAČENÍ - Vodorovné dopravní značení - Podélná čára přerušovaná - V2b - 1,500/1,500 - 0,125 - 2. značení strukturovaným plastem \n=(8,880+19,435)*1/2*0,125=1,770m2 \nDOPRAVNÍ ZNAČENÍ - Vodorovné dopravní značení - Vodící čára - V4 - 0,125 - 2. značení strukturovaným plastem \n=(9,470+9,660+463,160+446,20)*0,125=116,061m2 \nDOPRAVNÍ ZNAČENÍ - Vodorovné dopravní značení - Příčná čára souvislá s nápisem „STOP“ - V6b - 0,500 - 2. značení strukturovaným plastem \n=9,550*0,500+10,000m2=14,775m2 \nDOPRAVNÍ ZNAČENÍ - Vodorovné dopravní značení - Přechod pro chodce - V7a - dl. 7,500, š. 3,000m - 2. značení strukturovaným plastem \n=12,000m2 \nPlocha vypočtena pomocí grafického softwaru AutoCad (z grafického výkresu)"]
["VV",{"$nulls":3},"Celkem: 6*0,125=0,750 [A] \nCelkem: 446,27*1/3*0,125=18,595 [B] \nCelkem: (8,88+19,435)*1/2*0,125=1,770 [C] \nCelkem: (9,47+9,66+463,16+446,2)*0,125=116,061 [D] \nCelkem: 9,55*0,5+10=14,775 [E] \nCelkem: 12=12,000 [F] \nCelkem: A+B+C+D+E+F=163,951 [G]"]
["TS",{"$nulls":3},"položka zahrnuje: \n- dodání a pokládku nátěrového materiálu (měří se pouze natíraná plocha) \n- předznačení a reflexní úpravu"]
["P","28","917224","","SILNIČNÍ A CHODNÍKOVÉ OBRUBY Z BETONOVÝCH OBRUBNÍKŮ ŠÍŘ 150MM","M",5.204,384.22,{"v":1999.48,"d":"1,999.48"},{"$nulls":5},419.8908,"2"]
["PP",{"$nulls":3},"OBRUBNÍKY - Betonové silniční obrubníky 150x250x1000mm \nDélka vypočtena pomocí grafického softwaru AutoCad (z grafického výkresu)"]
["VV",{"$nulls":3},"Celkem: 5,204=5,204 [A]"]
["TS",{"$nulls":3},"Položka zahrnuje: \ndodání a pokládku betonových obrubníků o rozměrech předepsaných zadávací dokumentací \nbetonové lože i boční betonovou opěrku."]
["P","29","919111","","ŘEZÁNÍ ASFALTOVÉHO KRYTU VOZOVEK TL DO 50MM","M",6.562,53.13,348.64,{"$nulls":5},73.2144,"2"]
["PP",{"$nulls":3},"BOURACÍ PRÁCE - Řezání asfaltového krytu pro odfrézování asfaltových vrstev v prostoru silnice \nDélka vypočtena pomocí grafického softwaru AutoCad (z grafického výkresu)"]
["VV",{"$nulls":3},"Celkem: 6,562=6,562 [A]"]
["TS",{"$nulls":3},"položka zahrnuje řezání vozovkové vrstvy v předepsané tloušťce, včetně spotřeby vody"]

{"sheet":"SO 101_SO 101.03","index":5,"n_rows":155,"n_cols":18,"rows_kept":155,"merged":[[2,2,2,3],[3,2,3,3],[4,2,4,3],[5,0,6,0],[5,1,6,1],[5,2,6,2],[5,3,6,3],[5,4,6,4],[5,5,6,5],[5,6,6,6],[5,7,5,8]],"flags":["formulas_cached_only"]}
["ASPE10",{"$nulls":3},"Firma: -",{"$nulls":10},"3"]
[{"$nulls":4},"Příloha k formuláři pro ocenění nabídky",{"$nulls":9},43882.6458,"3"]
["S","Stavba: ","2018648",null,"III/3272 HLÍZOV",null,null,"SO 101.03",{"v":208964.97999999998,"d":"208,964.98"},{"$nulls":5},"0,00","2"]
["O","Objekt:","SO 101",null,"SILNICE III/3272 (KSÚS SK)",{"$nulls":9},"15,00","2"]
["O1","Rozpočet:","SO 101.03",null,"MÍSTNÍ KOMUNIKACE 01 (KSÚS SK)",{"$nulls":9},"21,00","2"]
["Typ","Poř. číslo","Kód položky","Varianta","Název položky","MJ","Množství","Cena"]
[{"$nulls":7},"Jednotková","Celkem"]
["0","1","2","3","4","5","6","9","10"]
["SD",null,"0",null,"Všeobecné konstrukce a práce",{"$nulls":3},{"v":7650.59,"d":"7,650.59"},{"$nulls":5},1606.6239,null,7650.59,1606.6239]
["P","1","014102","01","POPLATKY ZA SKLÁDKU","T",40.082,110.58,{"v":4432.27,"d":"4,432.27"},{"$nulls":5},930.7767000000001,"2"]
["PP",{"$nulls":3},"SKLÁDKA - Uložení asfaltové suti na skládku  \nViz položka č. 5"]
["VV",{"$nulls":3},"Celkem: 0,557+0,487+39,038=40,082 [A]"]
["TS",{"$nulls":3},"zahrnuje veškeré poplatky provozovateli skládky související s uložením odpadu na skládce."]
["P","2","014102","02","POPLATKY ZA SKLÁDKU","T",{"v":2.5,"d":"2.500"},110.58,276.45,{"$nulls":5},58.0545,"2"]
["PP",{"$nulls":3},"SKLÁDKA - Uložení stavební suti na skládku \nViz položka č. 35"]
["VV",{"$nulls":3},"Celkem: 2,5=2,500 [A]"]
["TS",{"$nulls":3},"zahrnuje veškeré poplatky provozovateli skládky související s uložením odpadu na skládce."]
["P","3","014102","03","POPLATKY ZA SKLÁDKU","T",53.208,55.29,{"v":2941.87,"d":"2,941.87"},{"$nulls":5},617.7927,"2"]
["PP",{"$nulls":3},"SKLÁDKA - Uložení zeminy na skládku \nViz položka č. 10"]
["VV",{"$nulls":3},"Celkem: 53,208=53,208 [A]"]
["TS",{"$nulls":3},"zahrnuje veškeré poplatky provozovateli skládky související s uložením odpadu na skládce."]
["SD",null,"1",null,"Zemní práce",{"$nulls":3},{"v":35892.66,"d":"35,892.66"},{"$nulls":5},7537.4586,null,35892.66,7537.4586]
["P","4","11120","","ODSTRANĚNÍ KŘOVIN","M2",{"v":15.65,"d":"15.650"},64.52,{"v":1009.74,"d":"1,009.74"},{"$nulls":5},212.0454,"2"]
["PP",{"$nulls":3},"ZELEŇ - Kácení keřů a náletových dřevin včetně kořenů a odvozu a likvidace v režii zhotovitele \nPlocha vypočtena pomocí grafického softwaru AutoCad (z grafického výkresu)"]
["VV",{"$nulls":3},"Celkem: 15,65=15,650 [A]"]
["TS",{"$nulls":3},"odstranění křovin a stromů do průměru 100 mm \ndoprava dřevin bez ohledu na vzdálenost \nspálení na hromadách nebo štěpkování"]
["P","5","113728","","FRÉZOVÁNÍ ZPEVNĚNÝCH PLOCH ASFALTOVÝCH, ODVOZ DO 20KM","M3",16.701,{"v":1417.12,"d":"1,417.12"},{"v":23667.32,"d":"23,667.32"},{"$nulls":5},4970.1372,"2"]
["PP",{"$nulls":3},"BOURACÍ PRÁCE - Odfrézování asfaltových vrstev v tl. 40mm (asfalt) (napojení na stávající stav) včetně odvozu a uložení na skládku do 20km \n=5,804m2*0,040=0,232m3 \n=0,232m3*2,400t/m3=0,557t \nBOURACÍ PRÁCE - Odfrézování asfaltových vrstev v tl. 70mm (asfalt) (napojení na stávající stav) včetně odvozu a uložení na skládku do 20km \n=2,902m2*0,070=0,203m3 \n=0,203m3*2,400t/m3=0,487t \nBOURACÍ PRÁCE - Odfrézování asfaltových vrstev v tl. 110mm (asfalt) vozovky včetně odvozu a uložení na skládku do 20km \n=147,869m2*0,110=16,266m3 \n=16,266m3*2,400t/m3=39,038t \nKubatura vypočtena pomocí grafického softwaru AutoCad (z grafického výkresu)"]
["VV",{"$nulls":3},"Celkem: 5,804*0,04=0,232 [A] \nCelkem: 2,902*0,07=0,203 [B] \nCelkem: 147,869*0,11=16,266 [C] \nCelkem: A+B+C=16,701 [D]"]
["TS",{"$nulls":3},"Položka zahrnuje veškerou manipulaci s vybouranou sutí a s vybouranými hmotami vč. uložení na skládku. Nezahrnuje poplatek za skládku, který se vykazuje v položce 0141** (s výjimkou malého množství bouraného materiálu, kde je možné poplatek zahrnout do jednotkové ceny bourání – tento fakt musí být uveden v doplňujícím textu k položce)."]
["P","6","113763","","FRÉZOVÁNÍ DRÁŽKY PRŮŘEZU DO 300MM2 V ASFALTOVÉ VOZOVCE","M",48.147,39.58,{"v":1905.66,"d":"1,905.66"},{"$nulls":5},400.1886,"2"]
["PP",{"$nulls":3},"ÚPRAVA Č. 2 - Prořezání drážky v pracovní spáře \nDélka vypočtena pomocí grafického softwaru AutoCad (z grafického výkresu)"]
["VV",{"$nulls":3},"Celkem: 5,791+20,64+21,716=48,147 [A]"]
["TS",{"$nulls":3},"Položka zahrnuje veškerou manipulaci s vybouranou sutí a s vybouranými hmotami vč. uložení na skládku."]
["P","7","121104","","SEJMUTÍ ORNICE NEBO LESNÍ PŮDY S ODVOZEM DO 5KM","M3",3.016,154.61,{"v":466.3,"d":"466.30"},{"$nulls":5},97.92300000000002,"2"]
["PP",{"$nulls":3},"ZEMNÍ PRÁCE - Odhumusování plochy v tl. 150mm, která bude zasažena výkopovými pracemi a úpravou terénu včetně odvozu a uložení zeminy na deponii stavby do 5km (využití na zpětné ohumusování) \n=3,016m3*1,900t/m3=5,730t \nKubatura vypočtena pomocí grafického softwaru AutoCad (z grafického výkresu)"]
["VV",{"$nulls":3},"Celkem: (11,307+8,797)*0,15=3,016 [A]"]
["TS",{"$nulls":3},"položka zahrnuje sejmutí ornice bez ohledu na tloušťku vrstvy a její vodorovnou dopravu \nnezahrnuje uložení na trvalou skládku"]
["P","8","121108","","SEJMUTÍ ORNICE NEBO LESNÍ PŮDY S ODVOZEM DO 20KM","M3",0.786,{"v":209.9,"d":"209.90"},164.98,{"$nulls":5},34.6458,"2"]
["PP",{"$nulls":3},"ZEMNÍ PRÁCE - Odhumusování plochy v tl. 150mm, která bude zasažena výkopovými pracemi a úpravou terénu včetně odvozu a uložení zeminy na skládku do 20km (nebude využita na zpětné ohumusování) \n=0,786m3*1,900t/m3=1,493t \nKubatura vypočtena pomocí grafického softwaru AutoCad (z grafického výkresu)"]
["VV",{"$nulls":3},"Celkem: (16,545+8,797)*0,15-(11,307+8,797)*0,15=0,786 [A]"]
["TS",{"$nulls":3},"položka zahrnuje sejmutí ornice bez ohledu na tloušťku vrstvy a její vodorovnou dopravu \nnezahrnuje uložení na trvalou skládku"]
["P","9","125734","","VYKOPÁVKY ZE ZEMNÍKŮ A SKLÁDEK TŘ. I, ODVOZ DO 5KM","M3",3.016,98.94,{"v":298.4,"d":"298.40"},{"$nulls":5},62.663999999999994,"2"]
["PP",{"$nulls":3},"ZEMNÍ PRÁCE - Vykopávka a doprava zeminy z deponie stavby do 5km na místo zpětného ohumusování \n=3,016m3*1,900t/m3=5,730t \nKubatura vypočtena pomocí grafického softwaru AutoCad (z grafického výkresu)"]
["VV",{"$nulls":3},"Celkem: (11,307+8,797)*0,15=3,016 [A]"]
["TS",{"$nulls":3},"položka zahrnuje: \n- vodorovná a svislá doprava, přemístění, přeložení, manipulace s výkopkem \n- kompletní provedení vykopávky nezapažené i zapažené \n- ošetření výkopiště po celou dobu práce v něm vč. klimatických opatření \n- ztížení vykopávek v blízkosti podzemního vedení, konstrukcí a objektů vč. jejich dočasného zajištění \n- ztížení pod vodou, v okolí výbušnin, ve stísněných prostorech a pod. \n- příplatek za lepivost \n- těžení po vrstvách, pásech a po jiných nutných částech (figurách) \n- čerpání vody vč. čerpacích jímek, potrubí a pohotovostní čerpací soupravy (viz ustanovení k pol. 1151,2) \n- potřebné snížení hladiny podzemní vody \n- těžení a rozpojování jednotlivých balvanů \n- vytahování a nošení výkopku \n- ruční vykopávky, odstranění kořenů a napadávek \n- pažení, vzepření a rozepření vč. přepažování (vyjma štětových stěn) \n- úpravu, ochranu a očištění dna, základové spáry, stěn a svahů \n- udržování výkopiště a jeho ochrana proti vodě \n- odvedení nebo obvedení vody v okolí výkopiště a ve výkopišti \n- třídění výkopku \n- veškeré pomocné konstrukce umožňující provedení vykopávky (příjezdy, sjezdy, nájezdy, lešení, podpěr. konstr., přemostění, zpevněné plochy, zakrytí a pod.) \npoložka nezahrnuje: \n- práce spojené s otvírkou zemníku"]
["P","10","131738","","HLOUBENÍ JAM ZAPAŽ I NEPAŽ TŘ. I, ODVOZ DO 20KM","M3",28.004,154.61,{"v":4329.7,"d":"4,329.70"},{"$nulls":5},909.237,"2"]
["PP",{"$nulls":3},"ZEMNÍ PRÁCE - Výkop zeminy pro stavební jámu v zemině tř. 1 včetně pažení a odvozu zeminy na skládku do 20km \n=28,004m3*1,900t/m3=53,208t \nKubatura vypočtena pomocí grafického softwaru AutoCad (z grafického výkresu)"]
["VV",{"$nulls":3},"Celkem: 28,004=28,004 [A]"]
["TS",{"$nulls":3},"položka zahrnuje: \n- vodorovná a svislá doprava, přemístění, přeložení, manipulace s výkopkem \n- kompletní provedení vykopávky nezapažené i zapažené \n- ošetření výkopiště po celou dobu práce v něm vč. klimatických opatření \n- ztížení vykopávek v blízkosti podzemního vedení, konstrukcí a objektů vč. jejich dočasného zajištění \n- ztížení pod vodou, v okolí výbušnin, ve stísněných prostorech a pod. \n- příplatek za lepivost \n- těžení po vrstvách, pásech a po jiných nutných částech (figurách) \n- čerpání vody vč. čerpacích jímek, potrubí a pohotovostní čerpací soupravy (viz ustanovení k pol. 1151,2) \n- potřebné snížení hladiny podzemní vody \n- těžení a rozpojování jednotlivých balvanů \n- vytahování a nošení výkopku \n- svahování a přesvah. svahů do konečného tvaru, výměna hornin v podloží a v pláni znehodnocené klimatickými vlivy \n- ruční vykopávky, odstranění kořenů a napadávek \n- pažení, vzepření a rozepření vč. přepažování (vyjma štětových stěn) \n- úpravu, ochranu a očištění dna, základové spáry, stěn a svahů \n- odvedení nebo obvedení vody v okolí výkopiště a ve výkopišti \n- třídění výkopku \n- veškeré pomocné konstrukce umožňující provedení vykopávky (příjezdy, sjezdy, nájezdy, lešení, podpěr. konstr., přemostění, zpevněné plochy, zakrytí a pod.) \n- nezahrnuje uložení zeminy (na skládku, do násypu) ani poplatky za skládku, vykazují se v položce č.0141**"]
["P","11","17481","","ZÁSYP JAM A RÝH Z NAKUPOVANÝCH MATERIÁLŮ","M3",11.613,241.57,{"v":2805.35,"d":"2,805.35"},{"$nulls":5},589.1235,"2"]
["PP",{"$nulls":3},"ZEMNÍ PRÁCE - Zásyp zeminou vhodnou do náspů, hutněno po vrstvách 300mm na 100% P \nKubatura vypočtena pomocí grafického softwaru AutoCad (z grafického výkresu)"]
["VV",{"$nulls":3},"Celkem: 11,613=11,613 [A]"]
["TS",{"$nulls":3},"položka zahrnuje: \n- kompletní provedení zemní konstrukce včetně nákupu a dopravy materiálu dle zadávací dokumentace \n- úprava  ukládaného  materiálu  vlhčením,  tříděním,  promícháním  nebo  vysoušením,  příp. jiné úpravy za účelem zlepšení jeho  mech. vlastností \n- hutnění i různé míry hutnění  \n- ošetření úložiště po celou dobu práce v něm vč. klimatických opatření \n- ztížení v okolí vedení, konstrukcí a objektů a jejich dočasné zajištění \n- ztížení provádění vč. hutnění ve ztížených podmínkách a stísněných prostorech \n- ztížené ukládání sypaniny pod vodu \n- ukládání po vrstvách a po jiných nutných částech (figurách) vč. dosypávek \n- spouštění a nošení materiálu \n- výměna částí zemní konstrukce znehodnocené klimatickými vlivy \n- udržování úložiště a jeho ochrana proti vodě \n- odvedení nebo obvedení vody v okolí úložiště a v úložišti \n- veškeré  pomocné konstrukce umožňující provedení  zemní konstrukce  (příjezdy,  sjezdy,  nájezdy, lešení, podpěrné konstrukce, přemostění, zpevněné plochy, zakrytí a pod.)"]
["P","12","18110","","ÚPRAVA PLÁNĚ SE ZHUTNĚNÍM V HORNINĚ TŘ. I","M2",31.852,16.22,516.64,{"$nulls":5},108.4944,"2"]
["PP",{"$nulls":3},"ULIČNÍ VPUSTI - Úprava a zhutnění základové spáry \n=4,440m2+1,000m2=5,440m2 \nÚPRAVA Č. 1 - Úprava a zhutnění parapláně \n=11,205m2 \nÚPRAVA Č. 1 - Úprava a zhutnění zemní pláně \n=15,207m2 \nPlocha vypočtena pomocí grafického softwaru AutoCad (z grafického výkresu)"]
["VV",{"$nulls":3},"Celkem: 4,44+1=5,440 [A] \nCelkem: 11,205=11,205 [B] \nCelkem: 15,207=15,207 [C] \nCelkem: A+B+C=31,852 [D]"]
["TS",{"$nulls":3},"položka zahrnuje úpravu pláně včetně vyrovnání výškových rozdílů. Míru zhutnění určuje projekt."]
["P","13","18232","","ROZPROSTŘENÍ ORNICE V ROVINĚ V TL DO 0,15M","M2",20.104,36.24,728.57,{"$nulls":5},152.99970000000002,"2"]
["PP",{"$nulls":3},"ZEMNÍ PRÁCE - Zpětné ohumusování plochy v tl. 150mm, která byla zasažena výkopovými pracemi a úpravou terénu \nPlocha vypočtena pomocí grafického softwaru AutoCad (z grafického výkresu)"]
["VV",{"$nulls":3},"Celkem: 11,307+8,797=20,104 [A]"]
["TS",{"$nulls":3},"položka zahrnuje: \nnutné přemístění ornice z dočasných skládek vzdálených do 50m \nrozprostření ornice v předepsané tloušťce v rovině a ve svahu do 1:5"]
["SD",null,"2",null,"Základy",{"$nulls":3},{"v":4919.11,"d":"4,919.11"},{"$nulls":5},1033.0131,null,4919.11,1033.0131]
["P","14","21452","","SANAČNÍ VRSTVY Z KAMENIVA DRCENÉHO","M3",6.078,809.33,{"v":4919.11,"d":"4,919.11"},{"$nulls":5},1033.0131,"2"]
["PP",{"$nulls":3},"ÚPRAVA Č. 1 - Sanace podloží - Kamenitá sypanina z drceného kameniva 0/90mm tl. 2*250mm \nKubatura vypočtena pomocí grafického softwaru AutoCad (z grafického výkresu)"]
["VV",{"$nulls":3},"Celkem: 12,155*0,5=6,078 [A]"]
["TS",{"$nulls":3},"položka zahrnuje dodávku předepsaného kameniva, mimostaveništní a vnitrostaveništní dopravu a jeho uložení \nnení-li v zadávací dokumentaci uvedeno jinak, jedná se o nakupovaný materiál"]
["SD",null,"4",null,"Vodorovné konstrukce",{"$nulls":3},{"v":9165.69,"d":"9,165.69"},{"$nulls":5},1924.7948999999999,null,9165.69,1924.7948999999999]
["P","15","451312","","PODKLADNÍ A VÝPLŇOVÉ VRSTVY Z PROSTÉHO BETONU C12/15","M3",0.666,{"v":2328.09,"d":"2,328.09"},{"v":1550.51,"d":"1,550.51"},{"$nulls":5},325.6071,"2"]
["PP",{"$nulls":3},"ULIČNÍ VPUSTI - Betonové lože z betonu C12/15 \nKubatura vypočtena pomocí grafického softwaru AutoCad (z grafického výkresu)"]
["VV",{"$nulls":3},"Celkem: 4,44*0,15=0,666 [A]"]
["TS",{"$nulls":3},"- dodání  čerstvého  betonu  (betonové  směsi)  požadované  kvality,  jeho  uložení  do požadovaného tvaru při jakékoliv hustotě výztuže, konzistenci čerstvého betonu a způsobu hutnění, ošetření a ochranu betonu,  \n- zhotovení nepropustného, mrazuvzdorného betonu a betonu požadované trvanlivosti a vlastností,  \n- užití potřebných přísad a technologií výroby betonu,  \n- zřízení pracovních a dilatačních spar, včetně potřebných úprav, výplně, vložek, opracování, očištění a ošetření,  \n- bednění  požadovaných  konstr. (i ztracené) s úpravou  dle požadované  kvality povrchu betonu, včetně odbedňovacích a odskružovacích prostředků,  \n- podpěrné  konstr. (skruže) a lešení všech druhů pro bednění, uložení čerstvého betonu, výztuže a doplňkových konstr., vč. požadovaných otvorů, ochranných a bezpečnostních opatření a základů těchto konstrukcí a lešení,  \n- vytvoření kotevních čel, kapes, nálitků, a sedel,  \n- zřízení  všech  požadovaných  otvorů, kapes, výklenků, prostupů, dutin, drážek a pod., vč. ztížení práce a úprav  kolem nich,  \n- úpravy pro osazení výztuže, doplňkových konstrukcí a vybavení,  \n- úpravy povrchu pro položení požadované izolace, povlaků a nátěrů, případně vyspravení,  \n- ztížení práce u kabelových a injektážních trubek a ostatních zařízení osazovaných do betonu,  \n- konstrukce betonových kloubů, upevnění kotevních prvků a doplňkových konstrukcí,  \n- nátěry zabraňující soudržnost betonu a bednění,  \n- výplň, těsnění  a tmelení spar a spojů,  \n- opatření  povrchů  betonu  izolací  proti zemní vlhkosti v částech, kde přijdou do styku se zeminou nebo kamenivem,  \n- případné zřízení spojovací vrstvy u základů,  \n- úpravy pro osazení zařízení ochrany konstrukce proti vlivu bludných proudů"]
["P","16","451314","","PODKLADNÍ A VÝPLŇOVÉ VRSTVY Z PROSTÉHO BETONU C20/25","M3",3.271,{"v":2328.09,"d":"2,328.09"},{"v":7615.18,"d":"7,615.18"},{"$nulls":5},1599.1878,"2"]
["PP",{"$nulls":3},"OBRUBNÍKY - Betonové lože C20/25-XF3 pod betonové silniční obrubníky 150x250x1000mm \nKubatura vypočtena pomocí grafického softwaru AutoCad (z grafického výkresu)"]
["VV",{"$nulls":3},"Celkem: (19,215+13,498)*0,1=3,271 [A]"]
["TS",{"$nulls":3},"- dodání  čerstvého  betonu  (betonové  směsi)  požadované  kvality,  jeho  uložení  do požadovaného tvaru při jakékoliv hustotě výztuže, konzistenci čerstvého betonu a způsobu hutnění, ošetření a ochranu betonu,  \n- zhotovení nepropustného, mrazuvzdorného betonu a betonu požadované trvanlivosti a vlastností,  \n- užití potřebných přísad a technologií výroby betonu,  \n- zřízení pracovních a dilatačních spar, včetně potřebných úprav, výplně, vložek, opracování, očištění a ošetření,  \n- bednění  požadovaných  konstr. (i ztracené) s úpravou  dle požadované  kvality povrchu betonu, včetně odbedňovacích a odskružovacích prostředků,  \n- podpěrné  konstr. (skruže) a lešení všech druhů pro bednění, uložení čerstvého betonu, výztuže a doplňkových konstr., vč. požadovaných otvorů, ochranných a bezpečnostních opatření a základů těchto konstrukcí a lešení,  \n- vytvoření kotevních čel, kapes, nálitků, a sedel,  \n- zřízení  všech  požadovaných  otvorů, kapes, výklenků, prostupů, dutin, drážek a pod., vč. ztížení práce a úprav  kolem nich,  \n- úpravy pro osazení výztuže, doplňkových konstrukcí a vybavení,  \n- úpravy povrchu pro položení požadované izolace, povlaků a nátěrů, případně vyspravení,  \n- ztížení práce u kabelových a injektážních trubek a ostatních zařízení osazovaných do betonu,  \n- konstrukce betonových kloubů, upevnění kotevních prvků a doplňkových konstrukcí,  \n- nátěry zabraňující soudržnost betonu a bednění,  \n- výplň, těsnění  a tmelení spar a spojů,  \n- opatření  povrchů  betonu  izolací  proti zemní vlhkosti v částech, kde přijdou do styku se zeminou nebo kamenivem,  \n- případné zřízení spojovací vrstvy u základů,  \n- úpravy pro osazení zařízení ochrany konstrukce proti vlivu bludných proudů"]
["SD",null,"5",null,"Komunikace",{"$nulls":3},{"v":112095.83999999998,"d":"112,095.84"},{"$nulls":5},23540.126400000005,null,112095.83999999998,23540.126400000005]
["P","17","56310","","VOZOVKOVÉ VRSTVY Z MECHANICKY ZPEVNĚNÉHO KAMENIVA","M3",1.932,{"v":1377.74,"d":"1,377.74"},{"v":2661.79,"d":"2,661.79"},{"$nulls":5},558.9758999999999,"2"]
["PP",{"$nulls":3},"ÚPRAVA Č. 1 - Druhá podkladní vrstva - Mechanicky zpevněné kamenivo MZK tl. 150mm + hutnění \nKubatura vypočtena pomocí grafického softwaru AutoCad (z grafického výkresu)"]
["VV",{"$nulls":3},"Celkem: 12,88*0,15=1,932 [A]"]
["TS",{"$nulls":3},"- dodání kameniva předepsané kvality a zrnitosti \n- rozprostření a zhutnění vrstvy v předepsané tloušťce \n- zřízení vrstvy bez rozlišení šířky, pokládání vrstvy po etapách \n- nezahrnuje postřiky, nátěry"]
["P","18","56330","","VOZOVKOVÉ VRSTVY ZE ŠTĚRKODRTI","M3",2.378,891.13,{"v":2119.11,"d":"2,119.11"},{"$nulls":5},445.01310000000007,"2"]
["PP",{"$nulls":3},"ÚPRAVA Č. 1 - První podkladní vrstva - Štěrkodrť ŠDA 0/63 tl. 150mm + hutnění \nKubatura vypočtena pomocí grafického softwaru AutoCad (z grafického výkresu)"]
["VV",{"$nulls":3},"Celkem: 15,856*0,15=2,378 [A]"]
["TS",{"$nulls":3},"- dodání kameniva předepsané kvality a zrnitosti \n- rozprostření a zhutnění vrstvy v předepsané tloušťce \n- zřízení vrstvy bez rozlišení šířky, pokládání vrstvy po etapách \n- nezahrnuje postřiky, nátěry"]
["P","19","56340","","VRSTVY ZE ŠTĚRKOPÍSKU","M3",1.998,{"v":1030.55,"d":"1,030.55"},{"v":2059.04,"d":"2,059.04"},{"$nulls":5},432.3984,"2"]
["PP",{"$nulls":3},"ULIČNÍ VPUSTI - Štěrkopísek fr.0/4 \nKubatura vypočtena pomocí grafického softwaru AutoCad (z grafického výkresu)"]
["VV",{"$nulls":3},"Celkem: 4,44*0,45=1,998 [A]"]
["TS",{"$nulls":3},"- dodání kameniva předepsané kvality a zrnitosti \n- rozprostření a zhutnění vrstvy v předepsané tloušťce \n- zřízení vrstvy bez rozlišení šířky, pokládání vrstvy po etapách \n- nezahrnuje postřiky, nátěry"]
["P","20","572121","","INFILTRAČNÍ POSTŘIK ASFALTOVÝ DO 1,0KG/M2","M2",13.631,26.25,357.81,{"$nulls":5},75.1401,"2"]
["PP",{"$nulls":3},"ÚPRAVA Č. 1 - Infiltrační postřik z asfaltové emulze, zbytkové množství pojiva 1,00kg/m2 \nPlocha vypočtena pomocí grafického softwaru AutoCad (z grafického výkresu)"]
["VV",{"$nulls":3},"Celkem: 13,631=13,631 [A]"]
["TS",{"$nulls":3},"- dodání všech předepsaných materiálů pro postřiky v předepsaném množství \n- provedení dle předepsaného technologického předpisu \n- zřízení vrstvy bez rozlišení šířky, pokládání vrstvy po etapách \n- úpravu napojení, ukončení"]
["P","21","572213","","SPOJOVACÍ POSTŘIK Z EMULZE DO 0,5KG/M2","M2",303.558,16.98,{"v":5154.41,"d":"5,154.41"},{"$nulls":5},1082.4261,"2"]
["PP",{"$nulls":3},"ÚPRAVA Č. 1 - Spojovací postřik kationaktivní emulzí C 60 BP3, zbytkové množství pojiva 0,40 kg/m2 \n=13,631m2 \nÚPRAVA Č. 2 - Spojovací postřik kationaktivní emulzí C 60 BP3, zbytkové množství pojiva 0,40 kg/m2 \n=143,498m2 \nÚPRAVA Č. 2 - Spojovací postřik kationaktivní emulzí C 60 BP3, zbytkové množství pojiva 0,40 kg/m2 \n=146,429m2 \nPlocha vypočtena pomocí grafického softwaru AutoCad (z grafického výkresu)"]
["VV",{"$nulls":3},"Celkem: 13,631=13,631 [A] \nCelkem: 143,498=143,498 [B] \nCelkem: 146,429=146,429 [C] \nCelkem: A+B+C=303,558 [D]"]
["TS",{"$nulls":3},"- dodání všech předepsaných materiálů pro postřiky v předepsaném množství \n- provedení dle předepsaného technologického předpisu \n- zřízení vrstvy bez rozlišení šířky, pokládání vrstvy po etapách \n- úpravu napojení, ukončení"]
["P","22","57472","","VOZOVKOVÉ VÝZTUŽNÉ VRSTVY Z TEXTILIE","M2",11.205,71.74,803.85,{"$nulls":5},168.8085,"2"]
["PP",{"$nulls":3},"Úprava č. 1 - Tkaná separační / výztužná geotextilie - pevnost v tahu i podélně 80kN/m, odolnost proti protržení CBR - 10kN \nPlocha vypočtena pomocí grafického softwaru AutoCad (z grafického výkresu)"]
["VV",{"$nulls":3},"Celkem: 11,205=11,205 [A]"]
["TS",{"$nulls":3},"- dodání textilie v požadované kvalitě a v množství včetně přesahů (přesahy započteny v jednotkové ceně) \n- očištění podkladu \n- pokládka textilie dle předepsaného technologického předpisu"]
["P","23","57475","","VOZOVKOVÉ VÝZTUŽNÉ VRSTVY Z GEOMŘÍŽOVINY","M2",{"v":19.5,"d":"19.500"},133.87,{"v":2610.47,"d":"2,610.47"},{"$nulls":5},548.1986999999999,"2"]
["PP",{"$nulls":3},"ÚPRAVA Č. 2 - Výztužná geomříž \nPlocha vypočtena pomocí grafického softwaru AutoCad (z grafického výkresu)"]
["VV",{"$nulls":3},"Celkem: 19,5=19,500 [A]"]
["TS",{"$nulls":3},"- dodání geomříže v požadované kvalitě a v množství včetně přesahů (přesahy započteny v jednotkové ceně) \n- očištění podkladu \n- pokládka geomříže dle předepsaného technologického předpisu"]
["P","24","574A33","","ASFALTOVÝ BETON PRO OBRUSNÉ VRSTVY ACO 11 TL. 40MM","M2",{"v":160.06,"d":"160.060"},{"v":249.2,"d":"249.20"},{"v":39886.95,"d":"39,886.95"},{"$nulls":5},8376.2595,"2"]
["PP",{"$nulls":3},"ÚPRAVA Č. 1 - Asfaltový beton pro obrusné vrstvy ACO 11, tl. 40mm + hutnění \n=13,631m2 \nÚPRAVA Č. 2 - Asfaltový beton pro obrusné vrstvy ACO 11, tl. 40mm + hutnění \n=146,429m2 \nPlocha vypočtena pomocí grafického softwaru AutoCad (z grafického výkresu)"]
["VV",{"$nulls":3},"Celkem: 13,631=13,631 [A] \nCelkem: 146,429=146,429 [B] \nCelkem: A+B=160,060 [C]"]
["TS",{"$nulls":3},"- dodání směsi v požadované kvalitě \n- očištění podkladu \n- uložení směsi dle předepsaného technologického předpisu, zhutnění vrstvy v předepsané tloušťce \n- zřízení vrstvy bez rozlišení šířky, pokládání vrstvy po etapách, včetně pracovních spar a spojů \n- úpravu napojení, ukončení podél obrubníků, dilatačních zařízení, odvodňovacích proužků, odvodňovačů, vpustí, šachet a pod. \n- nezahrnuje postřiky, nátěry \n- nezahrnuje těsnění podél obrubníků, dilatačních zařízení, odvodňovacích proužků, odvodňovačů, vpustí, šachet a pod."]
["P","25","574C67","","ASFALTOVÝ BETON PRO LOŽNÍ VRSTVY ACL 22 TL. 70MM","M2",157.129,347.72,{"v":54636.9,"d":"54,636.90"},{"$nulls":5},11473.749000000002,"2"]
["PP",{"$nulls":3},"ÚPRAVA Č. 1 - Asfaltový beton pro ložné vrstvy ACL 22, tl. 70mm + hutnění \n=13,631m2 \nÚPRAVA Č. 2 - Asfaltový beton pro ložné vrstvy ACL 22, tl. 70mm + hutnění \n=143,498m2 \nPlocha vypočtena pomocí grafického softwaru AutoCad (z grafického výkresu)"]
["VV",{"$nulls":3},"Celkem: 13,631=13,631 [A] \nCelkem: 143,498=143,498 [B] \nCelkem: A+B=157,129 [C]"]
["TS",{"$nulls":3},"- dodání směsi v požadované kvalitě \n- očištění podkladu \n- uložení směsi dle předepsaného technologického předpisu, zhutnění vrstvy v předepsané tloušťce \n- zřízení vrstvy bez rozlišení šířky, pokládání vrstvy po etapách, včetně pracovních spar a spojů \n- úpravu napojení, ukončení podél obrubníků, dilatačních zařízení, odvodňovacích proužků, odvodňovačů, vpustí, šachet a pod. \n- nezahrnuje postřiky, nátěry \n- nezahrnuje těsnění podél obrubníků, dilatačních zařízení, odvodňovacích proužků, odvodňovačů, vpustí, šachet a pod."]
["P","26","58920","","VÝPLŇ SPAR MODIFIKOVANÝM ASFALTEM","M",48.147,{"v":37.5,"d":"37.50"},{"v":1805.51,"d":"1,805.51"},{"$nulls":5},379.1571,"2"]
["PP",{"$nulls":3},"ÚPRAVA Č. 2 - Asfaltová zálivka \nDélka vypočtena pomocí grafického softwaru AutoCad (z grafického výkresu)"]
["VV",{"$nulls":3},"Celkem: 5,791+20,64+21,716=48,147 [A]"]
["TS",{"$nulls":3},"položka zahrnuje: \n- dodávku předepsaného materiálu \n- vyčištění a výplň spar tímto materiálem"]
["SD",null,"8",null,"Potrubí",{"$nulls":3},{"v":11085.38,"d":"11,085.38"},{"$nulls":5},2327.9298,null,11085.38,2327.9298]
["P","27","87433","","POTRUBÍ Z TRUB PLASTOVÝCH ODPADNÍCH DN DO 150MM","M",{"v":4.44,"d":"4.440"},428.54,{"v":1902.72,"d":"1,902.72"},{"$nulls":5},399.57120000000003,"2"]
["PP",{"$nulls":3},"ULIČNÍ VPUSTI - Přípojky do dešťové kanalizace DN=150mm včetně odbočných tvarovek s hrdly a těsnění \nUV-42-P (0,01065) > dl. přípojky 4,440m (DN=150mm) \nDélka vypočtena pomocí grafického softwaru AutoCad (z grafického výkresu)"]
["VV",{"$nulls":3},"Celkem: 4,44=4,440 [A]"]
["TS",{"$nulls":3},"položky pro zhotovení potrubí platí bez ohledu na sklon \nzahrnuje: \n- výrobní dokumentaci (včetně technologického předpisu)  \n- dodání veškerého trubního a pomocného materiálu  (trouby,  trubky,  tvarovky,  spojovací a těsnící  materiál a pod.), podpěrných, závěsných a upevňovacích prvků, včetně potřebných úprav  \n- úprava a příprava podkladu a podpěr, očištění a ošetření podkladu a podpěr  \n- zřízení plně funkčního potrubí, kompletní soustavy, podle příslušného technologického předpisu  \n- zřízení potrubí i jednotlivých částí po etapách, včetně pracovních spar a spojů, pracovního zaslepení konců a pod.  \n- úprava prostupů, průchodů  šachtami a komorami, okolí podpěr a vyústění, zaústění, napojení, vyvedení a upevnění odpad. výustí  \n- ochrana potrubí nátěrem (vč. úpravy povrchu), případně izolací, nejsou-li tyto práce předmětem jiné položky  \n- úprava, očištění a ošetření prostoru kolem potrubí  \n- položky platí pro práce prováděné v prostoru zapaženém i nezapaženém a i v kolektorech, chráničkách  \n- položky zahrnují i práce spojené s nutnými obtoky, převáděním a čerpáním vody  \nnezahrnuje zkoušky vodotěsnosti a televizní prohlídku"]
["P","28","89712","","VPUSŤ KANALIZAČNÍ ULIČNÍ KOMPLETNÍ Z BETONOVÝCH DÍLCŮ","KUS",{"v":1,"d":"1.000"},{"v":9182.66,"d":"9,182.66"},{"v":9182.66,"d":"9,182.66"},{"$nulls":5},1928.3585999999998,"2"]
["PP",{"$nulls":3},"ULIČNÍ VPUSTI - Uliční vpust se sifonem a kalovým košem s napojením do dešťové kanalizace DN=150mm \nUV-42-P (0,01065) > dl. přípojky 4,440m (DN=150mm) \nPočet vypočten pomocí grafického softwaru AutoCad (z grafického výkresu)"]
["VV",{"$nulls":3},"Celkem: 1=1,000 [A]"]
["TS",{"$nulls":3},"položka zahrnuje: \n- dodávku a osazení předepsaných dílů včetně mříže \n- výplň, těsnění  a tmelení spar a spojů, \n- opatření  povrchů  betonu  izolací  proti zemní vlhkosti v částech, kde přijdou do styku se zeminou nebo kamenivem, \n- předepsané podkladní konstrukce"]
["SD",null,"9",null,"Ostatní konstrukce a práce",{"$nulls":3},{"v":28155.710000000003,"d":"28,155.71"},{"$nulls":5},5912.699099999999,null,28155.710000000003,5912.699099999999]
["P","29","914111","","DOPRAVNÍ ZNAČKY ZÁKLADNÍ VELIKOSTI OCELOVÉ NEREFLEXNÍ - DOD A MONTÁŽ","KUS",{"v":2,"d":"2.000"},{"v":2307.72,"d":"2,307.72"},{"v":4615.44,"d":"4,615.44"},{"$nulls":5},969.2423999999999,"2"]
["PP",{"$nulls":3},"DOPRAVNÍ ZNAČENÍ - Svislé dopravní značení - Dodávka a montáž (veškeré prvky svislého dopravního značení budou opatřeny pozinkováním) \n1xP6 - Stůj, dej přednost v jízdě! \n1xE2b - Tvar křižovatky \nPočet vypočten pomocí grafického softwaru AutoCad (z grafického výkresu)"]
["VV",{"$nulls":3},"Celkem: 1+1=2,000 [A]"]
["TS",{"$nulls":3},"položka zahrnuje: \n- dodávku a montáž značek v požadovaném provedení"]
["P","30","914113","","DOPRAVNÍ ZNAČKY ZÁKLADNÍ VELIKOSTI OCELOVÉ NEREFLEXNÍ - DEMONTÁŽ","KUS",{"v":2,"d":"2.000"},203.71,407.42,{"$nulls":5},85.5582,"2"]
["PP",{"$nulls":3},"BOURACÍ PRÁCE - Odstranění stávajícího svislého dopravního značení včetně odvozu a likvidace v režii zhotovitele \n1xP4 - Dej přednost v jízdě! \n1xE2b - Tvar křižovatky \nPočet vypočten pomocí grafického softwaru AutoCad (z grafického výkresu)"]
["VV",{"$nulls":3},"Celkem: 1+1=2,000 [A]"]
["TS",{"$nulls":3},"Položka zahrnuje odstranění, demontáž a odklizení materiálu s odvozem na předepsané místo"]
["P","31","915111","","VODOROVNÉ DOPRAVNÍ ZNAČENÍ BARVOU HLADKÉ - DODÁVKA A POKLÁDKA","M2",{"v":16.43,"d":"16.430"},141.45,{"v":2324.02,"d":"2,324.02"},{"$nulls":5},488.0442,"2"]
["PP",{"$nulls":3},"DOPRAVNÍ ZNAČENÍ - Vodorovné dopravní značení - Příčná čára souvislá s nápisem „STOP“ - V6b - 0,500 - 1. značení barvou \nPlocha vypočtena pomocí grafického softwaru AutoCad (z grafického výkresu)"]
["VV",{"$nulls":3},"Celkem: 12,86*0,5+10=16,430 [A]"]
["TS",{"$nulls":3},"položka zahrnuje: \n- dodání a pokládku nátěrového materiálu (měří se pouze natíraná plocha) \n- předznačení a reflexní úpravu"]
["P","32","915221","","VODOR DOPRAV ZNAČ PLASTEM STRUKTURÁLNÍ NEHLUČNÉ - DOD A POKLÁDKA","M2",{"v":16.43,"d":"16.430"},355.03,{"v":5833.14,"d":"5,833.14"},{"$nulls":5},1224.9594,"2"]
["PP",{"$nulls":3},"DOPRAVNÍ ZNAČENÍ - Vodorovné dopravní značení - Příčná čára souvislá s nápisem „STOP“ - V6b - 0,500 - 2. značení strukturovaným plastem \nPlocha vypočtena pomocí grafického softwaru AutoCad (z grafického výkresu)"]
["VV",{"$nulls":3},"Celkem: 12,86*0,5+10=16,430 [A]"]
["TS",{"$nulls":3},"položka zahrnuje: \n- dodání a pokládku nátěrového materiálu (měří se pouze natíraná plocha) \n- předznačení a reflexní úpravu"]
["P","33","917224","","SILNIČNÍ A CHODNÍKOVÉ OBRUBY Z BETONOVÝCH OBRUBNÍKŮ ŠÍŘ 150MM","M",32.713,384.22,{"v":12568.99,"d":"12,568.99"},{"$nulls":5},2639.4878999999996,"2"]
["PP",{"$nulls":3},"OBRUBNÍKY - Betonové silniční obrubníky 150x250x1000mm \nDélka vypočtena pomocí grafického softwaru AutoCad (z grafického výkresu)"]
["VV",{"$nulls":3},"Celkem: 19,215+13,498=32,713 [A]"]
["TS",{"$nulls":3},"Položka zahrnuje: \ndodání a pokládku betonových obrubníků o rozměrech předepsaných zadávací dokumentací \nbetonové lože i boční betonovou opěrku."]
["P","34","919111","","ŘEZÁNÍ ASFALTOVÉHO KRYTU VOZOVEK TL DO 50MM","M",5.791,53.13,307.68,{"$nulls":5},64.6128,"2"]
["PP",{"$nulls":3},"BOURACÍ PRÁCE - Řezání asfaltového krytu pro odfrézování asfaltových vrstev v prostoru silnice \nDélka vypočtena pomocí grafického softwaru AutoCad (z grafického výkresu)"]
["VV",{"$nulls":3},"Celkem: 5,791=5,791 [A]"]
["TS",{"$nulls":3},"položka zahrnuje řezání vozovkové vrstvy v předepsané tloušťce, včetně spotřeby vody"]
["P","35","96687","","VYBOURÁNÍ ULIČNÍCH VPUSTÍ KOMPLETNÍCH","KUS",{"v":1,"d":"1.000"},{"v":2099.02,"d":"2,099.02"},{"v":2099.02,"d":"2,099.02"},{"$nulls":5},440.7942,"2"]
["PP",{"$nulls":3},"BOURACÍ PRÁCE - Odstranění kompletních konstrukcí uličních vpustí včetně odvozu a uložení na skládku do 20km \n=1kus*1,000m3/kus*2,500t/m3=2,500t \nPočet vypočten pomocí grafického softwaru AutoCad (z grafického výkresu)"]
["VV",{"$nulls":3},"Celkem: 1=1,000 [A]"]
["TS",{"$nulls":3},"- položka zahrnuje veškerou manipulaci s vybouranou sutí a hmotami včetně uložení na skládku. Nezahrnuje poplatek za skládku, který se vykazuje v položce 0141** (s výjimkou malého množství bouraného materiálu, kde je možné poplatek zahrnout do jednotkové ceny bourání – tento fakt musí být uveden v doplňujícím textu k položce)  \n- položka zahrnuje veškeré další práce plynoucí z technologického předpisu a z platných předpisů"]

{"sheet":"SO 101_SO 101.04","index":6,"n_rows":163,"n_cols":18,"rows_kept":163,"merged":[[2,2,2,3],[3,2,3,3],[4,2,4,3],[5,0,6,0],[5,1,6,1],[5,2,6,2],[5,3,6,3],[5,4,6,4],[5,5,6,5],[5,6,6,6],[5,7,5,8]],"flags":["formulas_cached_only"]}
["ASPE10",{"$nulls":3},"Firma: -",{"$nulls":10},"3"]
[{"$nulls":4},"Příloha k formuláři pro ocenění nabídky",{"$nulls":9},235551.85710000002,"3"]
["S","Stavba: ","2018648",null,"III/3272 HLÍZOV",null,null,"SO 101.04",{"v":1121675.51,"d":"1,121,675.51"},{"$nulls":5},"0,00","2"]
["O","Objekt:","SO 101",null,"SILNICE III/3272 (KSÚS SK)",{"$nulls":9},"15,00","2"]
["O1","Rozpočet:","SO 101.04",null,"MÍSTNÍ KOMUNIKACE 02 (KSÚS SK)",{"$nulls":9},"21,00","2"]
["Typ","Poř. číslo","Kód položky","Varianta","Název položky","MJ","Množství","Cena"]
[{"$nulls":7},"Jednotková","Celkem"]
["0","1","2","3","4","5","6","9","10"]
["SD",null,"0",null,"Všeobecné konstrukce a práce",{"$nulls":3},{"v":66875.08,"d":"66,875.08"},{"$nulls":5},14043.766799999998,null,66875.08,14043.766799999998]
["P","1","014102","01","POPLATKY ZA SKLÁDKU","T",110.011,110.58,{"v":12165.02,"d":"12,165.02"},{"$nulls":5},2554.6542,"2"]
["PP",{"$nulls":3},"SKLÁDKA - Uložení asfaltové suti na skládku \nViz položka č. 5"]
["VV",{"$nulls":3},"Celkem: 5,962+7,781+96,268=110,011 [A]"]
["TS",{"$nulls":3},"zahrnuje veškeré poplatky provozovateli skládky související s uložením odpadu na skládce."]
["P","2","014102","02","POPLATKY ZA SKLÁDKU","T",{"v":4.83,"d":"4.830"},110.58,{"v":534.1,"d":"534.10"},{"$nulls":5},112.161,"2"]
["PP",{"$nulls":3},"SKLÁDKA - Uložení stavební suti na skládku \nViz položky č. 4 a 37"]
["VV",{"$nulls":3},"Celkem: 1,61+3,22=4,830 [A]"]
["TS",{"$nulls":3},"zahrnuje veškeré poplatky provozovateli skládky související s uložením odpadu na skládce."]
["P","3","014102","03","POPLATKY ZA SKLÁDKU","T",979.851,55.29,{"v":54175.96,"d":"54,175.96"},{"$nulls":5},11376.951599999999,"2"]
["PP",{"$nulls":3},"SKLÁDKA - Uložení zeminy na skládku \nViz položka č. 9"]
["VV",{"$nulls":3},"Celkem: 979,851=979,851 [A]"]
["TS",{"$nulls":3},"zahrnuje veškeré poplatky provozovateli skládky související s uložením odpadu na skládce."]
["SD",null,"1",null,"Zemní práce",{"$nulls":3},{"v":223415.02,"d":"223,415.02"},{"$nulls":5},46917.154200000004,null,223415.02,46917.154200000004]
["P","4","113524","","ODSTRANĚNÍ CHODNÍKOVÝCH OBRUBNÍKŮ BETONOVÝCH, ODVOZ DO 20KM","M",{"v":14,"d":"14.000"},77.31,{"v":1082.34,"d":"1,082.34"},{"$nulls":5},227.29139999999998,"2"]
["PP",{"$nulls":3},"BOURACÍ PRÁCE - Odstranění betonových silničních obrubníků včetně odvozu a uložení na skládku do 20km \n=14,000*0,050m2*2,300t/m3=1,610t \nDélka vypočtena pomocí grafického softwaru AutoCad (z grafického výkresu)"]
["VV",{"$nulls":3},"Celkem: 14=14,000 [A]"]
["TS",{"$nulls":3},"Položka zahrnuje veškerou manipulaci s vybouranou sutí a s vybouranými hmotami vč. uložení na skládku. Nezahrnuje poplatek za skládku, který se vykazuje v položce 0141** (s výjimkou malého množství bouraného materiálu, kde je možné poplatek zahrnout do jednotkové ceny bourání – tento fakt musí být uveden v doplňujícím textu k položce)."]
["P","5","113728","","FRÉZOVÁNÍ ZPEVNĚNÝCH PLOCH ASFALTOVÝCH, ODVOZ DO 20KM","M3",{"v":45.85,"d":"45.850"},{"v":1417.12,"d":"1,417.12"},{"v":64974.95,"d":"64,974.95"},{"$nulls":5},13644.7395,"2"]
["PP",{"$nulls":3},"BOURACÍ PRÁCE - Odfrézování asfaltových vrstev v tl. 40mm (asfalt) (napojení na stávající stav) včetně odvozu a uložení na skládku do 20km \n=62,111m2*0,040=2,484m3 \n=2,484m3*2,400t/m3=5,962t \nBOURACÍ PRÁCE - Odfrézování asfaltových vrstev v tl. 70mm (asfalt) (napojení na stávající stav) včetně odvozu a uložení na skládku do 20km \n=46,310m2*0,070=3,242m3 \n=3,242m3*2,400t/m3=7,781t \nBOURACÍ PRÁCE - Odfrézování asfaltových vrstev v tl. 110mm (asfalt) vozovky včetně odvozu a uložení na skládku do 20km \n=364,763m2*0,110=40,124m3 \n=40,124m3*2,400t/m3=96,298t \nKubatura vypočtena pomocí grafického softwaru AutoCad (z grafického výkresu)"]
["VV",{"$nulls":3},"Celkem: 62,111*0,04=2,484 [A] \nCelkem: 46,31*0,07=3,242 [B] \nCelkem: 364,763*0,11=40,124 [C] \nCelkem: A+B+C=45,850 [D]"]
["TS",{"$nulls":3},"Položka zahrnuje veškerou manipulaci s vybouranou sutí a s vybouranými hmotami vč. uložení na skládku. Nezahrnuje poplatek za skládku, který se vykazuje v položce 0141** (s výjimkou malého množství bouraného materiálu, kde je možné poplatek zahrnout do jednotkové ceny bourání – tento fakt musí být uveden v doplňujícím textu k položce)."]
["P","6","113763","","FRÉZOVÁNÍ DRÁŽKY PRŮŘEZU DO 300MM2 V ASFALTOVÉ VOZOVCE","M",105.758,39.58,{"v":4185.9,"d":"4,185.90"},{"$nulls":5},879.039,"2"]
["PP",{"$nulls":3},"ÚPRAVA Č. 1 - Prořezání drážky v pracovní spáře \nDélka vypočtena pomocí grafického softwaru AutoCad (z grafického výkresu)"]
["VV",{"$nulls":3},"Celkem: 17,486+74,387+13,885=105,758 [A]"]
["TS",{"$nulls":3},"Položka zahrnuje veškerou manipulaci s vybouranou sutí a s vybouranými hmotami vč. uložení na skládku."]
["P","7","121104","","SEJMUTÍ ORNICE NEBO LESNÍ PŮDY S ODVOZEM DO 5KM","M3",25.122,154.61,{"v":3884.11,"d":"3,884.11"},{"$nulls":5},815.6631,"2"]
["PP",{"$nulls":3},"ZEMNÍ PRÁCE - Odhumusování plochy v tl. 150mm, která bude zasažena výkopovými pracemi a úpravou terénu včetně odvozu a uložení zeminy na deponii stavby do 5km (využití na zpětné ohumusování) \n=25,122m3*1,900t/m3=47,732t \nKubatura vypočtena pomocí grafického softwaru AutoCad (z grafického výkresu)"]
["VV",{"$nulls":3},"Celkem: (155,592+11,886)*0,15=25,122 [A]"]
["TS",{"$nulls":3},"položka zahrnuje sejmutí ornice bez ohledu na tloušťku vrstvy a její vodorovnou dopravu \nnezahrnuje uložení na trvalou skládku"]
["P","8","125734","","VYKOPÁVKY ZE ZEMNÍKŮ A SKLÁDEK TŘ. I, ODVOZ DO 5KM","M3",31.833,98.94,{"v":3149.56,"d":"3,149.56"},{"$nulls":5},661.4076,"2"]
["PP",{"$nulls":3},"ZEMNÍ PRÁCE - Vykopávka a doprava zeminy z deponie stavby do 5km na místo zpětného ohumusování \n=31,833m3*1,900t/m3=60,483t \nKubatura vypočtena pomocí grafického softwaru AutoCad (z grafického výkresu)"]
["VV",{"$nulls":3},"Celkem: (182,402+29,82)*0,15=31,833 [A]"]
["TS",{"$nulls":3},"položka zahrnuje: \n- vodorovná a svislá doprava, přemístění, přeložení, manipulace s výkopkem \n- kompletní provedení vykopávky nezapažené i zapažené \n- ošetření výkopiště po celou dobu práce v něm vč. klimatických opatření \n- ztížení vykopávek v blízkosti podzemního vedení, konstrukcí a objektů vč. jejich dočasného zajištění \n- ztížení pod vodou, v okolí výbušnin, ve stísněných prostorech a pod. \n- příplatek za lepivost \n- těžení po vrstvách, pásech a po jiných nutných částech (figurách) \n- čerpání vody vč. čerpacích jímek, potrubí a pohotovostní čerpací soupravy (viz ustanovení k pol. 1151,2) \n- potřebné snížení hladiny podzemní vody \n- těžení a rozpojování jednotlivých balvanů \n- vytahování a nošení výkopku \n- ruční vykopávky, odstranění kořenů a napadávek \n- pažení, vzepření a rozepření vč. přepažování (vyjma štětových stěn) \n- úpravu, ochranu a očištění dna, základové spáry, stěn a svahů \n- udržování výkopiště a jeho ochrana proti vodě \n- odvedení nebo obvedení vody v okolí výkopiště a ve výkopišti \n- třídění výkopku \n- veškeré pomocné konstrukce umožňující provedení vykopávky (příjezdy, sjezdy, nájezdy, lešení, podpěr. konstr., přemostění, zpevněné plochy, zakrytí a pod.) \npoložka nezahrnuje: \n- práce spojené s otvírkou zemníku"]
["P","9","131738","","HLOUBENÍ JAM ZAPAŽ I NEPAŽ TŘ. I, ODVOZ DO 20KM","M3",515.711,154.61,{"v":79734.08,"d":"79,734.08"},{"$nulls":5},16744.1568,"2"]
["PP",{"$nulls":3},"ZEMNÍ PRÁCE - Výkop zeminy pro stavební jámu v zemině tř. 1 včetně pažení a odvozu zeminy na skládku do 20km \n=515,711m3*1,900t/m3=979,851t \nKubatura vypočtena pomocí grafického softwaru AutoCad (z grafického výkresu)"]
["VV",{"$nulls":3},"Celkem: 515,711=515,711 [A]"]
["TS",{"$nulls":3},"položka zahrnuje: \n- vodorovná a svislá doprava, přemístění, přeložení, manipulace s výkopkem \n- kompletní provedení vykopávky nezapažené i zapažené \n- ošetření výkopiště po celou dobu práce v něm vč. klimatických opatření \n- ztížení vykopávek v blízkosti podzemního vedení, konstrukcí a objektů vč. jejich dočasného zajištění \n- ztížení pod vodou, v okolí výbušnin, ve stísněných prostorech a pod. \n- příplatek za lepivost \n- těžení po vrstvách, pásech a po jiných nutných částech (figurách) \n- čerpání vody vč. čerpacích jímek, potrubí a pohotovostní čerpací soupravy (viz ustanovení k pol. 1151,2) \n- potřebné snížení hladiny podzemní vody \n- těžení a rozpojování jednotlivých balvanů \n- vytahování a nošení výkopku \n- svahování a přesvah. svahů do konečného tvaru, výměna hornin v podloží a v pláni znehodnocené klimatickými vlivy \n- ruční vykopávky, odstranění kořenů a napadávek \n- pažení, vzepření a rozepření vč. přepažování (vyjma štětových stěn) \n- úpravu, ochranu a očištění dna, základové spáry, stěn a svahů \n- odvedení nebo obvedení vody v okolí výkopiště a ve výkopišti \n- třídění výkopku \n- veškeré pomocné konstrukce umožňující provedení vykopávky (příjezdy, sjezdy, nájezdy, lešení, podpěr. konstr., přemostění, zpevněné plochy, zakrytí a pod.) \n- nezahrnuje uložení zeminy (na skládku, do násypu) ani poplatky za skládku, vykazují se v položce č.0141**"]
["P","10","17481","","ZÁSYP JAM A RÝH Z NAKUPOVANÝCH MATERIÁLŮ","M3",177.432,241.57,{"v":42862.25,"d":"42,862.25"},{"$nulls":5},9001.0725,"2"]
["PP",{"$nulls":3},"ZEMNÍ PRÁCE - Zásyp zeminou vhodnou do náspů, hutněno po vrstvách 300mm na 100% PS \nKubatura vypočtena pomocí grafického softwaru AutoCad (z grafického výkresu)"]
["VV",{"$nulls":3},"Celkem: 177,432=177,432 [A]"]
["TS",{"$nulls":3},"položka zahrnuje: \n- kompletní provedení zemní konstrukce včetně nákupu a dopravy materiálu dle zadávací dokumentace \n- úprava  ukládaného  materiálu  vlhčením,  tříděním,  promícháním  nebo  vysoušením,  příp. jiné úpravy za účelem zlepšení jeho  mech. vlastností \n- hutnění i různé míry hutnění  \n- ošetření úložiště po celou dobu práce v něm vč. klimatických opatření \n- ztížení v okolí vedení, konstrukcí a objektů a jejich dočasné zajištění \n- ztížení provádění vč. hutnění ve ztížených podmínkách a stísněných prostorech \n- ztížené ukládání sypaniny pod vodu \n- ukládání po vrstvách a po jiných nutných částech (figurách) vč. dosypávek \n- spouštění a nošení materiálu \n- výměna částí zemní konstrukce znehodnocené klimatickými vlivy \n- udržování úložiště a jeho ochrana proti vodě \n- odvedení nebo obvedení vody v okolí úložiště a v úložišti \n- veškeré  pomocné konstrukce umožňující provedení  zemní konstrukce  (příjezdy,  sjezdy,  nájezdy, lešení, podpěrné konstrukce, přemostění, zpevněné plochy, zakrytí a pod.)"]
["P","11","18110","","ÚPRAVA PLÁNĚ SE ZHUTNĚNÍM V HORNINĚ TŘ. I","M2",{"v":892.07,"d":"892.070"},16.22,{"v":14469.38,"d":"14,469.38"},{"$nulls":5},3038.5697999999998,"2"]
["PP",{"$nulls":3},"ULIČNÍ VPUSTI - Úprava a zhutnění základové spáry \n=9,280m2+1,000m2=10,280m2 \nÚPRAVA Č. 1 - Úprava a zhutnění parapláně \n=440,895m2 \nÚPRAVA Č. 1 - Úprava a zhutnění zemní pláně \n=440,895m2 \nPlocha vypočtena pomocí grafického softwaru AutoCad (z grafického výkresu)"]
["VV",{"$nulls":3},"Celkem: 9,28+1=10,280 [A] \nCelkem: 440,895=440,895 [B] \nCelkem: 440,895=440,895 [C] \nCelkem: A+B+C=892,070 [D]"]
["TS",{"$nulls":3},"položka zahrnuje úpravu pláně včetně vyrovnání výškových rozdílů. Míru zhutnění určuje projekt."]
["P","12","18232","","ROZPROSTŘENÍ ORNICE V ROVINĚ V TL DO 0,15M","M2",212.222,36.24,{"v":7690.93,"d":"7,690.93"},{"$nulls":5},1615.0953,"2"]
["PP",{"$nulls":3},"ZEMNÍ PRÁCE - Zpětné ohumusování plochy v tl. 150mm, která byla zasažena výkopovými pracemi a úpravou terénu \nPlocha vypočtena pomocí grafického softwaru AutoCad (z grafického výkresu)"]
["VV",{"$nulls":3},"Celkem: 182,402+29,82=212,222 [A]"]
["TS",{"$nulls":3},"položka zahrnuje: \nnutné přemístění ornice z dočasných skládek vzdálených do 50m \nrozprostření ornice v předepsané tloušťce v rovině a ve svahu do 1:5"]
["P","13","18481","","OCHRANA STROMŮ BEDNĚNÍM","M2",{"v":4,"d":"4.000"},345.38,{"v":1381.52,"d":"1,381.52"},{"$nulls":5},290.1192,"2"]
["PP",{"$nulls":3},"ZELEŇ - Ochrana stromů v blízkosti stavby včetně odvozu a likvidace v režii zhotovitele \nPlocha vypočtena pomocí grafického softwaru AutoCad (z grafického výkresu)"]
["VV",{"$nulls":3},"Celkem: 2*2*1=4,000 [A]"]
["TS",{"$nulls":3},"položka zahrnuje veškerý materiál, výrobky a polotovary, včetně mimostaveništní a vnitrostaveništní dopravy (rovněž přesuny), včetně naložení a složení, případně s uložením"]
["SD",null,"2",null,"Základy",{"$nulls":3},{"v":178415.18,"d":"178,415.18"},{"$nulls":5},37467.1878,null,178415.18,37467.1878]
["P","14","21452","","SANAČNÍ VRSTVY Z KAMENIVA DRCENÉHO","M3",220.448,809.33,{"v":178415.18,"d":"178,415.18"},{"$nulls":5},37467.1878,"2"]
["PP",{"$nulls":3},"ÚPRAVA Č. 1 - Sanace podloží - Kamenitá sypanina z drceného kameniva 0/90mm tl. 2*250mm \nKubatura vypočtena pomocí grafického softwaru AutoCad (z grafického výkresu)"]
["VV",{"$nulls":3},"Celkem: 440,895*0,5=220,448 [A]"]
["TS",{"$nulls":3},"položka zahrnuje dodávku předepsaného kameniva, mimostaveništní a vnitrostaveništní dopravu a jeho uložení \nnení-li v zadávací dokumentaci uvedeno jinak, jedná se o nakupovaný materiál"]
["SD",null,"4",null,"Vodorovné konstrukce",{"$nulls":3},{"v":34451.47,"d":"34,451.47"},{"$nulls":5},7234.8087000000005,null,34451.47,7234.8087000000005]
["P","15","451312","","PODKLADNÍ A VÝPLŇOVÉ VRSTVY Z PROSTÉHO BETONU C12/15","M3",1.392,{"v":2328.09,"d":"2,328.09"},{"v":3240.7,"d":"3,240.70"},{"$nulls":5},680.547,"2"]
["PP",{"$nulls":3},"ULIČNÍ VPUSTI - Betonové lože z betonu C12/15 \nKubatura vypočtena pomocí grafického softwaru AutoCad (z grafického výkresu)"]
["VV",{"$nulls":3},"Celkem: 9,28*0,15=1,392 [A]"]
["TS",{"$nulls":3},"- dodání  čerstvého  betonu  (betonové  směsi)  požadované  kvality,  jeho  uložení  do požadovaného tvaru při jakékoliv hustotě výztuže, konzistenci čerstvého betonu a způsobu hutnění, ošetření a ochranu betonu,  \n- zhotovení nepropustného, mrazuvzdorného betonu a betonu požadované trvanlivosti a vlastností,  \n- užití potřebných přísad a technologií výroby betonu,  \n- zřízení pracovních a dilatačních spar, včetně potřebných úprav, výplně, vložek, opracování, očištění a ošetření,  \n- bednění  požadovaných  konstr. (i ztracené) s úpravou  dle požadované  kvality povrchu betonu, včetně odbedňovacích a odskružovacích prostředků,  \n- podpěrné  konstr. (skruže) a lešení všech druhů pro bednění, uložení čerstvého betonu, výztuže a doplňkových konstr., vč. požadovaných otvorů, ochranných a bezpečnostních opatření a základů těchto konstrukcí a lešení,  \n- vytvoření kotevních čel, kapes, nálitků, a sedel,  \n- zřízení  všech  požadovaných  otvorů, kapes, výklenků, prostupů, dutin, drážek a pod., vč. ztížení práce a úprav  kolem nich,  \n- úpravy pro osazení výztuže, doplňkových konstrukcí a vybavení,  \n- úpravy povrchu pro položení požadované izolace, povlaků a nátěrů, případně vyspravení,  \n- ztížení práce u kabelových a injektážních trubek a ostatních zařízení osazovaných do betonu,  \n- konstrukce betonových kloubů, upevnění kotevních prvků a doplňkových konstrukcí,  \n- nátěry zabraňující soudržnost betonu a bednění,  \n- výplň, těsnění  a tmelení spar a spojů,  \n- opatření  povrchů  betonu  izolací  proti zemní vlhkosti v částech, kde přijdou do styku se zeminou nebo kamenivem,  \n- případné zřízení spojovací vrstvy u základů,  \n- úpravy pro osazení zařízení ochrany konstrukce proti vlivu bludných proudů"]
["P","16","451314","","PODKLADNÍ A VÝPLŇOVÉ VRSTVY Z PROSTÉHO BETONU C20/25","M3",11.547,{"v":2328.09,"d":"2,328.09"},{"v":26882.46,"d":"26,882.46"},{"$nulls":5},5645.3166,"2"]
["PP",{"$nulls":3},"OBRUBNÍKY - Betonové lože C20/25-XF3 pod betonové silniční obrubníky 150x250x1000mm \n=(63,938+23,532)*0,100m2=8,747m3 \nOBRUBNÍKY - Betonové lože C20/25-XF3 pod betonové bezbariérové obrubníky přímé HK 400x290x1000mm \n=12,000*0,200m2=2,400m3 \nOBRUBNÍKY - Betonové lože C20/25-XF3 pod betonové bezbariérové obrubníky náběhové levé 400x290-250x1000mm \n=1,000*0,200m2=0,200m3 \nOBRUBNÍKY - Betonové lože C20/25-XF3 pod betonové bezbariérové obrubníky náběhové pravé 400x290-250x1000mm \n=1,000*0,200m2=0,200m3 \nKubatura vypočtena pomocí grafického softwaru AutoCad (z grafického výkresu)"]
["VV",{"$nulls":3},"Celkem: (63,938+23,532)*0,1=8,747 [A] \nCelkem: 12*0,2=2,400 [B] \nCelkem: 1*0,2=0,200 [C] \nCelkem: 1*0,2=0,200 [D] \nCelkem: A+B+C+D=11,547 [E]"]
["TS",{"$nulls":3},"- dodání  čerstvého  betonu  (betonové  směsi)  požadované  kvality,  jeho  uložení  do požadovaného tvaru při jakékoliv hustotě výztuže, konzistenci čerstvého betonu a způsobu hutnění, ošetření a ochranu betonu,  \n- zhotovení nepropustného, mrazuvzdorného betonu a betonu požadované trvanlivosti a vlastností,  \n- užití potřebných přísad a technologií výroby betonu,  \n- zřízení pracovních a dilatačních spar, včetně potřebných úprav, výplně, vložek, opracování, očištění a ošetření,  \n- bednění  požadovaných  konstr. (i ztracené) s úpravou  dle požadované  kvality povrchu betonu, včetně odbedňovacích a odskružovacích prostředků,  \n- podpěrné  konstr. (skruže) a lešení všech druhů pro bednění, uložení čerstvého betonu, výztuže a doplňkových konstr., vč. požadovaných otvorů, ochranných a bezpečnostních opatření a základů těchto konstrukcí a lešení,  \n- vytvoření kotevních čel, kapes, nálitků, a sedel,  \n- zřízení  všech  požadovaných  otvorů, kapes, výklenků, prostupů, dutin, drážek a pod., vč. ztížení práce a úprav  kolem nich,  \n- úpravy pro osazení výztuže, doplňkových konstrukcí a vybavení,  \n- úpravy povrchu pro položení požadované izolace, povlaků a nátěrů, případně vyspravení,  \n- ztížení práce u kabelových a injektážních trubek a ostatních zařízení osazovaných do betonu,  \n- konstrukce betonových kloubů, upevnění kotevních prvků a doplňkových konstrukcí,  \n- nátěry zabraňující soudržnost betonu a bednění,  \n- výplň, těsnění  a tmelení spar a spojů,  \n- opatření  povrchů  betonu  izolací  proti zemní vlhkosti v částech, kde přijdou do styku se zeminou nebo kamenivem,  \n- případné zřízení spojovací vrstvy u základů,  \n- úpravy pro osazení zařízení ochrany konstrukce proti vlivu bludných proudů"]
["P","17","465923","","PŘEDLÁŽDĚNÍ DLAŽBY Z BETON DLAŽDIC","M2",9.401,460.41,{"v":4328.31,"d":"4,328.31"},{"$nulls":5},908.9451000000001,"2"]
["PP",{"$nulls":3},"BOURACÍ PRÁCE - Předláždění krytu z betonové dlažby tl. 60mm \nPlocha vypočtena pomocí grafického softwaru AutoCad (z grafického výkresu)"]
["VV",{"$nulls":3},"Celkem: 9,401=9,401 [A]"]
["TS",{"$nulls":3},"- pod pojmem *předláždění* se rozumí rozebrání stávající dlažby a pokládka dlažby ze stávajícího dlažebního materiálu (bez dodávky nového) \n- zahrnuje nezbytnou manipulaci s tímto materiálem (nakládání, doprava, složení, očištění) \n- dodání a rozprostření materiálu pro lože a jeho tloušťku předepsanou dokumentací a pro předepsanou výplň spar \n- nutné zemní práce (svahování, úpravu pláně a pod.) \n- nezahrnuje podklad pod dlažbu, vykazuje se samostatně položkami SD 45"]
["SD",null,"5",null,"Komunikace",{"$nulls":3},{"v":481291.58999999997,"d":"481,291.59"},{"$nulls":5},101071.2339,null,481291.58999999997,101071.2339]
["P","18","56310","","VOZOVKOVÉ VRSTVY Z MECHANICKY ZPEVNĚNÉHO KAMENIVA","M3",61.099,{"v":1377.74,"d":"1,377.74"},{"v":84178.54,"d":"84,178.54"},{"$nulls":5},17677.4934,"2"]
["PP",{"$nulls":3},"ÚPRAVA Č. 1 - Druhá podkladní vrstva - Mechanicky zpevněné kamenivo MZK tl. 150mm + hutnění \nKubatura vypočtena pomocí grafického softwaru AutoCad (z grafického výkresu)"]
["VV",{"$nulls":3},"Celkem: 407,325*0,15=61,099 [A]"]
["TS",{"$nulls":3},"- dodání kameniva předepsané kvality a zrnitosti \n- rozprostření a zhutnění vrstvy v předepsané tloušťce \n- zřízení vrstvy bez rozlišení šířky, pokládání vrstvy po etapách \n- nezahrnuje postřiky, nátěry"]
["P","19","56330","","VOZOVKOVÉ VRSTVY ZE ŠTĚRKODRTI","M3",66.134,891.13,{"v":58933.99,"d":"58,933.99"},{"$nulls":5},12376.1379,"2"]
["PP",{"$nulls":3},"ÚPRAVA Č. 1 - První podkladní vrstva - Štěrkodrť ŠDA 0/63 tl. 150 mm + hutnění \nKubatura vypočtena pomocí grafického softwaru AutoCad (z grafického výkresu)"]
["VV",{"$nulls":3},"Celkem: 440,895*0,15=66,134 [A]"]
["TS",{"$nulls":3},"- dodání kameniva předepsané kvality a zrnitosti \n- rozprostření a zhutnění vrstvy v předepsané tloušťce \n- zřízení vrstvy bez rozlišení šířky, pokládání vrstvy po etapách \n- nezahrnuje postřiky, nátěry"]
["P","20","56340","","VRSTVY ZE ŠTĚRKOPÍSKU","M3",4.176,{"v":1030.55,"d":"1,030.55"},{"v":4303.58,"d":"4,303.58"},{"$nulls":5},903.7517999999999,"2"]
["PP",{"$nulls":3},"ULIČNÍ VPUSTI - Štěrkopísek fr.0/4 \nKubatura vypočtena pomocí grafického softwaru AutoCad (z grafického výkresu)"]
["VV",{"$nulls":3},"Celkem: 9,28*0,45=4,176 [A]"]
["TS",{"$nulls":3},"- dodání kameniva předepsané kvality a zrnitosti \n- rozprostření a zhutnění vrstvy v předepsané tloušťce \n- zřízení vrstvy bez rozlišení šířky, pokládání vrstvy po etapách \n- nezahrnuje postřiky, nátěry"]
["P","21","572121","","INFILTRAČNÍ POSTŘIK ASFALTOVÝ DO 1,0KG/M2","M2",429.475,26.25,{"v":11273.72,"d":"11,273.72"},{"$nulls":5},2367.4812,"2"]
["PP",{"$nulls":3},"ÚPRAVA Č. 1 - Infiltrační postřik z asfaltové emulze, zbytkové množství pojiva 1,00kg/m2 \nPlocha vypočtena pomocí grafického softwaru AutoCad (z grafického výkresu)"]
["VV",{"$nulls":3},"Celkem: 429,475=429,475 [A]"]
["TS",{"$nulls":3},"- dodání všech předepsaných materiálů pro postřiky v předepsaném množství \n- provedení dle předepsaného technologického předpisu \n- zřízení vrstvy bez rozlišení šířky, pokládání vrstvy po etapách \n- úpravu napojení, ukončení"]
["P","22","572213","","SPOJOVACÍ POSTŘIK Z EMULZE DO 0,5KG/M2","M2",454.376,16.98,{"v":7715.3,"d":"7,715.30"},{"$nulls":5},1620.2130000000002,"2"]
["PP",{"$nulls":3},"ÚPRAVA Č. 1 - Spojovací postřik kationaktivní emulzí C 60 BP3, zbytkové množství pojiva 0,40 kg/m2 \nPlocha vypočtena pomocí grafického softwaru AutoCad (z grafického výkresu)"]
["VV",{"$nulls":3},"Celkem: 454,376=454,376 [A]"]
["TS",{"$nulls":3},"- dodání všech předepsaných materiálů pro postřiky v předepsaném množství \n- provedení dle předepsaného technologického předpisu \n- zřízení vrstvy bez rozlišení šířky, pokládání vrstvy po etapách \n- úpravu napojení, ukončení"]
["P","23","57472","","VOZOVKOVÉ VÝZTUŽNÉ VRSTVY Z TEXTILIE","M2",440.895,71.74,{"v":31629.81,"d":"31,629.81"},{"$nulls":5},6642.2601,"2"]
["PP",{"$nulls":3},"Úprava č. 1 - Tkaná separační / výztužná geotextilie - pevnost v tahu i podélně 80kN/m, odolnost proti protržení CBR - 10kN \nPlocha vypočtena pomocí grafického softwaru AutoCad (z grafického výkresu)"]
["VV",{"$nulls":3},"Celkem: 440,895=440,895 [A]"]
["TS",{"$nulls":3},"- dodání textilie v požadované kvalitě a v množství včetně přesahů (přesahy započteny v jednotkové ceně) \n- očištění podkladu \n- pokládka textilie dle předepsaného technologického předpisu"]
["P","24","57475","","VOZOVKOVÉ VÝZTUŽNÉ VRSTVY Z GEOMŘÍŽOVINY","M2",124.921,133.87,{"v":16723.17,"d":"16,723.17"},{"$nulls":5},3511.8656999999994,"2"]
["PP",{"$nulls":3},"ÚPRAVA Č. 1 - Výztužná geomříž \nPlocha vypočtena pomocí grafického softwaru AutoCad (z grafického výkresu)"]
["VV",{"$nulls":3},"Celkem: 124,921=124,921 [A]"]
["TS",{"$nulls":3},"- dodání geomříže v požadované kvalitě a v množství včetně přesahů (přesahy započteny v jednotkové ceně) \n- očištění podkladu \n- pokládka geomříže dle předepsaného technologického předpisu"]
["P","25","574A33","","ASFALTOVÝ BETON PRO OBRUSNÉ VRSTVY ACO 11 TL. 40MM","M2",454.376,{"v":249.2,"d":"249.20"},{"v":113230.5,"d":"113,230.50"},{"$nulls":5},23778.405,"2"]
["PP",{"$nulls":3},"ÚPRAVA Č. 1 - Asfaltový beton pro obrusné vrstvy ACO 11, tl. 40mm + hutnění \nPlocha vypočtena pomocí grafického softwaru AutoCad (z grafického výkresu)"]
["VV",{"$nulls":3},"Celkem: 454,376=454,376 [A]"]
["TS",{"$nulls":3},"- dodání směsi v požadované kvalitě \n- očištění podkladu \n- uložení směsi dle předepsaného technologického předpisu, zhutnění vrstvy v předepsané tloušťce \n- zřízení vrstvy bez rozlišení šířky, pokládání vrstvy po etapách, včetně pracovních spar a spojů \n- úpravu napojení, ukončení podél obrubníků, dilatačních zařízení, odvodňovacích proužků, odvodňovačů, vpustí, šachet a pod. \n- nezahrnuje postřiky, nátěry \n- nezahrnuje těsnění podél obrubníků, dilatačních zařízení, odvodňovacích proužků, odvodňovačů, vpustí, šachet a pod."]
["P","26","574C67","","ASFALTOVÝ BETON PRO LOŽNÍ VRSTVY ACL 22 TL. 70MM","M2",429.475,347.72,{"v":149337.05,"d":"149,337.05"},{"$nulls":5},31360.780499999997,"2"]
["PP",{"$nulls":3},"ÚPRAVA Č. 1 - Asfaltový beton pro ložné vrstvy ACL 22, tl. 70mm + hutnění \nPlocha vypočtena pomocí grafického softwaru AutoCad (z grafického výkresu)"]
["VV",{"$nulls":3},"Celkem: 429,475=429,475 [A]"]
["TS",{"$nulls":3},"- dodání směsi v požadované kvalitě \n- očištění podkladu \n- uložení směsi dle předepsaného technologického předpisu, zhutnění vrstvy v předepsané tloušťce \n- zřízení vrstvy bez rozlišení šířky, pokládání vrstvy po etapách, včetně pracovních spar a spojů \n- úpravu napojení, ukončení podél obrubníků, dilatačních zařízení, odvodňovacích proužků, odvodňovačů, vpustí, šachet a pod. \n- nezahrnuje postřiky, nátěry \n- nezahrnuje těsnění podél obrubníků, dilatačních zařízení, odvodňovacích proužků, odvodňovačů, vpustí, šachet a pod."]
["P","27","58920","","VÝPLŇ SPAR MODIFIKOVANÝM ASFALTEM","M",105.758,{"v":37.5,"d":"37.50"},{"v":3965.93,"d":"3,965.93"},{"$nulls":5},832.8453,"2"]
["PP",{"$nulls":3},"ÚPRAVA Č. 1 - Asfaltová zálivka \nDélka vypočtena pomocí grafického softwaru AutoCad (z grafického výkresu)"]
["VV",{"$nulls":3},"Celkem: 17,486+74,387+13,885=105,758 [A]"]
["TS",{"$nulls":3},"položka zahrnuje: \n- dodávku předepsaného materiálu \n- vyčištění a výplň spar tímto materiálem"]
["SD",null,"8",null,"Potrubí",{"$nulls":3},{"v":13159.51,"d":"13,159.51"},{"$nulls":5},2763.4970999999996,null,13159.51,2763.4970999999996]
["P","28","87433","","POTRUBÍ Z TRUB PLASTOVÝCH ODPADNÍCH DN DO 150MM","M",{"v":9.28,"d":"9.280"},428.54,{"v":3976.85,"d":"3,976.85"},{"$nulls":5},835.1384999999999,"2"]
["PP",{"$nulls":3},"ULIČNÍ VPUSTI - Přípojky do dešťové kanalizace DN=150mm včetně odbočných tvarovek s hrdly a těsnění \nUV-43-L (0,08170) > dl. přípojky 9,280m (DN=150mm) \nDélka vypočtena pomocí grafického softwaru AutoCad (z grafického výkresu)"]
["VV",{"$nulls":3},"Celkem: 9,28=9,280 [A]"]
["TS",{"$nulls":3},"položky pro zhotovení potrubí platí bez ohledu na sklon \nzahrnuje: \n- výrobní dokumentaci (včetně technologického předpisu)  \n- dodání veškerého trubního a pomocného materiálu  (trouby,  trubky,  tvarovky,  spojovací a těsnící  materiál a pod.), podpěrných, závěsných a upevňovacích prvků, včetně potřebných úprav  \n- úprava a příprava podkladu a podpěr, očištění a ošetření podkladu a podpěr  \n- zřízení plně funkčního potrubí, kompletní soustavy, podle příslušného technologického předpisu  \n- zřízení potrubí i jednotlivých částí po etapách, včetně pracovních spar a spojů, pracovního zaslepení konců a pod.  \n- úprava prostupů, průchodů  šachtami a komorami, okolí podpěr a vyústění, zaústění, napojení, vyvedení a upevnění odpad. výustí  \n- ochrana potrubí nátěrem (vč. úpravy povrchu), případně izolací, nejsou-li tyto práce předmětem jiné položky  \n- úprava, očištění a ošetření prostoru kolem potrubí  \n- položky platí pro práce prováděné v prostoru zapaženém i nezapaženém a i v kolektorech, chráničkách  \n- položky zahrnují i práce spojené s nutnými obtoky, převáděním a čerpáním vody  \nnezahrnuje zkoušky vodotěsnosti a televizní prohlídku"]
["P","29","89712","","VPUSŤ KANALIZAČNÍ ULIČNÍ KOMPLETNÍ Z BETONOVÝCH DÍLCŮ","KUS",{"v":1,"d":"1.000"},{"v":9182.66,"d":"9,182.66"},{"v":9182.66,"d":"9,182.66"},{"$nulls":5},1928.3585999999998,"2"]
["PP",{"$nulls":3},"ULIČNÍ VPUSTI - Uliční vpust se sifonem a kalovým košem s napojením do dešťové kanalizace DN=150mm \nUV-43-L (0,08170) > dl. přípojky 9,280m (DN=150mm) \nPočet vypočten pomocí grafického softwaru AutoCad (z grafického výkresu)"]
["VV",{"$nulls":3},"Celkem: 1=1,000 [A]"]
["TS",{"$nulls":3},"položka zahrnuje: \n- dodávku a osazení předepsaných dílů včetně mříže \n- výplň, těsnění  a tmelení spar a spojů, \n- opatření  povrchů  betonu  izolací  proti zemní vlhkosti v částech, kde přijdou do styku se zeminou nebo kamenivem, \n- předepsané podkladní konstrukce"]
["SD",null,"9",null,"Ostatní konstrukce a práce",{"$nulls":3},{"v":124067.65999999999,"d":"124,067.66"},{"$nulls":5},26054.208599999998,null,124067.65999999999,26054.208599999998]
["P","30","914111","","DOPRAVNÍ ZNAČKY ZÁKLADNÍ VELIKOSTI OCELOVÉ NEREFLEXNÍ - DOD A MONTÁŽ","KUS",{"v":5,"d":"5.000"},{"v":2614.68,"d":"2,614.68"},{"v":13073.4,"d":"13,073.40"},{"$nulls":5},2745.4139999999998,"2"]
["PP",{"$nulls":3},"DOPRAVNÍ ZNAČENÍ - Svislé dopravní značení - Dodávka a montáž (veškeré prvky svislého dopravního značení budou opatřeny pozinkováním) \n2xB1 - Zákaz vjezdu všech vozidel (v obou směrech) \n2xE13 - Text \n1xP6 - Stůj, dej přednost v jízdě! \nPočet vypočten pomocí grafického softwaru AutoCad (z grafického výkresu)"]
["VV",{"$nulls":3},"Celkem: 2+2+1=5,000 [A]"]
["TS",{"$nulls":3},"položka zahrnuje: \n- dodávku a montáž značek v požadovaném provedení"]
["P","31","914113","","DOPRAVNÍ ZNAČKY ZÁKLADNÍ VELIKOSTI OCELOVÉ NEREFLEXNÍ - DEMONTÁŽ","KUS",{"v":4,"d":"4.000"},203.71,814.84,{"$nulls":5},171.1164,"2"]
["PP",{"$nulls":3},"BOURACÍ PRÁCE - Odstranění stávajícího svislého dopravního značení včetně odvozu a likvidace v režii zhotovitele \n2xB1 - Zákaz vjezdu všech vozidel (v obou směrech) \n2xE13 - Text \nPočet vypočten pomocí grafického softwaru AutoCad (z grafického výkresu)"]
["VV",{"$nulls":3},"Celkem: 2+2=4,000 [A]"]
["TS",{"$nulls":3},"Položka zahrnuje odstranění, demontáž a odklizení materiálu s odvozem na předepsané místo"]
["P","32","915111","","VODOROVNÉ DOPRAVNÍ ZNAČENÍ BARVOU HLADKÉ - DODÁVKA A POKLÁDKA","M2",23.875,{"v":128.2,"d":"128.20"},{"v":3060.78,"d":"3,060.78"},{"$nulls":5},642.7638000000001,"2"]
["PP",{"$nulls":3},"DOPRAVNÍ ZNAČENÍ - Vodorovné dopravní značení - Zastávka autobusu nebo trolejbusu - V11a - 9,500m2 - 1. značení barvou \n=9,500m2 \nDOPRAVNÍ ZNAČENÍ - Vodorovné dopravní značení - Příčná čára souvislá s nápisem „STOP“ - V6b - 0,500 - 1. značení barvou \n=8,750*0,500+10,000m2=14,375m2 \nPlocha vypočtena pomocí grafického softwaru AutoCad (z grafického výkresu)"]
["VV",{"$nulls":3},"Celkem: 9,5=9,500 [A] \nCelkem: 8,75*0,5+10=14,375 [B] \nCelkem: A+B=23,875 [C]"]
["TS",{"$nulls":3},"položka zahrnuje: \n- dodání a pokládku nátěrového materiálu (měří se pouze natíraná plocha) \n- předznačení a reflexní úpravu"]
["P","33","915221","","VODOR DOPRAV ZNAČ PLASTEM STRUKTURÁLNÍ NEHLUČNÉ - DOD A POKLÁDKA","M2",23.875,355.03,{"v":8476.34,"d":"8,476.34"},{"$nulls":5},1780.0314,"2"]
["PP",{"$nulls":3},"DOPRAVNÍ ZNAČENÍ - Vodorovné dopravní značení - Zastávka autobusu nebo trolejbusu - V11a - 9,500m2 - 2. značení strukturovaným plastem \n=9,500m2 \nDOPRAVNÍ ZNAČENÍ - Vodorovné dopravní značení - Příčná čára souvislá s nápisem „STOP“ - V6b - 0,500 - 2. značení strukturovaným plastem \n=8,750*0,500+10,000m2=14,375m2 \nPlocha vypočtena pomocí grafického softwaru AutoCad (z grafického výkresu)"]
["VV",{"$nulls":3},"Celkem: 9,5=9,500 [A] \nCelkem: 8,75*0,5+10=14,375 [B] \nCelkem: A+B=23,875 [C]"]
["TS",{"$nulls":3},"položka zahrnuje: \n- dodání a pokládku nátěrového materiálu (měří se pouze natíraná plocha) \n- předznačení a reflexní úpravu"]
["P","34","917224","","SILNIČNÍ A CHODNÍKOVÉ OBRUBY Z BETONOVÝCH OBRUBNÍKŮ ŠÍŘ 150MM","M",{"v":87.47,"d":"87.470"},384.22,{"v":33607.72,"d":"33,607.72"},{"$nulls":5},7057.6212,"2"]
["PP",{"$nulls":3},"OBRUBNÍKY - Betonové silniční obrubníky 150x250x1000mm \nDélka vypočtena pomocí grafického softwaru AutoCad (z grafického výkresu)"]
["VV",{"$nulls":3},"Celkem: 63,938+23,532=87,470 [A]"]
["TS",{"$nulls":3},"Položka zahrnuje: \ndodání a pokládku betonových obrubníků o rozměrech předepsaných zadávací dokumentací \nbetonové lože i boční betonovou opěrku."]
["P","35","91725","","NÁSTUPIŠTNÍ OBRUBNÍKY BETONOVÉ","M",{"v":14,"d":"14.000"},{"v":3328.17,"d":"3,328.17"},{"v":46594.38,"d":"46,594.38"},{"$nulls":5},9784.8198,"2"]
["PP",{"$nulls":3},"OBRUBNÍKY - Betonové bezbariérové obrubníky přímé HK 400x290x1000mm \n=12,000m \nOBRUBNÍKY - Betonové bezbariérové obrubníky náběhové levé 400x290-250x1000mm \n=1,000m \nOBRUBNÍKY - Betonové bezbariérové obrubníky náběhové pravé 400x290-250x1000mm \n=1,000m \nDélka vypočtena pomocí grafického softwaru AutoCad (z grafického výkresu)"]
["VV",{"$nulls":3},"Celkem: 12=12,000 [A] \nCelkem: 1=1,000 [B] \nCelkem: 1=1,000 [C] \nCelkem: A+B+C=14,000 [D]"]
["TS",{"$nulls":3},"Položka zahrnuje: \ndodání a pokládku betonových obrubníků o rozměrech předepsaných zadávací dokumentací \nbetonové lože i boční betonovou opěrku."]
["P","36","93318-R","","STATICKÁ ZATĚŽOVACÍ ZKOUŠKA","KUS",{"v":6,"d":"6.000"},{"v":2910.11,"d":"2,910.11"},{"v":17460.66,"d":"17,460.66"},{"$nulls":5},3666.7385999999997,"2"]
["PP",{"$nulls":3},"ZKOUŠKA - Statická zatěžovací zkouška na pláni zemního tělesa, 1. podkladní vrstvě (podsypu, ochranné vrstvě) a 2. podkladní vrstvě vozovky včetně vyhotovení protokolů a geodetického zaměření míst statických zatěžovacích zkoušek \n=3kus*4kus=12kus \nVzdálenost: 2*155km=310km (1 výjezd) \nPočet zkoušek za jeden pracovní den: 12kus (celkem 1 pracovní den = výjezd) \nCena za 1kus: 1kus*1350,00Kč/kus+1*310km*5,50Kč/km/12kus=1492,08Kč/kus \nPočet vypočten pomocí grafického softwaru AutoCad (z grafického výkresu)"]
["VV",{"$nulls":3},"Celkem: 6=6,000 [A]"]
["TS",{"$nulls":3},"- podklady a dokumentaci zkoušky  \n- výrobní dokumentace potřebných zařízení  \n- stavební práce spojené s přípravou a provedením zkoušky (zřízení a odstranění)  \n- veškerá zkušební zařízení vč. opotřebení a nájmu  \n- výpomoce při vlastní zkoušce  \n- dodání zatěžovacích prostředků a hmot, manipulaci s nimi a jejich opotřebení a nájem  \n- přeprava zatěžovacích prostředků a hmot na stavbu a zpět, včetně zajížďky k váze a vážních poplatků  \n- provedení vlastní zkoušky a její vyhodnocení, včetně všech měření a dalších potřebných činností"]
["P","37","966158","","BOURÁNÍ KONSTRUKCÍ Z PROST BETONU S ODVOZEM DO 20KM","M3",{"v":1.4,"d":"1.400"},699.67,979.54,{"$nulls":5},205.7034,"2"]
["PP",{"$nulls":3},"BOURACÍ PRÁCE - Odstranění betonového lože betonových silničních obrubníků včetně odvozu a uložení na skládku do 20km \n=1,400m3*2,300t/m3=3,220t \nKubatura vypočtena pomocí grafického softwaru AutoCad (z grafického výkresu)"]
["VV",{"$nulls":3},"Celkem: 14*0,1=1,400 [A]"]
["TS",{"$nulls":3},"položka zahrnuje: \n- rozbourání konstrukce bez ohledu na použitou technologii \n- veškeré pomocné konstrukce (lešení a pod.) \n- veškerou manipulaci s vybouranou sutí a hmotami včetně uložení na skládku. Nezahrnuje poplatek za skládku, který se vykazuje v položce 0141** (s výjimkou malého množství bouraného materiálu, kde je možné poplatek zahrnout do jednotkové ceny bourání – tento fakt musí být uveden v doplňujícím textu k položce) \n- veškeré další práce plynoucí z technologického předpisu a z platných předpisů"]

{"sheet":"SO 101_SO 101.05","index":7,"n_rows":159,"n_cols":18,"rows_kept":159,"merged":[[2,2,2,3],[3,2,3,3],[4,2,4,3],[5,0,6,0],[5,1,6,1],[5,2,6,2],[5,3,6,3],[5,4,6,4],[5,5,6,5],[5,6,6,6],[5,7,5,8]],"flags":["formulas_cached_only"]}
["ASPE10",{"$nulls":3},"Firma: -",{"$nulls":10},"3"]
[{"$nulls":4},"Příloha k formuláři pro ocenění nabídky",{"$nulls":9},107072.2611,"3"]
["S","Stavba: ","2018648",null,"III/3272 HLÍZOV",null,null,"SO 101.05",{"v":509867.91000000003,"d":"509,867.91"},{"$nulls":5},"0,00","2"]
["O","Objekt:","SO 101",null,"SILNICE III/3272 (KSÚS SK)",{"$nulls":9},"15,00","2"]
["O1","Rozpočet:","SO 101.05",null,"MÍSTNÍ KOMUNIKACE 03 (KSÚS SK)",{"$nulls":9},"21,00","2"]
["Typ","Poř. číslo","Kód položky","Varianta","Název položky","MJ","Množství","Cena"]
[{"$nulls":7},"Jednotková","Celkem"]
["0","1","2","3","4","5","6","9","10"]
["SD",null,"0",null,"Všeobecné konstrukce a práce",{"$nulls":3},{"v":27954.29,"d":"27,954.29"},{"$nulls":5},5870.400900000001,null,27954.29,5870.400900000001]
["P","1","014102","01","POPLATKY ZA SKLÁDKU","T",92.335,110.58,{"v":10210.4,"d":"10,210.40"},{"$nulls":5},2144.1839999999997,"2"]
["PP",{"$nulls":3},"SKLÁDKA - Uložení asfaltové suti na skládku  \nViz položka č. 5"]
["VV",{"$nulls":3},"Celkem: 0,631+0,552+91,152=92,335 [A]"]
["TS",{"$nulls":3},"zahrnuje veškeré poplatky provozovateli skládky související s uložením odpadu na skládce."]
["P","2","014102","02","POPLATKY ZA SKLÁDKU","T",1.166,110.58,128.94,{"$nulls":5},27.077399999999997,"2"]
["PP",{"$nulls":3},"SKLÁDKA - Uložení stavební suti na skládku \nViz položky č. 4 a 36"]
["VV",{"$nulls":3},"Celkem: 0,389+0,777=1,166 [A]"]
["TS",{"$nulls":3},"zahrnuje veškeré poplatky provozovateli skládky související s uložením odpadu na skládce."]
["P","3","014102","03","POPLATKY ZA SKLÁDKU","T",318.592,55.29,{"v":17614.95,"d":"17,614.95"},{"$nulls":5},3699.1395,"2"]
["PP",{"$nulls":3},"SKLÁDKA - Uložení zeminy na skládku \nViz položka č. 9"]
["VV",{"$nulls":3},"Celkem: 318,592=318,592 [A]"]
["TS",{"$nulls":3},"zahrnuje veškeré poplatky provozovateli skládky související s uložením odpadu na skládce."]
["SD",null,"1",null,"Zemní práce",{"$nulls":3},{"v":98467.97,"d":"98,467.97"},{"$nulls":5},20678.273699999994,null,98467.97,20678.273699999994]
["P","4","113524","","ODSTRANĚNÍ CHODNÍKOVÝCH OBRUBNÍKŮ BETONOVÝCH, ODVOZ DO 20KM","M",3.383,77.31,261.54,{"$nulls":5},54.9234,"2"]
["PP",{"$nulls":3},"BOURACÍ PRÁCE - Odstranění betonových silničních obrubníků včetně odvozu a uložení na skládku do 20km \n=3,383*0,050m2*2,300t/m3=0,389t \nDélka vypočtena pomocí grafického softwaru AutoCad (z grafického výkresu)"]
["VV",{"$nulls":3},"Celkem: 2,383+1=3,383 [A]"]
["TS",{"$nulls":3},"Položka zahrnuje veškerou manipulaci s vybouranou sutí a s vybouranými hmotami vč. uložení na skládku. Nezahrnuje poplatek za skládku, který se vykazuje v položce 0141** (s výjimkou malého množství bouraného materiálu, kde je možné poplatek zahrnout do jednotkové ceny bourání – tento fakt musí být uveden v doplňujícím textu k položce)."]
["P","5","113728","","FRÉZOVÁNÍ ZPEVNĚNÝCH PLOCH ASFALTOVÝCH, ODVOZ DO 20KM","M3",38.473,{"v":1417.12,"d":"1,417.12"},{"v":54520.86,"d":"54,520.86"},{"$nulls":5},11449.3806,"2"]
["PP",{"$nulls":3},"BOURACÍ PRÁCE - Odfrézování asfaltových vrstev v tl. 40mm (asfalt) (napojení na stávající stav) včetně odvozu a uložení na skládku do 20km \n=6,580m2*0,040=0,263m3 \n=0,263m3*2,400t/m3=0,631t \nBOURACÍ PRÁCE - Odfrézování asfaltových vrstev v tl. 70mm (asfalt) (napojení na stávající stav) včetně odvozu a uložení na skládku do 20km \n=3,290m2*0,070=0,230m3 \n=0,230m3*2,400t/m3=0,552t \nBOURACÍ PRÁCE - Odfrézování asfaltových vrstev v tl. 110mm (asfalt) vozovky včetně odvozu a uložení na skládku do 20km \n=345,277m2*0,110=37,980m3 \n=37,980m3*2,400t/m3=91,152t \nKubatura vypočtena pomocí grafického softwaru AutoCad (z grafického výkresu)"]
["VV",{"$nulls":3},"Celkem: 6,58*0,04=0,263 [A] \nCelkem: 3,29*0,07=0,230 [B] \nCelkem: 345,277*0,11=37,980 [C] \nCelkem: A+B+C=38,473 [D]"]
["TS",{"$nulls":3},"Položka zahrnuje veškerou manipulaci s vybouranou sutí a s vybouranými hmotami vč. uložení na skládku. Nezahrnuje poplatek za skládku, který se vykazuje v položce 0141** (s výjimkou malého množství bouraného materiálu, kde je možné poplatek zahrnout do jednotkové ceny bourání – tento fakt musí být uveden v doplňujícím textu k položce)."]
["P","6","113763","","FRÉZOVÁNÍ DRÁŽKY PRŮŘEZU DO 300MM2 V ASFALTOVÉ VOZOVCE","M",73.604,39.58,{"v":2913.25,"d":"2,913.25"},{"$nulls":5},611.7825,"2"]
["PP",{"$nulls":3},"ÚPRAVA Č. 1 - Prořezání drážky v pracovní spáře \n=9,826+35,122=44,984m \nÚPRAVA Č. 2 - Prořezání drážky v pracovní spáře \n=6,660+21,996=28,656m \nDélka vypočtena pomocí grafického softwaru AutoCad (z grafického výkresu)"]
["VV",{"$nulls":3},"Celkem: 9,826+35,122=44,948 [A] \nCelkem: 6,66+21,996=28,656 [B] \nCelkem: A+B=73,604 [C]"]
["TS",{"$nulls":3},"Položka zahrnuje veškerou manipulaci s vybouranou sutí a s vybouranými hmotami vč. uložení na skládku."]
["P","7","121104","","SEJMUTÍ ORNICE NEBO LESNÍ PŮDY S ODVOZEM DO 5KM","M3",2.907,154.61,449.45,{"$nulls":5},94.38449999999999,"2"]
["PP",{"$nulls":3},"ZEMNÍ PRÁCE - Odhumusování plochy v tl. 150mm, která bude zasažena výkopovými pracemi a úpravou terénu včetně odvozu a uložení zeminy na deponii stavby do 5km (využití na zpětné ohumusování) \n=2,907m3*1,900t/m3=5,523t \nKubatura vypočtena pomocí grafického softwaru AutoCad (z grafického výkresu)"]
["VV",{"$nulls":3},"Celkem: (11,035+8,342)*0,15=2,907 [A]"]
["TS",{"$nulls":3},"položka zahrnuje sejmutí ornice bez ohledu na tloušťku vrstvy a její vodorovnou dopravu \nnezahrnuje uložení na trvalou skládku"]
["P","8","125734","","VYKOPÁVKY ZE ZEMNÍKŮ A SKLÁDEK TŘ. I, ODVOZ DO 5KM","M3",13.771,98.94,{"v":1362.5,"d":"1,362.50"},{"$nulls":5},286.125,"2"]
["PP",{"$nulls":3},"ZEMNÍ PRÁCE - Vykopávka a doprava zeminy z deponie stavby do 5km na místo zpětného ohumusování \n=13,771m3*1,900t/m3=26,165t \nKubatura vypočtena pomocí grafického softwaru AutoCad (z grafického výkresu)"]
["VV",{"$nulls":3},"Celkem: (83,565+0,647+7,592)*0,15=13,771 [A]"]
["TS",{"$nulls":3},"položka zahrnuje: \n- vodorovná a svislá doprava, přemístění, přeložení, manipulace s výkopkem \n- kompletní provedení vykopávky nezapažené i zapažené \n- ošetření výkopiště po celou dobu práce v něm vč. klimatických opatření \n- ztížení vykopávek v blízkosti podzemního vedení, konstrukcí a objektů vč. jejich dočasného zajištění \n- ztížení pod vodou, v okolí výbušnin, ve stísněných prostorech a pod. \n- příplatek za lepivost \n- těžení po vrstvách, pásech a po jiných nutných částech (figurách) \n- čerpání vody vč. čerpacích jímek, potrubí a pohotovostní čerpací soupravy (viz ustanovení k pol. 1151,2) \n- potřebné snížení hladiny podzemní vody \n- těžení a rozpojování jednotlivých balvanů \n- vytahování a nošení výkopku \n- ruční vykopávky, odstranění kořenů a napadávek \n- pažení, vzepření a rozepření vč. přepažování (vyjma štětových stěn) \n- úpravu, ochranu a očištění dna, základové spáry, stěn a svahů \n- udržování výkopiště a jeho ochrana proti vodě \n- odvedení nebo obvedení vody v okolí výkopiště a ve výkopišti \n- třídění výkopku \n- veškeré pomocné konstrukce umožňující provedení vykopávky (příjezdy, sjezdy, nájezdy, lešení, podpěr. konstr., přemostění, zpevněné plochy, zakrytí a pod.) \npoložka nezahrnuje: \n- práce spojené s otvírkou zemníku"]
["P","9","131738","","HLOUBENÍ JAM ZAPAŽ I NEPAŽ TŘ. I, ODVOZ DO 20KM","M3",{"v":167.68,"d":"167.680"},154.61,{"v":25925,"d":"25,925.00"},{"$nulls":5},5444.25,"2"]
["PP",{"$nulls":3},"ZEMNÍ PRÁCE - Výkop zeminy pro stavební jámu v zemině tř. 1 včetně pažení a odvozu zeminy na skládku do 20km \n=167,680m3*1,900t/m3=318,592t \nKubatura vypočtena pomocí grafického softwaru AutoCad (z grafického výkresu)"]
["VV",{"$nulls":3},"Celkem: 167,68=167,680 [A]"]
["TS",{"$nulls":3},"položka zahrnuje: \n- vodorovná a svislá doprava, přemístění, přeložení, manipulace s výkopkem \n- kompletní provedení vykopávky nezapažené i zapažené \n- ošetření výkopiště po celou dobu práce v něm vč. klimatických opatření \n- ztížení vykopávek v blízkosti podzemního vedení, konstrukcí a objektů vč. jejich dočasného zajištění \n- ztížení pod vodou, v okolí výbušnin, ve stísněných prostorech a pod. \n- příplatek za lepivost \n- těžení po vrstvách, pásech a po jiných nutných částech (figurách) \n- čerpání vody vč. čerpacích jímek, potrubí a pohotovostní čerpací soupravy (viz ustanovení k pol. 1151,2) \n- potřebné snížení hladiny podzemní vody \n- těžení a rozpojování jednotlivých balvanů \n- vytahování a nošení výkopku \n- svahování a přesvah. svahů do konečného tvaru, výměna hornin v podloží a v pláni znehodnocené klimatickými vlivy \n- ruční vykopávky, odstranění kořenů a napadávek \n- pažení, vzepření a rozepření vč. přepažování (vyjma štětových stěn) \n- úpravu, ochranu a očištění dna, základové spáry, stěn a svahů \n- odvedení nebo obvedení vody v okolí výkopiště a ve výkopišti \n- třídění výkopku \n- veškeré pomocné konstrukce umožňující provedení vykopávky (příjezdy, sjezdy, nájezdy, lešení, podpěr. konstr., přemostění, zpevněné plochy, zakrytí a pod.) \n- nezahrnuje uložení zeminy (na skládku, do násypu) ani poplatky za skládku, vykazují se v položce č.0141**"]
["P","10","17481","","ZÁSYP JAM A RÝH Z NAKUPOVANÝCH MATERIÁLŮ","M3",6.771,241.57,{"v":1635.67,"d":"1,635.67"},{"$nulls":5},343.4907,"2"]
["PP",{"$nulls":3},"ZEMNÍ PRÁCE - Zásyp zeminou vhodnou do náspů, hutněno po vrstvách 300mm na 100% PS \nKubatura vypočtena pomocí grafického softwaru AutoCad (z grafického výkresu)"]
["VV",{"$nulls":3},"Celkem: 6,771=6,771 [A]"]
["TS",{"$nulls":3},"položka zahrnuje: \n- kompletní provedení zemní konstrukce včetně nákupu a dopravy materiálu dle zadávací dokumentace \n- úprava  ukládaného  materiálu  vlhčením,  tříděním,  promícháním  nebo  vysoušením,  příp. jiné úpravy za účelem zlepšení jeho  mech. vlastností \n- hutnění i různé míry hutnění  \n- ošetření úložiště po celou dobu práce v něm vč. klimatických opatření \n- ztížení v okolí vedení, konstrukcí a objektů a jejich dočasné zajištění \n- ztížení provádění vč. hutnění ve ztížených podmínkách a stísněných prostorech \n- ztížené ukládání sypaniny pod vodu \n- ukládání po vrstvách a po jiných nutných částech (figurách) vč. dosypávek \n- spouštění a nošení materiálu \n- výměna částí zemní konstrukce znehodnocené klimatickými vlivy \n- udržování úložiště a jeho ochrana proti vodě \n- odvedení nebo obvedení vody v okolí úložiště a v úložišti \n- veškeré  pomocné konstrukce umožňující provedení  zemní konstrukce  (příjezdy,  sjezdy,  nájezdy, lešení, podpěrné konstrukce, přemostění, zpevněné plochy, zakrytí a pod.)"]
["P","11","18110","","ÚPRAVA PLÁNĚ SE ZHUTNĚNÍM V HORNINĚ TŘ. I","M2",327.354,16.22,{"v":5309.68,"d":"5,309.68"},{"$nulls":5},1115.0328,"2"]
["PP",{"$nulls":3},"ÚPRAVA Č. 1 - Úprava a zhutnění parapláně \n=162,019m2 \nÚPRAVA Č. 1 - Úprava a zhutnění zemní pláně \n=165,335m2 \nPlocha vypočtena pomocí grafického softwaru AutoCad (z grafického výkresu)"]
["VV",{"$nulls":3},"Celkem: 162,019=162,019 [A] \nCelkem: 165,335=165,335 [B] \nCelkem: A+B=327,354 [C]"]
["TS",{"$nulls":3},"položka zahrnuje úpravu pláně včetně vyrovnání výškových rozdílů. Míru zhutnění určuje projekt."]
["P","12","18232","","ROZPROSTŘENÍ ORNICE V ROVINĚ V TL DO 0,15M","M2",91.804,36.24,{"v":3326.98,"d":"3,326.98"},{"$nulls":5},698.6658,"2"]
["PP",{"$nulls":3},"ZEMNÍ PRÁCE - Zpětné ohumusování plochy v tl. 150mm, která byla zasažena výkopovými pracemi a úpravou terénu \nPlocha vypočtena pomocí grafického softwaru AutoCad (z grafického výkresu)"]
["VV",{"$nulls":3},"Celkem: 83,565+0,647+7,592=91,804 [A]"]
["TS",{"$nulls":3},"položka zahrnuje: \nnutné přemístění ornice z dočasných skládek vzdálených do 50m \nrozprostření ornice v předepsané tloušťce v rovině a ve svahu do 1:5"]
["P","13","18481","","OCHRANA STROMŮ BEDNĚNÍM","M2",{"v":8,"d":"8.000"},345.38,{"v":2763.04,"d":"2,763.04"},{"$nulls":5},580.2384,"2"]
["PP",{"$nulls":3},"ZELEŇ - Ochrana stromů v blízkosti stavby včetně odvozu a likvidace v režii zhotovitele \nPlocha vypočtena pomocí grafického softwaru AutoCad (z grafického výkresu)"]
["VV",{"$nulls":3},"Celkem: 2*2*2=8,000 [A]"]
["TS",{"$nulls":3},"položka zahrnuje veškerý materiál, výrobky a polotovary, včetně mimostaveništní a vnitrostaveništní dopravy (rovněž přesuny), včetně naložení a složení, případně s uložením"]
["SD",null,"2",null,"Základy",{"$nulls":3},{"v":66234.76,"d":"66,234.76"},{"$nulls":5},13909.2996,null,66234.76,13909.2996]
["P","14","21452","","SANAČNÍ VRSTVY Z KAMENIVA DRCENÉHO","M3",81.839,809.33,{"v":66234.76,"d":"66,234.76"},{"$nulls":5},13909.2996,"2"]
["PP",{"$nulls":3},"ÚPRAVA Č. 1 - Sanace podloží - Kamenitá sypanina z drceného kameniva 0/90mm tl. 2*250mm \nKubatura vypočtena pomocí grafického softwaru AutoCad (z grafického výkresu)"]
["VV",{"$nulls":3},"Celkem: 163,677*0,5=81,839 [A]"]
["TS",{"$nulls":3},"položka zahrnuje dodávku předepsaného kameniva, mimostaveništní a vnitrostaveništní dopravu a jeho uložení \nnení-li v zadávací dokumentaci uvedeno jinak, jedná se o nakupovaný materiál"]
["SD",null,"4",null,"Vodorovné konstrukce",{"$nulls":3},{"v":11805.59,"d":"11,805.59"},{"$nulls":5},2479.1739000000002,null,11805.59,2479.1739000000002]
["P","15","451314","","PODKLADNÍ A VÝPLŇOVÉ VRSTVY Z PROSTÉHO BETONU C20/25","M3",4.835,{"v":2328.09,"d":"2,328.09"},{"v":11256.32,"d":"11,256.32"},{"$nulls":5},2363.8272,"2"]
["PP",{"$nulls":3},"OBRUBNÍKY - Betonové lože C20/25-XF3 pod betonové silniční obrubníky 150x250x1000mm \n=(26,311+18,636+1,000)*0,100m2=4,595m3 \nOBRUBNÍKY - Betonové lože C20/25-XF3 pod betonové silniční obrubníky nájezdové 150x150x1000mm \n=2,400*0,100m2=0,240m3 \nKubatura vypočtena pomocí grafického softwaru AutoCad (z grafického výkresu)"]
["VV",{"$nulls":3},"Celkem: (26,311+18,636+1)*0,1=4,595 [A] \nCelkem: 2,4*0,1=0,240 [B] \nCelkem: A+B=4,835 [C]"]
["TS",{"$nulls":3},"- dodání  čerstvého  betonu  (betonové  směsi)  požadované  kvality,  jeho  uložení  do požadovaného tvaru při jakékoliv hustotě výztuže, konzistenci čerstvého betonu a způsobu hutnění, ošetření a ochranu betonu,  \n- zhotovení nepropustného, mrazuvzdorného betonu a betonu požadované trvanlivosti a vlastností,  \n- užití potřebných přísad a technologií výroby betonu,  \n- zřízení pracovních a dilatačních spar, včetně potřebných úprav, výplně, vložek, opracování, očištění a ošetření,  \n- bednění  požadovaných  konstr. (i ztracené) s úpravou  dle požadované  kvality povrchu betonu, včetně odbedňovacích a odskružovacích prostředků,  \n- podpěrné  konstr. (skruže) a lešení všech druhů pro bednění, uložení čerstvého betonu, výztuže a doplňkových konstr., vč. požadovaných otvorů, ochranných a bezpečnostních opatření a základů těchto konstrukcí a lešení,  \n- vytvoření kotevních čel, kapes, nálitků, a sedel,  \n- zřízení  všech  požadovaných  otvorů, kapes, výklenků, prostupů, dutin, drážek a pod., vč. ztížení práce a úprav  kolem nich,  \n- úpravy pro osazení výztuže, doplňkových konstrukcí a vybavení,  \n- úpravy povrchu pro položení požadované izolace, povlaků a nátěrů, případně vyspravení,  \n- ztížení práce u kabelových a injektážních trubek a ostatních zařízení osazovaných do betonu,  \n- konstrukce betonových kloubů, upevnění kotevních prvků a doplňkových konstrukcí,  \n- nátěry zabraňující soudržnost betonu a bednění,  \n- výplň, těsnění  a tmelení spar a spojů,  \n- opatření  povrchů  betonu  izolací  proti zemní vlhkosti v částech, kde přijdou do styku se zeminou nebo kamenivem,  \n- případné zřízení spojovací vrstvy u základů,  \n- úpravy pro osazení zařízení ochrany konstrukce proti vlivu bludných proudů"]
["P","16","465923","","PŘEDLÁŽDĚNÍ DLAŽBY Z BETON DLAŽDIC","M2",1.193,460.41,549.27,{"$nulls":5},115.3467,"2"]
["PP",{"$nulls":3},"BOURACÍ PRÁCE - Předláždění krytu z betonové dlažby tl. 60mm \nPlocha vypočtena pomocí grafického softwaru AutoCad (z grafického výkresu)"]
["VV",{"$nulls":3},"Celkem: 1,193=1,193 [A]"]
["TS",{"$nulls":3},"- pod pojmem *předláždění* se rozumí rozebrání stávající dlažby a pokládka dlažby ze stávajícího dlažebního materiálu (bez dodávky nového) \n- zahrnuje nezbytnou manipulaci s tímto materiálem (nakládání, doprava, složení, očištění) \n- dodání a rozprostření materiálu pro lože a jeho tloušťku předepsanou dokumentací a pro předepsanou výplň spar \n- nutné zemní práce (svahování, úpravu pláně a pod.) \n- nezahrnuje podklad pod dlažbu, vykazuje se samostatně položkami SD 45"]
["SD",null,"5",null,"Komunikace",{"$nulls":3},{"v":263887.94,"d":"263,887.94"},{"$nulls":5},55416.4674,null,263887.94,55416.4674]
["P","17","56310","","VOZOVKOVÉ VRSTVY Z MECHANICKY ZPEVNĚNÉHO KAMENIVA","M3",22.969,{"v":1377.74,"d":"1,377.74"},{"v":31645.31,"d":"31,645.31"},{"$nulls":5},6645.5151000000005,"2"]
["PP",{"$nulls":3},"ÚPRAVA Č. 1 - Druhá podkladní vrstva - Mechanicky zpevněné kamenivo MZK tl. 150mm + hutnění \nKubatura vypočtena pomocí grafického softwaru AutoCad (z grafického výkresu)"]
["VV",{"$nulls":3},"Celkem: 153,126*0,15=22,969 [A]"]
["TS",{"$nulls":3},"- dodání kameniva předepsané kvality a zrnitosti \n- rozprostření a zhutnění vrstvy v předepsané tloušťce \n- zřízení vrstvy bez rozlišení šířky, pokládání vrstvy po etapách \n- nezahrnuje postřiky, nátěry"]
["P","18","56330","","VOZOVKOVÉ VRSTVY ZE ŠTĚRKODRTI","M3",24.999,891.13,{"v":22277.36,"d":"22,277.36"},{"$nulls":5},4678.2456,"2"]
["PP",{"$nulls":3},"ÚPRAVA Č. 1 - První podkladní vrstva - Štěrkodrť ŠDA 0/63 tl. 150 mm + hutnění \nKubatura vypočtena pomocí grafického softwaru AutoCad (z grafického výkresu)"]
["VV",{"$nulls":3},"Celkem: 166,663*0,15=24,999 [A]"]
["TS",{"$nulls":3},"- dodání kameniva předepsané kvality a zrnitosti \n- rozprostření a zhutnění vrstvy v předepsané tloušťce \n- zřízení vrstvy bez rozlišení šířky, pokládání vrstvy po etapách \n- nezahrnuje postřiky, nátěry"]
["P","19","56333","","VOZOVKOVÉ VRSTVY ZE ŠTĚRKODRTI TL. DO 150MM","M2",0.419,151.03,63.28,{"$nulls":5},13.288800000000002,"2"]
["PP",{"$nulls":3},"ÚPRAVA Č. 3 - Podkladní vrstva - Štěrkodrť ŠDB 0/32 tl. 150mm + hutnění \nPlocha vypočtena pomocí grafického softwaru AutoCad (z grafického výkresu)"]
["VV",{"$nulls":3},"Celkem: 0,419=0,419 [A]"]
["TS",{"$nulls":3},"- dodání kameniva předepsané kvality a zrnitosti \n- rozprostření a zhutnění vrstvy v předepsané tloušťce \n- zřízení vrstvy bez rozlišení šířky, pokládání vrstvy po etapách \n- nezahrnuje postřiky, nátěry"]
["P","20","572121","","INFILTRAČNÍ POSTŘIK ASFALTOVÝ DO 1,0KG/M2","M2",155.627,26.25,{"v":4085.21,"d":"4,085.21"},{"$nulls":5},857.8941,"2"]
["PP",{"$nulls":3},"ÚPRAVA Č. 1 - Infiltrační postřik z asfaltové emulze, zbytkové množství pojiva 1,00kg/m2 \nPlocha vypočtena pomocí grafického softwaru AutoCad (z grafického výkresu)"]
["VV",{"$nulls":3},"Celkem: 155,627=155,627 [A]"]
["TS",{"$nulls":3},"- dodání všech předepsaných materiálů pro postřiky v předepsaném množství \n- provedení dle předepsaného technologického předpisu \n- zřízení vrstvy bez rozlišení šířky, pokládání vrstvy po etapách \n- úpravu napojení, ukončení"]
["P","21","572213","","SPOJOVACÍ POSTŘIK Z EMULZE DO 0,5KG/M2","M2",{"v":452.06,"d":"452.060"},16.98,{"v":7675.98,"d":"7,675.98"},{"$nulls":5},1611.9558,"2"]
["PP",{"$nulls":3},"ÚPRAVA Č. 1 - Spojovací postřik kationaktivní emulzí C 60 BP3, zbytkové množství pojiva 0,40 kg/m2 \n=155,627m2 \nÚPRAVA Č. 2 - Spojovací postřik kationaktivní emulzí C 60 BP3, zbytkové množství pojiva 0,40 kg/m2 \n=146,555m2 \nÚPRAVA Č. 2 - Spojovací postřik kationaktivní emulzí C 60 BP3, zbytkové množství pojiva 0,40 kg/m2 \n=149,878m2 \nPlocha vypočtena pomocí grafického softwaru AutoCad (z grafického výkresu)"]
["VV",{"$nulls":3},"Celkem: 155,627=155,627 [A] \nCelkem: 146,555=146,555 [B] \nCelkem: 149,878=149,878 [C] \nCelkem: A+B+C=452,060 [D]"]
["TS",{"$nulls":3},"- dodání všech předepsaných materiálů pro postřiky v předepsaném množství \n- provedení dle předepsaného technologického předpisu \n- zřízení vrstvy bez rozlišení šířky, pokládání vrstvy po etapách \n- úpravu napojení, ukončení"]
["P","22","57472","","VOZOVKOVÉ VÝZTUŽNÉ VRSTVY Z TEXTILIE","M2",162.019,71.74,{"v":11623.24,"d":"11,623.24"},{"$nulls":5},2440.8804,"2"]
["PP",{"$nulls":3},"Úprava č. 1 - Tkaná separační / výztužná geotextilie - pevnost v tahu i podélně 80kN/m, odolnost proti protržení CBR - 10kN \nPlocha vypočtena pomocí grafického softwaru AutoCad (z grafického výkresu)"]
["VV",{"$nulls":3},"Celkem: 162,019=162,019 [A]"]
["TS",{"$nulls":3},"- dodání textilie v požadované kvalitě a v množství včetně přesahů (přesahy započteny v jednotkové ceně) \n- očištění podkladu \n- pokládka textilie dle předepsaného technologického předpisu"]
["P","23","57475","","VOZOVKOVÉ VÝZTUŽNÉ VRSTVY Z GEOMŘÍŽOVINY","M2",17.227,133.87,{"v":2306.18,"d":"2,306.18"},{"$nulls":5},484.2978,"2"]
["PP",{"$nulls":3},"ÚPRAVA Č. 2 - Výztužná geomříž \nPlocha vypočtena pomocí grafického softwaru AutoCad (z grafického výkresu)"]
["VV",{"$nulls":3},"Celkem: 17,227=17,227 [A]"]
["TS",{"$nulls":3},"- dodání geomříže v požadované kvalitě a v množství včetně přesahů (přesahy započteny v jednotkové ceně) \n- očištění podkladu \n- pokládka geomříže dle předepsaného technologického předpisu"]
["P","24","574A33","","ASFALTOVÝ BETON PRO OBRUSNÉ VRSTVY ACO 11 TL. 40MM","M2",305.505,{"v":249.2,"d":"249.20"},{"v":76131.85,"d":"76,131.85"},{"$nulls":5},15987.6885,"2"]
["PP",{"$nulls":3},"ÚPRAVA Č. 1 - Asfaltový beton pro obrusné vrstvy ACO 11, tl. 40mm + hutnění \n=155,627m2 \nÚPRAVA Č. 2 - Asfaltový beton pro obrusné vrstvy ACO 11, tl. 40mm + hutnění \n=149,878m2 \nPlocha vypočtena pomocí grafického softwaru AutoCad (z grafického výkresu)"]
["VV",{"$nulls":3},"Celkem: 155,627=155,627 [A] \nCelkem: 149,878=149,878 [B] \nCelkem: A+B=305,505 [C]"]
["TS",{"$nulls":3},"- dodání směsi v požadované kvalitě \n- očištění podkladu \n- uložení směsi dle předepsaného technologického předpisu, zhutnění vrstvy v předepsané tloušťce \n- zřízení vrstvy bez rozlišení šířky, pokládání vrstvy po etapách, včetně pracovních spar a spojů \n- úpravu napojení, ukončení podél obrubníků, dilatačních zařízení, odvodňovacích proužků, odvodňovačů, vpustí, šachet a pod. \n- nezahrnuje postřiky, nátěry \n- nezahrnuje těsnění podél obrubníků, dilatačních zařízení, odvodňovacích proužků, odvodňovačů, vpustí, šachet a pod."]
["P","25","574C67","","ASFALTOVÝ BETON PRO LOŽNÍ VRSTVY ACL 22 TL. 70MM","M2",302.182,347.72,{"v":105074.73,"d":"105,074.73"},{"$nulls":5},22065.6933,"2"]
["PP",{"$nulls":3},"ÚPRAVA Č. 1 - Asfaltový beton pro ložné vrstvy ACL 22, tl. 70mm + hutnění \n=155,627m2 \nÚPRAVA Č. 2 - Asfaltový beton pro ložné vrstvy ACL 22, tl. 70mm + hutnění \n=146,555m2 \nPlocha vypočtena pomocí grafického softwaru AutoCad (z grafického výkresu)"]
["VV",{"$nulls":3},"Celkem: 155,627=155,627 [A] \nCelkem: 146,555=146,555 [B] \nCelkem: A+B=302,182 [C]"]
["TS",{"$nulls":3},"- dodání směsi v požadované kvalitě \n- očištění podkladu \n- uložení směsi dle předepsaného technologického předpisu, zhutnění vrstvy v předepsané tloušťce \n- zřízení vrstvy bez rozlišení šířky, pokládání vrstvy po etapách, včetně pracovních spar a spojů \n- úpravu napojení, ukončení podél obrubníků, dilatačních zařízení, odvodňovacích proužků, odvodňovačů, vpustí, šachet a pod. \n- nezahrnuje postřiky, nátěry \n- nezahrnuje těsnění podél obrubníků, dilatačních zařízení, odvodňovacích proužků, odvodňovačů, vpustí, šachet a pod."]
["P","26","582611","","KRYTY Z BETON DLAŽDIC SE ZÁMKEM ŠEDÝCH TL 60MM DO LOŽE Z KAM","M2",0.419,583.88,244.65,{"$nulls":5},51.37650000000001,"2"]
["PP",{"$nulls":3},"ÚPRAVA Č. 3 - Cementobetonová dlažba tl. 60mm, odstín šedá \nÚPRAVA Č. 3 - Lože z hrubého drceného kameniva frakce 6/8 tl. 30mm \n=0,419m2*0,030=0,013m3 \nPlocha vypočtena pomocí grafického softwaru AutoCad (z grafického výkresu)"]
["VV",{"$nulls":3},"Celkem: 0,419=0,419 [A]"]
["TS",{"$nulls":3},"- dodání dlažebního materiálu v požadované kvalitě, dodání materiálu pro předepsané  lože v tloušťce předepsané dokumentací a pro předepsanou výplň spar \n- očištění podkladu \n- uložení dlažby dle předepsaného technologického předpisu včetně předepsané podkladní vrstvy a předepsané výplně spar \n- zřízení vrstvy bez rozlišení šířky, pokládání vrstvy po etapách  \n- úpravu napojení, ukončení podél obrubníků, dilatačních zařízení, odvodňovacích proužků, odvodňovačů, vpustí, šachet a pod., nestanoví-li zadávací dokumentace jinak \n- nezahrnuje postřiky, nátěry \n- nezahrnuje těsnění podél obrubníků, dilatačních zařízení, odvodňovacích proužků, odvodňovačů, vpustí, šachet a pod."]
["P","27","58920","","VÝPLŇ SPAR MODIFIKOVANÝM ASFALTEM","M",73.604,{"v":37.5,"d":"37.50"},{"v":2760.15,"d":"2,760.15"},{"$nulls":5},579.6315,"2"]
["PP",{"$nulls":3},"ÚPRAVA Č. 1 - Asfaltová zálivka \n=9,826+35,122=44,948m \nÚPRAVA Č. 2 - Asfaltová zálivka \n=6,660+21,996=28,656m \nDélka vypočtena pomocí grafického softwaru AutoCad (z grafického výkresu)"]
["VV",{"$nulls":3},"Celkem: 9,826+35,122=44,948 [A] \nCelkem: 6,66+21,996=28,656 [B] \nCelkem: A+B=73,604 [C]"]
["TS",{"$nulls":3},"položka zahrnuje: \n- dodávku předepsaného materiálu \n- vyčištění a výplň spar tímto materiálem"]
["SD",null,"8",null,"Potrubí",{"$nulls":3},{"v":1862.52,"d":"1,862.52"},{"$nulls":5},391.12919999999997,null,1862.52,391.12919999999997]
["P","28","89921","","VÝŠKOVÁ ÚPRAVA POKLOPŮ","KUS",{"v":1,"d":"1.000"},{"v":1862.52,"d":"1,862.52"},{"v":1862.52,"d":"1,862.52"},{"$nulls":5},391.12919999999997,"2"]
["PP",{"$nulls":3},"OSTATNÍ - Výšková rektifikace poklopu uličních vpustí \nPočet vypočten pomocí grafického softwaru AutoCad (z grafického výkresu)"]
["VV",{"$nulls":3},"Celkem: 1=1,000 [A]"]
["TS",{"$nulls":3},"- položka výškové úpravy zahrnuje všechny nutné práce a materiály pro zvýšení nebo snížení zařízení (včetně nutné úpravy stávajícího povrchu vozovky nebo chodníku)."]
["SD",null,"9",null,"Ostatní konstrukce a práce",{"$nulls":3},{"v":39654.84,"d":"39,654.84"},{"$nulls":5},8327.5164,null,39654.84,8327.5164]
["P","29","914111","","DOPRAVNÍ ZNAČKY ZÁKLADNÍ VELIKOSTI OCELOVÉ NEREFLEXNÍ - DOD A MONTÁŽ","KUS",{"v":1,"d":"1.000"},{"v":3723.78,"d":"3,723.78"},{"v":3723.78,"d":"3,723.78"},{"$nulls":5},781.9938000000001,"2"]
["PP",{"$nulls":3},"DOPRAVNÍ ZNAČENÍ - Svislé dopravní značení - Dodávka a montáž (veškeré prvky svislého dopravního značení budou opatřeny pozinkováním) \n1xP6 - Stůj, dej přednost v jízdě! \nPočet vypočten pomocí grafického softwaru AutoCad (z grafického výkresu)"]
["VV",{"$nulls":3},"Celkem: 1=1,000 [A]"]
["TS",{"$nulls":3},"položka zahrnuje: \n- dodávku a montáž značek v požadovaném provedení"]
["P","30","914113","","DOPRAVNÍ ZNAČKY ZÁKLADNÍ VELIKOSTI OCELOVÉ NEREFLEXNÍ - DEMONTÁŽ","KUS",{"v":1,"d":"1.000"},407.42,407.42,{"$nulls":5},85.5582,"2"]
["PP",{"$nulls":3},"BOURACÍ PRÁCE - Odstranění stávajícího svislého dopravního značení včetně odvozu a likvidace v režii zhotovitele \n1xP4 - Dej přednost v jízdě! \nPočet vypočten pomocí grafického softwaru AutoCad (z grafického výkresu)"]
["VV",{"$nulls":3},"Celkem: 1=1,000 [A]"]
["TS",{"$nulls":3},"Položka zahrnuje odstranění, demontáž a odklizení materiálu s odvozem na předepsané místo"]
["P","31","915111","","VODOROVNÉ DOPRAVNÍ ZNAČENÍ BARVOU HLADKÉ - DODÁVKA A POKLÁDKA","M2",{"v":15.26,"d":"15.260"},144.71,{"v":2208.27,"d":"2,208.27"},{"$nulls":5},463.7367,"2"]
["PP",{"$nulls":3},"DOPRAVNÍ ZNAČENÍ - Vodorovné dopravní značení - Příčná čára souvislá s nápisem „STOP“ - V6b - 0,500 - 1. značení barvou \nPlocha vypočtena pomocí grafického softwaru AutoCad (z grafického výkresu)"]
["VV",{"$nulls":3},"Celkem: 10,52*0,5+10=15,260 [A]"]
["TS",{"$nulls":3},"položka zahrnuje: \n- dodání a pokládku nátěrového materiálu (měří se pouze natíraná plocha) \n- předznačení a reflexní úpravu"]
["P","32","915221","","VODOR DOPRAV ZNAČ PLASTEM STRUKTURÁLNÍ NEHLUČNÉ - DOD A POKLÁDKA","M2",{"v":15.26,"d":"15.260"},355.03,{"v":5417.76,"d":"5,417.76"},{"$nulls":5},1137.7296000000001,"2"]
["PP",{"$nulls":3},"DOPRAVNÍ ZNAČENÍ - Vodorovné dopravní značení - Příčná čára souvislá s nápisem „STOP“ - V6b - 0,500 - 2. značení strukturovaným plastem \nPlocha vypočtena pomocí grafického softwaru AutoCad (z grafického výkresu)"]
["VV",{"$nulls":3},"Celkem: 10,52*0,5+10=15,260 [A]"]
["TS",{"$nulls":3},"položka zahrnuje: \n- dodání a pokládku nátěrového materiálu (měří se pouze natíraná plocha) \n- předznačení a reflexní úpravu"]
["P","33","917224","","SILNIČNÍ A CHODNÍKOVÉ OBRUBY Z BETONOVÝCH OBRUBNÍKŮ ŠÍŘ 150MM","M",48.347,384.22,{"v":18575.88,"d":"18,575.88"},{"$nulls":5},3900.9348000000005,"2"]
["PP",{"$nulls":3},"OBRUBNÍKY - Betonové silniční obrubníky 150x250x1000mm \n=26,311+18,636+1,000=45,957m \nOBRUBNÍKY - Betonové silniční obrubníky nájezdové 150x150x1000mm \n=2,400m \nDélka vypočtena pomocí grafického softwaru AutoCad (z grafického výkresu)"]
["VV",{"$nulls":3},"Celkem: 26,311+18,636+1=45,947 [A] \nCelkem: 2,4=2,400 [B] \nCelkem: A+B=48,347 [C]"]
["TS",{"$nulls":3},"Položka zahrnuje: \ndodání a pokládku betonových obrubníků o rozměrech předepsaných zadávací dokumentací \nbetonové lože i boční betonovou opěrku."]
["P","34","919111","","ŘEZÁNÍ ASFALTOVÉHO KRYTU VOZOVEK TL DO 50MM","M",{"v":6.68,"d":"6.680"},53.13,354.91,{"$nulls":5},74.53110000000001,"2"]
["PP",{"$nulls":3},"BOURACÍ PRÁCE - Řezání asfaltového krytu pro odfrézování asfaltových vrstev v prostoru silnice \nDélka vypočtena pomocí grafického softwaru AutoCad (z grafického výkresu)"]
["VV",{"$nulls":3},"Celkem: 6,68=6,680 [A]"]
["TS",{"$nulls":3},"položka zahrnuje řezání vozovkové vrstvy v předepsané tloušťce, včetně spotřeby vody"]
["P","35","93318-R","","STATICKÁ ZATĚŽOVACÍ ZKOUŠKA","KUS",{"v":3,"d":"3.000"},{"v":2910.11,"d":"2,910.11"},{"v":8730.33,"d":"8,730.33"},{"$nulls":5},1833.3692999999998,"2"]
["PP",{"$nulls":3},"ZKOUŠKA - Statická zatěžovací zkouška na pláni zemního tělesa, 1. podkladní vrstvě (podsypu, ochranné vrstvě) a 2. podkladní vrstvě vozovky včetně vyhotovení protokolů a geodetického zaměření míst statických zatěžovacích zkoušek \n=1kus*4kus=4kus \nVzdálenost: 2*155km=310km (1 výjezd) \nPočet zkoušek za jeden pracovní den: 12kus (celkem 1 pracovní den = výjezd) \nCena za 1kus: 1kus*1350,00Kč/kus+1*310km*5,50Kč/km/4kus=1776,25Kč/kus \nPočet vypočten pomocí grafického softwaru AutoCad (z grafického výkresu)"]
["VV",{"$nulls":3},"Celkem: 3=3,000 [A]"]
["TS",{"$nulls":3},"- podklady a dokumentaci zkoušky  \n- výrobní dokumentace potřebných zařízení  \n- stavební práce spojené s přípravou a provedením zkoušky (zřízení a odstranění)  \n- veškerá zkušební zařízení vč. opotřebení a nájmu  \n- výpomoce při vlastní zkoušce  \n- dodání zatěžovacích prostředků a hmot, manipulaci s nimi a jejich opotřebení a nájem  \n- přeprava zatěžovacích prostředků a hmot na stavbu a zpět, včetně zajížďky k váze a vážních poplatků  \n- provedení vlastní zkoušky a její vyhodnocení, včetně všech měření a dalších potřebných činností"]
["P","36","966158","","BOURÁNÍ KONSTRUKCÍ Z PROST BETONU S ODVOZEM DO 20KM","M3",0.338,699.67,236.49,{"$nulls":5},49.6629,"2"]
["PP",{"$nulls":3},"BOURACÍ PRÁCE - Odstranění betonového lože betonových silničních obrubníků včetně odvozu a uložení na skládku do 20km \n=0,338m3*2,300t/m3=0,777t \nKubatura vypočtena pomocí grafického softwaru AutoCad (z grafického výkresu)"]
["VV",{"$nulls":3},"Celkem: (2,383+1)*0,1=0,338 [A]"]
["TS",{"$nulls":3},"položka zahrnuje: \n- rozbourání konstrukce bez ohledu na použitou technologii \n- veškeré pomocné konstrukce (lešení a pod.) \n- veškerou manipulaci s vybouranou sutí a hmotami včetně uložení na skládku. Nezahrnuje poplatek za skládku, který se vykazuje v položce 0141** (s výjimkou malého množství bouraného materiálu, kde je možné poplatek zahrnout do jednotkové ceny bourání – tento fakt musí být uveden v doplňujícím textu k položce) \n- veškeré další práce plynoucí z technologického předpisu a z platných předpisů"]

{"sheet":"SO 101_SO 101.06","index":8,"n_rows":130,"n_cols":18,"rows_kept":130,"merged":[[2,2,2,3],[3,2,3,3],[4,2,4,3],[5,0,6,0],[5,1,6,1],[5,2,6,2],[5,3,6,3],[5,4,6,4],[5,5,6,5],[5,6,6,6],[5,7,5,8]],"flags":["formulas_cached_only"]}
["ASPE10",{"$nulls":3},"Firma: -",{"$nulls":10},"3"]
[{"$nulls":4},"Příloha k formuláři pro ocenění nabídky",{"$nulls":9},33883.1472,"3"]
["S","Stavba: ","2018648",null,"III/3272 HLÍZOV",null,null,"SO 101.06",{"v":161348.31999999998,"d":"161,348.32"},{"$nulls":5},"0,00","2"]
["O","Objekt:","SO 101",null,"SILNICE III/3272 (KSÚS SK)",{"$nulls":9},"15,00","2"]
["O1","Rozpočet:","SO 101.06",null,"MÍSTNÍ KOMUNIKACE 04 (KSÚS SK)",{"$nulls":9},"21,00","2"]
["Typ","Poř. číslo","Kód položky","Varianta","Název položky","MJ","Množství","Cena"]
[{"$nulls":7},"Jednotková","Celkem"]
["0","1","2","3","4","5","6","9","10"]
["SD",null,"0",null,"Všeobecné konstrukce a práce",{"$nulls":3},{"v":9493.07,"d":"9,493.07"},{"$nulls":5},1993.5447000000001,null,9493.07,1993.5447000000001]
["P","1","014102","01","POPLATKY ZA SKLÁDKU","T",1.449,110.58,160.23,{"$nulls":5},33.6483,"2"]
["PP",{"$nulls":3},"SKLÁDKA - Uložení stavební suti na skládku \nViz položky č. 3 a 29"]
["VV",{"$nulls":3},"Celkem: 0,483+0,966=1,449 [A]"]
["TS",{"$nulls":3},"zahrnuje veškeré poplatky provozovateli skládky související s uložením odpadu na skládce."]
["P","2","014102","02","POPLATKY ZA SKLÁDKU","T",168.798,55.29,{"v":9332.84,"d":"9,332.84"},{"$nulls":5},1959.8964,"2"]
["PP",{"$nulls":3},"SKLÁDKA - Uložení zeminy na skládku \nViz položka č. 7"]
["VV",{"$nulls":3},"Celkem: 168,798=168,798 [A]"]
["TS",{"$nulls":3},"zahrnuje veškeré poplatky provozovateli skládky související s uložením odpadu na skládce."]
["SD",null,"1",null,"Zemní práce",{"$nulls":3},{"v":18655.01,"d":"18,655.01"},{"$nulls":5},3917.5520999999994,null,18655.01,3917.5520999999994]
["P","3","113524","","ODSTRANĚNÍ CHODNÍKOVÝCH OBRUBNÍKŮ BETONOVÝCH, ODVOZ DO 20KM","M",{"v":4.2,"d":"4.200"},77.31,{"v":324.7,"d":"324.70"},{"$nulls":5},68.187,"2"]
["PP",{"$nulls":3},"BOURACÍ PRÁCE - Odstranění betonových silničních obrubníků včetně odvozu a uložení na skládku do 20km \n=4,200*0,050m2*2,300t/m3=0,483t \nDélka vypočtena pomocí grafického softwaru AutoCad (z grafického výkresu)"]
["VV",{"$nulls":3},"Celkem: 2,1+2,1=4,200 [A]"]
["TS",{"$nulls":3},"Položka zahrnuje veškerou manipulaci s vybouranou sutí a s vybouranými hmotami vč. uložení na skládku. Nezahrnuje poplatek za skládku, který se vykazuje v položce 0141** (s výjimkou malého množství bouraného materiálu, kde je možné poplatek zahrnout do jednotkové ceny bourání – tento fakt musí být uveden v doplňujícím textu k položce)."]
["P","4","113763","","FRÉZOVÁNÍ DRÁŽKY PRŮŘEZU DO 300MM2 V ASFALTOVÉ VOZOVCE","M",26.064,39.58,{"v":1031.61,"d":"1,031.61"},{"$nulls":5},216.63809999999998,"2"]
["PP",{"$nulls":3},"ÚPRAVA Č. 1 - Prořezání drážky v pracovní spáře \nDélka vypočtena pomocí grafického softwaru AutoCad (z grafického výkresu)"]
["VV",{"$nulls":3},"Celkem: 15,204+10,86=26,064 [A]"]
["TS",{"$nulls":3},"Položka zahrnuje veškerou manipulaci s vybouranou sutí a s vybouranými hmotami vč. uložení na skládku."]
["P","5","121104","","SEJMUTÍ ORNICE NEBO LESNÍ PŮDY S ODVOZEM DO 5KM","M3",1.806,154.61,279.23,{"$nulls":5},58.6383,"2"]
["PP",{"$nulls":3},"ZEMNÍ PRÁCE - Odhumusování plochy v tl. 150mm, která bude zasažena výkopovými pracemi a úpravou terénu včetně odvozu a uložení zeminy na deponii stavby do 5km (využití na zpětné ohumusování) \n=1,806m3*1,900t/m3=3,431t \nKubatura vypočtena pomocí grafického softwaru AutoCad (z grafického výkresu)"]
["VV",{"$nulls":3},"Celkem: (5,348+0,732+5,96)*0,15=1,806 [A]"]
["TS",{"$nulls":3},"položka zahrnuje sejmutí ornice bez ohledu na tloušťku vrstvy a její vodorovnou dopravu \nnezahrnuje uložení na trvalou skládku"]
["P","6","125734","","VYKOPÁVKY ZE ZEMNÍKŮ A SKLÁDEK TŘ. I, ODVOZ DO 5KM","M3",2.018,98.94,199.66,{"$nulls":5},41.928599999999996,"2"]
["PP",{"$nulls":3},"ZEMNÍ PRÁCE - Vykopávka a doprava zeminy z deponie stavby do 5km na místo zpětného ohumusování \n=2,018m3*1,900t/m3=3,834t \nKubatura vypočtena pomocí grafického softwaru AutoCad (z grafického výkresu)"]
["VV",{"$nulls":3},"Celkem: (6,491+0,732+6,229)*0,15=2,018 [A]"]
["TS",{"$nulls":3},"položka zahrnuje: \n- vodorovná a svislá doprava, přemístění, přeložení, manipulace s výkopkem \n- kompletní provedení vykopávky nezapažené i zapažené \n- ošetření výkopiště po celou dobu práce v něm vč. klimatických opatření \n- ztížení vykopávek v blízkosti podzemního vedení, konstrukcí a objektů vč. jejich dočasného zajištění \n- ztížení pod vodou, v okolí výbušnin, ve stísněných prostorech a pod. \n- příplatek za lepivost \n- těžení po vrstvách, pásech a po jiných nutných částech (figurách) \n- čerpání vody vč. čerpacích jímek, potrubí a pohotovostní čerpací soupravy (viz ustanovení k pol. 1151,2) \n- potřebné snížení hladiny podzemní vody \n- těžení a rozpojování jednotlivých balvanů \n- vytahování a nošení výkopku \n- ruční vykopávky, odstranění kořenů a napadávek \n- pažení, vzepření a rozepření vč. přepažování (vyjma štětových stěn) \n- úpravu, ochranu a očištění dna, základové spáry, stěn a svahů \n- udržování výkopiště a jeho ochrana proti vodě \n- odvedení nebo obvedení vody v okolí výkopiště a ve výkopišti \n- třídění výkopku \n- veškeré pomocné konstrukce umožňující provedení vykopávky (příjezdy, sjezdy, nájezdy, lešení, podpěr. konstr., přemostění, zpevněné plochy, zakrytí a pod.) \npoložka nezahrnuje: \n- práce spojené s otvírkou zemníku"]
["P","7","131738","","HLOUBENÍ JAM ZAPAŽ I NEPAŽ TŘ. I, ODVOZ DO 20KM","M3",88.841,154.61,{"v":13735.71,"d":"13,735.71"},{"$nulls":5},2884.4990999999995,"2"]
["PP",{"$nulls":3},"ZEMNÍ PRÁCE - Výkop zeminy pro stavební jámu v zemině tř. 1 včetně pažení a odvozu zeminy na skládku do 20km \n=88,841m3*1,900t/m3=168,798t \nKubatura vypočtena pomocí grafického softwaru AutoCad (z grafického výkresu)"]
["VV",{"$nulls":3},"Celkem: 88,841=88,841 [A]"]
["TS",{"$nulls":3},"položka zahrnuje: \n- vodorovná a svislá doprava, přemístění, přeložení, manipulace s výkopkem \n- kompletní provedení vykopávky nezapažené i zapažené \n- ošetření výkopiště po celou dobu práce v něm vč. klimatických opatření \n- ztížení vykopávek v blízkosti podzemního vedení, konstrukcí a objektů vč. jejich dočasného zajištění \n- ztížení pod vodou, v okolí výbušnin, ve stísněných prostorech a pod. \n- příplatek za lepivost \n- těžení po vrstvách, pásech a po jiných nutných částech (figurách) \n- čerpání vody vč. čerpacích jímek, potrubí a pohotovostní čerpací soupravy (viz ustanovení k pol. 1151,2) \n- potřebné snížení hladiny podzemní vody \n- těžení a rozpojování jednotlivých balvanů \n- vytahování a nošení výkopku \n- svahování a přesvah. svahů do konečného tvaru, výměna hornin v podloží a v pláni znehodnocené klimatickými vlivy \n- ruční vykopávky, odstranění kořenů a napadávek \n- pažení, vzepření a rozepření vč. přepažování (vyjma štětových stěn) \n- úpravu, ochranu a očištění dna, základové spáry, stěn a svahů \n- odvedení nebo obvedení vody v okolí výkopiště a ve výkopišti \n- třídění výkopku \n- veškeré pomocné konstrukce umožňující provedení vykopávky (příjezdy, sjezdy, nájezdy, lešení, podpěr. konstr., přemostění, zpevněné plochy, zakrytí a pod.) \n- nezahrnuje uložení zeminy (na skládku, do násypu) ani poplatky za skládku, vykazují se v položce č.0141**"]
["P","8","17481","","ZÁSYP JAM A RÝH Z NAKUPOVANÝCH MATERIÁLŮ","M3",{"v":1.89,"d":"1.890"},241.57,456.57,{"$nulls":5},95.8797,"2"]
["PP",{"$nulls":3},"ZEMNÍ PRÁCE - Zásyp zeminou vhodnou do náspů, hutněno po vrstvách 300mm na 100% PS \nKubatura vypočtena pomocí grafického softwaru AutoCad (z grafického výkresu)"]
["VV",{"$nulls":3},"Celkem: 1,89=1,890 [A]"]
["TS",{"$nulls":3},"položka zahrnuje: \n- kompletní provedení zemní konstrukce včetně nákupu a dopravy materiálu dle zadávací dokumentace \n- úprava  ukládaného  materiálu  vlhčením,  tříděním,  promícháním  nebo  vysoušením,  příp. jiné úpravy za účelem zlepšení jeho  mech. vlastností \n- hutnění i různé míry hutnění  \n- ošetření úložiště po celou dobu práce v něm vč. klimatických opatření \n- ztížení v okolí vedení, konstrukcí a objektů a jejich dočasné zajištění \n- ztížení provádění vč. hutnění ve ztížených podmínkách a stísněných prostorech \n- ztížené ukládání sypaniny pod vodu \n- ukládání po vrstvách a po jiných nutných částech (figurách) vč. dosypávek \n- spouštění a nošení materiálu \n- výměna částí zemní konstrukce znehodnocené klimatickými vlivy \n- udržování úložiště a jeho ochrana proti vodě \n- odvedení nebo obvedení vody v okolí úložiště a v úložišti \n- veškeré  pomocné konstrukce umožňující provedení  zemní konstrukce  (příjezdy,  sjezdy,  nájezdy, lešení, podpěrné konstrukce, přemostění, zpevněné plochy, zakrytí a pod.)"]
["P","9","18110","","ÚPRAVA PLÁNĚ SE ZHUTNĚNÍM V HORNINĚ TŘ. I","M2",131.938,16.22,{"v":2140.03,"d":"2,140.03"},{"$nulls":5},449.40630000000004,"2"]
["PP",{"$nulls":3},"ÚPRAVA Č. 1 - Úprava a zhutnění parapláně \n=63,970m2 \nÚPRAVA Č. 1 - Úprava a zhutnění zemní pláně \n=67,968m2 \nPlocha vypočtena pomocí grafického softwaru AutoCad (z grafického výkresu)"]
["VV",{"$nulls":3},"Celkem: 63,97=63,970 [A] \nCelkem: 67,968=67,968 [B] \nCelkem: A+B=131,938 [C]"]
["TS",{"$nulls":3},"položka zahrnuje úpravu pláně včetně vyrovnání výškových rozdílů. Míru zhutnění určuje projekt."]
["P","10","18232","","ROZPROSTŘENÍ ORNICE V ROVINĚ V TL DO 0,15M","M2",13.452,36.24,{"v":487.5,"d":"487.50"},{"$nulls":5},102.375,"2"]
["PP",{"$nulls":3},"ZEMNÍ PRÁCE - Zpětné ohumusování plochy v tl. 150mm, která byla zasažena výkopovými pracemi a úpravou terénu \nPlocha vypočtena pomocí grafického softwaru AutoCad (z grafického výkresu)"]
["VV",{"$nulls":3},"Celkem: 6,491+0,732+6,229=13,452 [A]"]
["TS",{"$nulls":3},"položka zahrnuje: \nnutné přemístění ornice z dočasných skládek vzdálených do 50m \nrozprostření ornice v předepsané tloušťce v rovině a ve svahu do 1:5"]
["SD",null,"2",null,"Základy",{"$nulls":3},{"v":26695.75,"d":"26,695.75"},{"$nulls":5},5606.1075,null,26695.75,5606.1075]
["P","11","21452","","SANAČNÍ VRSTVY Z KAMENIVA DRCENÉHO","M3",32.985,809.33,{"v":26695.75,"d":"26,695.75"},{"$nulls":5},5606.1075,"2"]
["PP",{"$nulls":3},"ÚPRAVA Č. 1 - Sanace podloží - Kamenitá sypanina z drceného kameniva 0/90mm tl. 2*250mm \nKubatura vypočtena pomocí grafického softwaru AutoCad (z grafického výkresu)"]
["VV",{"$nulls":3},"Celkem: 65,969*0,5=32,985 [A]"]
["TS",{"$nulls":3},"položka zahrnuje dodávku předepsaného kameniva, mimostaveništní a vnitrostaveništní dopravu a jeho uložení \nnení-li v zadávací dokumentaci uvedeno jinak, jedná se o nakupovaný materiál"]
["SD",null,"4",null,"Vodorovné konstrukce",{"$nulls":3},{"v":6481.46,"d":"6,481.46"},{"$nulls":5},1361.1065999999998,null,6481.46,1361.1065999999998]
["P","12","451314","","PODKLADNÍ A VÝPLŇOVÉ VRSTVY Z PROSTÉHO BETONU C20/25","M3",2.362,{"v":2328.09,"d":"2,328.09"},{"v":5498.95,"d":"5,498.95"},{"$nulls":5},1154.7794999999999,"2"]
["PP",{"$nulls":3},"OBRUBNÍKY - Betonové lože C20/25-XF3 pod betonové silniční obrubníky 150x250x1000mm \n=(12,499+11,119)*0,100m2=2,362m3 \nOBRUBNÍKY - Betonové lože C20/25-XF3 pod betonové silniční obrubníky nájezdové 150x150x1000mm \n=(2,100+2,100)*0,100m2=0,420m3 \nKubatura vypočtena pomocí grafického softwaru AutoCad (z grafického výkresu)"]
["VV",{"$nulls":3},"Celkem: (12,499+11,119)*0,1=2,362 [A]"]
["TS",{"$nulls":3},"- dodání  čerstvého  betonu  (betonové  směsi)  požadované  kvality,  jeho  uložení  do požadovaného tvaru při jakékoliv hustotě výztuže, konzistenci čerstvého betonu a způsobu hutnění, ošetření a ochranu betonu,  \n- zhotovení nepropustného, mrazuvzdorného betonu a betonu požadované trvanlivosti a vlastností,  \n- užití potřebných přísad a technologií výroby betonu,  \n- zřízení pracovních a dilatačních spar, včetně potřebných úprav, výplně, vložek, opracování, očištění a ošetření,  \n- bednění  požadovaných  konstr. (i ztracené) s úpravou  dle požadované  kvality povrchu betonu, včetně odbedňovacích a odskružovacích prostředků,  \n- podpěrné  konstr. (skruže) a lešení všech druhů pro bednění, uložení čerstvého betonu, výztuže a doplňkových konstr., vč. požadovaných otvorů, ochranných a bezpečnostních opatření a základů těchto konstrukcí a lešení,  \n- vytvoření kotevních čel, kapes, nálitků, a sedel,  \n- zřízení  všech  požadovaných  otvorů, kapes, výklenků, prostupů, dutin, drážek a pod., vč. ztížení práce a úprav  kolem nich,  \n- úpravy pro osazení výztuže, doplňkových konstrukcí a vybavení,  \n- úpravy povrchu pro položení požadované izolace, povlaků a nátěrů, případně vyspravení,  \n- ztížení práce u kabelových a injektážních trubek a ostatních zařízení osazovaných do betonu,  \n- konstrukce betonových kloubů, upevnění kotevních prvků a doplňkových konstrukcí,  \n- nátěry zabraňující soudržnost betonu a bednění,  \n- výplň, těsnění  a tmelení spar a spojů,  \n- opatření  povrchů  betonu  izolací  proti zemní vlhkosti v částech, kde přijdou do styku se zeminou nebo kamenivem,  \n- případné zřízení spojovací vrstvy u základů,  \n- úpravy pro osazení zařízení ochrany konstrukce proti vlivu bludných proudů"]
["P","13","465923","","PŘEDLÁŽDĚNÍ DLAŽBY Z BETON DLAŽDIC","M2",2.134,460.41,982.51,{"$nulls":5},206.3271,"2"]
["PP",{"$nulls":3},"BOURACÍ PRÁCE - Předláždění krytu z betonové dlažby tl. 60mm \nPlocha vypočtena pomocí grafického softwaru AutoCad (z grafického výkresu)"]
["VV",{"$nulls":3},"Celkem: 1,07+1,064=2,134 [A]"]
["TS",{"$nulls":3},"- pod pojmem *předláždění* se rozumí rozebrání stávající dlažby a pokládka dlažby ze stávajícího dlažebního materiálu (bez dodávky nového) \n- zahrnuje nezbytnou manipulaci s tímto materiálem (nakládání, doprava, složení, očištění) \n- dodání a rozprostření materiálu pro lože a jeho tloušťku předepsanou dokumentací a pro předepsanou výplň spar \n- nutné zemní práce (svahování, úpravu pláně a pod.) \n- nezahrnuje podklad pod dlažbu, vykazuje se samostatně položkami SD 45"]
["SD",null,"5",null,"Komunikace",{"$nulls":3},{"v":66303.84999999999,"d":"66,303.85"},{"$nulls":5},13923.8085,null,66303.84999999999,13923.8085]
["P","14","56310","","VOZOVKOVÉ VRSTVY Z MECHANICKY ZPEVNĚNÉHO KAMENIVA","M3",8.303,{"v":1377.74,"d":"1,377.74"},{"v":11439.38,"d":"11,439.38"},{"$nulls":5},2402.2698,"2"]
["PP",{"$nulls":3},"ÚPRAVA Č. 1 - Druhá podkladní vrstva - Mechanicky zpevněné kamenivo MZK tl. 150mm + hutnění \nKubatura vypočtena pomocí grafického softwaru AutoCad (z grafického výkresu)"]
["VV",{"$nulls":3},"Celkem: 55,35*0,15=8,303 [A]"]
["TS",{"$nulls":3},"- dodání kameniva předepsané kvality a zrnitosti \n- rozprostření a zhutnění vrstvy v předepsané tloušťce \n- zřízení vrstvy bez rozlišení šířky, pokládání vrstvy po etapách \n- nezahrnuje postřiky, nátěry"]
["P","15","56330","","VOZOVKOVÉ VRSTVY ZE ŠTĚRKODRTI","M3",10.285,891.13,{"v":9165.27,"d":"9,165.27"},{"$nulls":5},1924.7067000000002,"2"]
["PP",{"$nulls":3},"ÚPRAVA Č. 1 - První podkladní vrstva - Štěrkodrť ŠDA 0/63 tl. 150mm + hutnění \nKubatura vypočtena pomocí grafického softwaru AutoCad (z grafického výkresu)"]
["VV",{"$nulls":3},"Celkem: 68,568*0,15=10,285 [A]"]
["TS",{"$nulls":3},"- dodání kameniva předepsané kvality a zrnitosti \n- rozprostření a zhutnění vrstvy v předepsané tloušťce \n- zřízení vrstvy bez rozlišení šířky, pokládání vrstvy po etapách \n- nezahrnuje postřiky, nátěry"]
["P","16","572121","","INFILTRAČNÍ POSTŘIK ASFALTOVÝ DO 1,0KG/M2","M2",59.955,26.25,{"v":1573.82,"d":"1,573.82"},{"$nulls":5},330.5022,"2"]
["PP",{"$nulls":3},"ÚPRAVA Č. 1 - Infiltrační postřik z asfaltové emulze, zbytkové množství pojiva 1,00kg/m2 \nPlocha vypočtena pomocí grafického softwaru AutoCad (z grafického výkresu)"]
["VV",{"$nulls":3},"Celkem: 59,955=59,955 [A]"]
["TS",{"$nulls":3},"- dodání všech předepsaných materiálů pro postřiky v předepsaném množství \n- provedení dle předepsaného technologického předpisu \n- zřízení vrstvy bez rozlišení šířky, pokládání vrstvy po etapách \n- úpravu napojení, ukončení"]
["P","17","572213","","SPOJOVACÍ POSTŘIK Z EMULZE DO 0,5KG/M2","M2",62.158,16.98,{"v":1055.44,"d":"1,055.44"},{"$nulls":5},221.6424,"2"]
["PP",{"$nulls":3},"ÚPRAVA Č. 1 - Spojovací postřik kationaktivní emulzí C 60 BP3, zbytkové množství pojiva 0,40 kg/m2 \nPlocha vypočtena pomocí grafického softwaru AutoCad (z grafického výkresu)"]
["VV",{"$nulls":3},"Celkem: 62,158=62,158 [A]"]
["TS",{"$nulls":3},"- dodání všech předepsaných materiálů pro postřiky v předepsaném množství \n- provedení dle předepsaného technologického předpisu \n- zřízení vrstvy bez rozlišení šířky, pokládání vrstvy po etapách \n- úpravu napojení, ukončení"]
["P","18","57472","","VOZOVKOVÉ VÝZTUŽNÉ VRSTVY Z TEXTILIE","M2",{"v":63.97,"d":"63.970"},71.74,{"v":4589.21,"d":"4,589.21"},{"$nulls":5},963.7341,"2"]
["PP",{"$nulls":3},"ÚPRAVA Č. 1 - Tkaná separační / výztužná geotextilie - pevnost v tahu i podélně 80kN/m, odolnost proti protržení CBR - 10kN \nPlocha vypočtena pomocí grafického softwaru AutoCad (z grafického výkresu)"]
["VV",{"$nulls":3},"Celkem: 63,97=63,970 [A]"]
["TS",{"$nulls":3},"- dodání textilie v požadované kvalitě a v množství včetně přesahů (přesahy započteny v jednotkové ceně) \n- očištění podkladu \n- pokládka textilie dle předepsaného technologického předpisu"]
["P","19","57475","","VOZOVKOVÉ VÝZTUŽNÉ VRSTVY Z GEOMŘÍŽOVINY","M2",{"v":8.71,"d":"8.710"},133.87,{"v":1166.01,"d":"1,166.01"},{"$nulls":5},244.8621,"2"]
["PP",{"$nulls":3},"ÚPRAVA Č. 1 - Výztužná geomříž \nPlocha vypočtena pomocí grafického softwaru AutoCad (z grafického výkresu)"]
["VV",{"$nulls":3},"Celkem: 8,71=8,710 [A]"]
["TS",{"$nulls":3},"- dodání geomříže v požadované kvalitě a v množství včetně přesahů (přesahy započteny v jednotkové ceně) \n- očištění podkladu \n- pokládka geomříže dle předepsaného technologického předpisu"]
["P","20","574A33","","ASFALTOVÝ BETON PRO OBRUSNÉ VRSTVY ACO 11 TL. 40MM","M2",62.158,{"v":249.2,"d":"249.20"},{"v":15489.77,"d":"15,489.77"},{"$nulls":5},3252.8516999999997,"2"]
["PP",{"$nulls":3},"ÚPRAVA Č. 1 - Asfaltový beton pro obrusné vrstvy ACO 11, tl. 40mm + hutnění \nPlocha vypočtena pomocí grafického softwaru AutoCad (z grafického výkresu)"]
["VV",{"$nulls":3},"Celkem: 62,158=62,158 [A]"]
["TS",{"$nulls":3},"- dodání směsi v požadované kvalitě \n- očištění podkladu \n- uložení směsi dle předepsaného technologického předpisu, zhutnění vrstvy v předepsané tloušťce \n- zřízení vrstvy bez rozlišení šířky, pokládání vrstvy po etapách, včetně pracovních spar a spojů \n- úpravu napojení, ukončení podél obrubníků, dilatačních zařízení, odvodňovacích proužků, odvodňovačů, vpustí, šachet a pod. \n- nezahrnuje postřiky, nátěry \n- nezahrnuje těsnění podél obrubníků, dilatačních zařízení, odvodňovacích proužků, odvodňovačů, vpustí, šachet a pod."]
["P","21","574C67","","ASFALTOVÝ BETON PRO LOŽNÍ VRSTVY ACL 22 TL. 70MM","M2",59.955,347.72,{"v":20847.55,"d":"20,847.55"},{"$nulls":5},4377.9855,"2"]
["PP",{"$nulls":3},"ÚPRAVA Č. 1 - Asfaltový beton pro ložné vrstvy ACL 22, tl. 70mm + hutnění \nPlocha vypočtena pomocí grafického softwaru AutoCad (z grafického výkresu)"]
["VV",{"$nulls":3},"Celkem: 59,955=59,955 [A]"]
["TS",{"$nulls":3},"- dodání směsi v požadované kvalitě \n- očištění podkladu \n- uložení směsi dle předepsaného technologického předpisu, zhutnění vrstvy v předepsané tloušťce \n- zřízení vrstvy bez rozlišení šířky, pokládání vrstvy po etapách, včetně pracovních spar a spojů \n- úpravu napojení, ukončení podél obrubníků, dilatačních zařízení, odvodňovacích proužků, odvodňovačů, vpustí, šachet a pod. \n- nezahrnuje postřiky, nátěry \n- nezahrnuje těsnění podél obrubníků, dilatačních zařízení, odvodňovacích proužků, odvodňovačů, vpustí, šachet a pod."]
["P","22","58920","","VÝPLŇ SPAR MODIFIKOVANÝM ASFALTEM","M",26.064,{"v":37.5,"d":"37.50"},{"v":977.4,"d":"977.40"},{"$nulls":5},205.254,"2"]
["PP",{"$nulls":3},"ÚPRAVA Č. 1 - Asfaltová zálivka \nDélka vypočtena pomocí grafického softwaru AutoCad (z grafického výkresu)"]
["VV",{"$nulls":3},"Celkem: 15,204+10,86=26,064 [A]"]
["TS",{"$nulls":3},"položka zahrnuje: \n- dodávku předepsaného materiálu \n- vyčištění a výplň spar tímto materiálem"]
["SD",null,"9",null,"Ostatní konstrukce a práce",{"$nulls":3},{"v":33719.18,"d":"33,719.18"},{"$nulls":5},7081.027800000001,null,33719.18,7081.027800000001]
["P","23","914111","","DOPRAVNÍ ZNAČKY ZÁKLADNÍ VELIKOSTI OCELOVÉ NEREFLEXNÍ - DOD A MONTÁŽ","KUS",{"v":1,"d":"1.000"},{"v":3723.78,"d":"3,723.78"},{"v":3723.78,"d":"3,723.78"},{"$nulls":5},781.9938000000001,"2"]
["PP",{"$nulls":3},"DOPRAVNÍ ZNAČENÍ - Svislé dopravní značení - Dodávka a montáž (veškeré prvky svislého dopravního značení budou opatřeny pozinkováním) \n1xP6 - Stůj, dej přednost v jízdě! \nPočet vypočten pomocí grafického softwaru AutoCad (z grafického výkresu)"]
["VV",{"$nulls":3},"Celkem: 1=1,000 [A]"]
["TS",{"$nulls":3},"položka zahrnuje: \n- dodávku a montáž značek v požadovaném provedení"]
["P","24","914113","","DOPRAVNÍ ZNAČKY ZÁKLADNÍ VELIKOSTI OCELOVÉ NEREFLEXNÍ - DEMONTÁŽ","KUS",{"v":1,"d":"1.000"},407.42,407.42,{"$nulls":5},85.5582,"2"]
["PP",{"$nulls":3},"BOURACÍ PRÁCE - Odstranění stávajícího svislého dopravního značení včetně odvozu a likvidace v režii zhotovitele \n1xP4 - Dej přednost v jízdě! \nPočet vypočten pomocí grafického softwaru AutoCad (z grafického výkresu)"]
["VV",{"$nulls":3},"Celkem: 1=1,000 [A]"]
["TS",{"$nulls":3},"Položka zahrnuje odstranění, demontáž a odklizení materiálu s odvozem na předepsané místo"]
["P","25","915111","","VODOROVNÉ DOPRAVNÍ ZNAČENÍ BARVOU HLADKÉ - DODÁVKA A POKLÁDKA","M2",13.805,149.53,{"v":2064.26,"d":"2,064.26"},{"$nulls":5},433.49460000000005,"2"]
["PP",{"$nulls":3},"DOPRAVNÍ ZNAČENÍ - Vodorovné dopravní značení - Příčná čára souvislá s nápisem „STOP“ - V6b - 0,500 - 1. značení barvou \nPlocha vypočtena pomocí grafického softwaru AutoCad (z grafického výkresu)"]
["VV",{"$nulls":3},"Celkem: 7,61*0,5+10=13,805 [A]"]
["TS",{"$nulls":3},"položka zahrnuje: \n- dodání a pokládku nátěrového materiálu (měří se pouze natíraná plocha) \n- předznačení a reflexní úpravu"]
["P","26","915221","","VODOR DOPRAV ZNAČ PLASTEM STRUKTURÁLNÍ NEHLUČNÉ - DOD A POKLÁDKA","M2",13.805,355.03,{"v":4901.19,"d":"4,901.19"},{"$nulls":5},1029.2498999999998,"2"]
["PP",{"$nulls":3},"DOPRAVNÍ ZNAČENÍ - Vodorovné dopravní značení - Příčná čára souvislá s nápisem „STOP“ - V6b - 0,500 - 2. značení strukturovaným plastem \nPlocha vypočtena pomocí grafického softwaru AutoCad (z grafického výkresu)"]
["VV",{"$nulls":3},"Celkem: 7,61*0,5+10=13,805 [A]"]
["TS",{"$nulls":3},"položka zahrnuje: \n- dodání a pokládku nátěrového materiálu (měří se pouze natíraná plocha) \n- předznačení a reflexní úpravu"]
["P","27","917224","","SILNIČNÍ A CHODNÍKOVÉ OBRUBY Z BETONOVÝCH OBRUBNÍKŮ ŠÍŘ 150MM","M",27.818,384.22,{"v":10688.23,"d":"10,688.23"},{"$nulls":5},2244.5283,"2"]
["PP",{"$nulls":3},"OBRUBNÍKY - Betonové silniční obrubníky 150x250x1000mm \n=12,499+11,119=23,618m \nOBRUBNÍKY - Betonové silniční obrubníky nájezdové 150x150x1000mm \n=2,100+2,100=4,200m \nDélka vypočtena pomocí grafického softwaru AutoCad (z grafického výkresu)"]
["VV",{"$nulls":3},"Celkem: 12,499+11,119=23,618 [A] \nCelkem: 2,1+2,1=4,200 [B] \nCelkem: A+B=27,818 [C]"]
["TS",{"$nulls":3},"Položka zahrnuje: \ndodání a pokládku betonových obrubníků o rozměrech předepsaných zadávací dokumentací \nbetonové lože i boční betonovou opěrku."]
["P","28","93318-R","","STATICKÁ ZATĚŽOVACÍ ZKOUŠKA","KUS",{"v":4,"d":"4.000"},{"v":2910.11,"d":"2,910.11"},{"v":11640.44,"d":"11,640.44"},{"$nulls":5},2444.4924,"2"]
["PP",{"$nulls":3},"ZKOUŠKA - Statická zatěžovací zkouška na pláni zemního tělesa, 1. podkladní vrstvě (podsypu, ochranné vrstvě) a 2. podkladní vrstvě vozovky včetně vyhotovení protokolů a geodetického zaměření míst statických zatěžovacích zkoušek \n=1kus*4kus=4kus \nVzdálenost: 2*155km=310km (1 výjezd) \nPočet zkoušek za jeden pracovní den: 12kus (celkem 1 pracovní den = výjezd) \nCena za 1kus: 1kus*1350,00Kč/kus+1*310km*5,50Kč/km/4kus=1776,25Kč/kus \nPočet vypočten pomocí grafického softwaru AutoCad (z grafického výkresu)"]
["VV",{"$nulls":3},"Celkem: 4=4,000 [A]"]
["TS",{"$nulls":3},"- podklady a dokumentaci zkoušky  \n- výrobní dokumentace potřebných zařízení  \n- stavební práce spojené s přípravou a provedením zkoušky (zřízení a odstranění)  \n- veškerá zkušební zařízení vč. opotřebení a nájmu  \n- výpomoce při vlastní zkoušce  \n- dodání zatěžovacích prostředků a hmot, manipulaci s nimi a jejich opotřebení a nájem  \n- přeprava zatěžovacích prostředků a hmot na stavbu a zpět, včetně zajížďky k váze a vážních poplatků  \n- provedení vlastní zkoušky a její vyhodnocení, včetně všech měření a dalších potřebných činností"]
["P","29","966158","","BOURÁNÍ KONSTRUKCÍ Z PROST BETONU S ODVOZEM DO 20KM","M3",{"v":0.42,"d":"0.420"},699.67,293.86,{"$nulls":5},61.71060000000001,"2"]
["PP",{"$nulls":3},"BOURACÍ PRÁCE - Odstranění betonového lože betonových silničních obrubníků včetně odvozu a uložení na skládku do 20km \n=0,420m3*2,300t/m3=0,966t \nKubatura vypočtena pomocí grafického softwaru AutoCad (z grafického výkresu)"]
["VV",{"$nulls":3},"Celkem: (2,1+2,1)*0,1=0,420 [A]"]
["TS",{"$nulls":3},"položka zahrnuje: \n- rozbourání konstrukce bez ohledu na použitou technologii \n- veškeré pomocné konstrukce (lešení a pod.) \n- veškerou manipulaci s vybouranou sutí a hmotami včetně uložení na skládku. Nezahrnuje poplatek za skládku, který se vykazuje v položce 0141** (s výjimkou malého množství bouraného materiálu, kde je možné poplatek zahrnout do jednotkové ceny bourání – tento fakt musí být uveden v doplňujícím textu k položce) \n- veškeré další práce plynoucí z technologického předpisu a z platných předpisů"]

{"sheet":"SO 101_SO 101.07","index":9,"n_rows":130,"n_cols":18,"rows_kept":130,"merged":[[2,2,2,3],[3,2,3,3],[4,2,4,3],[5,0,6,0],[5,1,6,1],[5,2,6,2],[5,3,6,3],[5,4,6,4],[5,5,6,5],[5,6,6,6],[5,7,5,8]],"flags":["formulas_cached_only"]}
["ASPE10",{"$nulls":3},"Firma: -",{"$nulls":10},"3"]
[{"$nulls":4},"Příloha k formuláři pro ocenění nabídky",{"$nulls":9},27359.472,"3"]
["S","Stavba: ","2018648",null,"III/3272 HLÍZOV",null,null,"SO 101.07",{"v":130283.19999999998,"d":"130,283.20"},{"$nulls":5},"0,00","2"]
["O","Objekt:","SO 101",null,"SILNICE III/3272 (KSÚS SK)",{"$nulls":9},"15,00","2"]
["O1","Rozpočet:","SO 101.07",null,"MÍSTNÍ KOMUNIKACE 05 (KSÚS SK)",{"$nulls":9},"21,00","2"]
["Typ","Poř. číslo","Kód položky","Varianta","Název položky","MJ","Množství","Cena"]
[{"$nulls":7},"Jednotková","Celkem"]
["0","1","2","3","4","5","6","9","10"]
["SD",null,"0",null,"Všeobecné konstrukce a práce",{"$nulls":3},{"v":6373.83,"d":"6,373.83"},{"$nulls":5},1338.5043,null,6373.83,1338.5043]
["P","1","014102","01","POPLATKY ZA SKLÁDKU","T",17.324,110.58,{"v":1915.69,"d":"1,915.69"},{"$nulls":5},402.2949,"2"]
["PP",{"$nulls":3},"SKLÁDKA - Uložení asfaltové suti na skládku  \nViz položka č. 3"]
["VV",{"$nulls":3},"Celkem: 0,965+0,845+15,514=17,324 [A]"]
["TS",{"$nulls":3},"zahrnuje veškeré poplatky provozovateli skládky související s uložením odpadu na skládce."]
["P","2","014102","02","POPLATKY ZA SKLÁDKU","T",80.632,55.29,{"v":4458.14,"d":"4,458.14"},{"$nulls":5},936.2094000000001,"2"]
["PP",{"$nulls":3},"SKLÁDKA - Uložení zeminy na skládku \nViz položka č. 8"]
["VV",{"$nulls":3},"Celkem: 80,632=80,632 [A]"]
["TS",{"$nulls":3},"zahrnuje veškeré poplatky provozovateli skládky související s uložením odpadu na skládce."]
["SD",null,"1",null,"Zemní práce",{"$nulls":3},{"v":21402.99,"d":"21,402.99"},{"$nulls":5},4494.6279,null,21402.99,4494.6279]
["P","3","113728","","FRÉZOVÁNÍ ZPEVNĚNÝCH PLOCH ASFALTOVÝCH, ODVOZ DO 20KM","M3",7.218,{"v":1417.12,"d":"1,417.12"},{"v":10228.77,"d":"10,228.77"},{"$nulls":5},2148.0417,"2"]
["PP",{"$nulls":3},"BOURACÍ PRÁCE - Odfrézování asfaltových vrstev v tl. 40mm (asfalt) (napojení na stávající stav) včetně odvozu a uložení na skládku do 20km \n=10,044m2*0,040=0,402m3 \n=0,402m3*2,400t/m3=0,965t \nBOURACÍ PRÁCE - Odfrézování asfaltových vrstev v tl. 70mm (asfalt) (napojení na stávající stav) včetně odvozu a uložení na skládku do 20km \n=5,022m2*0,070=0,352m3 \n=0,352m3*2,400t/m3=0,845t \nBOURACÍ PRÁCE - Odfrézování asfaltových vrstev v tl. 110mm (asfalt) vozovky včetně odvozu a uložení na skládku do 20km \n=58,766m2*0,110=6,464m3 \n=6,464m3*2,400t/m3=15,514t \nKubatura vypočtena pomocí grafického softwaru AutoCad (z grafického výkresu)"]
["VV",{"$nulls":3},"Celkem: 10,044*0,04=0,402 [A] \nCelkem: 5,022*0,07=0,352 [B] \nCelkem: 58,766*0,11=6,464 [C] \nCelkem: A+B+C=7,218 [D]"]
["TS",{"$nulls":3},"Položka zahrnuje veškerou manipulaci s vybouranou sutí a s vybouranými hmotami vč. uložení na skládku. Nezahrnuje poplatek za skládku, který se vykazuje v položce 0141** (s výjimkou malého množství bouraného materiálu, kde je možné poplatek zahrnout do jednotkové ceny bourání – tento fakt musí být uveden v doplňujícím textu k položce)."]
["P","4","113763","","FRÉZOVÁNÍ DRÁŽKY PRŮŘEZU DO 300MM2 V ASFALTOVÉ VOZOVCE","M",32.812,39.58,{"v":1298.7,"d":"1,298.70"},{"$nulls":5},272.72700000000003,"2"]
["PP",{"$nulls":3},"ÚPRAVA Č. 1 - Prořezání drážky v pracovní spáře \nDélka vypočtena pomocí grafického softwaru AutoCad (z grafického výkresu)"]
["VV",{"$nulls":3},"Celkem: 10,006+18,816+3,99=32,812 [A]"]
["TS",{"$nulls":3},"Položka zahrnuje veškerou manipulaci s vybouranou sutí a s vybouranými hmotami vč. uložení na skládku."]
["P","5","121104","","SEJMUTÍ ORNICE NEBO LESNÍ PŮDY S ODVOZEM DO 5KM","M3",3.011,154.61,465.53,{"$nulls":5},97.76129999999999,"2"]
["PP",{"$nulls":3},"ZEMNÍ PRÁCE - Odhumusování plochy v tl. 150mm, která bude zasažena výkopovými pracemi a úpravou terénu včetně odvozu a uložení zeminy na deponii stavby do 5km (využití na zpětné ohumusování) \n=3,011m3*1,900t/m3=5,721t \nKubatura vypočtena pomocí grafického softwaru AutoCad (z grafického výkresu)"]
["VV",{"$nulls":3},"Celkem: (17,23+2,846)*0,15=3,011 [A]"]
["TS",{"$nulls":3},"položka zahrnuje sejmutí ornice bez ohledu na tloušťku vrstvy a její vodorovnou dopravu \nnezahrnuje uložení na trvalou skládku"]
["P","6","121108","","SEJMUTÍ ORNICE NEBO LESNÍ PŮDY S ODVOZEM DO 20KM","M3",0.609,{"v":209.9,"d":"209.90"},127.83,{"$nulls":5},26.844299999999997,"2"]
["PP",{"$nulls":3},"ZEMNÍ PRÁCE - Odhumusování plochy v tl. 150mm, která bude zasažena výkopovými pracemi a úpravou terénu včetně odvozu a uložení zeminy na skládku do 20km (nebude využita na zpětné ohumusování) \n=0,609m3*1,900t/m3=1,157t \nKubatura vypočtena pomocí grafického softwaru AutoCad (z grafického výkresu)"]
["VV",{"$nulls":3},"Celkem: (2,936+21,198)*0,15-(17,23+2,846)*0,15=0,609 [A]"]
["TS",{"$nulls":3},"položka zahrnuje sejmutí ornice bez ohledu na tloušťku vrstvy a její vodorovnou dopravu \nnezahrnuje uložení na trvalou skládku"]
["P","7","125734","","VYKOPÁVKY ZE ZEMNÍKŮ A SKLÁDEK TŘ. I, ODVOZ DO 5KM","M3",3.011,98.94,297.91,{"$nulls":5},62.5611,"2"]
["PP",{"$nulls":3},"ZEMNÍ PRÁCE - Vykopávka a doprava zeminy z deponie stavby do 5km na místo zpětného ohumusování \n=3,011m3*1,900t/m3=5,721t \nKubatura vypočtena pomocí grafického softwaru AutoCad (z grafického výkresu)"]
["VV",{"$nulls":3},"Celkem: (17,23+2,846)*0,15=3,011 [A]"]
["TS",{"$nulls":3},"položka zahrnuje: \n- vodorovná a svislá doprava, přemístění, přeložení, manipulace s výkopkem \n- kompletní provedení vykopávky nezapažené i zapažené \n- ošetření výkopiště po celou dobu práce v něm vč. klimatických opatření \n- ztížení vykopávek v blízkosti podzemního vedení, konstrukcí a objektů vč. jejich dočasného zajištění \n- ztížení pod vodou, v okolí výbušnin, ve stísněných prostorech a pod. \n- příplatek za lepivost \n- těžení po vrstvách, pásech a po jiných nutných částech (figurách) \n- čerpání vody vč. čerpacích jímek, potrubí a pohotovostní čerpací soupravy (viz ustanovení k pol. 1151,2) \n- potřebné snížení hladiny podzemní vody \n- těžení a rozpojování jednotlivých balvanů \n- vytahování a nošení výkopku \n- ruční vykopávky, odstranění kořenů a napadávek \n- pažení, vzepření a rozepření vč. přepažování (vyjma štětových stěn) \n- úpravu, ochranu a očištění dna, základové spáry, stěn a svahů \n- udržování výkopiště a jeho ochrana proti vodě \n- odvedení nebo obvedení vody v okolí výkopiště a ve výkopišti \n- třídění výkopku \n- veškeré pomocné konstrukce umožňující provedení vykopávky (příjezdy, sjezdy, nájezdy, lešení, podpěr. konstr., přemostění, zpevněné plochy, zakrytí a pod.) \npoložka nezahrnuje: \n- práce spojené s otvírkou zemníku"]
["P","8","131738","","HLOUBENÍ JAM ZAPAŽ I NEPAŽ TŘ. I, ODVOZ DO 20KM","M3",42.438,154.61,{"v":6561.34,"d":"6,561.34"},{"$nulls":5},1377.8814000000002,"2"]
["PP",{"$nulls":3},"ZEMNÍ PRÁCE - Výkop zeminy pro stavební jámu v zemině tř. 1 včetně pažení a odvozu zeminy na skládku do 20km \n=42,438m3*1,900t/m3=80,632t \nKubatura vypočtena pomocí grafického softwaru AutoCad (z grafického výkresu)"]
["VV",{"$nulls":3},"Celkem: 42,438=42,438 [A]"]
["TS",{"$nulls":3},"položka zahrnuje: \n- vodorovná a svislá doprava, přemístění, přeložení, manipulace s výkopkem \n- kompletní provedení vykopávky nezapažené i zapažené \n- ošetření výkopiště po celou dobu práce v něm vč. klimatických opatření \n- ztížení vykopávek v blízkosti podzemního vedení, konstrukcí a objektů vč. jejich dočasného zajištění \n- ztížení pod vodou, v okolí výbušnin, ve stísněných prostorech a pod. \n- příplatek za lepivost \n- těžení po vrstvách, pásech a po jiných nutných částech (figurách) \n- čerpání vody vč. čerpacích jímek, potrubí a pohotovostní čerpací soupravy (viz ustanovení k pol. 1151,2) \n- potřebné snížení hladiny podzemní vody \n- těžení a rozpojování jednotlivých balvanů \n- vytahování a nošení výkopku \n- svahování a přesvah. svahů do konečného tvaru, výměna hornin v podloží a v pláni znehodnocené klimatickými vlivy \n- ruční vykopávky, odstranění kořenů a napadávek \n- pažení, vzepření a rozepření vč. přepažování (vyjma štětových stěn) \n- úpravu, ochranu a očištění dna, základové spáry, stěn a svahů \n- odvedení nebo obvedení vody v okolí výkopiště a ve výkopišti \n- třídění výkopku \n- veškeré pomocné konstrukce umožňující provedení vykopávky (příjezdy, sjezdy, nájezdy, lešení, podpěr. konstr., přemostění, zpevněné plochy, zakrytí a pod.) \n- nezahrnuje uložení zeminy (na skládku, do násypu) ani poplatky za skládku, vykazují se v položce č.0141**"]
["P","9","17481","","ZÁSYP JAM A RÝH Z NAKUPOVANÝCH MATERIÁLŮ","M3",1.165,241.57,281.43,{"$nulls":5},59.1003,"2"]
["PP",{"$nulls":3},"ZEMNÍ PRÁCE - Zásyp zeminou vhodnou do náspů, hutněno po vrstvách 300mm na 100% PS \nKubatura vypočtena pomocí grafického softwaru AutoCad (z grafického výkresu)"]
["VV",{"$nulls":3},"Celkem: 1,165=1,165 [A]"]
["TS",{"$nulls":3},"položka zahrnuje: \n- kompletní provedení zemní konstrukce včetně nákupu a dopravy materiálu dle zadávací dokumentace \n- úprava  ukládaného  materiálu  vlhčením,  tříděním,  promícháním  nebo  vysoušením,  příp. jiné úpravy za účelem zlepšení jeho  mech. vlastností \n- hutnění i různé míry hutnění  \n- ošetření úložiště po celou dobu práce v něm vč. klimatických opatření \n- ztížení v okolí vedení, konstrukcí a objektů a jejich dočasné zajištění \n- ztížení provádění vč. hutnění ve ztížených podmínkách a stísněných prostorech \n- ztížené ukládání sypaniny pod vodu \n- ukládání po vrstvách a po jiných nutných částech (figurách) vč. dosypávek \n- spouštění a nošení materiálu \n- výměna částí zemní konstrukce znehodnocené klimatickými vlivy \n- udržování úložiště a jeho ochrana proti vodě \n- odvedení nebo obvedení vody v okolí úložiště a v úložišti \n- veškeré  pomocné konstrukce umožňující provedení  zemní konstrukce  (příjezdy,  sjezdy,  nájezdy, lešení, podpěrné konstrukce, přemostění, zpevněné plochy, zakrytí a pod.)"]
["P","10","18110","","ÚPRAVA PLÁNĚ SE ZHUTNĚNÍM V HORNINĚ TŘ. I","M2",87.172,16.22,{"v":1413.93,"d":"1,413.93"},{"$nulls":5},296.92530000000005,"2"]
["PP",{"$nulls":3},"ÚPRAVA Č. 1 - Úprava a zhutnění parapláně \n=42,576m2 \nÚPRAVA Č. 1 - Úprava a zhutnění zemní pláně \n=44,596m2 \nPlocha vypočtena pomocí grafického softwaru AutoCad (z grafického výkresu)"]
["VV",{"$nulls":3},"Celkem: 42,576=42,576 [A] \nCelkem: 44,596=44,596 [B] \nCelkem: A+B=87,172 [C]"]
["TS",{"$nulls":3},"položka zahrnuje úpravu pláně včetně vyrovnání výškových rozdílů. Míru zhutnění určuje projekt."]
["P","11","18232","","ROZPROSTŘENÍ ORNICE V ROVINĚ V TL DO 0,15M","M2",20.076,36.24,727.55,{"$nulls":5},152.78549999999998,"2"]
["PP",{"$nulls":3},"ZEMNÍ PRÁCE - Zpětné ohumusování plochy v tl. 150mm, která byla zasažena výkopovými pracemi a úpravou terénu \nPlocha vypočtena pomocí grafického softwaru AutoCad (z grafického výkresu)"]
["VV",{"$nulls":3},"Celkem: 17,23+2,846=20,076 [A]"]
["TS",{"$nulls":3},"položka zahrnuje: \nnutné přemístění ornice z dočasných skládek vzdálených do 50m \nrozprostření ornice v předepsané tloušťce v rovině a ve svahu do 1:5"]
["SD",null,"2",null,"Základy",{"$nulls":3},{"v":17637.73,"d":"17,637.73"},{"$nulls":5},3703.9233000000004,null,17637.73,3703.9233000000004]
["P","12","21452","","SANAČNÍ VRSTVY Z KAMENIVA DRCENÉHO","M3",21.793,809.33,{"v":17637.73,"d":"17,637.73"},{"$nulls":5},3703.9233000000004,"2"]
["PP",{"$nulls":3},"ÚPRAVA Č. 1 - Sanace podloží - Kamenitá sypanina z drceného kameniva 0/90mm tl. 2*250mm \nKubatura vypočtena pomocí grafického softwaru AutoCad (z grafického výkresu)"]
["VV",{"$nulls":3},"Celkem: 43,586*0,5=21,793 [A]"]
["TS",{"$nulls":3},"položka zahrnuje dodávku předepsaného kameniva, mimostaveništní a vnitrostaveništní dopravu a jeho uložení \nnení-li v zadávací dokumentaci uvedeno jinak, jedná se o nakupovaný materiál"]
["SD",null,"4",null,"Vodorovné konstrukce",{"$nulls":3},{"v":3389.7,"d":"3,389.70"},{"$nulls":5},711.837,null,3389.7,711.837]
["P","13","451314","","PODKLADNÍ A VÝPLŇOVÉ VRSTVY Z PROSTÉHO BETONU C20/25","M3",1.456,{"v":2328.09,"d":"2,328.09"},{"v":3389.7,"d":"3,389.70"},{"$nulls":5},711.837,"2"]
["PP",{"$nulls":3},"OBRUBNÍKY - Betonové lože C20/25-XF3 pod betonové silniční obrubníky 150x250x1000mm \nKubatura vypočtena pomocí grafického softwaru AutoCad (z grafického výkresu)"]
["VV",{"$nulls":3},"Celkem: (9,36+5,204)*0,1=1,456 [A]"]
["TS",{"$nulls":3},"- dodání  čerstvého  betonu  (betonové  směsi)  požadované  kvality,  jeho  uložení  do požadovaného tvaru při jakékoliv hustotě výztuže, konzistenci čerstvého betonu a způsobu hutnění, ošetření a ochranu betonu,  \n- zhotovení nepropustného, mrazuvzdorného betonu a betonu požadované trvanlivosti a vlastností,  \n- užití potřebných přísad a technologií výroby betonu,  \n- zřízení pracovních a dilatačních spar, včetně potřebných úprav, výplně, vložek, opracování, očištění a ošetření,  \n- bednění  požadovaných  konstr. (i ztracené) s úpravou  dle požadované  kvality povrchu betonu, včetně odbedňovacích a odskružovacích prostředků,  \n- podpěrné  konstr. (skruže) a lešení všech druhů pro bednění, uložení čerstvého betonu, výztuže a doplňkových konstr., vč. požadovaných otvorů, ochranných a bezpečnostních opatření a základů těchto konstrukcí a lešení,  \n- vytvoření kotevních čel, kapes, nálitků, a sedel,  \n- zřízení  všech  požadovaných  otvorů, kapes, výklenků, prostupů, dutin, drážek a pod., vč. ztížení práce a úprav  kolem nich,  \n- úpravy pro osazení výztuže, doplňkových konstrukcí a vybavení,  \n- úpravy povrchu pro položení požadované izolace, povlaků a nátěrů, případně vyspravení,  \n- ztížení práce u kabelových a injektážních trubek a ostatních zařízení osazovaných do betonu,  \n- konstrukce betonových kloubů, upevnění kotevních prvků a doplňkových konstrukcí,  \n- nátěry zabraňující soudržnost betonu a bednění,  \n- výplň, těsnění  a tmelení spar a spojů,  \n- opatření  povrchů  betonu  izolací  proti zemní vlhkosti v částech, kde přijdou do styku se zeminou nebo kamenivem,  \n- případné zřízení spojovací vrstvy u základů,  \n- úpravy pro osazení zařízení ochrany konstrukce proti vlivu bludných proudů"]
["SD",null,"5",null,"Komunikace",{"$nulls":3},{"v":51044.46,"d":"51,044.46"},{"$nulls":5},10719.3366,null,51044.46,10719.3366]
["P","14","56310","","VOZOVKOVÉ VRSTVY Z MECHANICKY ZPEVNĚNÉHO KAMENIVA","M3",5.806,{"v":1377.74,"d":"1,377.74"},{"v":7999.16,"d":"7,999.16"},{"$nulls":5},1679.8236,"2"]
["PP",{"$nulls":3},"ÚPRAVA Č. 1 - Druhá podkladní vrstva - Mechanicky zpevněné kamenivo MZK tl. 150mm + hutnění \nKubatura vypočtena pomocí grafického softwaru AutoCad (z grafického výkresu)"]
["VV",{"$nulls":3},"Celkem: 38,706*0,15=5,806 [A]"]
["TS",{"$nulls":3},"- dodání kameniva předepsané kvality a zrnitosti \n- rozprostření a zhutnění vrstvy v předepsané tloušťce \n- zřízení vrstvy bez rozlišení šířky, pokládání vrstvy po etapách \n- nezahrnuje postřiky, nátěry"]
["P","15","56330","","VOZOVKOVÉ VRSTVY ZE ŠTĚRKODRTI","M3",6.741,891.13,{"v":6007.11,"d":"6,007.11"},{"$nulls":5},1261.4931,"2"]
["PP",{"$nulls":3},"ÚPRAVA Č. 1 - První podkladní vrstva - Štěrkodrť ŠDA 0/63 tl. 150 mm + hutnění \nKubatura vypočtena pomocí grafického softwaru AutoCad (z grafického výkresu)"]
["VV",{"$nulls":3},"Celkem: 44,941*0,15=6,741 [A]"]
["TS",{"$nulls":3},"- dodání kameniva předepsané kvality a zrnitosti \n- rozprostření a zhutnění vrstvy v předepsané tloušťce \n- zřízení vrstvy bez rozlišení šířky, pokládání vrstvy po etapách \n- nezahrnuje postřiky, nátěry"]
["P","16","572121","","INFILTRAČNÍ POSTŘIK ASFALTOVÝ DO 1,0KG/M2","M2",44.872,26.25,{"v":1177.89,"d":"1,177.89"},{"$nulls":5},247.35690000000002,"2"]
["PP",{"$nulls":3},"ÚPRAVA Č. 1 - Infiltrační postřik z asfaltové emulze, zbytkové množství pojiva 1,00kg/m2 \nPlocha vypočtena pomocí grafického softwaru AutoCad (z grafického výkresu)"]
["VV",{"$nulls":3},"Celkem: 44,872=44,872 [A]"]
["TS",{"$nulls":3},"- dodání všech předepsaných materiálů pro postřiky v předepsaném množství \n- provedení dle předepsaného technologického předpisu \n- zřízení vrstvy bez rozlišení šířky, pokládání vrstvy po etapách \n- úpravu napojení, ukončení"]
["P","17","572213","","SPOJOVACÍ POSTŘIK Z EMULZE DO 0,5KG/M2","M2",49.945,16.98,848.07,{"$nulls":5},178.09470000000002,"2"]
["PP",{"$nulls":3},"ÚPRAVA Č. 1 - Spojovací postřik kationaktivní emulzí C 60 BP3, zbytkové množství pojiva 0,40 kg/m2 \nPlocha vypočtena pomocí grafického softwaru AutoCad (z grafického výkresu)"]
["VV",{"$nulls":3},"Celkem: 49,945=49,945 [A]"]
["TS",{"$nulls":3},"- dodání všech předepsaných materiálů pro postřiky v předepsaném množství \n- provedení dle předepsaného technologického předpisu \n- zřízení vrstvy bez rozlišení šířky, pokládání vrstvy po etapách \n- úpravu napojení, ukončení"]
["P","18","57472","","VOZOVKOVÉ VÝZTUŽNÉ VRSTVY Z TEXTILIE","M2",42.576,71.74,{"v":3054.4,"d":"3,054.40"},{"$nulls":5},641.424,"2"]
["PP",{"$nulls":3},"Úprava č. 1 - Tkaná separační / výztužná geotextilie - pevnost v tahu i podélně 80kN/m, odolnost proti protržení CBR - 10kN \nPlocha vypočtena pomocí grafického softwaru AutoCad (z grafického výkresu)"]
["VV",{"$nulls":3},"Celkem: 42,576=42,576 [A]"]
["TS",{"$nulls":3},"- dodání textilie v požadované kvalitě a v množství včetně přesahů (přesahy započteny v jednotkové ceně) \n- očištění podkladu \n- pokládka textilie dle předepsaného technologického předpisu"]
["P","19","57475","","VOZOVKOVÉ VÝZTUŽNÉ VRSTVY Z GEOMŘÍŽOVINY","M2",20.006,133.87,{"v":2678.2,"d":"2,678.20"},{"$nulls":5},562.422,"2"]
["PP",{"$nulls":3},"ÚPRAVA Č. 1 - Výztužná geomříž \nPlocha vypočtena pomocí grafického softwaru AutoCad (z grafického výkresu)"]
["VV",{"$nulls":3},"Celkem: 20,006=20,006 [A]"]
["TS",{"$nulls":3},"- dodání geomříže v požadované kvalitě a v množství včetně přesahů (přesahy započteny v jednotkové ceně) \n- očištění podkladu \n- pokládka geomříže dle předepsaného technologického předpisu"]
["P","20","574A33","","ASFALTOVÝ BETON PRO OBRUSNÉ VRSTVY ACO 11 TL. 40MM","M2",49.945,{"v":249.2,"d":"249.20"},{"v":12446.29,"d":"12,446.29"},{"$nulls":5},2613.7209000000003,"2"]
["PP",{"$nulls":3},"ÚPRAVA Č. 1 - Asfaltový beton pro obrusné vrstvy ACO 11, tl. 40mm + hutnění \nPlocha vypočtena pomocí grafického softwaru AutoCad (z grafického výkresu)"]
["VV",{"$nulls":3},"Celkem: 49,945=49,945 [A]"]
["TS",{"$nulls":3},"- dodání směsi v požadované kvalitě \n- očištění podkladu \n- uložení směsi dle předepsaného technologického předpisu, zhutnění vrstvy v předepsané tloušťce \n- zřízení vrstvy bez rozlišení šířky, pokládání vrstvy po etapách, včetně pracovních spar a spojů \n- úpravu napojení, ukončení podél obrubníků, dilatačních zařízení, odvodňovacích proužků, odvodňovačů, vpustí, šachet a pod. \n- nezahrnuje postřiky, nátěry \n- nezahrnuje těsnění podél obrubníků, dilatačních zařízení, odvodňovacích proužků, odvodňovačů, vpustí, šachet a pod."]
["P","21","574C67","","ASFALTOVÝ BETON PRO LOŽNÍ VRSTVY ACL 22 TL. 70MM","M2",44.872,347.72,{"v":15602.89,"d":"15,602.89"},{"$nulls":5},3276.6069,"2"]
["PP",{"$nulls":3},""]
["VV",{"$nulls":3},"Celkem: 44,872=44,872 [A]"]
["TS",{"$nulls":3},"- dodání směsi v požadované kvalitě \n- očištění podkladu \n- uložení směsi dle předepsaného technologického předpisu, zhutnění vrstvy v předepsané tloušťce \n- zřízení vrstvy bez rozlišení šířky, pokládání vrstvy po etapách, včetně pracovních spar a spojů \n- úpravu napojení, ukončení podél obrubníků, dilatačních zařízení, odvodňovacích proužků, odvodňovačů, vpustí, šachet a pod. \n- nezahrnuje postřiky, nátěry \n- nezahrnuje těsnění podél obrubníků, dilatačních zařízení, odvodňovacích proužků, odvodňovačů, vpustí, šachet a pod."]
["P","22","58920","","VÝPLŇ SPAR MODIFIKOVANÝM ASFALTEM","M",32.812,{"v":37.5,"d":"37.50"},{"v":1230.45,"d":"1,230.45"},{"$nulls":5},258.3945,"2"]
["PP",{"$nulls":3},"ÚPRAVA Č. 1 - Asfaltová zálivka \nDélka vypočtena pomocí grafického softwaru AutoCad (z grafického výkresu)"]
["VV",{"$nulls":3},"Celkem: 10,006+18,816+3,99=32,812 [A]"]
["TS",{"$nulls":3},"položka zahrnuje: \n- dodávku předepsaného materiálu \n- vyčištění a výplň spar tímto materiálem"]
["SD",null,"9",null,"Ostatní konstrukce a práce",{"$nulls":3},{"v":30434.489999999998,"d":"30,434.49"},{"$nulls":5},6391.242899999999,null,30434.489999999998,6391.242899999999]
["P","23","914111","","DOPRAVNÍ ZNAČKY ZÁKLADNÍ VELIKOSTI OCELOVÉ NEREFLEXNÍ - DOD A MONTÁŽ","KUS",{"v":2,"d":"2.000"},{"v":2307.72,"d":"2,307.72"},{"v":4615.44,"d":"4,615.44"},{"$nulls":5},969.2423999999999,"2"]
["PP",{"$nulls":3},"DOPRAVNÍ ZNAČENÍ - Svislé dopravní značení - Dodávka a montáž (veškeré prvky svislého dopravního značení budou opatřeny pozinkováním) \n1xP6 - Stůj, dej přednost v jízdě! \n1xE2b - Tvar křižovatky \nPočet vypočten pomocí grafického softwaru AutoCad (z grafického výkresu)"]
["VV",{"$nulls":3},"Celkem: 1+1=2,000 [A]"]
["TS",{"$nulls":3},"položka zahrnuje: \n- dodávku a montáž značek v požadovaném provedení"]
["P","24","914113","","DOPRAVNÍ ZNAČKY ZÁKLADNÍ VELIKOSTI OCELOVÉ NEREFLEXNÍ - DEMONTÁŽ","KUS",{"v":2,"d":"2.000"},203.71,407.42,{"$nulls":5},85.5582,"2"]
["PP",{"$nulls":3},"BOURACÍ PRÁCE - Odstranění stávajícího svislého dopravního značení včetně odvozu a likvidace v režii zhotovitele \n1xP4 - Dej přednost v jízdě! \n1xE2b - Tvar křižovatky \nPočet vypočten pomocí grafického softwaru AutoCad (z grafického výkresu)"]
["VV",{"$nulls":3},"Celkem: 1+1=2,000 [A]"]
["TS",{"$nulls":3},"Položka zahrnuje odstranění, demontáž a odklizení materiálu s odvozem na předepsané místo"]
["P","25","915111","","VODOROVNÉ DOPRAVNÍ ZNAČENÍ BARVOU HLADKÉ - DODÁVKA A POKLÁDKA","M2",{"v":15.29,"d":"15.290"},144.62,{"v":2211.24,"d":"2,211.24"},{"$nulls":5},464.3603999999999,"2"]
["PP",{"$nulls":3},"DOPRAVNÍ ZNAČENÍ - Vodorovné dopravní značení - Příčná čára souvislá s nápisem „STOP“ - V6b - 0,500 - 1. značení barvou \nPlocha vypočtena pomocí grafického softwaru AutoCad (z grafického výkresu)"]
["VV",{"$nulls":3},"Celkem: 10,58*0,5+10=15,290 [A]"]
["TS",{"$nulls":3},"položka zahrnuje: \n- dodání a pokládku nátěrového materiálu (měří se pouze natíraná plocha) \n- předznačení a reflexní úpravu"]
["P","26","915221","","VODOR DOPRAV ZNAČ PLASTEM STRUKTURÁLNÍ NEHLUČNÉ - DOD A POKLÁDKA","M2",{"v":15.29,"d":"15.290"},355.03,{"v":5428.41,"d":"5,428.41"},{"$nulls":5},1139.9661,"2"]
["PP",{"$nulls":3},"DOPRAVNÍ ZNAČENÍ - Vodorovné dopravní značení - Příčná čára souvislá s nápisem „STOP“ - V6b - 0,500 - 2. značení strukturovaným plastem \nPlocha vypočtena pomocí grafického softwaru AutoCad (z grafického výkresu)"]
["VV",{"$nulls":3},"Celkem: 10,58*0,5+10=15,290 [A]"]
["TS",{"$nulls":3},"položka zahrnuje: \n- dodání a pokládku nátěrového materiálu (měří se pouze natíraná plocha) \n- předznačení a reflexní úpravu"]
["P","27","917224","","SILNIČNÍ A CHODNÍKOVÉ OBRUBY Z BETONOVÝCH OBRUBNÍKŮ ŠÍŘ 150MM","M",14.564,384.22,{"v":5595.78,"d":"5,595.78"},{"$nulls":5},1175.1137999999999,"2"]
["PP",{"$nulls":3},"OBRUBNÍKY - Betonové silniční obrubníky 150x250x1000mm \nDélka vypočtena pomocí grafického softwaru AutoCad (z grafického výkresu)"]
["VV",{"$nulls":3},"Celkem: 9,36+5,204=14,564 [A]"]
["TS",{"$nulls":3},"Položka zahrnuje: \ndodání a pokládku betonových obrubníků o rozměrech předepsaných zadávací dokumentací \nbetonové lože i boční betonovou opěrku."]
["P","28","919111","","ŘEZÁNÍ ASFALTOVÉHO KRYTU VOZOVEK TL DO 50MM","M",10.084,53.13,535.76,{"$nulls":5},112.50959999999999,"2"]
["PP",{"$nulls":3},"BOURACÍ PRÁCE - Řezání asfaltového krytu pro odfrézování asfaltových vrstev v prostoru silnice \nDélka vypočtena pomocí grafického softwaru AutoCad (z grafického výkresu)"]
["VV",{"$nulls":3},"Celkem: 10,084=10,084 [A]"]
["TS",{"$nulls":3},"položka zahrnuje řezání vozovkové vrstvy v předepsané tloušťce, včetně spotřeby vody"]
["P","29","93318-R","","STATICKÁ ZATĚŽOVACÍ ZKOUŠKA","KUS",{"v":4,"d":"4.000"},{"v":2910.11,"d":"2,910.11"},{"v":11640.44,"d":"11,640.44"},{"$nulls":5},2444.4924,"2"]
["PP",{"$nulls":3},"ZKOUŠKA - Statická zatěžovací zkouška na pláni zemního tělesa, 1. podkladní vrstvě (podsypu, ochranné vrstvě) a 2. podkladní vrstvě vozovky včetně vyhotovení protokolů a geodetického zaměření míst statických zatěžovacích zkoušek \n=1kus*4kus=4kus \nVzdálenost: 2*155km=310km (1 výjezd) \nPočet zkoušek za jeden pracovní den: 12kus (celkem 1 pracovní den = výjezd) \nCena za 1kus: 1kus*1350,00Kč/kus+1*310km*5,50Kč/km/4kus=1776,25Kč/kus \nPočet vypočten pomocí grafického softwaru AutoCad (z grafického výkresu)"]
["VV",{"$nulls":3},"Celkem: 4=4,000 [A]"]
["TS",{"$nulls":3},"- podklady a dokumentaci zkoušky  \n- výrobní dokumentace potřebných zařízení  \n- stavební práce spojené s přípravou a provedením zkoušky (zřízení a odstranění)  \n- veškerá zkušební zařízení vč. opotřebení a nájmu  \n- výpomoce při vlastní zkoušce  \n- dodání zatěžovacích prostředků a hmot, manipulaci s nimi a jejich opotřebení a nájem  \n- přeprava zatěžovacích prostředků a hmot na stavbu a zpět, včetně zajížďky k váze a vážních poplatků  \n- provedení vlastní zkoušky a její vyhodnocení, včetně všech měření a dalších potřebných činností"]

{"sheet":"SO 101_SO 101.08","index":10,"n_rows":130,"n_cols":18,"rows_kept":130,"merged":[[2,2,2,3],[3,2,3,3],[4,2,4,3],[5,0,6,0],[5,1,6,1],[5,2,6,2],[5,3,6,3],[5,4,6,4],[5,5,6,5],[5,6,6,6],[5,7,5,8]],"flags":["formulas_cached_only"]}
["ASPE10",{"$nulls":3},"Firma: -",{"$nulls":10},"3"]
[{"$nulls":4},"Příloha k formuláři pro ocenění nabídky",{"$nulls":9},40127.7219,"3"]
["S","Stavba: ","2018648",null,"III/3272 HLÍZOV",null,null,"SO 101.08",{"v":191084.38999999998,"d":"191,084.39"},{"$nulls":5},"0,00","2"]
["O","Objekt:","SO 101",null,"SILNICE III/3272 (KSÚS SK)",{"$nulls":9},"15,00","2"]
["O1","Rozpočet:","SO 101.08",null,"MÍSTNÍ KOMUNIKACE 06 (KSÚS SK)",{"$nulls":9},"21,00","2"]
["Typ","Poř. číslo","Kód položky","Varianta","Název položky","MJ","Množství","Cena"]
[{"$nulls":7},"Jednotková","Celkem"]
["0","1","2","3","4","5","6","9","10"]
["SD",null,"0",null,"Všeobecné konstrukce a práce",{"$nulls":3},{"v":10053.6,"d":"10,053.60"},{"$nulls":5},2111.256,null,10053.6,2111.256]
["P","1","014102","01","POPLATKY ZA SKLÁDKU","T",15.278,110.58,{"v":1689.44,"d":"1,689.44"},{"$nulls":5},354.7824,"2"]
["PP",{"$nulls":3},"SKLÁDKA - Uložení asfaltové suti na skládku  \nViz položka č. 3"]
["VV",{"$nulls":3},"Celkem: 0,568+0,497+14,213=15,278 [A]"]
["TS",{"$nulls":3},"zahrnuje veškeré poplatky provozovateli skládky související s uložením odpadu na skládce."]
["P","2","014102","02","POPLATKY ZA SKLÁDKU","T",151.278,55.29,{"v":8364.16,"d":"8,364.16"},{"$nulls":5},1756.4735999999998,"2"]
["PP",{"$nulls":3},"SKLÁDKA - Uložení zeminy na skládku \nViz položka č. 8"]
["VV",{"$nulls":3},"Celkem: 151,278=151,278 [A]"]
["TS",{"$nulls":3},"zahrnuje veškeré poplatky provozovateli skládky související s uložením odpadu na skládce."]
["SD",null,"1",null,"Zemní práce",{"$nulls":3},{"v":26718.78,"d":"26,718.78"},{"$nulls":5},5610.9438,null,26718.78,5610.9438]
["P","3","113728","","FRÉZOVÁNÍ ZPEVNĚNÝCH PLOCH ASFALTOVÝCH, ODVOZ DO 20KM","M3",6.367,{"v":1417.12,"d":"1,417.12"},{"v":9022.8,"d":"9,022.80"},{"$nulls":5},1894.7879999999998,"2"]
["PP",{"$nulls":3},"BOURACÍ PRÁCE - Odfrézování asfaltových vrstev v tl. 40mm (asfalt) (napojení na stávající stav) včetně odvozu a uložení na skládku do 20km \n=5,914m2*0,040=0,237m3 \n=0,237m3*2,400t/m3=0,568t \nBOURACÍ PRÁCE - Odfrézování asfaltových vrstev v tl. 70mm (asfalt) (napojení na stávající stav) včetně odvozu a uložení na skládku do 20km \n=2,967m2*0,070=0,207m3 \n=0,207m3*2,400t/m3=0,497t \nBOURACÍ PRÁCE - Odfrézování asfaltových vrstev v tl. 110mm (asfalt) vozovky včetně odvozu a uložení na skládku do 20km \n=53,834m2*0,110=5,922m3 \n=5,922m3*2,400t/m3=14,213t \nKubatura vypočtena pomocí grafického softwaru AutoCad (z grafického výkresu)"]
["VV",{"$nulls":3},"Celkem: 5,914*0,04=0,237 [A] \nCelkem: 2,967*0,07=0,208 [B] \nCelkem: 53,834*0,11=5,922 [C] \nCelkem: A+B+C=6,367 [D]"]
["TS",{"$nulls":3},"Položka zahrnuje veškerou manipulaci s vybouranou sutí a s vybouranými hmotami vč. uložení na skládku. Nezahrnuje poplatek za skládku, který se vykazuje v položce 0141** (s výjimkou malého množství bouraného materiálu, kde je možné poplatek zahrnout do jednotkové ceny bourání – tento fakt musí být uveden v doplňujícím textu k položce)."]
["P","4","113763","","FRÉZOVÁNÍ DRÁŽKY PRŮŘEZU DO 300MM2 V ASFALTOVÉ VOZOVCE","M",32.007,39.58,{"v":1266.84,"d":"1,266.84"},{"$nulls":5},266.0364,"2"]
["PP",{"$nulls":3},"ÚPRAVA Č. 1 - Prořezání drážky v pracovní spáře \nDélka vypočtena pomocí grafického softwaru AutoCad (z grafického výkresu)"]
["VV",{"$nulls":3},"Celkem: 5,909+17,656+8,442=32,007 [A]"]
["TS",{"$nulls":3},"Položka zahrnuje veškerou manipulaci s vybouranou sutí a s vybouranými hmotami vč. uložení na skládku."]
["P","5","121104","","SEJMUTÍ ORNICE NEBO LESNÍ PŮDY S ODVOZEM DO 5KM","M3",1.956,154.61,302.42,{"$nulls":5},63.50820000000001,"2"]
["PP",{"$nulls":3},"ZEMNÍ PRÁCE - Odhumusování plochy v tl. 150mm, která bude zasažena výkopovými pracemi a úpravou terénu včetně odvozu a uložení zeminy na deponii stavby do 5km (využití na zpětné ohumusování) \n=1,956m3*1,900t/m3=3,716t \nKubatura vypočtena pomocí grafického softwaru AutoCad (z grafického výkresu)"]
["VV",{"$nulls":3},"Celkem: (7,056+5,984)*0,15=1,956 [A]"]
["TS",{"$nulls":3},"položka zahrnuje sejmutí ornice bez ohledu na tloušťku vrstvy a její vodorovnou dopravu \nnezahrnuje uložení na trvalou skládku"]
["P","6","121108","","SEJMUTÍ ORNICE NEBO LESNÍ PŮDY S ODVOZEM DO 20KM","M3",0.525,{"v":209.9,"d":"209.90"},{"v":110.2,"d":"110.20"},{"$nulls":5},23.142000000000003,"2"]
["PP",{"$nulls":3},"ZEMNÍ PRÁCE - Odhumusování plochy v tl. 150mm, která bude zasažena výkopovými pracemi a úpravou terénu včetně odvozu a uložení zeminy na skládku do 20km (nebude využita na zpětné ohumusování) \n=0,525m3*1,900t/m3=0,998t \nKubatura vypočtena pomocí grafického softwaru AutoCad (z grafického výkresu)"]
["VV",{"$nulls":3},"Celkem: (4,082+12,46)*0,15-(7,056+5,984)*0,15=0,525 [A]"]
["TS",{"$nulls":3},"položka zahrnuje sejmutí ornice bez ohledu na tloušťku vrstvy a její vodorovnou dopravu \nnezahrnuje uložení na trvalou skládku"]
["P","7","125734","","VYKOPÁVKY ZE ZEMNÍKŮ A SKLÁDEK TŘ. I, ODVOZ DO 5KM","M3",1.956,98.94,193.53,{"$nulls":5},40.6413,"2"]
["PP",{"$nulls":3},"ZEMNÍ PRÁCE - Vykopávka a doprava zeminy z deponie stavby do 5km na místo zpětného ohumusování \n=1,956m3*1,900t/m3=3,716t \nKubatura vypočtena pomocí grafického softwaru AutoCad (z grafického výkresu)"]
["VV",{"$nulls":3},"Celkem: (7,056+5,984)*0,15=1,956 [A]"]
["TS",{"$nulls":3},"položka zahrnuje: \n- vodorovná a svislá doprava, přemístění, přeložení, manipulace s výkopkem \n- kompletní provedení vykopávky nezapažené i zapažené \n- ošetření výkopiště po celou dobu práce v něm vč. klimatických opatření \n- ztížení vykopávek v blízkosti podzemního vedení, konstrukcí a objektů vč. jejich dočasného zajištění \n- ztížení pod vodou, v okolí výbušnin, ve stísněných prostorech a pod. \n- příplatek za lepivost \n- těžení po vrstvách, pásech a po jiných nutných částech (figurách) \n- čerpání vody vč. čerpacích jímek, potrubí a pohotovostní čerpací soupravy (viz ustanovení k pol. 1151,2) \n- potřebné snížení hladiny podzemní vody \n- těžení a rozpojování jednotlivých balvanů \n- vytahování a nošení výkopku \n- ruční vykopávky, odstranění kořenů a napadávek \n- pažení, vzepření a rozepření vč. přepažování (vyjma štětových stěn) \n- úpravu, ochranu a očištění dna, základové spáry, stěn a svahů \n- udržování výkopiště a jeho ochrana proti vodě \n- odvedení nebo obvedení vody v okolí výkopiště a ve výkopišti \n- třídění výkopku \n- veškeré pomocné konstrukce umožňující provedení vykopávky (příjezdy, sjezdy, nájezdy, lešení, podpěr. konstr., přemostění, zpevněné plochy, zakrytí a pod.) \npoložka nezahrnuje: \n- práce spojené s otvírkou zemníku"]
["P","8","131738","","HLOUBENÍ JAM ZAPAŽ I NEPAŽ TŘ. I, ODVOZ DO 20KM","M3",{"v":79.62,"d":"79.620"},154.61,{"v":12310.05,"d":"12,310.05"},{"$nulls":5},2585.1105,"2"]
["PP",{"$nulls":3},"ZEMNÍ PRÁCE - Výkop zeminy pro stavební jámu v zemině tř. 1 včetně pažení a odvozu zeminy na skládku do 20km \n=79,620m3*1,900t/m3=151,278t \nKubatura vypočtena pomocí grafického softwaru AutoCad (z grafického výkresu)"]
["VV",{"$nulls":3},"Celkem: 79,62=79,620 [A]"]
["TS",{"$nulls":3},"položka zahrnuje: \n- vodorovná a svislá doprava, přemístění, přeložení, manipulace s výkopkem \n- kompletní provedení vykopávky nezapažené i zapažené \n- ošetření výkopiště po celou dobu práce v něm vč. klimatických opatření \n- ztížení vykopávek v blízkosti podzemního vedení, konstrukcí a objektů vč. jejich dočasného zajištění \n- ztížení pod vodou, v okolí výbušnin, ve stísněných prostorech a pod. \n- příplatek za lepivost \n- těžení po vrstvách, pásech a po jiných nutných částech (figurách) \n- čerpání vody vč. čerpacích jímek, potrubí a pohotovostní čerpací soupravy (viz ustanovení k pol. 1151,2) \n- potřebné snížení hladiny podzemní vody \n- těžení a rozpojování jednotlivých balvanů \n- vytahování a nošení výkopku \n- svahování a přesvah. svahů do konečného tvaru, výměna hornin v podloží a v pláni znehodnocené klimatickými vlivy \n- ruční vykopávky, odstranění kořenů a napadávek \n- pažení, vzepření a rozepření vč. přepažování (vyjma štětových stěn) \n- úpravu, ochranu a očištění dna, základové spáry, stěn a svahů \n- odvedení nebo obvedení vody v okolí výkopiště a ve výkopišti \n- třídění výkopku \n- veškeré pomocné konstrukce umožňující provedení vykopávky (příjezdy, sjezdy, nájezdy, lešení, podpěr. konstr., přemostění, zpevněné plochy, zakrytí a pod.) \n- nezahrnuje uložení zeminy (na skládku, do násypu) ani poplatky za skládku, vykazují se v položce č.0141**"]
["P","9","17481","","ZÁSYP JAM A RÝH Z NAKUPOVANÝCH MATERIÁLŮ","M3",1.826,241.57,441.11,{"$nulls":5},92.6331,"2"]
["PP",{"$nulls":3},"ZEMNÍ PRÁCE - Zásyp zeminou vhodnou do náspů, hutněno po vrstvách 300mm na 100% PS \nKubatura vypočtena pomocí grafického softwaru AutoCad (z grafického výkresu)"]
["VV",{"$nulls":3},"Celkem: 1,826=1,826 [A]"]
["TS",{"$nulls":3},"položka zahrnuje: \n- kompletní provedení zemní konstrukce včetně nákupu a dopravy materiálu dle zadávací dokumentace \n- úprava  ukládaného  materiálu  vlhčením,  tříděním,  promícháním  nebo  vysoušením,  příp. jiné úpravy za účelem zlepšení jeho  mech. vlastností \n- hutnění i různé míry hutnění  \n- ošetření úložiště po celou dobu práce v něm vč. klimatických opatření \n- ztížení v okolí vedení, konstrukcí a objektů a jejich dočasné zajištění \n- ztížení provádění vč. hutnění ve ztížených podmínkách a stísněných prostorech \n- ztížené ukládání sypaniny pod vodu \n- ukládání po vrstvách a po jiných nutných částech (figurách) vč. dosypávek \n- spouštění a nošení materiálu \n- výměna částí zemní konstrukce znehodnocené klimatickými vlivy \n- udržování úložiště a jeho ochrana proti vodě \n- odvedení nebo obvedení vody v okolí úložiště a v úložišti \n- veškeré  pomocné konstrukce umožňující provedení  zemní konstrukce  (příjezdy,  sjezdy,  nájezdy, lešení, podpěrné konstrukce, přemostění, zpevněné plochy, zakrytí a pod.)"]
["P","10","18110","","ÚPRAVA PLÁNĚ SE ZHUTNĚNÍM V HORNINĚ TŘ. I","M2",{"v":160.25,"d":"160.250"},16.22,{"v":2599.26,"d":"2,599.26"},{"$nulls":5},545.8446,"2"]
["PP",{"$nulls":3},"ÚPRAVA Č. 1 - Úprava a zhutnění parapláně \n=78,403m2 \nÚPRAVA Č. 1 - Úprava a zhutnění zemní pláně \n=81,847m2 \nPlocha vypočtena pomocí grafického softwaru AutoCad (z grafického výkresu)"]
["VV",{"$nulls":3},"Celkem: 78,403=78,403 [A] \nCelkem: 81,847=81,847 [B] \nCelkem: A+B=160,250 [C]"]
["TS",{"$nulls":3},"položka zahrnuje úpravu pláně včetně vyrovnání výškových rozdílů. Míru zhutnění určuje projekt."]
["P","11","18232","","ROZPROSTŘENÍ ORNICE V ROVINĚ V TL DO 0,15M","M2",{"v":13.04,"d":"13.040"},36.24,472.57,{"$nulls":5},99.2397,"2"]
["PP",{"$nulls":3},"ZEMNÍ PRÁCE - Zpětné ohumusování plochy v tl. 150mm, která byla zasažena výkopovými pracemi a úpravou terénu \nPlocha vypočtena pomocí grafického softwaru AutoCad (z grafického výkresu)"]
["VV",{"$nulls":3},"Celkem: 7,056+5,984=13,040 [A]"]
["TS",{"$nulls":3},"položka zahrnuje: \nnutné přemístění ornice z dočasných skládek vzdálených do 50m \nrozprostření ornice v předepsané tloušťce v rovině a ve svahu do 1:5"]
["SD",null,"2",null,"Základy",{"$nulls":3},{"v":32424.19,"d":"32,424.19"},{"$nulls":5},6809.0799,null,32424.19,6809.0799]
["P","12","21452","","SANAČNÍ VRSTVY Z KAMENIVA DRCENÉHO","M3",40.063,809.33,{"v":32424.19,"d":"32,424.19"},{"$nulls":5},6809.0799,"2"]
["PP",{"$nulls":3},"ÚPRAVA Č. 1 - Sanace podloží - Kamenitá sypanina z drceného kameniva 0/90mm tl. 2*250mm \nKubatura vypočtena pomocí grafického softwaru AutoCad (z grafického výkresu)"]
["VV",{"$nulls":3},"Celkem: 80,125*0,5=40,063 [A]"]
["TS",{"$nulls":3},"položka zahrnuje dodávku předepsaného kameniva, mimostaveništní a vnitrostaveništní dopravu a jeho uložení \nnení-li v zadávací dokumentaci uvedeno jinak, jedná se o nakupovaný materiál"]
["SD",null,"4",null,"Vodorovné konstrukce",{"$nulls":3},{"v":5315.03,"d":"5,315.03"},{"$nulls":5},1116.1562999999999,null,5315.03,1116.1562999999999]
["P","13","451314","","PODKLADNÍ A VÝPLŇOVÉ VRSTVY Z PROSTÉHO BETONU C20/25","M3",2.283,{"v":2328.09,"d":"2,328.09"},{"v":5315.03,"d":"5,315.03"},{"$nulls":5},1116.1562999999999,"2"]
["PP",{"$nulls":3},"OBRUBNÍKY - Betonové lože C20/25-XF3 pod betonové silniční obrubníky 150x250x1000mm \nKubatura vypočtena pomocí grafického softwaru AutoCad (z grafického výkresu)"]
["VV",{"$nulls":3},"Celkem: (11,516+11,312)*0,1=2,283 [A]"]
["TS",{"$nulls":3},"- dodání  čerstvého  betonu  (betonové  směsi)  požadované  kvality,  jeho  uložení  do požadovaného tvaru při jakékoliv hustotě výztuže, konzistenci čerstvého betonu a způsobu hutnění, ošetření a ochranu betonu,  \n- zhotovení nepropustného, mrazuvzdorného betonu a betonu požadované trvanlivosti a vlastností,  \n- užití potřebných přísad a technologií výroby betonu,  \n- zřízení pracovních a dilatačních spar, včetně potřebných úprav, výplně, vložek, opracování, očištění a ošetření,  \n- bednění  požadovaných  konstr. (i ztracené) s úpravou  dle požadované  kvality povrchu betonu, včetně odbedňovacích a odskružovacích prostředků,  \n- podpěrné  konstr. (skruže) a lešení všech druhů pro bednění, uložení čerstvého betonu, výztuže a doplňkových konstr., vč. požadovaných otvorů, ochranných a bezpečnostních opatření a základů těchto konstrukcí a lešení,  \n- vytvoření kotevních čel, kapes, nálitků, a sedel,  \n- zřízení  všech  požadovaných  otvorů, kapes, výklenků, prostupů, dutin, drážek a pod., vč. ztížení práce a úprav  kolem nich,  \n- úpravy pro osazení výztuže, doplňkových konstrukcí a vybavení,  \n- úpravy povrchu pro položení požadované izolace, povlaků a nátěrů, případně vyspravení,  \n- ztížení práce u kabelových a injektážních trubek a ostatních zařízení osazovaných do betonu,  \n- konstrukce betonových kloubů, upevnění kotevních prvků a doplňkových konstrukcí,  \n- nátěry zabraňující soudržnost betonu a bednění,  \n- výplň, těsnění  a tmelení spar a spojů,  \n- opatření  povrchů  betonu  izolací  proti zemní vlhkosti v částech, kde přijdou do styku se zeminou nebo kamenivem,  \n- případné zřízení spojovací vrstvy u základů,  \n- úpravy pro osazení zařízení ochrany konstrukce proti vlivu bludných proudů"]
["SD",null,"5",null,"Komunikace",{"$nulls":3},{"v":83620.74,"d":"83,620.74"},{"$nulls":5},17560.355399999997,null,83620.74,17560.355399999997]
["P","14","56310","","VOZOVKOVÉ VRSTVY Z MECHANICKY ZPEVNĚNÉHO KAMENIVA","M3",10.608,{"v":1377.74,"d":"1,377.74"},{"v":14615.07,"d":"14,615.07"},{"$nulls":5},3069.1647,"2"]
["PP",{"$nulls":3},"ÚPRAVA Č. 1 - Podkladní vrstva - Mechanicky zpevněné kamenivo MZK tl. 150mm + hutnění \nKubatura vypočtena pomocí grafického softwaru AutoCad (z grafického výkresu)"]
["VV",{"$nulls":3},"Celkem: 70,719*0,15=10,608 [A]"]
["TS",{"$nulls":3},"- dodání kameniva předepsané kvality a zrnitosti \n- rozprostření a zhutnění vrstvy v předepsané tloušťce \n- zřízení vrstvy bez rozlišení šířky, pokládání vrstvy po etapách \n- nezahrnuje postřiky, nátěry"]
["P","15","56330","","VOZOVKOVÉ VRSTVY ZE ŠTĚRKODRTI","M3",{"v":12.39,"d":"12.390"},891.13,{"v":11041.1,"d":"11,041.10"},{"$nulls":5},2318.631,"2"]
["PP",{"$nulls":3},"ÚPRAVA Č. 1 - První podkladní vrstva - Štěrkodrť ŠDA 0/63 tl. 150mm + hutnění \nKubatura vypočtena pomocí grafického softwaru AutoCad (z grafického výkresu)"]
["VV",{"$nulls":3},"Celkem: 82,602*0,15=12,390 [A]"]
["TS",{"$nulls":3},"- dodání kameniva předepsané kvality a zrnitosti \n- rozprostření a zhutnění vrstvy v předepsané tloušťce \n- zřízení vrstvy bez rozlišení šířky, pokládání vrstvy po etapách \n- nezahrnuje postřiky, nátěry"]
["P","16","572121","","INFILTRAČNÍ POSTŘIK ASFALTOVÝ DO 1,0KG/M2","M2",76.146,26.25,{"v":1998.83,"d":"1,998.83"},{"$nulls":5},419.7543,"2"]
["PP",{"$nulls":3},"ÚPRAVA Č. 1 - Infiltrační postřik z asfaltové emulze, zbytkové množství pojiva 1,00kg/m2 \nPlocha vypočtena pomocí grafického softwaru AutoCad (z grafického výkresu)"]
["VV",{"$nulls":3},"Celkem: 76,146=76,146 [A]"]
["TS",{"$nulls":3},"- dodání všech předepsaných materiálů pro postřiky v předepsaném množství \n- provedení dle předepsaného technologického předpisu \n- zřízení vrstvy bez rozlišení šířky, pokládání vrstvy po etapách \n- úpravu napojení, ukončení"]
["P","17","572213","","SPOJOVACÍ POSTŘIK Z EMULZE DO 0,5KG/M2","M2",79.132,16.98,{"v":1343.66,"d":"1,343.66"},{"$nulls":5},282.1686,"2"]
["PP",{"$nulls":3},"ÚPRAVA Č. 1 - Spojovací postřik kationaktivní emulzí C 60 BP3, zbytkové množství pojiva 0,40 kg/m2 \nPlocha vypočtena pomocí grafického softwaru AutoCad (z grafického výkresu)"]
["VV",{"$nulls":3},"Celkem: 79,132=79,132 [A]"]
["TS",{"$nulls":3},"- dodání všech předepsaných materiálů pro postřiky v předepsaném množství \n- provedení dle předepsaného technologického předpisu \n- zřízení vrstvy bez rozlišení šířky, pokládání vrstvy po etapách \n- úpravu napojení, ukončení"]
["P","18","57472","","VOZOVKOVÉ VÝZTUŽNÉ VRSTVY Z TEXTILIE","M2",78.403,71.74,{"v":5624.63,"d":"5,624.63"},{"$nulls":5},1181.1723,"2"]
["PP",{"$nulls":3},"Úprava č. 1 - Tkaná separační / výztužná geotextilie - pevnost v tahu i podélně 80kN/m, odolnost proti protržení CBR - 10kN \nPlocha vypočtena pomocí grafického softwaru AutoCad (z grafického výkresu)"]
["VV",{"$nulls":3},"Celkem: 78,403=78,403 [A]"]
["TS",{"$nulls":3},"- dodání textilie v požadované kvalitě a v množství včetně přesahů (přesahy započteny v jednotkové ceně) \n- očištění podkladu \n- pokládka textilie dle předepsaného technologického předpisu"]
["P","19","57475","","VOZOVKOVÉ VÝZTUŽNÉ VRSTVY Z GEOMŘÍŽOVINY","M2",11.952,133.87,{"v":1600.01,"d":"1,600.01"},{"$nulls":5},336.0021,"2"]
["PP",{"$nulls":3},"ÚPRAVA Č. 1 - Výztužná geomříž \nPlocha vypočtena pomocí grafického softwaru AutoCad (z grafického výkresu)"]
["VV",{"$nulls":3},"Celkem: 11,952=11,952 [A]"]
["TS",{"$nulls":3},"- dodání geomříže v požadované kvalitě a v množství včetně přesahů (přesahy započteny v jednotkové ceně) \n- očištění podkladu \n- pokládka geomříže dle předepsaného technologického předpisu"]
["P","20","574A33","","ASFALTOVÝ BETON PRO OBRUSNÉ VRSTVY ACO 11 TL. 40MM","M2",79.132,{"v":249.2,"d":"249.20"},{"v":19719.69,"d":"19,719.69"},{"$nulls":5},4141.1349,"2"]
["PP",{"$nulls":3},"ÚPRAVA Č. 1 - Asfaltový beton pro obrusné vrstvy ACO 11, tl. 40mm + hutnění \nPlocha vypočtena pomocí grafického softwaru AutoCad (z grafického výkresu)"]
["VV",{"$nulls":3},"Celkem: 79,132=79,132 [A]"]
["TS",{"$nulls":3},"- dodání směsi v požadované kvalitě \n- očištění podkladu \n- uložení směsi dle předepsaného technologického předpisu, zhutnění vrstvy v předepsané tloušťce \n- zřízení vrstvy bez rozlišení šířky, pokládání vrstvy po etapách, včetně pracovních spar a spojů \n- úpravu napojení, ukončení podél obrubníků, dilatačních zařízení, odvodňovacích proužků, odvodňovačů, vpustí, šachet a pod. \n- nezahrnuje postřiky, nátěry \n- nezahrnuje těsnění podél obrubníků, dilatačních zařízení, odvodňovacích proužků, odvodňovačů, vpustí, šachet a pod."]
["P","21","574C67","","ASFALTOVÝ BETON PRO LOŽNÍ VRSTVY ACL 22 TL. 70MM","M2",76.146,347.72,{"v":26477.49,"d":"26,477.49"},{"$nulls":5},5560.2729,"2"]
["PP",{"$nulls":3},"ÚPRAVA Č. 1 - Asfaltový beton pro ložné vrstvy ACL 22, tl. 70mm + hutnění \nPlocha vypočtena pomocí grafického softwaru AutoCad (z grafického výkresu)"]
["VV",{"$nulls":3},"Celkem: 76,146=76,146 [A]"]
["TS",{"$nulls":3},"- dodání směsi v požadované kvalitě \n- očištění podkladu \n- uložení směsi dle předepsaného technologického předpisu, zhutnění vrstvy v předepsané tloušťce \n- zřízení vrstvy bez rozlišení šířky, pokládání vrstvy po etapách, včetně pracovních spar a spojů \n- úpravu napojení, ukončení podél obrubníků, dilatačních zařízení, odvodňovacích proužků, odvodňovačů, vpustí, šachet a pod. \n- nezahrnuje postřiky, nátěry \n- nezahrnuje těsnění podél obrubníků, dilatačních zařízení, odvodňovacích proužků, odvodňovačů, vpustí, šachet a pod."]
["P","22","58920","","VÝPLŇ SPAR MODIFIKOVANÝM ASFALTEM","M",32.007,{"v":37.5,"d":"37.50"},{"v":1200.26,"d":"1,200.26"},{"$nulls":5},252.0546,"2"]
["PP",{"$nulls":3},"ÚPRAVA Č. 1 - Asfaltová zálivka \nDélka vypočtena pomocí grafického softwaru AutoCad (z grafického výkresu)"]
["VV",{"$nulls":3},"Celkem: 5,909+17,656+8,442=32,007 [A]"]
["TS",{"$nulls":3},"položka zahrnuje: \n- dodávku předepsaného materiálu \n- vyčištění a výplň spar tímto materiálem"]
["SD",null,"9",null,"Ostatní konstrukce a práce",{"$nulls":3},{"v":32952.049999999996,"d":"32,952.05"},{"$nulls":5},6919.9304999999995,null,32952.049999999996,6919.9304999999995]
["P","23","914111","","DOPRAVNÍ ZNAČKY ZÁKLADNÍ VELIKOSTI OCELOVÉ NEREFLEXNÍ - DOD A MONTÁŽ","KUS",{"v":2,"d":"2.000"},{"v":2307.72,"d":"2,307.72"},{"v":4615.44,"d":"4,615.44"},{"$nulls":5},969.2423999999999,"2"]
["PP",{"$nulls":3},"DOPRAVNÍ ZNAČENÍ - Svislé dopravní značení - Dodávka a montáž (veškeré prvky svislého dopravního značení budou opatřeny pozinkováním) \n1xP6 - Stůj, dej přednost v jízdě! \n1xE2b - Tvar křižovatky \nPočet vypočten pomocí grafického softwaru AutoCad (z grafického výkresu)"]
["VV",{"$nulls":3},"Celkem: 1+1=2,000 [A]"]
["TS",{"$nulls":3},"položka zahrnuje: \n- dodávku a montáž značek v požadovaném provedení"]
["P","24","914113","","DOPRAVNÍ ZNAČKY ZÁKLADNÍ VELIKOSTI OCELOVÉ NEREFLEXNÍ - DEMONTÁŽ","KUS",{"v":2,"d":"2.000"},203.71,407.42,{"$nulls":5},85.5582,"2"]
["PP",{"$nulls":3},"BOURACÍ PRÁCE - Odstranění stávajícího svislého dopravního značení včetně odvozu a likvidace v režii zhotovitele \n1xP4 - Dej přednost v jízdě! \n1xE2b - Tvar křižovatky \nPočet vypočten pomocí grafického softwaru AutoCad (z grafického výkresu)"]
["VV",{"$nulls":3},"Celkem: 1+1=2,000 [A]"]
["TS",{"$nulls":3},"Položka zahrnuje odstranění, demontáž a odklizení materiálu s odvozem na předepsané místo"]
["P","25","915111","","VODOROVNÉ DOPRAVNÍ ZNAČENÍ BARVOU HLADKÉ - DODÁVKA A POKLÁDKA","M2",{"v":14.33,"d":"14.330"},147.68,{"v":2116.25,"d":"2,116.25"},{"$nulls":5},444.4125,"2"]
["PP",{"$nulls":3},"DOPRAVNÍ ZNAČENÍ - Vodorovné dopravní značení - Příčná čára souvislá s nápisem „STOP“ - V6b - 0,500 - 1. značení barvou \nPlocha vypočtena pomocí grafického softwaru AutoCad (z grafického výkresu)"]
["VV",{"$nulls":3},"Celkem: 8,66*0,5+10=14,330 [A]"]
["TS",{"$nulls":3},"položka zahrnuje: \n- dodání a pokládku nátěrového materiálu (měří se pouze natíraná plocha) \n- předznačení a reflexní úpravu"]
["P","26","915221","","VODOR DOPRAV ZNAČ PLASTEM STRUKTURÁLNÍ NEHLUČNÉ - DOD A POKLÁDKA","M2",{"v":14.33,"d":"14.330"},355.03,{"v":5087.58,"d":"5,087.58"},{"$nulls":5},1068.3917999999999,"2"]
["PP",{"$nulls":3},"DOPRAVNÍ ZNAČENÍ - Vodorovné dopravní značení - Příčná čára souvislá s nápisem „STOP“ - V6b - 0,500 - 2. značení strukturovaným plastem \nPlocha vypočtena pomocí grafického softwaru AutoCad (z grafického výkresu)"]
["VV",{"$nulls":3},"Celkem: 8,66*0,5+10=14,330 [A]"]
["TS",{"$nulls":3},"položka zahrnuje: \n- dodání a pokládku nátěrového materiálu (měří se pouze natíraná plocha) \n- předznačení a reflexní úpravu"]
["P","27","917224","","SILNIČNÍ A CHODNÍKOVÉ OBRUBY Z BETONOVÝCH OBRUBNÍKŮ ŠÍŘ 150MM","M",22.828,384.22,{"v":8770.97,"d":"8,770.97"},{"$nulls":5},1841.9036999999998,"2"]
["PP",{"$nulls":3},"OBRUBNÍKY - Betonové silniční obrubníky 150x250x1000mm \nDélka vypočtena pomocí grafického softwaru AutoCad (z grafického výkresu)"]
["VV",{"$nulls":3},"Celkem: 11,516+11,312=22,828 [A]"]
["TS",{"$nulls":3},"Položka zahrnuje: \ndodání a pokládku betonových obrubníků o rozměrech předepsaných zadávací dokumentací \nbetonové lože i boční betonovou opěrku."]
["P","28","919111","","ŘEZÁNÍ ASFALTOVÉHO KRYTU VOZOVEK TL DO 50MM","M",5.909,53.13,313.95,{"$nulls":5},65.9295,"2"]
["PP",{"$nulls":3},"BOURACÍ PRÁCE - Řezání asfaltového krytu pro odfrézování asfaltových vrstev v prostoru silnice \nDélka vypočtena pomocí grafického softwaru AutoCad (z grafického výkresu)"]
["VV",{"$nulls":3},"Celkem: 5,909=5,909 [A]"]
["TS",{"$nulls":3},"položka zahrnuje řezání vozovkové vrstvy v předepsané tloušťce, včetně spotřeby vody"]
["P","29","93318-R","","STATICKÁ ZATĚŽOVACÍ ZKOUŠKA","KUS",{"v":4,"d":"4.000"},{"v":2910.11,"d":"2,910.11"},{"v":11640.44,"d":"11,640.44"},{"$nulls":5},2444.4924,"2"]
["PP",{"$nulls":3},"ZKOUŠKA - Statická zatěžovací zkouška na pláni zemního tělesa, 1. podkladní vrstvě (podsypu, ochranné vrstvě) a 2. podkladní vrstvě vozovky včetně vyhotovení protokolů a geodetického zaměření míst statických zatěžovacích zkoušek \n=1kus*4kus=4kus \nVzdálenost: 2*155km=310km (1 výjezd) \nPočet zkoušek za jeden pracovní den: 12kus (celkem 1 pracovní den = výjezd) \nCena za 1kus: 1kus*1350,00Kč/kus+1*310km*5,50Kč/km/4kus=1776,25Kč/kus \nPočet vypočten pomocí grafického softwaru AutoCad (z grafického výkresu)"]
["VV",{"$nulls":3},"Celkem: 4=4,000 [A]"]
["TS",{"$nulls":3},"- podklady a dokumentaci zkoušky  \n- výrobní dokumentace potřebných zařízení  \n- stavební práce spojené s přípravou a provedením zkoušky (zřízení a odstranění)  \n- veškerá zkušební zařízení vč. opotřebení a nájmu  \n- výpomoce při vlastní zkoušce  \n- dodání zatěžovacích prostředků a hmot, manipulaci s nimi a jejich opotřebení a nájem  \n- přeprava zatěžovacích prostředků a hmot na stavbu a zpět, včetně zajížďky k váze a vážních poplatků  \n- provedení vlastní zkoušky a její vyhodnocení, včetně všech měření a dalších potřebných činností"]

{"sheet":"SO 101_SO 101.09","index":11,"n_rows":97,"n_cols":18,"rows_kept":97,"merged":[[2,2,2,3],[3,2,3,3],[4,2,4,3],[5,0,6,0],[5,1,6,1],[5,2,6,2],[5,3,6,3],[5,4,6,4],[5,5,6,5],[5,6,6,6],[5,7,5,8]],"flags":["formulas_cached_only"]}
["ASPE10",{"$nulls":3},"Firma: -",{"$nulls":10},"3"]
[{"$nulls":4},"Příloha k formuláři pro ocenění nabídky",{"$nulls":9},22529.7954,"3"]
["S","Stavba: ","2018648",null,"III/3272 HLÍZOV",null,null,"SO 101.09",{"v":107284.73999999999,"d":"107,284.74"},{"$nulls":5},"0,00","2"]
["O","Objekt:","SO 101",null,"SILNICE III/3272 (KSÚS SK)",{"$nulls":9},"15,00","2"]
["O1","Rozpočet:","SO 101.09",null,"MÍSTNÍ KOMUNIKACE 07 (KSÚS SK)",{"$nulls":9},"21,00","2"]
["Typ","Poř. číslo","Kód položky","Varianta","Název položky","MJ","Množství","Cena"]
[{"$nulls":7},"Jednotková","Celkem"]
["0","1","2","3","4","5","6","9","10"]
["SD",null,"0",null,"Všeobecné konstrukce a práce",{"$nulls":3},{"v":2647.28,"d":"2,647.28"},{"$nulls":5},555.9288,null,2647.28,555.9288]
["P","1","014102","01","POPLATKY ZA SKLÁDKU","T",{"v":22.99,"d":"22.990"},110.58,{"v":2542.23,"d":"2,542.23"},{"$nulls":5},533.8683,"2"]
["PP",{"$nulls":3},"SKLÁDKA - Uložení asfaltové suti na skládku \nViz položka č. 3"]
["VV",{"$nulls":3},"Celkem: 0,293+0,257+22,44=22,990 [A]"]
["TS",{"$nulls":3},"zahrnuje veškeré poplatky provozovateli skládky související s uložením odpadu na skládce."]
["P","2","014102","02","POPLATKY ZA SKLÁDKU","T",{"v":1.9,"d":"1.900"},55.29,105.05,{"$nulls":5},22.060499999999998,"2"]
["PP",{"$nulls":3},"SKLÁDKA - Uložení zeminy na skládku \nViz položka č. 7"]
["VV",{"$nulls":3},"Celkem: 1,9=1,900 [A]"]
["TS",{"$nulls":3},"zahrnuje veškeré poplatky provozovateli skládky související s uložením odpadu na skládce."]
["SD",null,"1",null,"Zemní práce",{"$nulls":3},{"v":17304.989999999998,"d":"17,304.99"},{"$nulls":5},3634.0479,null,17304.989999999998,3634.0479]
["P","3","113728","","FRÉZOVÁNÍ ZPEVNĚNÝCH PLOCH ASFALTOVÝCH, ODVOZ DO 20KM","M3",9.579,{"v":1417.12,"d":"1,417.12"},{"v":13574.59,"d":"13,574.59"},{"$nulls":5},2850.6639,"2"]
["PP",{"$nulls":3},"BOURACÍ PRÁCE - Odfrézování asfaltových vrstev v tl. 40mm (asfalt) (napojení na stávající stav) včetně odvozu a uložení na skládku do 20km \n=3,044m2*0,040=0,122m3 \n=0,122m3*2,400t/m3=0,293t \nBOURACÍ PRÁCE - Odfrézování asfaltových vrstev v tl. 70mm (asfalt) (napojení na stávající stav) včetně odvozu a uložení na skládku do 20km \n=1,522m2*0,070=0,107m3 \n=0,107m3*2,400t/m3=0,257t \nBOURACÍ PRÁCE - Odfrézování asfaltových vrstev v tl. 110mm (asfalt) vozovky včetně odvozu a uložení na skládku do 20km \n=85,000m2*0,110=9,350m3 \n=9,350m3*2,400t/m3=22,440t \nKubatura vypočtena pomocí grafického softwaru AutoCad (z grafického výkresu)"]
["VV",{"$nulls":3},"Celkem: 3,044*0,04=0,122 [A] \nCelkem: 1,522*0,07=0,107 [B] \nCelkem: 85*0,11=9,350 [C] \nCelkem: A+B+C=9,579 [D]"]
["TS",{"$nulls":3},"Položka zahrnuje veškerou manipulaci s vybouranou sutí a s vybouranými hmotami vč. uložení na skládku. Nezahrnuje poplatek za skládku, který se vykazuje v položce 0141** (s výjimkou malého množství bouraného materiálu, kde je možné poplatek zahrnout do jednotkové ceny bourání – tento fakt musí být uveden v doplňujícím textu k položce)."]
["P","4","113763","","FRÉZOVÁNÍ DRÁŽKY PRŮŘEZU DO 300MM2 V ASFALTOVÉ VOZOVCE","M",34.625,39.58,{"v":1370.46,"d":"1,370.46"},{"$nulls":5},287.7966,"2"]
["PP",{"$nulls":3},"ÚPRAVA Č. 2 - Prořezání drážky v pracovní spáře \nDélka vypočtena pomocí grafického softwaru AutoCad (z grafického výkresu)"]
["VV",{"$nulls":3},"Celkem: 3,088+16,346+15,191=34,625 [A]"]
["TS",{"$nulls":3},"Položka zahrnuje veškerou manipulaci s vybouranou sutí a s vybouranými hmotami vč. uložení na skládku."]
["P","5","121104","","SEJMUTÍ ORNICE NEBO LESNÍ PŮDY S ODVOZEM DO 5KM","M3",3.102,154.61,{"v":479.6,"d":"479.60"},{"$nulls":5},100.71600000000001,"2"]
["PP",{"$nulls":3},"ZEMNÍ PRÁCE - Odhumusování plochy v tl. 150mm, která bude zasažena výkopovými pracemi a úpravou terénu včetně odvozu a uložení zeminy na deponii stavby do 5km (využití na zpětné ohumusování) \n=3,102m3*1,900t/m3=5,894t \nKubatura vypočtena pomocí grafického softwaru AutoCad (z grafického výkresu)"]
["VV",{"$nulls":3},"Celkem: 20,679*0,15=3,102 [A]"]
["TS",{"$nulls":3},"položka zahrnuje sejmutí ornice bez ohledu na tloušťku vrstvy a její vodorovnou dopravu \nnezahrnuje uložení na trvalou skládku"]
["P","6","125734","","VYKOPÁVKY ZE ZEMNÍKŮ A SKLÁDEK TŘ. I, ODVOZ DO 5KM","M3",4.665,98.94,461.56,{"$nulls":5},96.9276,"2"]
["PP",{"$nulls":3},"ZEMNÍ PRÁCE - Vykopávka a doprava zeminy z deponie stavby do 5km na místo zpětného ohumusování \n=1,956m3*1,900t/m3=3,716t \nKubatura vypočtena pomocí grafického softwaru AutoCad (z grafického výkresu)"]
["VV",{"$nulls":3},"Celkem: 31,097*0,15=4,665 [A]"]
["TS",{"$nulls":3},"položka zahrnuje: \n- vodorovná a svislá doprava, přemístění, přeložení, manipulace s výkopkem \n- kompletní provedení vykopávky nezapažené i zapažené \n- ošetření výkopiště po celou dobu práce v něm vč. klimatických opatření \n- ztížení vykopávek v blízkosti podzemního vedení, konstrukcí a objektů vč. jejich dočasného zajištění \n- ztížení pod vodou, v okolí výbušnin, ve stísněných prostorech a pod. \n- příplatek za lepivost \n- těžení po vrstvách, pásech a po jiných nutných částech (figurách) \n- čerpání vody vč. čerpacích jímek, potrubí a pohotovostní čerpací soupravy (viz ustanovení k pol. 1151,2) \n- potřebné snížení hladiny podzemní vody \n- těžení a rozpojování jednotlivých balvanů \n- vytahování a nošení výkopku \n- ruční vykopávky, odstranění kořenů a napadávek \n- pažení, vzepření a rozepření vč. přepažování (vyjma štětových stěn) \n- úpravu, ochranu a očištění dna, základové spáry, stěn a svahů \n- udržování výkopiště a jeho ochrana proti vodě \n- odvedení nebo obvedení vody v okolí výkopiště a ve výkopišti \n- třídění výkopku \n- veškeré pomocné konstrukce umožňující provedení vykopávky (příjezdy, sjezdy, nájezdy, lešení, podpěr. konstr., přemostění, zpevněné plochy, zakrytí a pod.) \npoložka nezahrnuje: \n- práce spojené s otvírkou zemníku"]
["P","7","131738","","HLOUBENÍ JAM ZAPAŽ I NEPAŽ TŘ. I, ODVOZ DO 20KM","M3",{"v":1,"d":"1.000"},154.61,154.61,{"$nulls":5},32.46810000000001,"2"]
["PP",{"$nulls":3},"ZEMNÍ PRÁCE - Výkop zeminy pro stavební jámu v zemině tř. 1 včetně pažení a odvozu zeminy na skládku do 20km \n=1,000m3*1,900t/m3=1,900t \nKubatura vypočtena pomocí grafického softwaru AutoCad (z grafického výkresu)"]
["VV",{"$nulls":3},"Celkem: 1=1,000 [A]"]
["TS",{"$nulls":3},"položka zahrnuje: \n- vodorovná a svislá doprava, přemístění, přeložení, manipulace s výkopkem \n- kompletní provedení vykopávky nezapažené i zapažené \n- ošetření výkopiště po celou dobu práce v něm vč. klimatických opatření \n- ztížení vykopávek v blízkosti podzemního vedení, konstrukcí a objektů vč. jejich dočasného zajištění \n- ztížení pod vodou, v okolí výbušnin, ve stísněných prostorech a pod. \n- příplatek za lepivost \n- těžení po vrstvách, pásech a po jiných nutných částech (figurách) \n- čerpání vody vč. čerpacích jímek, potrubí a pohotovostní čerpací soupravy (viz ustanovení k pol. 1151,2) \n- potřebné snížení hladiny podzemní vody \n- těžení a rozpojování jednotlivých balvanů \n- vytahování a nošení výkopku \n- svahování a přesvah. svahů do konečného tvaru, výměna hornin v podloží a v pláni znehodnocené klimatickými vlivy \n- ruční vykopávky, odstranění kořenů a napadávek \n- pažení, vzepření a rozepření vč. přepažování (vyjma štětových stěn) \n- úpravu, ochranu a očištění dna, základové spáry, stěn a svahů \n- odvedení nebo obvedení vody v okolí výkopiště a ve výkopišti \n- třídění výkopku \n- veškeré pomocné konstrukce umožňující provedení vykopávky (příjezdy, sjezdy, nájezdy, lešení, podpěr. konstr., přemostění, zpevněné plochy, zakrytí a pod.) \n- nezahrnuje uložení zeminy (na skládku, do násypu) ani poplatky za skládku, vykazují se v položce č.0141**"]
["P","8","17481","","ZÁSYP JAM A RÝH Z NAKUPOVANÝCH MATERIÁLŮ","M3",0.568,241.57,137.21,{"$nulls":5},28.814100000000003,"2"]
["PP",{"$nulls":3},""]
["VV",{"$nulls":3},"Celkem: 0,568=0,568 [A]"]
["TS",{"$nulls":3},"položka zahrnuje: \n- kompletní provedení zemní konstrukce včetně nákupu a dopravy materiálu dle zadávací dokumentace \n- úprava  ukládaného  materiálu  vlhčením,  tříděním,  promícháním  nebo  vysoušením,  příp. jiné úpravy za účelem zlepšení jeho  mech. vlastností \n- hutnění i různé míry hutnění  \n- ošetření úložiště po celou dobu práce v něm vč. klimatických opatření \n- ztížení v okolí vedení, konstrukcí a objektů a jejich dočasné zajištění \n- ztížení provádění vč. hutnění ve ztížených podmínkách a stísněných prostorech \n- ztížené ukládání sypaniny pod vodu \n- ukládání po vrstvách a po jiných nutných částech (figurách) vč. dosypávek \n- spouštění a nošení materiálu \n- výměna částí zemní konstrukce znehodnocené klimatickými vlivy \n- udržování úložiště a jeho ochrana proti vodě \n- odvedení nebo obvedení vody v okolí úložiště a v úložišti \n- veškeré  pomocné konstrukce umožňující provedení  zemní konstrukce  (příjezdy,  sjezdy,  nájezdy, lešení, podpěrné konstrukce, přemostění, zpevněné plochy, zakrytí a pod.)"]
["P","9","18232","","ROZPROSTŘENÍ ORNICE V ROVINĚ V TL DO 0,15M","M2",31.097,36.24,{"v":1126.96,"d":"1,126.96"},{"$nulls":5},236.6616,"2"]
["PP",{"$nulls":3},"ZEMNÍ PRÁCE - Zpětné ohumusování plochy v tl. 150mm, která byla zasažena výkopovými pracemi a úpravou terénu \nPlocha vypočtena pomocí grafického softwaru AutoCad (z grafického výkresu)"]
["VV",{"$nulls":3},"Celkem: 31,097=31,097 [A]"]
["TS",{"$nulls":3},"položka zahrnuje: \nnutné přemístění ornice z dočasných skládek vzdálených do 50m \nrozprostření ornice v předepsané tloušťce v rovině a ve svahu do 1:5"]
["SD",null,"4",null,"Vodorovné konstrukce",{"$nulls":3},{"v":8963.15,"d":"8,963.15"},{"$nulls":5},1882.2614999999998,null,8963.15,1882.2614999999998]
["P","10","451314","","PODKLADNÍ A VÝPLŇOVÉ VRSTVY Z PROSTÉHO BETONU C20/25","M3",{"v":3.85,"d":"3.850"},{"v":2328.09,"d":"2,328.09"},{"v":8963.15,"d":"8,963.15"},{"$nulls":5},1882.2614999999998,"2"]
["PP",{"$nulls":3},"OBRUBNÍKY - Betonové lože C20/25-XF3 pod betonové silniční obrubníky 150x250x1000mm \n=(9,113+18,440)*0,100m2=2,755m3 \nOBRUBNÍKY - Betonové lože C20/25-XF3 pod betonové silniční obrubníky nájezdové 150x150x1000mm \n=10,950*0,100m2=1,095m3 \nKubatura vypočtena pomocí grafického softwaru AutoCad (z grafického výkresu)"]
["VV",{"$nulls":3},"Celkem: (9,113+18,44)*0,1=2,755 [A] \nCelkem: 10,95*0,1=1,095 [B] \nCelkem: A+B=3,850 [C]"]
["TS",{"$nulls":3},"- dodání  čerstvého  betonu  (betonové  směsi)  požadované  kvality,  jeho  uložení  do požadovaného tvaru při jakékoliv hustotě výztuže, konzistenci čerstvého betonu a způsobu hutnění, ošetření a ochranu betonu,  \n- zhotovení nepropustného, mrazuvzdorného betonu a betonu požadované trvanlivosti a vlastností,  \n- užití potřebných přísad a technologií výroby betonu,  \n- zřízení pracovních a dilatačních spar, včetně potřebných úprav, výplně, vložek, opracování, očištění a ošetření,  \n- bednění  požadovaných  konstr. (i ztracené) s úpravou  dle požadované  kvality povrchu betonu, včetně odbedňovacích a odskružovacích prostředků,  \n- podpěrné  konstr. (skruže) a lešení všech druhů pro bednění, uložení čerstvého betonu, výztuže a doplňkových konstr., vč. požadovaných otvorů, ochranných a bezpečnostních opatření a základů těchto konstrukcí a lešení,  \n- vytvoření kotevních čel, kapes, nálitků, a sedel,  \n- zřízení  všech  požadovaných  otvorů, kapes, výklenků, prostupů, dutin, drážek a pod., vč. ztížení práce a úprav  kolem nich,  \n- úpravy pro osazení výztuže, doplňkových konstrukcí a vybavení,  \n- úpravy povrchu pro položení požadované izolace, povlaků a nátěrů, případně vyspravení,  \n- ztížení práce u kabelových a injektážních trubek a ostatních zařízení osazovaných do betonu,  \n- konstrukce betonových kloubů, upevnění kotevních prvků a doplňkových konstrukcí,  \n- nátěry zabraňující soudržnost betonu a bednění,  \n- výplň, těsnění  a tmelení spar a spojů,  \n- opatření  povrchů  betonu  izolací  proti zemní vlhkosti v částech, kde přijdou do styku se zeminou nebo kamenivem,  \n- případné zřízení spojovací vrstvy u základů,  \n- úpravy pro osazení zařízení ochrany konstrukce proti vlivu bludných proudů"]
["SD",null,"5",null,"Komunikace",{"$nulls":3},{"v":51048.75,"d":"51,048.75"},{"$nulls":5},10720.2375,null,51048.75,10720.2375]
["P","11","572213","","SPOJOVACÍ POSTŘIK Z EMULZE DO 0,5KG/M2","M2",144.083,16.98,{"v":2446.53,"d":"2,446.53"},{"$nulls":5},513.7713,"2"]
["PP",{"$nulls":3},"ÚPRAVA Č. 2 - Spojovací postřik kationaktivní emulzí C 60 BP3, zbytkové množství pojiva 0,40 kg/m2 \n=71,273m2 \nÚPRAVA Č. 2 - Spojovací postřik kationaktivní emulzí C 60 BP3, zbytkové množství pojiva 0,40 kg/m2 \n=72,810m2 \nPlocha vypočtena pomocí grafického softwaru AutoCad (z grafického výkresu)"]
["VV",{"$nulls":3},"Celkem: 71,273=71,273 [A] \nCelkem: 72,81=72,810 [B] \nCelkem: A+B=144,083 [C]"]
["TS",{"$nulls":3},"- dodání všech předepsaných materiálů pro postřiky v předepsaném množství \n- provedení dle předepsaného technologického předpisu \n- zřízení vrstvy bez rozlišení šířky, pokládání vrstvy po etapách \n- úpravu napojení, ukončení"]
["P","12","57475","","VOZOVKOVÉ VÝZTUŽNÉ VRSTVY Z GEOMŘÍŽOVINY","M2",32.692,133.87,{"v":4376.48,"d":"4,376.48"},{"$nulls":5},919.0607999999999,"2"]
["PP",{"$nulls":3},"ÚPRAVA Č. 2 - Výztužná geomříž \nPlocha vypočtena pomocí grafického softwaru AutoCad (z grafického výkresu)"]
["VV",{"$nulls":3},"Celkem: 32,692=32,692 [A]"]
["TS",{"$nulls":3},"- dodání geomříže v požadované kvalitě a v množství včetně přesahů (přesahy započteny v jednotkové ceně) \n- očištění podkladu \n- pokládka geomříže dle předepsaného technologického předpisu"]
["P","13","574A33","","ASFALTOVÝ BETON PRO OBRUSNÉ VRSTVY ACO 11 TL. 40MM","M2",{"v":72.81,"d":"72.810"},{"v":249.2,"d":"249.20"},{"v":18144.25,"d":"18,144.25"},{"$nulls":5},3810.2925,"2"]
["PP",{"$nulls":3},"ÚPRAVA Č. 2 - Asfaltový beton pro obrusné vrstvy ACO 11, tl. 40mm + hutnění \nPlocha vypočtena pomocí grafického softwaru AutoCad (z grafického výkresu)"]
["VV",{"$nulls":3},"Celkem: 72,81=72,810 [A]"]
["TS",{"$nulls":3},"- dodání směsi v požadované kvalitě \n- očištění podkladu \n- uložení směsi dle předepsaného technologického předpisu, zhutnění vrstvy v předepsané tloušťce \n- zřízení vrstvy bez rozlišení šířky, pokládání vrstvy po etapách, včetně pracovních spar a spojů \n- úpravu napojení, ukončení podél obrubníků, dilatačních zařízení, odvodňovacích proužků, odvodňovačů, vpustí, šachet a pod. \n- nezahrnuje postřiky, nátěry \n- nezahrnuje těsnění podél obrubníků, dilatačních zařízení, odvodňovacích proužků, odvodňovačů, vpustí, šachet a pod."]
["P","14","574C67","","ASFALTOVÝ BETON PRO LOŽNÍ VRSTVY ACL 22 TL. 70MM","M2",71.273,347.72,{"v":24783.05,"d":"24,783.05"},{"$nulls":5},5204.4405,"2"]
["PP",{"$nulls":3},"ÚPRAVA Č. 2 - Asfaltový beton pro ložné vrstvy ACL 22, tl. 70mm + hutnění \nPlocha vypočtena pomocí grafického softwaru AutoCad (z grafického výkresu)"]
["VV",{"$nulls":3},"Celkem: 71,273=71,273 [A]"]
["TS",{"$nulls":3},"- dodání směsi v požadované kvalitě \n- očištění podkladu \n- uložení směsi dle předepsaného technologického předpisu, zhutnění vrstvy v předepsané tloušťce \n- zřízení vrstvy bez rozlišení šířky, pokládání vrstvy po etapách, včetně pracovních spar a spojů \n- úpravu napojení, ukončení podél obrubníků, dilatačních zařízení, odvodňovacích proužků, odvodňovačů, vpustí, šachet a pod. \n- nezahrnuje postřiky, nátěry \n- nezahrnuje těsnění podél obrubníků, dilatačních zařízení, odvodňovacích proužků, odvodňovačů, vpustí, šachet a pod."]
["P","15","58920","","VÝPLŇ SPAR MODIFIKOVANÝM ASFALTEM","M",34.625,{"v":37.5,"d":"37.50"},{"v":1298.44,"d":"1,298.44"},{"$nulls":5},272.67240000000004,"2"]
["PP",{"$nulls":3},"ÚPRAVA Č. 2 - Asfaltová zálivka \nDélka vypočtena pomocí grafického softwaru AutoCad (z grafického výkresu)"]
["VV",{"$nulls":3},"Celkem: 3,088+16,346+15,191=34,625 [A]"]
["TS",{"$nulls":3},"položka zahrnuje: \n- dodávku předepsaného materiálu \n- vyčištění a výplň spar tímto materiálem"]
["SD",null,"9",null,"Ostatní konstrukce a práce",{"$nulls":3},{"v":27320.57,"d":"27,320.57"},{"$nulls":5},5737.3197,null,27320.57,5737.3197]
["P","16","914111","","DOPRAVNÍ ZNAČKY ZÁKLADNÍ VELIKOSTI OCELOVÉ NEREFLEXNÍ - DOD A MONTÁŽ","KUS",{"v":2,"d":"2.000"},{"v":2307.72,"d":"2,307.72"},{"v":4615.44,"d":"4,615.44"},{"$nulls":5},969.2423999999999,"2"]
["PP",{"$nulls":3},"DOPRAVNÍ ZNAČENÍ - Svislé dopravní značení - Dodávka a montáž (veškeré prvky svislého dopravního značení budou opatřeny pozinkováním) \n1xP6 - Stůj, dej přednost v jízdě! \n1xE2b - Tvar křižovatky \nPočet vypočten pomocí grafického softwaru AutoCad (z grafického výkresu)"]
["VV",{"$nulls":3},"Celkem: 1+1=2,000 [A]"]
["TS",{"$nulls":3},"položka zahrnuje: \n- dodávku a montáž značek v požadovaném provedení"]
["P","17","914113","","DOPRAVNÍ ZNAČKY ZÁKLADNÍ VELIKOSTI OCELOVÉ NEREFLEXNÍ - DEMONTÁŽ","KUS",{"v":2,"d":"2.000"},203.71,407.42,{"$nulls":5},85.5582,"2"]
["PP",{"$nulls":3},"BOURACÍ PRÁCE - Odstranění stávajícího svislého dopravního značení včetně odvozu a likvidace v režii zhotovitele \n1xP4 - Dej přednost v jízdě! \n1xE2b - Tvar křižovatky \nPočet vypočten pomocí grafického softwaru AutoCad (z grafického výkresu)"]
["VV",{"$nulls":3},"Celkem: 1+1=2,000 [A]"]
["TS",{"$nulls":3},"Položka zahrnuje odstranění, demontáž a odklizení materiálu s odvozem na předepsané místo"]
["P","18","915111","","VODOROVNÉ DOPRAVNÍ ZNAČENÍ BARVOU HLADKÉ - DODÁVKA A POKLÁDKA","M2",{"v":14.63,"d":"14.630"},146.68,{"v":2145.93,"d":"2,145.93"},{"$nulls":5},450.64529999999996,"2"]
["PP",{"$nulls":3},"DOPRAVNÍ ZNAČENÍ - Vodorovné dopravní značení - Příčná čára souvislá s nápisem „STOP“ - V6b - 0,500 - 1. značení barvou \nPlocha vypočtena pomocí grafického softwaru AutoCad (z grafického výkresu)"]
["VV",{"$nulls":3},"Celkem: 9,26*0,5+10=14,630 [A]"]
["TS",{"$nulls":3},"položka zahrnuje: \n- dodání a pokládku nátěrového materiálu (měří se pouze natíraná plocha) \n- předznačení a reflexní úpravu"]
["P","19","915221","","VODOR DOPRAV ZNAČ PLASTEM STRUKTURÁLNÍ NEHLUČNÉ - DOD A POKLÁDKA","M2",{"v":14.63,"d":"14.630"},355.03,{"v":5194.09,"d":"5,194.09"},{"$nulls":5},1090.7589,"2"]
["PP",{"$nulls":3},"DOPRAVNÍ ZNAČENÍ - Vodorovné dopravní značení - Příčná čára souvislá s nápisem „STOP“ - V6b - 0,500 - 2. značení strukturovaným plastem \nPlocha vypočtena pomocí grafického softwaru AutoCad (z grafického výkresu)"]
["VV",{"$nulls":3},"Celkem: 9,26*0,5+10=14,630 [A]"]
["TS",{"$nulls":3},"položka zahrnuje: \n- dodání a pokládku nátěrového materiálu (měří se pouze natíraná plocha) \n- předznačení a reflexní úpravu"]
["P","20","917224","","SILNIČNÍ A CHODNÍKOVÉ OBRUBY Z BETONOVÝCH OBRUBNÍKŮ ŠÍŘ 150MM","M",38.503,384.22,{"v":14793.62,"d":"14,793.62"},{"$nulls":5},3106.6602000000003,"2"]
["PP",{"$nulls":3},"OBRUBNÍKY - Betonové silniční obrubníky 150x250x1000mm \n=9,113+18,440=27,553m \nOBRUBNÍKY - Betonové silniční obrubníky nájezdové 150x150x1000mm \n=10,950m \nDélka vypočtena pomocí grafického softwaru AutoCad (z grafického výkresu)"]
["VV",{"$nulls":3},"Celkem: 9,113+18,44=27,553 [A] \nCelkem: 10,95=10,950 [B] \nCelkem: A+B=38,503 [C]"]
["TS",{"$nulls":3},"Položka zahrnuje: \ndodání a pokládku betonových obrubníků o rozměrech předepsaných zadávací dokumentací \nbetonové lože i boční betonovou opěrku."]
["P","21","919111","","ŘEZÁNÍ ASFALTOVÉHO KRYTU VOZOVEK TL DO 50MM","M",3.088,53.13,164.07,{"$nulls":5},34.454699999999995,"2"]
["PP",{"$nulls":3},"BOURACÍ PRÁCE - Řezání asfaltového krytu pro odfrézování asfaltových vrstev v prostoru silnice \nDélka vypočtena pomocí grafického softwaru AutoCad (z grafického výkresu)"]
["VV",{"$nulls":3},"Celkem: 3,088=3,088 [A]"]
["TS",{"$nulls":3},"položka zahrnuje řezání vozovkové vrstvy v předepsané tloušťce, včetně spotřeby vody"]

{"sheet":"SO 102_SO 102.01","index":12,"n_rows":98,"n_cols":18,"rows_kept":98,"merged":[[2,2,2,3],[3,2,3,3],[4,2,4,3],[5,0,6,0],[5,1,6,1],[5,2,6,2],[5,3,6,3],[5,4,6,4],[5,5,6,5],[5,6,6,6],[5,7,5,8]],"flags":["formulas_cached_only"]}
["ASPE10",{"$nulls":3},"Firma: -",{"$nulls":10},"3"]
[{"$nulls":4},"Příloha k formuláři pro ocenění nabídky",{"$nulls":9},136249.3419,"3"]
["S","Stavba: ","2018648",null,"III/3272 HLÍZOV",null,null,"SO 102.01",{"v":648806.39,"d":"648,806.39"},{"$nulls":5},"0,00","2"]
["O","Objekt:","SO 102",null,"VEŘEJNÝ PROSTOR (OBEC HLÍZOV)",{"$nulls":9},"15,00","2"]
["O1","Rozpočet:","SO 102.01",null,"CHODNÍKY A SJEZDY (OBEC HLÍZOV)",{"$nulls":9},"21,00","2"]
["Typ","Poř. číslo","Kód položky","Varianta","Název položky","MJ","Množství","Cena"]
[{"$nulls":7},"Jednotková","Celkem"]
["0","1","2","3","4","5","6","9","10"]
["SD",null,"0",null,"Všeobecné konstrukce a práce",{"$nulls":3},{"v":23346.42,"d":"23,346.42"},{"$nulls":5},4902.7482,null,23346.42,4902.7482]
["P","1","014102","","POPLATKY ZA SKLÁDKU","T",33.399,110.58,{"v":3693.26,"d":"3,693.26"},{"$nulls":5},775.5846,"2"]
["PP",{"$nulls":3},"SKLÁDKA - Uložení stavební suti na skládku \nViz položky č. 3, 4, 5 a 21"]
["VV",{"$nulls":3},"Celkem: 2,176+4,354+15,907+10,962=33,399 [A]"]
["TS",{"$nulls":3},"zahrnuje veškeré poplatky provozovateli skládky související s uložením odpadu na skládce."]
["P","2","014102","02","POPLATKY ZA SKLÁDKU","T",355.456,55.29,{"v":19653.16,"d":"19,653.16"},{"$nulls":5},4127.1636,"2"]
["PP",{"$nulls":3},"SKLÁDKA - Uložení zeminy na skládku \nViz položka č. 7"]
["VV",{"$nulls":3},"Celkem: 355,456=355,456 [A]"]
["TS",{"$nulls":3},"zahrnuje veškeré poplatky provozovateli skládky související s uložením odpadu na skládce."]
["SD",null,"1",null,"Zemní práce",{"$nulls":3},{"v":55061.09,"d":"55,061.09"},{"$nulls":5},11562.828900000002,null,55061.09,11562.828900000002]
["P","3","113458","","ODSTRAN KRYTU ZPEVNĚNÝCH PLOCH Z BETONU VČET PODKLADU, ODVOZ DO 20KM","M3",6.916,{"v":1049.51,"d":"1,049.51"},{"v":7258.41,"d":"7,258.41"},{"$nulls":5},1524.2660999999998,"2"]
["PP",{"$nulls":3},"BOURACÍ PRÁCE - Odstranění betonových zpevněných ploch včetně odvozu a uložení na skládku do 20km \n=6,916m3*2,300t/m3=15,907t \nKubatura vypočtena pomocí grafického softwaru AutoCad (z grafického výkresu)"]
["VV",{"$nulls":3},"Celkem: (0,85+33,732)*0,2=6,916 [A]"]
["TS",{"$nulls":3},"Položka zahrnuje veškerou manipulaci s vybouranou sutí a s vybouranými hmotami vč. uložení na skládku. Nezahrnuje poplatek za skládku, který se vykazuje v položce 0141** (s výjimkou malého množství bouraného materiálu, kde je možné poplatek zahrnout do jednotkové ceny bourání – tento fakt musí být uveden v doplňujícím textu k položce)."]
["P","4","113478","","ODSTRAN KRYTU ZPEVNĚNÝCH PLOCH Z DLAŽEB KOSTEK VČET PODKL, ODVOZ DO 20KM","M3",4.216,699.67,{"v":2949.81,"d":"2,949.81"},{"$nulls":5},619.4601,"2"]
["PP",{"$nulls":3},"BOURACÍ PRÁCE - Odstranění zpevněné plochy z dlažebních kostek včetně odvozu a uložení na skládku do 20km \n=4,216m3*2,600t/m3=10,962t \nKubatura vypočtena pomocí grafického softwaru AutoCad (z grafického výkresu)"]
["VV",{"$nulls":3},"Celkem: 21,078*0,2=4,216 [A]"]
["TS",{"$nulls":3},"Položka zahrnuje veškerou manipulaci s vybouranou sutí a s vybouranými hmotami vč. uložení na skládku. Nezahrnuje poplatek za skládku, který se vykazuje v položce 0141** (s výjimkou malého množství bouraného materiálu, kde je možné poplatek zahrnout do jednotkové ceny bourání – tento fakt musí být uveden v doplňujícím textu k položce)."]
["P","5","113524","","ODSTRANĚNÍ CHODNÍKOVÝCH OBRUBNÍKŮ BETONOVÝCH, ODVOZ DO 20KM","M",18.925,77.31,{"v":1463.09,"d":"1,463.09"},{"$nulls":5},307.2489,"2"]
["PP",{"$nulls":3},"BOURACÍ PRÁCE - Odstranění betonových silničních obrubníků včetně odvozu a uložení na skládku do 20km \n=18,925*0,050m2*2,300t/m3=2,176t \nDélka vypočtena pomocí grafického softwaru AutoCad (z grafického výkresu)"]
["VV",{"$nulls":3},"Celkem: 2,61+5,8+7,115+1+0,8+1,6=18,925 [A]"]
["TS",{"$nulls":3},"Položka zahrnuje veškerou manipulaci s vybouranou sutí a s vybouranými hmotami vč. uložení na skládku. Nezahrnuje poplatek za skládku, který se vykazuje v položce 0141** (s výjimkou malého množství bouraného materiálu, kde je možné poplatek zahrnout do jednotkové ceny bourání – tento fakt musí být uveden v doplňujícím textu k položce)."]
["P","6","121108","","SEJMUTÍ ORNICE NEBO LESNÍ PŮDY S ODVOZEM DO 20KM","M3",44.858,{"v":209.9,"d":"209.90"},{"v":9415.69,"d":"9,415.69"},{"$nulls":5},1977.2949,"2"]
["PP",{"$nulls":3},"ZEMNÍ PRÁCE - Odhumusování plochy v tl. 150mm, která bude zasažena výkopovými pracemi a úpravou terénu včetně odvozu a uložení zeminy na skládku do 20km (nebude využita na zpětné ohumusování) \n=44,858m3*1,900t/m3=85,230t \nKubatura vypočtena pomocí grafického softwaru AutoCad (z grafického výkresu)"]
["VV",{"$nulls":3},"Celkem: 299,054*0,15=44,858 [A]"]
["TS",{"$nulls":3},"položka zahrnuje sejmutí ornice bez ohledu na tloušťku vrstvy a její vodorovnou dopravu \nnezahrnuje uložení na trvalou skládku"]
["P","7","131738","","HLOUBENÍ JAM ZAPAŽ I NEPAŽ TŘ. I, ODVOZ DO 20KM","M3",187.082,154.61,{"v":28924.75,"d":"28,924.75"},{"$nulls":5},6074.1975,"2"]
["PP",{"$nulls":3},"ZEMNÍ PRÁCE - Výkop zeminy pro stavební jámu v zemině tř. 1 včetně pažení a odvozu zeminy na skládku do 20 km \n=187,082m3*1,900t/m3=355,456t \nKubatura vypočtena pomocí grafického softwaru AutoCad (z grafického výkresu)"]
["VV",{"$nulls":3},"Celkem: 187,082=187,082 [A]"]
["TS",{"$nulls":3},"položka zahrnuje: \n- vodorovná a svislá doprava, přemístění, přeložení, manipulace s výkopkem \n- kompletní provedení vykopávky nezapažené i zapažené \n- ošetření výkopiště po celou dobu práce v něm vč. klimatických opatření \n- ztížení vykopávek v blízkosti podzemního vedení, konstrukcí a objektů vč. jejich dočasného zajištění \n- ztížení pod vodou, v okolí výbušnin, ve stísněných prostorech a pod. \n- příplatek za lepivost \n- těžení po vrstvách, pásech a po jiných nutných částech (figurách) \n- čerpání vody vč. čerpacích jímek, potrubí a pohotovostní čerpací soupravy (viz ustanovení k pol. 1151,2) \n- potřebné snížení hladiny podzemní vody \n- těžení a rozpojování jednotlivých balvanů \n- vytahování a nošení výkopku \n- svahování a přesvah. svahů do konečného tvaru, výměna hornin v podloží a v pláni znehodnocené klimatickými vlivy \n- ruční vykopávky, odstranění kořenů a napadávek \n- pažení, vzepření a rozepření vč. přepažování (vyjma štětových stěn) \n- úpravu, ochranu a očištění dna, základové spáry, stěn a svahů \n- odvedení nebo obvedení vody v okolí výkopiště a ve výkopišti \n- třídění výkopku \n- veškeré pomocné konstrukce umožňující provedení vykopávky (příjezdy, sjezdy, nájezdy, lešení, podpěr. konstr., přemostění, zpevněné plochy, zakrytí a pod.) \n- nezahrnuje uložení zeminy (na skládku, do násypu) ani poplatky za skládku, vykazují se v položce č.0141**"]
["P","8","17481","","ZÁSYP JAM A RÝH Z NAKUPOVANÝCH MATERIÁLŮ","M3",20.426,241.57,{"v":4934.31,"d":"4,934.31"},{"$nulls":5},1036.2051000000001,"2"]
["PP",{"$nulls":3},"ZEMNÍ PRÁCE - Zásyp zeminou vhodnou do náspů, hutněno po vrstvách 300mm na 100% PS \nKubatura vypočtena pomocí grafického softwaru AutoCad (z grafického výkresu)"]
["VV",{"$nulls":3},"Celkem: 20,426=20,426 [A]"]
["TS",{"$nulls":3},"položka zahrnuje: \n- kompletní provedení zemní konstrukce včetně nákupu a dopravy materiálu dle zadávací dokumentace \n- úprava  ukládaného  materiálu  vlhčením,  tříděním,  promícháním  nebo  vysoušením,  příp. jiné úpravy za účelem zlepšení jeho  mech. vlastností \n- hutnění i různé míry hutnění  \n- ošetření úložiště po celou dobu práce v něm vč. klimatických opatření \n- ztížení v okolí vedení, konstrukcí a objektů a jejich dočasné zajištění \n- ztížení provádění vč. hutnění ve ztížených podmínkách a stísněných prostorech \n- ztížené ukládání sypaniny pod vodu \n- ukládání po vrstvách a po jiných nutných částech (figurách) vč. dosypávek \n- spouštění a nošení materiálu \n- výměna částí zemní konstrukce znehodnocené klimatickými vlivy \n- udržování úložiště a jeho ochrana proti vodě \n- odvedení nebo obvedení vody v okolí úložiště a v úložišti \n- veškeré  pomocné konstrukce umožňující provedení  zemní konstrukce  (příjezdy,  sjezdy,  nájezdy, lešení, podpěrné konstrukce, přemostění, zpevněné plochy, zakrytí a pod.)"]
["P","9","18110","","ÚPRAVA PLÁNĚ SE ZHUTNĚNÍM V HORNINĚ TŘ. I","M2",7.092,16.22,115.03,{"$nulls":5},24.1563,"2"]
["PP",{"$nulls":3},"ODVODŇOVACÍ ŽLABY - Úprava a zhutnění základové spáry \nPlocha vypočtena pomocí grafického softwaru AutoCad (z grafického výkresu)"]
["VV",{"$nulls":3},"Celkem: 7,092=7,092 [A]"]
["TS",{"$nulls":3},"položka zahrnuje úpravu pláně včetně vyrovnání výškových rozdílů. Míru zhutnění určuje projekt."]
["SD",null,"4",null,"Vodorovné konstrukce",{"$nulls":3},{"v":44178.409999999996,"d":"44,178.41"},{"$nulls":5},9277.4661,null,44178.409999999996,9277.4661]
["P","10","451312","","PODKLADNÍ A VÝPLŇOVÉ VRSTVY Z PROSTÉHO BETONU C12/15","M3",1.064,{"v":2328.09,"d":"2,328.09"},{"v":2477.09,"d":"2,477.09"},{"$nulls":5},520.1889,"2"]
["PP",{"$nulls":3},"ODVODŇOVACÍ ŽLABY - Betonové lože z betonu C12/15 \nKubatura vypočtena pomocí grafického softwaru AutoCad (z grafického výkresu)"]
["VV",{"$nulls":3},"Celkem: 7,092*0,15=1,064 [A]"]
["TS",{"$nulls":3},"- dodání  čerstvého  betonu  (betonové  směsi)  požadované  kvality,  jeho  uložení  do požadovaného tvaru při jakékoliv hustotě výztuže, konzistenci čerstvého betonu a způsobu hutnění, ošetření a ochranu betonu,  \n- zhotovení nepropustného, mrazuvzdorného betonu a betonu požadované trvanlivosti a vlastností,  \n- užití potřebných přísad a technologií výroby betonu,  \n- zřízení pracovních a dilatačních spar, včetně potřebných úprav, výplně, vložek, opracování, očištění a ošetření,  \n- bednění  požadovaných  konstr. (i ztracené) s úpravou  dle požadované  kvality povrchu betonu, včetně odbedňovacích a odskružovacích prostředků,  \n- podpěrné  konstr. (skruže) a lešení všech druhů pro bednění, uložení čerstvého betonu, výztuže a doplňkových konstr., vč. požadovaných otvorů, ochranných a bezpečnostních opatření a základů těchto konstrukcí a lešení,  \n- vytvoření kotevních čel, kapes, nálitků, a sedel,  \n- zřízení  všech  požadovaných  otvorů, kapes, výklenků, prostupů, dutin, drážek a pod., vč. ztížení práce a úprav  kolem nich,  \n- úpravy pro osazení výztuže, doplňkových konstrukcí a vybavení,  \n- úpravy povrchu pro položení požadované izolace, povlaků a nátěrů, případně vyspravení,  \n- ztížení práce u kabelových a injektážních trubek a ostatních zařízení osazovaných do betonu,  \n- konstrukce betonových kloubů, upevnění kotevních prvků a doplňkových konstrukcí,  \n- nátěry zabraňující soudržnost betonu a bednění,  \n- výplň, těsnění  a tmelení spar a spojů,  \n- opatření  povrchů  betonu  izolací  proti zemní vlhkosti v částech, kde přijdou do styku se zeminou nebo kamenivem,  \n- případné zřízení spojovací vrstvy u základů,  \n- úpravy pro osazení zařízení ochrany konstrukce proti vlivu bludných proudů"]
["P","11","451314","","PODKLADNÍ A VÝPLŇOVÉ VRSTVY Z PROSTÉHO BETONU C20/25","M3",12.665,{"v":2328.09,"d":"2,328.09"},{"v":29485.26,"d":"29,485.26"},{"$nulls":5},6191.9046,"2"]
["PP",{"$nulls":3},"OBRUBNÍKY - Betonové lože C20/25-XF3 pod betonové chodníkové obrubníky 100x250x1000mm \n=217,387*0,055m2=11,956m3 \nODVODŇOVACÍ ŽLABY - Betonové lože C20/25-XF3 pod odvodňovací žlaby  \n=14,170*0,050m2=0,709m3 \nKubatura vypočtena pomocí grafického softwaru AutoCad (z grafického výkresu)"]
["VV",{"$nulls":3},"Celkem: 217,387*0,055=11,956 [A] \nCelkem: 14,17*0,05=0,709 [B] \nCelkem: A+B=12,665 [C]"]
["TS",{"$nulls":3},"- dodání  čerstvého  betonu  (betonové  směsi)  požadované  kvality,  jeho  uložení  do požadovaného tvaru při jakékoliv hustotě výztuže, konzistenci čerstvého betonu a způsobu hutnění, ošetření a ochranu betonu,  \n- zhotovení nepropustného, mrazuvzdorného betonu a betonu požadované trvanlivosti a vlastností,  \n- užití potřebných přísad a technologií výroby betonu,  \n- zřízení pracovních a dilatačních spar, včetně potřebných úprav, výplně, vložek, opracování, očištění a ošetření,  \n- bednění  požadovaných  konstr. (i ztracené) s úpravou  dle požadované  kvality povrchu betonu, včetně odbedňovacích a odskružovacích prostředků,  \n- podpěrné  konstr. (skruže) a lešení všech druhů pro bednění, uložení čerstvého betonu, výztuže a doplňkových konstr., vč. požadovaných otvorů, ochranných a bezpečnostních opatření a základů těchto konstrukcí a lešení,  \n- vytvoření kotevních čel, kapes, nálitků, a sedel,  \n- zřízení  všech  požadovaných  otvorů, kapes, výklenků, prostupů, dutin, drážek a pod., vč. ztížení práce a úprav  kolem nich,  \n- úpravy pro osazení výztuže, doplňkových konstrukcí a vybavení,  \n- úpravy povrchu pro položení požadované izolace, povlaků a nátěrů, případně vyspravení,  \n- ztížení práce u kabelových a injektážních trubek a ostatních zařízení osazovaných do betonu,  \n- konstrukce betonových kloubů, upevnění kotevních prvků a doplňkových konstrukcí,  \n- nátěry zabraňující soudržnost betonu a bednění,  \n- výplň, těsnění  a tmelení spar a spojů,  \n- opatření  povrchů  betonu  izolací  proti zemní vlhkosti v částech, kde přijdou do styku se zeminou nebo kamenivem,  \n- případné zřízení spojovací vrstvy u základů,  \n- úpravy pro osazení zařízení ochrany konstrukce proti vlivu bludných proudů"]
["P","12","465923","","PŘEDLÁŽDĚNÍ DLAŽBY Z BETON DLAŽDIC","M2",26.533,460.41,{"v":12216.06,"d":"12,216.06"},{"$nulls":5},2565.3725999999997,"2"]
["PP",{"$nulls":3},"BOURACÍ PRÁCE - Předláždění krytu z betonové dlažby tl. 60mm \n=7,628m2 \nBOURACÍ PRÁCE - Předláždění krytu z betonové dlažby tl. 80mm \n=18,905m2 \nPlocha vypočtena pomocí grafického softwaru AutoCad (z grafického výkresu)"]
["VV",{"$nulls":3},"Celkem: 7,628=7,628 [A] \nCelkem: 18,905=18,905 [B] \nCelkem: A+B=26,533 [C]"]
["TS",{"$nulls":3},"- pod pojmem *předláždění* se rozumí rozebrání stávající dlažby a pokládka dlažby ze stávajícího dlažebního materiálu (bez dodávky nového) \n- zahrnuje nezbytnou manipulaci s tímto materiálem (nakládání, doprava, složení, očištění) \n- dodání a rozprostření materiálu pro lože a jeho tloušťku předepsanou dokumentací a pro předepsanou výplň spar \n- nutné zemní práce (svahování, úpravu pláně a pod.) \n- nezahrnuje podklad pod dlažbu, vykazuje se samostatně položkami SD 45"]
["SD",null,"5",null,"Komunikace",{"$nulls":3},{"v":383945.95,"d":"383,945.95"},{"$nulls":5},80628.6495,null,383945.95,80628.6495]
["P","13","56330","","VOZOVKOVÉ VRSTVY ZE ŠTĚRKODRTI","M3",119.219,891.13,{"v":106239.63,"d":"106,239.63"},{"$nulls":5},22310.3223,"2"]
["PP",{"$nulls":3},"ÚPRAVA Č. 4 - Podsyp - Štěrkodrť ŠDB 0/32 tl. 250mm + hutnění \nKubatura vypočtena pomocí grafického softwaru AutoCad (z grafického výkresu)"]
["VV",{"$nulls":3},"Celkem: 476,875*0,25=119,219 [A]"]
["TS",{"$nulls":3},"- dodání kameniva předepsané kvality a zrnitosti \n- rozprostření a zhutnění vrstvy v předepsané tloušťce \n- zřízení vrstvy bez rozlišení šířky, pokládání vrstvy po etapách \n- nezahrnuje postřiky, nátěry"]
["P","14","56340","","VOZOVKOVÉ VRSTVY ZE ŠTĚRKOPÍSKU","M3",3.191,{"v":1030.55,"d":"1,030.55"},{"v":3288.49,"d":"3,288.49"},{"$nulls":5},690.5828999999999,"2"]
["PP",{"$nulls":3},"ODVODŇOVACÍ ŽLABY - Štěrkopísek fr.0/4 \nKubatura vypočtena pomocí grafického softwaru AutoCad (z grafického výkresu)"]
["VV",{"$nulls":3},"Celkem: 7,092*0,45=3,191 [A]"]
["TS",{"$nulls":3},"- dodání kameniva předepsané kvality a zrnitosti \n- rozprostření a zhutnění vrstvy v předepsané tloušťce \n- zřízení vrstvy bez rozlišení šířky, pokládání vrstvy po etapách \n- nezahrnuje postřiky, nátěry"]
["P","15","582612","","KRYTY Z BETON DLAŽDIC SE ZÁMKEM ŠEDÝCH TL 80MM DO LOŽE Z KAM","M2",397.396,690.54,{"v":274417.83,"d":"274,417.83"},{"$nulls":5},57627.744300000006,"2"]
["PP",{"$nulls":3},"ÚPRAVA Č. 4 - Cementobetonová dlažba tl. 80mm, odstín šedá \nÚPRAVA Č. 4 - Lože z hrubého drceného kameniva frakce 6/8 tl. 40mm \n=397,396m2*0,040=15,896m3 \nPlocha vypočtena pomocí grafického softwaru AutoCad (z grafického výkresu)"]
["VV",{"$nulls":3},"Celkem: 397,396=397,396 [A]"]
["TS",{"$nulls":3},"- dodání dlažebního materiálu v požadované kvalitě, dodání materiálu pro předepsané  lože v tloušťce předepsané dokumentací a pro předepsanou výplň spar \n- očištění podkladu \n- uložení dlažby dle předepsaného technologického předpisu včetně předepsané podkladní vrstvy a předepsané výplně spar \n- zřízení vrstvy bez rozlišení šířky, pokládání vrstvy po etapách  \n- úpravu napojení, ukončení podél obrubníků, dilatačních zařízení, odvodňovacích proužků, odvodňovačů, vpustí, šachet a pod., nestanoví-li zadávací dokumentace jinak \n- nezahrnuje postřiky, nátěry \n- nezahrnuje těsnění podél obrubníků, dilatačních zařízení, odvodňovacích proužků, odvodňovačů, vpustí, šachet a pod."]
["SD",null,"8",null,"Potrubí",{"$nulls":3},{"v":9076.95,"d":"9,076.95"},{"$nulls":5},1906.1595000000002,null,9076.95,1906.1595000000002]
["P","16","87433","","POTRUBÍ Z TRUB PLASTOVÝCH ODPADNÍCH DN DO 150MM","M",7.092,428.54,{"v":3039.21,"d":"3,039.21"},{"$nulls":5},638.2341,"2"]
["PP",{"$nulls":3},"ODVODŇOVACÍ ŽLABY - Přípojky do dešťové kanalizace DN=150mm včetně odbočných tvarovek s hrdly a těsnění \nOŽ-03-P (0,43231) > dl. přípojky 1,000m (DN=150mm) \nOŽ-04-P (0,43723) > dl. přípojky 1,462m (DN=150mm) \nOŽ-06-P (0,58256) > dl. přípojky 4,630m (DN=150mm) \nDélka vypočtena pomocí grafického softwaru AutoCad (z grafického výkresu)"]
["VV",{"$nulls":3},"Celkem: 1+1,462+4,63=7,092 [A]"]
["TS",{"$nulls":3},"položky pro zhotovení potrubí platí bez ohledu na sklon \nzahrnuje: \n- výrobní dokumentaci (včetně technologického předpisu)  \n- dodání veškerého trubního a pomocného materiálu  (trouby,  trubky,  tvarovky,  spojovací a těsnící  materiál a pod.), podpěrných, závěsných a upevňovacích prvků, včetně potřebných úprav  \n- úprava a příprava podkladu a podpěr, očištění a ošetření podkladu a podpěr  \n- zřízení plně funkčního potrubí, kompletní soustavy, podle příslušného technologického předpisu  \n- zřízení potrubí i jednotlivých částí po etapách, včetně pracovních spar a spojů, pracovního zaslepení konců a pod.  \n- úprava prostupů, průchodů  šachtami a komorami, okolí podpěr a vyústění, zaústění, napojení, vyvedení a upevnění odpad. výustí  \n- ochrana potrubí nátěrem (vč. úpravy povrchu), případně izolací, nejsou-li tyto práce předmětem jiné položky  \n- úprava, očištění a ošetření prostoru kolem potrubí  \n- položky platí pro práce prováděné v prostoru zapaženém i nezapaženém a i v kolektorech, chráničkách  \n- položky zahrnují i práce spojené s nutnými obtoky, převáděním a čerpáním vody  \nnezahrnuje zkoušky vodotěsnosti a televizní prohlídku"]
["P","17","87733","","CHRÁNIČKY PŮLENÉ Z TRUB PLAST DN DO 150MM","M",{"v":5.52,"d":"5.520"},{"v":519,"d":"519.00"},{"v":2864.88,"d":"2,864.88"},{"$nulls":5},601.6248,"2"]
["PP",{"$nulls":3},"CHRÁNIČKA - Dělená plastová chránička se zámky a hrdlem DN=110mm včetně BALL Markerů na koncích pro ochranu stávajícího sdělovacího vedení \nDélka vypočtena pomocí grafického softwaru AutoCad (z grafického výkresu)"]
["VV",{"$nulls":3},"Celkem: 5,52=5,520 [A]"]
["TS",{"$nulls":3},"položky pro zhotovení potrubí platí bez ohledu na sklon \nzahrnuje: \n- výrobní dokumentaci (včetně technologického předpisu)  \n- dodání veškerého trubního a pomocného materiálu  (trouby včetně podélného rozpůlení,  trubky,  tvarovky,  spojovací a těsnící  materiál a pod.), podpěrných, závěsných a upevňovacích prvků, včetně potřebných úprav  \n- úprava a příprava podkladu a podpěr, očištění a ošetření podkladu a podpěr  \n- zřízení plně funkčního potrubí, kompletní soustavy, podle příslušného technologického předpisu  \n- zřízení potrubí i jednotlivých částí po etapách, včetně pracovních spar a spojů, pracovního zaslepení konců a pod.  \n- úprava prostupů, průchodů  šachtami a komorami, okolí podpěr a vyústění, zaústění, napojení, vyvedení a upevnění odpad. výustí  \n- ochrana potrubí nátěrem (vč. úpravy povrchu), případně izolací, nejsou-li tyto práce předmětem jiné položky  \n- úprava, očištění a ošetření prostoru kolem potrubí  včetně případně předepsaného utěsnění konců chrániček \n- položky platí pro práce prováděné v prostoru zapaženém i nezapaženém a i v kolektorech, chráničkách"]
["P","18","89923","","VÝŠKOVÁ ÚPRAVA KRYCÍCH HRNCŮ","KUS",{"v":2,"d":"2.000"},{"v":1586.43,"d":"1,586.43"},{"v":3172.86,"d":"3,172.86"},{"$nulls":5},666.3006,"2"]
["PP",{"$nulls":3},"OSTATNÍ - Výšková rektifikace krycích znaků inženýrských sítí \nPočet vypočten pomocí grafického softwaru AutoCad (z grafického výkresu)"]
["VV",{"$nulls":3},"Celkem: 2=2,000 [A]"]
["TS",{"$nulls":3},"- položka výškové úpravy zahrnuje všechny nutné práce a materiály pro zvýšení nebo snížení zařízení (včetně nutné úpravy stávajícího povrchu vozovky nebo chodníku)."]
["SD",null,"9",null,"Ostatní konstrukce a práce",{"$nulls":3},{"v":133197.57,"d":"133,197.57"},{"$nulls":5},27971.4897,null,133197.57,27971.4897]
["P","19","917223","","SILNIČNÍ A CHODNÍKOVÉ OBRUBY Z BETONOVÝCH OBRUBNÍKŮ ŠÍŘ 100MM","M",217.387,382.59,{"v":83170.09,"d":"83,170.09"},{"$nulls":5},17465.7189,"2"]
["PP",{"$nulls":3},"OBRUBNÍKY - Betonové silniční obrubníky 100x250x1000mm \nDélka vypočtena pomocí grafického softwaru AutoCad (z grafického výkresu)"]
["VV",{"$nulls":3},"Celkem: 217,387=217,387 [A]"]
["TS",{"$nulls":3},"Položka zahrnuje: \ndodání a pokládku betonových obrubníků o rozměrech předepsaných zadávací dokumentací \nbetonové lože i boční betonovou opěrku."]
["P","20","93542","","ŽLABY Z DÍLCŮ Z POLYMERBETONU SVĚTLÉ ŠÍŘKY DO 150MM VČETNĚ MŘÍŽÍ","M",{"v":14.17,"d":"14.170"},{"v":3437.05,"d":"3,437.05"},{"v":48703,"d":"48,703.00"},{"$nulls":5},10227.63,"2"]
["PP",{"$nulls":3},"ODVODŇOVACÍ ŽLABY - Odvodňovací žlab z kompozitního materiálu (PP), šířky 100mm, hloubky 120mm \nOŽ-03-P (0,43231) > dl. přípojky 1,000m (DN=150mm) \nOŽ-04-P (0,43723) > dl. přípojky 1,462m (DN=150mm) \nOŽ-06-P (0,58256) > dl. přípojky 4,630m (DN=150mm) \nDélka vypočtena pomocí grafického softwaru AutoCad (z grafického výkresu)"]
["VV",{"$nulls":3},"Celkem: 4,15+3,87+6,15=14,170 [A]"]
["TS",{"$nulls":3},"položka zahrnuje: \n-dodávku a uložení dílců žlabu z předepsaného materiálu předepsaných rozměrů včetně mříže \n- spárování, úpravy vtoku a výtoku \n- nezahrnuje nutné zemní práce, předepsané lože, obetonování \n- měří se v metrech běžných délky osy žlabu, odečítají se čistící kusy a vpustě"]
["P","21","966158","","BOURÁNÍ KONSTRUKCÍ Z PROST BETONU S ODVOZEM DO 20KM","M3",1.893,699.67,{"v":1324.48,"d":"1,324.48"},{"$nulls":5},278.1408,"2"]
["PP",{"$nulls":3},"BOURACÍ PRÁCE - Odstranění betonového lože betonových silničních obrubníků včetně odvozu a uložení na skládku do 20km \n=1,893m3*2,300t/m3=4,354t \nKubatura vypočtena pomocí grafického softwaru AutoCad (z grafického výkresu)"]
["VV",{"$nulls":3},"Celkem: 18,925*0,1=1,893 [A]"]
["TS",{"$nulls":3},"položka zahrnuje: \n- rozbourání konstrukce bez ohledu na použitou technologii \n- veškeré pomocné konstrukce (lešení a pod.) \n- veškerou manipulaci s vybouranou sutí a hmotami včetně uložení na skládku. Nezahrnuje poplatek za skládku, který se vykazuje v položce 0141** (s výjimkou malého množství bouraného materiálu, kde je možné poplatek zahrnout do jednotkové ceny bourání – tento fakt musí být uveden v doplňujícím textu k položce) \n- veškeré další práce plynoucí z technologického předpisu a z platných předpisů"]

{"sheet":"SO 102_SO 102.02","index":13,"n_rows":139,"n_cols":18,"rows_kept":139,"merged":[[2,2,2,3],[3,2,3,3],[4,2,4,3],[5,0,6,0],[5,1,6,1],[5,2,6,2],[5,3,6,3],[5,4,6,4],[5,5,6,5],[5,6,6,6],[5,7,5,8]],"flags":["formulas_cached_only"]}
["ASPE10",{"$nulls":3},"Firma: -",{"$nulls":10},"3"]
[{"$nulls":4},"Příloha k formuláři pro ocenění nabídky",{"$nulls":9},252901.2024,"3"]
["S","Stavba: ","2018648",null,"III/3272 HLÍZOV",null,null,"SO 102.02",{"v":1204291.44,"d":"1,204,291.44"},{"$nulls":5},"0,00","2"]
["O","Objekt:","SO 102",null,"VEŘEJNÝ PROSTOR (OBEC HLÍZOV)",{"$nulls":9},"15,00","2"]
["O1","Rozpočet:","SO 102.02",null,"PARKOVACÍ ZÁLIVY (OBEC HLÍZOV)",{"$nulls":9},"21,00","2"]
["Typ","Poř. číslo","Kód položky","Varianta","Název položky","MJ","Množství","Cena"]
[{"$nulls":7},"Jednotková","Celkem"]
["0","1","2","3","4","5","6","9","10"]
["SD",null,"0",null,"Všeobecné konstrukce a práce",{"$nulls":3},{"v":33311.34,"d":"33,311.34"},{"$nulls":5},6995.381399999999,null,33311.34,6995.381399999999]
["P","1","014102","01","POPLATKY ZA SKLÁDKU","T",9.437,110.58,{"v":1043.54,"d":"1,043.54"},{"$nulls":5},219.1434,"2"]
["PP",{"$nulls":3},"SKLÁDKA - Uložení asfaltové suti na skládku  \nViz položka č. 6"]
["VV",{"$nulls":3},"Celkem: 9,437=9,437 [A]"]
["TS",{"$nulls":3},"zahrnuje veškeré poplatky provozovateli skládky související s uložením odpadu na skládce."]
["P","2","014102","02","POPLATKY ZA SKLÁDKU","T",51.526,110.58,{"v":5697.75,"d":"5,697.75"},{"$nulls":5},1196.5275,"2"]
["PP",{"$nulls":3},"SKLÁDKA - Uložení stavební suti na skládku \nViz položky č. 4, 5 a 31"]
["VV",{"$nulls":3},"Celkem: 15,6+7,185+28,741=51,526 [A]"]
["TS",{"$nulls":3},"zahrnuje veškeré poplatky provozovateli skládky související s uložením odpadu na skládce."]
["P","3","014102","03","POPLATKY ZA SKLÁDKU","T",480.558,55.29,{"v":26570.05,"d":"26,570.05"},{"$nulls":5},5579.710499999999,"2"]
["PP",{"$nulls":3},"SKLÁDKA - Uložení zeminy na skládku \nViz položka č. 8"]
["VV",{"$nulls":3},"Celkem: 480,558=480,558 [A]"]
["TS",{"$nulls":3},"zahrnuje veškeré poplatky provozovateli skládky související s uložením odpadu na skládce."]
["SD",null,"1",null,"Zemní práce",{"$nulls":3},{"v":84495.23000000001,"d":"84,495.23"},{"$nulls":5},17743.9983,null,84495.23000000001,17743.9983]
["P","4","113468","","ODSTRAN KRYTU ZPEVNĚNÝCH PLOCH ZE SILNIČ DÍLCŮ VČET PODKL, ODVOZ DO 20KM","M3",{"v":6,"d":"6.000"},{"v":1158.39,"d":"1,158.39"},{"v":6950.34,"d":"6,950.34"},{"$nulls":5},1459.5714,"2"]
["PP",{"$nulls":3},"BOURACÍ PRÁCE - Odstranění silničních panelů včetně ložné vrstvy \nKubatura vypočtena pomocí grafického softwaru AutoCad (z grafického výkresu)"]
["VV",{"$nulls":3},"Celkem: 30*0,2=6,000 [A]"]
["TS",{"$nulls":3},"Položka zahrnuje veškerou manipulaci s vybouranou sutí a s vybouranými hmotami vč. uložení na skládku. Nezahrnuje poplatek za skládku, který se vykazuje v položce 0141** (s výjimkou malého množství bouraného materiálu, kde je možné poplatek zahrnout do jednotkové ceny bourání – tento fakt musí být uveden v doplňujícím textu k položce)."]
["P","5","113524","","ODSTRANĚNÍ CHODNÍKOVÝCH OBRUBNÍKŮ BETONOVÝCH, ODVOZ DO 20KM","M",124.958,77.31,{"v":9660.5,"d":"9,660.50"},{"$nulls":5},2028.705,"2"]
["PP",{"$nulls":3},"BOURACÍ PRÁCE - Odstranění betonových chodníkových obrubníků včetně odvozu a uložení na skládku do 20km \n=124,958*0,025m2*2,300t/m3=7,185t \nDélka vypočtena pomocí grafického softwaru AutoCad (z grafického výkresu)"]
["VV",{"$nulls":3},"Celkem: 124,958=124,958 [A]"]
["TS",{"$nulls":3},"Položka zahrnuje veškerou manipulaci s vybouranou sutí a s vybouranými hmotami vč. uložení na skládku. Nezahrnuje poplatek za skládku, který se vykazuje v položce 0141** (s výjimkou malého množství bouraného materiálu, kde je možné poplatek zahrnout do jednotkové ceny bourání – tento fakt musí být uveden v doplňujícím textu k položce)."]
["P","6","113728","","FRÉZOVÁNÍ ZPEVNĚNÝCH PLOCH ASFALTOVÝCH, ODVOZ DO 20KM","M3",3.932,{"v":1417.12,"d":"1,417.12"},{"v":5572.12,"d":"5,572.12"},{"$nulls":5},1170.1452,"2"]
["PP",{"$nulls":3},"BOURACÍ PRÁCE - Odfrézování asfaltových vrstev v tl. 50mm (asfalt) (napojení na stávající stav) včetně odvozu a uložení na skládku do 20km \n=3,932m3*2,400t/m3=9,437t \nKubatura vypočtena pomocí grafického softwaru AutoCad (z grafického výkresu)"]
["VV",{"$nulls":3},"Celkem: 78,64*0,05=3,932 [A]"]
["TS",{"$nulls":3},"Položka zahrnuje veškerou manipulaci s vybouranou sutí a s vybouranými hmotami vč. uložení na skládku. Nezahrnuje poplatek za skládku, který se vykazuje v položce 0141** (s výjimkou malého množství bouraného materiálu, kde je možné poplatek zahrnout do jednotkové ceny bourání – tento fakt musí být uveden v doplňujícím textu k položce)."]
["P","7","121108","","SEJMUTÍ ORNICE NEBO LESNÍ PŮDY S ODVOZEM DO 20KM","M3",44.083,{"v":209.9,"d":"209.90"},{"v":9253.02,"d":"9,253.02"},{"$nulls":5},1943.1342000000002,"2"]
["PP",{"$nulls":3},"ZEMNÍ PRÁCE - Odhumusování plochy v tl. 150mm, která bude zasažena výkopovými pracemi a úpravou terénu včetně odvozu a uložení zeminy na skládku do 20km \n=44,083m3*1,900t/m3=83,758t \nKubatura vypočtena pomocí grafického softwaru AutoCad (z grafického výkresu)"]
["VV",{"$nulls":3},"Celkem: 293,887*0,15=44,083 [A]"]
["TS",{"$nulls":3},"položka zahrnuje sejmutí ornice bez ohledu na tloušťku vrstvy a její vodorovnou dopravu \nnezahrnuje uložení na trvalou skládku"]
["P","8","131738","","HLOUBENÍ JAM ZAPAŽ I NEPAŽ TŘ. I, ODVOZ DO 20KM","M3",252.925,154.61,{"v":39104.73,"d":"39,104.73"},{"$nulls":5},8211.9933,"2"]
["PP",{"$nulls":3},"ZEMNÍ PRÁCE - Výkop zeminy pro stavební jámu v zemině tř. 1 včetně pažení a odvozu zeminy na skládku do 20 km \n=252,925m3*1,900t/m3=480,558t \nKubatura vypočtena pomocí grafického softwaru AutoCad (z grafického výkresu)"]
["VV",{"$nulls":3},"Celkem: 252,925=252,925 [A]"]
["TS",{"$nulls":3},"položka zahrnuje: \n- vodorovná a svislá doprava, přemístění, přeložení, manipulace s výkopkem \n- kompletní provedení vykopávky nezapažené i zapažené \n- ošetření výkopiště po celou dobu práce v něm vč. klimatických opatření \n- ztížení vykopávek v blízkosti podzemního vedení, konstrukcí a objektů vč. jejich dočasného zajištění \n- ztížení pod vodou, v okolí výbušnin, ve stísněných prostorech a pod. \n- příplatek za lepivost \n- těžení po vrstvách, pásech a po jiných nutných částech (figurách) \n- čerpání vody vč. čerpacích jímek, potrubí a pohotovostní čerpací soupravy (viz ustanovení k pol. 1151,2) \n- potřebné snížení hladiny podzemní vody \n- těžení a rozpojování jednotlivých balvanů \n- vytahování a nošení výkopku \n- svahování a přesvah. svahů do konečného tvaru, výměna hornin v podloží a v pláni znehodnocené klimatickými vlivy \n- ruční vykopávky, odstranění kořenů a napadávek \n- pažení, vzepření a rozepření vč. přepažování (vyjma štětových stěn) \n- úpravu, ochranu a očištění dna, základové spáry, stěn a svahů \n- odvedení nebo obvedení vody v okolí výkopiště a ve výkopišti \n- třídění výkopku \n- veškeré pomocné konstrukce umožňující provedení vykopávky (příjezdy, sjezdy, nájezdy, lešení, podpěr. konstr., přemostění, zpevněné plochy, zakrytí a pod.) \n- nezahrnuje uložení zeminy (na skládku, do násypu) ani poplatky za skládku, vykazují se v položce č.0141**"]
["P","9","17481","","ZÁSYP JAM A RÝH Z NAKUPOVANÝCH MATERIÁLŮ","M3",10.989,241.57,{"v":2654.61,"d":"2,654.61"},{"$nulls":5},557.4681,"2"]
["PP",{"$nulls":3},"ZEMNÍ PRÁCE - Zásyp zeminou vhodnou do náspů, hutněno po vrstvách 300mm na 100% PS \nKubatura vypočtena pomocí grafického softwaru AutoCad (z grafického výkresu)"]
["VV",{"$nulls":3},"Celkem: 10,989=10,989 [A]"]
["TS",{"$nulls":3},"položka zahrnuje: \n- kompletní provedení zemní konstrukce včetně nákupu a dopravy materiálu dle zadávací dokumentace \n- úprava  ukládaného  materiálu  vlhčením,  tříděním,  promícháním  nebo  vysoušením,  příp. jiné úpravy za účelem zlepšení jeho  mech. vlastností \n- hutnění i různé míry hutnění  \n- ošetření úložiště po celou dobu práce v něm vč. klimatických opatření \n- ztížení v okolí vedení, konstrukcí a objektů a jejich dočasné zajištění \n- ztížení provádění vč. hutnění ve ztížených podmínkách a stísněných prostorech \n- ztížené ukládání sypaniny pod vodu \n- ukládání po vrstvách a po jiných nutných částech (figurách) vč. dosypávek \n- spouštění a nošení materiálu \n- výměna částí zemní konstrukce znehodnocené klimatickými vlivy \n- udržování úložiště a jeho ochrana proti vodě \n- odvedení nebo obvedení vody v okolí úložiště a v úložišti \n- veškeré  pomocné konstrukce umožňující provedení  zemní konstrukce  (příjezdy,  sjezdy,  nájezdy, lešení, podpěrné konstrukce, přemostění, zpevněné plochy, zakrytí a pod.)"]
["P","10","18110","","ÚPRAVA PLÁNĚ SE ZHUTNĚNÍM V HORNINĚ TŘ. I","M2",696.665,16.22,{"v":11299.91,"d":"11,299.91"},{"$nulls":5},2372.9811,"2"]
["PP",{"$nulls":3},"ÚPRAVA Č. 3 - Úprava a zhutnění zemní pláně \n=77,192m2 \nODVODŇOVACÍ ŽLABY - Úprava a zhutnění základové spáry \n=4,710m2 \nÚPRAVA Č. 4 - Úprava a zhutnění zemní pláně \n=222,413m2 \nÚPRAVA Č. 5 - Úprava a zhutnění parapláně \n=194,498m2 \nÚPRAVA Č. 5 - Úprava a zhutnění zemní pláně \n=197,852m2 \nPlocha vypočtena pomocí grafického softwaru AutoCad (z grafického výkresu)"]
["VV",{"$nulls":3},"Celkem: 77,192=77,192 [A] \nCelkem: 4,71=4,710 [B] \nCelkem: 222,413=222,413 [C] \nCelkem: 194,498=194,498 [D] \nCelkem: 197,852=197,852 [E] \nCelkem: A+B+C+D+E=696,665 [F]"]
["TS",{"$nulls":3},"položka zahrnuje úpravu pláně včetně vyrovnání výškových rozdílů. Míru zhutnění určuje projekt."]
["SD",null,"2",null,"Základy",{"$nulls":3},{"v":79494.01,"d":"79,494.01"},{"$nulls":5},16693.7421,null,79494.01,16693.7421]
["P","11","21452","","SANAČNÍ VRSTVY Z KAMENIVA DRCENÉHO","M3",98.222,809.33,{"v":79494.01,"d":"79,494.01"},{"$nulls":5},16693.7421,"2"]
["PP",{"$nulls":3},"ÚPRAVA Č. 5 - Sanace podloží - Kamenitá sypanina z drceného kameniva 0/90mm tl. 2*250mm \nKubatura vypočtena pomocí grafického softwaru AutoCad (z grafického výkresu)"]
["VV",{"$nulls":3},"Celkem: 196,443*0,5=98,222 [A]"]
["TS",{"$nulls":3},"položka zahrnuje dodávku předepsaného kameniva, mimostaveništní a vnitrostaveništní dopravu a jeho uložení \nnení-li v zadávací dokumentaci uvedeno jinak, jedná se o nakupovaný materiál"]
["SD",null,"4",null,"Vodorovné konstrukce",{"$nulls":3},{"v":85435.12,"d":"85,435.12"},{"$nulls":5},17941.3752,null,85435.12,17941.3752]
["P","12","451312","","PODKLADNÍ A VÝPLŇOVÉ VRSTVY Z PROSTÉHO BETONU C12/15","M3",0.707,{"v":2328.09,"d":"2,328.09"},{"v":1645.96,"d":"1,645.96"},{"$nulls":5},345.65160000000003,"2"]
["PP",{"$nulls":3},"ODVODŇOVACÍ ŽLABY - Betonové lože z betonu C12/15 \nKubatura vypočtena pomocí grafického softwaru AutoCad (z grafického výkresu)"]
["VV",{"$nulls":3},"Celkem: 4,71*0,15=0,707 [A]"]
["TS",{"$nulls":3},"- dodání  čerstvého  betonu  (betonové  směsi)  požadované  kvality,  jeho  uložení  do požadovaného tvaru při jakékoliv hustotě výztuže, konzistenci čerstvého betonu a způsobu hutnění, ošetření a ochranu betonu,  \n- zhotovení nepropustného, mrazuvzdorného betonu a betonu požadované trvanlivosti a vlastností,  \n- užití potřebných přísad a technologií výroby betonu,  \n- zřízení pracovních a dilatačních spar, včetně potřebných úprav, výplně, vložek, opracování, očištění a ošetření,  \n- bednění  požadovaných  konstr. (i ztracené) s úpravou  dle požadované  kvality povrchu betonu, včetně odbedňovacích a odskružovacích prostředků,  \n- podpěrné  konstr. (skruže) a lešení všech druhů pro bednění, uložení čerstvého betonu, výztuže a doplňkových konstr., vč. požadovaných otvorů, ochranných a bezpečnostních opatření a základů těchto konstrukcí a lešení,  \n- vytvoření kotevních čel, kapes, nálitků, a sedel,  \n- zřízení  všech  požadovaných  otvorů, kapes, výklenků, prostupů, dutin, drážek a pod., vč. ztížení práce a úprav  kolem nich,  \n- úpravy pro osazení výztuže, doplňkových konstrukcí a vybavení,  \n- úpravy povrchu pro položení požadované izolace, povlaků a nátěrů, případně vyspravení,  \n- ztížení práce u kabelových a injektážních trubek a ostatních zařízení osazovaných do betonu,  \n- konstrukce betonových kloubů, upevnění kotevních prvků a doplňkových konstrukcí,  \n- nátěry zabraňující soudržnost betonu a bednění,  \n- výplň, těsnění  a tmelení spar a spojů,  \n- opatření  povrchů  betonu  izolací  proti zemní vlhkosti v částech, kde přijdou do styku se zeminou nebo kamenivem,  \n- případné zřízení spojovací vrstvy u základů,  \n- úpravy pro osazení zařízení ochrany konstrukce proti vlivu bludných proudů"]
["P","13","451314","","PODKLADNÍ A VÝPLŇOVÉ VRSTVY Z PROSTÉHO BETONU C20/25","M3",22.457,{"v":2328.09,"d":"2,328.09"},{"v":52281.92,"d":"52,281.92"},{"$nulls":5},10979.2032,"2"]
["PP",{"$nulls":3},"OBRUBNÍKY - Betonové lože C20/25-XF3 pod betonové chodníkové obrubníky 100x250x1000mm \n=35,374*0,055m2=1,946m3 \nODVODŇOVACÍ ŽLABY - Betonové lože C20/25-XF3 pod odvodňovací žlaby  \n=36,985*0,050m2=1,849m3 \nOBRUBNÍKY - Betonové lože C20/25-XF3 pod betonové silniční obrubníky nájezdové 150x150x1000mm \n=6,330*0,100m2=0,633m3 \nOBRUBNÍKY - Betonové lože C20/25-XF3 pod betonové silniční obrubníky 150x250x1000mm \n=180,285*0,100m2=11,956m3 \nKubatura vypočtena pomocí grafického softwaru AutoCad (z grafického výkresu)"]
["VV",{"$nulls":3},"Celkem: 35,374*0,055=1,946 [A] \nCelkem: 36,985*0,05=1,849 [B] \nCelkem: 180,285*0,1=18,029 [C] \nCelkem: 6,33*0,1=0,633 [D] \nCelkem: A+B+C+D=22,457 [E]"]
["TS",{"$nulls":3},"- dodání  čerstvého  betonu  (betonové  směsi)  požadované  kvality,  jeho  uložení  do požadovaného tvaru při jakékoliv hustotě výztuže, konzistenci čerstvého betonu a způsobu hutnění, ošetření a ochranu betonu,  \n- zhotovení nepropustného, mrazuvzdorného betonu a betonu požadované trvanlivosti a vlastností,  \n- užití potřebných přísad a technologií výroby betonu,  \n- zřízení pracovních a dilatačních spar, včetně potřebných úprav, výplně, vložek, opracování, očištění a ošetření,  \n- bednění  požadovaných  konstr. (i ztracené) s úpravou  dle požadované  kvality povrchu betonu, včetně odbedňovacích a odskružovacích prostředků,  \n- podpěrné  konstr. (skruže) a lešení všech druhů pro bednění, uložení čerstvého betonu, výztuže a doplňkových konstr., vč. požadovaných otvorů, ochranných a bezpečnostních opatření a základů těchto konstrukcí a lešení,  \n- vytvoření kotevních čel, kapes, nálitků, a sedel,  \n- zřízení  všech  požadovaných  otvorů, kapes, výklenků, prostupů, dutin, drážek a pod., vč. ztížení práce a úprav  kolem nich,  \n- úpravy pro osazení výztuže, doplňkových konstrukcí a vybavení,  \n- úpravy povrchu pro položení požadované izolace, povlaků a nátěrů, případně vyspravení,  \n- ztížení práce u kabelových a injektážních trubek a ostatních zařízení osazovaných do betonu,  \n- konstrukce betonových kloubů, upevnění kotevních prvků a doplňkových konstrukcí,  \n- nátěry zabraňující soudržnost betonu a bednění,  \n- výplň, těsnění  a tmelení spar a spojů,  \n- opatření  povrchů  betonu  izolací  proti zemní vlhkosti v částech, kde přijdou do styku se zeminou nebo kamenivem,  \n- případné zřízení spojovací vrstvy u základů,  \n- úpravy pro osazení zařízení ochrany konstrukce proti vlivu bludných proudů"]
["P","14","465923","","PŘEDLÁŽDĚNÍ DLAŽBY Z BETON DLAŽDIC","M2",68.433,460.41,{"v":31507.24,"d":"31,507.24"},{"$nulls":5},6616.5204,"2"]
["PP",{"$nulls":3},"BOURACÍ PRÁCE - Předláždění krytu z betonové dlažby tl. 60mm \n=63,279m2 \nBOURACÍ PRÁCE - Předláždění krytu z betonové dlažby tl. 80mm \n=5,154m2 \nPlocha vypočtena pomocí grafického softwaru AutoCad (z grafického výkresu)"]
["VV",{"$nulls":3},"Celkem: 63,279=63,279 [A] \nCelkem: 5,154=5,154 [B] \nCelkem: A+B=68,433 [C]"]
["TS",{"$nulls":3},"- pod pojmem *předláždění* se rozumí rozebrání stávající dlažby a pokládka dlažby ze stávajícího dlažebního materiálu (bez dodávky nového) \n- zahrnuje nezbytnou manipulaci s tímto materiálem (nakládání, doprava, složení, očištění) \n- dodání a rozprostření materiálu pro lože a jeho tloušťku předepsanou dokumentací a pro předepsanou výplň spar \n- nutné zemní práce (svahování, úpravu pláně a pod.) \n- nezahrnuje podklad pod dlažbu, vykazuje se samostatně položkami SD 45"]
["SD",null,"5",null,"Komunikace",{"$nulls":3},{"v":674795.52,"d":"674,795.52"},{"$nulls":5},141707.0592,null,674795.52,141707.0592]
["P","15","56310","","VOZOVKOVÉ VRSTVY Z MECHANICKY ZPEVNĚNÉHO KAMENIVA","M3",38.511,{"v":1377.74,"d":"1,377.74"},{"v":53058.15,"d":"53,058.15"},{"$nulls":5},11142.211500000001,"2"]
["PP",{"$nulls":3},"ÚPRAVA Č. 5 - Mechanicky zpevněné kamenivo MZK tl. 200mm + hutnění \nKubatura vypočtena pomocí grafického softwaru AutoCad (z grafického výkresu)"]
["VV",{"$nulls":3},"Celkem: 192,553*0,2=38,511 [A]"]
["TS",{"$nulls":3},"- dodání kameniva předepsané kvality a zrnitosti \n- rozprostření a zhutnění vrstvy v předepsané tloušťce \n- zřízení vrstvy bez rozlišení šířky, pokládání vrstvy po etapách \n- nezahrnuje postřiky, nátěry"]
["P","16","56330","","VOZOVKOVÉ VRSTVY ZE ŠTĚRKODRTI","M3",{"v":39.57,"d":"39.570"},891.13,{"v":35262.01,"d":"35,262.01"},{"$nulls":5},7405.022100000001,"2"]
["PP",{"$nulls":3},"ÚPRAVA Č. 5 - Štěrkodrť ŠDA 0/63 tl. 200mm + hutnění \nKubatura vypočtena pomocí grafického softwaru AutoCad (z grafického výkresu)"]
["VV",{"$nulls":3},"Celkem: 197,852*0,2=39,570 [A]"]
["TS",{"$nulls":3},"- dodání kameniva předepsané kvality a zrnitosti \n- rozprostření a zhutnění vrstvy v předepsané tloušťce \n- zřízení vrstvy bez rozlišení šířky, pokládání vrstvy po etapách \n- nezahrnuje postřiky, nátěry"]
["P","17","56333","","VOZOVKOVÉ VRSTVY ZE ŠTĚRKODRTI TL. DO 150MM","M2",302.829,151.03,{"v":45736.26,"d":"45,736.26"},{"$nulls":5},9604.6146,"2"]
["PP",{"$nulls":3},"ÚPRAVA Č. 3 - Podkladní vrstva - Štěrkodrť ŠDB 0/32 tl. 150mm + hutnění \n=77,192m2 \nÚPRAVA Č. 4 - Štěrkodrť ŠDA 0/32 tl. 250 mm + hutnění \n=225,637m2 \nPlocha vypočtena pomocí grafického softwaru AutoCad (z grafického výkresu)"]
["VV",{"$nulls":3},"Celkem: 77,192=77,192 [A] \nCelkem: 225,637=225,637 [B] \nCelkem: A+B=302,829 [C]"]
["TS",{"$nulls":3},"- dodání kameniva předepsané kvality a zrnitosti \n- rozprostření a zhutnění vrstvy v předepsané tloušťce \n- zřízení vrstvy bez rozlišení šířky, pokládání vrstvy po etapách \n- nezahrnuje postřiky, nátěry"]
["P","18","56340","","VOZOVKOVÉ VRSTVY ZE ŠTĚRKOPÍSKU","M3",{"v":2.12,"d":"2.120"},{"v":1030.55,"d":"1,030.55"},{"v":2184.77,"d":"2,184.77"},{"$nulls":5},458.8017,"2"]
["PP",{"$nulls":3},"ODVODŇOVACÍ ŽLABY - Štěrkopísek fr.0/4 \nKubatura vypočtena pomocí grafického softwaru AutoCad (z grafického výkresu)"]
["VV",{"$nulls":3},"Celkem: 4,71*0,45=2,120 [A]"]
["TS",{"$nulls":3},"- dodání kameniva předepsané kvality a zrnitosti \n- rozprostření a zhutnění vrstvy v předepsané tloušťce \n- zřízení vrstvy bez rozlišení šířky, pokládání vrstvy po etapách \n- nezahrnuje postřiky, nátěry"]
["P","19","57472","","VOZOVKOVÉ VÝZTUŽNÉ VRSTVY Z TEXTILIE","M2",194.498,71.74,{"v":13953.29,"d":"13,953.29"},{"$nulls":5},2930.1909,"2"]
["PP",{"$nulls":3},"Úprava č. 5 - Tkaná separační / výztužná geotextilie - pevnost v tahu i podélně 80kN/m, odolnost proti protržení CBR - 10kN \nPlocha vypočtena pomocí grafického softwaru AutoCad (z grafického výkresu)"]
["VV",{"$nulls":3},"Celkem: 194,498=194,498 [A]"]
["TS",{"$nulls":3},"- dodání textilie v požadované kvalitě a v množství včetně přesahů (přesahy započteny v jednotkové ceně) \n- očištění podkladu \n- pokládka textilie dle předepsaného technologického předpisu"]
["P","20","58211","","DLÁŽDĚNÉ KRYTY Z VELKÝCH KOSTEK DO LOŽE Z KAMENIVA","M2",194.498,{"v":1673.51,"d":"1,673.51"},{"v":325494.35,"d":"325,494.35"},{"$nulls":5},68353.81349999999,"2"]
["PP",{"$nulls":3},"ÚPRAVA Č. 5 - Dlažba z žulových kostek  \nÚPRAVA Č. 5 - Lože z hrubého drceného kameniva frakce 6/8 tl. 40mm \n=194,498m2*0,040=7,780m3 \nPlocha vypočtena pomocí grafického softwaru AutoCad (z grafického výkresu)"]
["VV",{"$nulls":3},"Celkem: 194,498=194,498 [A]"]
["TS",{"$nulls":3},"dodání dlažebního materiálu v požadované kvalitě, dodání materiálu pro předepsané  lože v tloušťce předepsané dokumentací a pro předepsanou výplň spar \n- očištění podkladu \n- uložení dlažby dle předepsaného technologického předpisu včetně předepsané podkladní vrstvy a předepsané výplně spar \n- zřízení vrstvy bez rozlišení šířky, pokládání vrstvy po etapách  \n- úpravu napojení, ukončení podél obrubníků, dilatačních zařízení, odvodňovacích proužků, odvodňovačů, vpustí, šachet a pod., nestanoví-li zadávací dokumentace jinak \n- nezahrnuje postřiky, nátěry \n- nezahrnuje těsnění podél obrubníků, dilatačních zařízení, odvodňovacích proužků, odvodňovačů, vpustí, šachet a pod."]
["P","21","582611","","KRYTY Z BETON DLAŽDIC SE ZÁMKEM ŠEDÝCH TL 60MM DO LOŽE Z KAM","M2",77.964,583.88,{"v":45521.62,"d":"45,521.62"},{"$nulls":5},9559.5402,"2"]
["PP",{"$nulls":3},"ÚPRAVA Č. 3 - Cementobetonová dlažba tl. 60mm, odstín šedá \nÚPRAVA Č. 3 - Lože z hrubého drceného kameniva frakce 6/8 tl. 30mm \n=77,964m2*0,030=2,339m3 \nPlocha vypočtena pomocí grafického softwaru AutoCad (z grafického výkresu)"]
["VV",{"$nulls":3},"Celkem: 77,964=77,964 [A]"]
["TS",{"$nulls":3},"- dodání dlažebního materiálu v požadované kvalitě, dodání materiálu pro předepsané  lože v tloušťce předepsané dokumentací a pro předepsanou výplň spar \n- očištění podkladu \n- uložení dlažby dle předepsaného technologického předpisu včetně předepsané podkladní vrstvy a předepsané výplně spar \n- zřízení vrstvy bez rozlišení šířky, pokládání vrstvy po etapách  \n- úpravu napojení, ukončení podél obrubníků, dilatačních zařízení, odvodňovacích proužků, odvodňovačů, vpustí, šachet a pod., nestanoví-li zadávací dokumentace jinak \n- nezahrnuje postřiky, nátěry \n- nezahrnuje těsnění podél obrubníků, dilatačních zařízení, odvodňovacích proužků, odvodňovačů, vpustí, šachet a pod."]
["P","22","582612","","KRYTY Z BETON DLAŽDIC SE ZÁMKEM ŠEDÝCH TL 80MM DO LOŽE Z KAM","M2",222.413,690.54,{"v":153585.07,"d":"153,585.07"},{"$nulls":5},32252.864700000002,"2"]
["PP",{"$nulls":3},"ÚPRAVA Č. 4 - Cementobetonová dlažba tl. 80mm, odstín šedá \nÚPRAVA Č. 4 - Lože z hrubého drceného kameniva frakce 6/8 tl. 40mm \n=222,413m2*0,040=8,897m3 \nPlocha vypočtena pomocí grafického softwaru AutoCad (z grafického výkresu)"]
["VV",{"$nulls":3},"Celkem: 222,413=222,413 [A]"]
["TS",{"$nulls":3},"- dodání dlažebního materiálu v požadované kvalitě, dodání materiálu pro předepsané  lože v tloušťce předepsané dokumentací a pro předepsanou výplň spar \n- očištění podkladu \n- uložení dlažby dle předepsaného technologického předpisu včetně předepsané podkladní vrstvy a předepsané výplně spar \n- zřízení vrstvy bez rozlišení šířky, pokládání vrstvy po etapách  \n- úpravu napojení, ukončení podél obrubníků, dilatačních zařízení, odvodňovacích proužků, odvodňovačů, vpustí, šachet a pod., nestanoví-li zadávací dokumentace jinak \n- nezahrnuje postřiky, nátěry \n- nezahrnuje těsnění podél obrubníků, dilatačních zařízení, odvodňovacích proužků, odvodňovačů, vpustí, šachet a pod."]
["SD",null,"8",null,"Potrubí",{"$nulls":3},{"v":3604.8500000000004,"d":"3,604.85"},{"$nulls":5},757.0185,null,3604.8500000000004,757.0185]
["P","23","87433","","POTRUBÍ Z TRUB PLASTOVÝCH ODPADNÍCH DN DO 150MM","M",{"v":4.71,"d":"4.710"},428.54,{"v":2018.42,"d":"2,018.42"},{"$nulls":5},423.8682,"2"]
["PP",{"$nulls":3},"ODVODŇOVACÍ ŽLABY - Přípojky do dešťové kanalizace DN=150mm včetně odbočných tvarovek s hrdly a těsnění \nOŽ-01-L (0,22632) > dl. přípojky 1,030m (DN=150mm) \nOŽ-02-L (0,37892) > dl. přípojky 1,690m (DN=150mm) \nOŽ-05-L (0,44185) > dl. přípojky 1,990m (DN=150mm) \nDélka vypočtena pomocí grafického softwaru AutoCad (z grafického výkresu)"]
["VV",{"$nulls":3},"Celkem: 1,03+1,69+1,99=4,710 [A]"]
["TS",{"$nulls":3},"položky pro zhotovení potrubí platí bez ohledu na sklon \nzahrnuje: \n- výrobní dokumentaci (včetně technologického předpisu)  \n- dodání veškerého trubního a pomocného materiálu  (trouby,  trubky,  tvarovky,  spojovací a těsnící  materiál a pod.), podpěrných, závěsných a upevňovacích prvků, včetně potřebných úprav  \n- úprava a příprava podkladu a podpěr, očištění a ošetření podkladu a podpěr  \n- zřízení plně funkčního potrubí, kompletní soustavy, podle příslušného technologického předpisu  \n- zřízení potrubí i jednotlivých částí po etapách, včetně pracovních spar a spojů, pracovního zaslepení konců a pod.  \n- úprava prostupů, průchodů  šachtami a komorami, okolí podpěr a vyústění, zaústění, napojení, vyvedení a upevnění odpad. výustí  \n- ochrana potrubí nátěrem (vč. úpravy povrchu), případně izolací, nejsou-li tyto práce předmětem jiné položky  \n- úprava, očištění a ošetření prostoru kolem potrubí  \n- položky platí pro práce prováděné v prostoru zapaženém i nezapaženém a i v kolektorech, chráničkách  \n- položky zahrnují i práce spojené s nutnými obtoky, převáděním a čerpáním vody  \nnezahrnuje zkoušky vodotěsnosti a televizní prohlídku"]
["P","24","89923","","VÝŠKOVÁ ÚPRAVA KRYCÍCH HRNCŮ","KUS",{"v":1,"d":"1.000"},{"v":1586.43,"d":"1,586.43"},{"v":1586.43,"d":"1,586.43"},{"$nulls":5},333.1503,"2"]
["PP",{"$nulls":3},"OSTATNÍ - Výšková rektifikace krycích znaků inženýrských sítí \nPočet vypočten pomocí grafického softwaru AutoCad (z grafického výkresu)"]
["VV",{"$nulls":3},"Celkem: 1=1,000 [A]"]
["TS",{"$nulls":3},"- položka výškové úpravy zahrnuje všechny nutné práce a materiály pro zvýšení nebo snížení zařízení (včetně nutné úpravy stávajícího povrchu vozovky nebo chodníku)."]
["SD",null,"9",null,"Ostatní konstrukce a práce",{"$nulls":3},{"v":243155.36999999997,"d":"243,155.37"},{"$nulls":5},51062.6277,null,243155.36999999997,51062.6277]
["P","25","914111","","DOPRAVNÍ ZNAČKY ZÁKLADNÍ VELIKOSTI OCELOVÉ NEREFLEXNÍ - DOD A MONTÁŽ","KUS",{"v":6,"d":"6.000"},{"v":3506.1,"d":"3,506.10"},{"v":21036.6,"d":"21,036.60"},{"$nulls":5},4417.686,"2"]
["PP",{"$nulls":3},"DOPRAVNÍ ZNAČENÍ - Svislé dopravní značení - Dodávka a montáž (veškeré prvky svislého dopravního značení budou opatřeny pozinkováním) \n1xIP11b - Parkoviště (kolmé nebo šikmé stání) \n5xIP11c - Parkoviště (Podélné stání) \nPočet vypočten pomocí grafického softwaru AutoCad (z grafického výkresu)"]
["VV",{"$nulls":3},"Celkem: 1+5=6,000 [A]"]
["TS",{"$nulls":3},"položka zahrnuje: \n- dodávku a montáž značek v požadovaném provedení"]
["P","26","915111","","VODOROVNÉ DOPRAVNÍ ZNAČENÍ BARVOU HLADKÉ - DODÁVKA A POKLÁDKA","M2",{"v":2.25,"d":"2.250"},98.94,222.62,{"$nulls":5},46.75020000000001,"2"]
["PP",{"$nulls":3},"DOPRAVNÍ ZNAČENÍ - Vodorovné dopravní značení - Stání podélné - V10a - 0,125 - 1. značení barvou \nPlocha vypočtena pomocí grafického softwaru AutoCad (z grafického výkresu)"]
["VV",{"$nulls":3},"Celkem: (6*3)*0,125=2,250 [A]"]
["TS",{"$nulls":3},"položka zahrnuje: \n- dodání a pokládku nátěrového materiálu (měří se pouze natíraná plocha) \n- předznačení a reflexní úpravu"]
["P","27","915221","","VODOR DOPRAV ZNAČ PLASTEM STRUKTURÁLNÍ NEHLUČNÉ - DOD A POKLÁDKA","M2",{"v":2.25,"d":"2.250"},355.03,798.82,{"$nulls":5},167.75220000000002,"2"]
["PP",{"$nulls":3},"DOPRAVNÍ ZNAČENÍ - Vodorovné dopravní značení - Stání podélné - V10a - 0,125 - 2. značení strukturovaným plastem \nPlocha vypočtena pomocí grafického softwaru AutoCad (z grafického výkresu)"]
["VV",{"$nulls":3},"Celkem: (6*3)*0,125=2,250 [A]"]
["TS",{"$nulls":3},"položka zahrnuje: \n- dodání a pokládku nátěrového materiálu (měří se pouze natíraná plocha) \n- předznačení a reflexní úpravu"]
["P","28","917223","","SILNIČNÍ A CHODNÍKOVÉ OBRUBY Z BETONOVÝCH OBRUBNÍKŮ ŠÍŘ 100MM","M",35.374,382.59,{"v":13533.74,"d":"13,533.74"},{"$nulls":5},2842.0854,"2"]
["PP",{"$nulls":3},"OBRUBNÍKY - Betonové chodníkové obrubníky 100x250x1000mm \nDélka vypočtena pomocí grafického softwaru AutoCad (z grafického výkresu)"]
["VV",{"$nulls":3},"Celkem: 35,374=35,374 [A]"]
["TS",{"$nulls":3},"Položka zahrnuje: \ndodání a pokládku betonových obrubníků o rozměrech předepsaných zadávací dokumentací \nbetonové lože i boční betonovou opěrku."]
["P","29","917224","","SILNIČNÍ A CHODNÍKOVÉ OBRUBY Z BETONOVÝCH OBRUBNÍKŮ ŠÍŘ 150MM","M",186.615,384.22,{"v":71701.22,"d":"71,701.22"},{"$nulls":5},15057.256200000002,"2"]
["PP",{"$nulls":3},"OBRUBNÍKY - Betonové silniční obrubníky 150x250x1000mm \n=180,285m \nOBRUBNÍKY - Betonové silniční obrubníky nájezdové 150x150x1000mm \n=6,330m \nDélka vypočtena pomocí grafického softwaru AutoCad (z grafického výkresu)"]
["VV",{"$nulls":3},"Celkem: 180,285=180,285 [A] \nCelkem: 6,33=6,330 [B] \nCelkem: A+B=186,615 [C]"]
["TS",{"$nulls":3},"Položka zahrnuje: \ndodání a pokládku betonových obrubníků o rozměrech předepsaných zadávací dokumentací \nbetonové lože i boční betonovou opěrku."]
["P","30","93542","","ŽLABY Z DÍLCŮ Z POLYMERBETONU SVĚTLÉ ŠÍŘKY DO 150MM VČETNĚ MŘÍŽÍ","M",36.985,{"v":3437.05,"d":"3,437.05"},{"v":127119.29,"d":"127,119.29"},{"$nulls":5},26695.0509,"2"]
["PP",{"$nulls":3},"ODVODŇOVACÍ ŽLABY - Odvodňovací žlab z kompozitního materiálu (PP), šířky 100mm, hloubky 120mm \nOŽ-01-L (0,22632) > dl. přípojky 1,030m (DN=150mm) \nOŽ-02-L (0,37892) > dl. přípojky 1,690m (DN=150mm) \nOŽ-05-L (0,44185) > dl. přípojky 1,990m (DN=150mm) \nDélka vypočtena pomocí grafického softwaru AutoCad (z grafického výkresu)"]
["VV",{"$nulls":3},"Celkem: 6,77+16,7+13,515=36,985 [A]"]
["TS",{"$nulls":3},"položka zahrnuje: \n-dodávku a uložení dílců žlabu z předepsaného materiálu předepsaných rozměrů včetně mříže \n- spárování, úpravy vtoku a výtoku \n- nezahrnuje nutné zemní práce, předepsané lože, obetonování \n- měří se v metrech běžných délky osy žlabu, odečítají se čistící kusy a vpustě"]
["P","31","966158","","BOURÁNÍ KONSTRUKCÍ Z PROST BETONU S ODVOZEM DO 20KM","M3",12.496,699.67,{"v":8743.08,"d":"8,743.08"},{"$nulls":5},1836.0467999999998,"2"]
["PP",{"$nulls":3},"BOURACÍ PRÁCE - Odstranění betonového lože betonových silničních obrubníků včetně odvozu a uložení na skládku do 20 km \n=12,496m3*2,300t/m3=28,741t \nKubatura vypočtena pomocí grafického softwaru AutoCad (z grafického výkresu)"]
["VV",{"$nulls":3},"Celkem: 124,958*0,1=12,496 [A]"]
["TS",{"$nulls":3},"položka zahrnuje: \n- rozbourání konstrukce bez ohledu na použitou technologii \n- veškeré pomocné konstrukce (lešení a pod.) \n- veškerou manipulaci s vybouranou sutí a hmotami včetně uložení na skládku. Nezahrnuje poplatek za skládku, který se vykazuje v položce 0141** (s výjimkou malého množství bouraného materiálu, kde je možné poplatek zahrnout do jednotkové ceny bourání – tento fakt musí být uveden v doplňujícím textu k položce) \n- veškeré další práce plynoucí z technologického předpisu a z platných předpisů"]